{"text_format":"1","workbook":"xlsx","n_sheets":5,"sheets":["FOOD MASTER","MILK MASTER","NON-FOOD MASTER","FRESH PRODUCE MASTER","TALLY"],"not_rendered":{"charts":0,"images":0,"macros":1,"external_links":0,"defined_names":12,"comments":0,"pivot_tables":0},"unopened":[],"bounds":{"document_bytes":16777216,"sheet_cells":100000,"rows_first":2000,"rows_last":500,"rows_between":2000,"halvings":0,"cell_chars":16384,"cell_head_chars":4096},"cells_cut":0,"cells_raw":0,"read":"whole","date_system":"1900"}

{"sheet":"FOOD MASTER","index":0,"n_rows":1048576,"n_cols":26,"rows_kept":4500,"cut":true,"hidden":false,"merged":[[3,22,4,22],[3,23,4,23],[3,24,4,24],[3,25,4,25],[3,26,4,26],[3,21,4,21],[3,8,4,9],[3,10,4,10],[3,11,4,11],[3,12,4,12],[3,13,4,13],[3,14,4,14],[3,15,4,15],[3,16,4,16],[3,17,4,17],[3,18,4,18],[3,20,4,20],[2,1,2,4],[2,8,2,10],[2,11,2,14],[3,1,4,1],[3,2,4,2],[3,3,4,3],[3,4,4,4],[3,5,4,5],[3,6,4,6],[3,7,4,7],[0,1,0,4],[0,8,0,10],[0,11,0,14],[1,1,1,4],[1,8,1,10],[1,11,1,14]],"bounds":{"rows_first":2000,"rows_last":500,"rows_between":2000,"halvings":0}}
[null,"ROSWELL INDEPENDENT SCHOOL DISTRICT",null,null,null,null,null,null,"Vendor Name:",null,null,"RISD"]
[null,"CAFETERIA FOOD BID 20-10 FOR SCHOOL YEAR 2020-21",null,null,null,null,null,null,"Vendor Contact"]
[null,"MUST BE RECEIVED BY MAY 7, 2020 ON CD-R OR FLASH DRIVE  \nSEALED WITH SUPPORTING DOCUMENTS",null,null,null,null,null,null,"Date",null,null,"2020-05-20"]
[null,"ITEM","STOCK ID","ITEM","DESCRIPTION","Approved Brand","Product Code or UPC","BID UNIT","CASE PACK",null,"EST USAGE","BID UNIT PRICE","Extended Total","per UNIT price","VENDOR STOCK NO","BRAND NAME","PACK SIZE","SPECIAL ORDER\nYES  NO","BIDDERS NOTES",null,"BEK","Labatt","Shamrock","Sysco","Schreiber","El Charro"]
[null,null,null,null,null,null,null,null,null,null,null,null,null,null,null,null,null,null,null,"Awarded To"]
[null,1,1104,"APPLESAUCE CANNED","APPLESAUCE GRADE B FANCY, NATURAL COLOR, UNSWEETENED","SPECIFY","","CS",6,"10 CN",400,25.15,{"$f":"IF(L6*K6= 0,\"\",L6*K6)","v":10060},{"$f":"IF(L6/I6= 0,\"\",L6/I6)","v":4.1916666666666664},38418,"Ambrosia","6/#10","no","Lowest had minimum pallet order","Shamrock",null,31.52,30,34.44,25.15,0]
[null,2,1505,"APPLESAUCE CUPS CINNAMON UNSWEETENED","CINNAMON UNSWEETENED, APPLESAUCE, MUST PROVIDE 1/2 CUP FRUIT EQUIVALENT UNDER THE NSLP.  100% ALL NATURAL INGREDIENTS, SHELF-STABLE FOR 18 MONTHS, NO HIGH FRUCTOSE CORN SYRUP OR ADDED SUGAR, FAT FREE, 100% VITAMIN C","SPECIFY",null," CS",96,"4.5 OZ",500,null,"","",null,null,null,null,null,null,0,0,null,null,0,0]
[null,3,1476,"APPLESAUCE CUPS PEACH UNSWEETENED","PEACH, UNSWEETENED, APPLESAUCE, MUST PROVIDE 1/2 CUP FRUIT EQUIVALENT UNDER THE NSLP.  100% ALL NATURAL INGREDIENTS, SHELF-STABLE FOR 18 MONTHS, NO HIGH FRUCTOSE CORN SYRUP OR ADDED SUGAR, FAT FREE, 100% VITAMIN C","SPECIFY",null," CS",96,"4.5 OZ",500,null,"","",null,null,null,null,null,null,0,0,null,null,0,0]
[null,4,1475,"APPLESAUCE CUPS PLAIN UNSWEETENED","PLAIN, UNSWEETENED, APPLESAUCE, MUST PROVIDE 1/2 CUP FRUIT EQUIVALENT UNDER THE NSLP.  100% ALL NATURAL INGREDIENTS, SHELF-STABLE FOR 18 MONTHS, NO HIGH FRUCTOSE CORN SYRUP OR ADDED SUGAR, FAT FREE, 100% VITAMIN C","SPECIFY",null," CS",96,"4.5 OZ",500,null,"","",null,null,null,null,null,null,0,0,null,null,0,0]
[null,5,1478,"APPLESAUCE CUPS STRAWBERRY UNSWEETENED","PLAIN UNSWEETENED, APPLESAUCE, MUST PROVIDE 1/2 CUP FRUIT EQUIVALENT UNDER THE NSLP.  100% ALL NATURAL INGREDIENTS, SHELF-STABLE FOR 18 MONTHS, NO HIGH FRUCTOSE CORN SYRUP OR ADDED SUGAR, FAT FREE, 100% VITAMIN C","SPECIFY",null," CS",96,"4.5 OZ",500,null,"","",null,null,null,null,null,null,0,0,null,null,0,0]
[null,6,1334,"AVACADO PULP","AVACADO PULP, FROZEN, CATERING","SPECIFY",null,"CS",6,"2 LBS",70,52.01,3640.7,8.668333333333333,3927541,"Simplot","12/1#",null,null,"Shamrock",null,63.01,52.01,55.44,0,0]
[null,7,1022,"BACON BITS","AN IMITATION BACON FLAVORED SOY PRODUCT THAT RESEMBLES CRISP BITS OF SMOKED BACON, CATERING","SPECIFY",null,"CS",10,"LBS",60,16.850000000000001,1011.0000000000001,1.6850000000000001,2919561,"FAIRBURY","1 / 10 LB",null,"NG2919561 / BACON BITS, IMITATIN F412199","Labatt",33.96,16.850000000000001,88.79,17.329999999999998,0,0]
[null,8,1147,"BACON PIECES","BACON ENDS & PIECES CATERING","WRIGHTS OR APPROVED EQUIVALENT","","CS",12,"3 LB",425,1.56,663,0.13,5407106,"DANKWORTH","1 / 10 LB",null,"NG5407106 / 539 BACON ENDS & PCS FRZN Per Pound Price listed","Labatt",null,1.56,87.89,40.64,0,0]
[null,9,1424,"BACON SLICED THICK","BACON, THICK SLICED,  CATERING","SPECIFY",null,"CS",15,"LB",30,37.6,1128,2.5066666666666668,3020251,"Prairie Creek","15#",null,null,"Shamrock",null,92.17,37.6,41.89,0,0]
[null,10,1351,"BACON SLICED THIN","BACON, THIN SLICED,  CATERING","SPECIFY",null,"CS",10,"LB",15,40,600,4,14260,"WRIGHT","1 / 10 LB",null,"401210-616 / BACON, SLCD THIN BULK 9SLC\"","Labatt",null,40,41.9,46,0,0]
[null,11,null,"BAGEL BLUEBERRY","BAGEL, WG, BLUEBERRY, SLICED, IW; MUST BE WHOLE GRAIN RICH AND PROVIDE 2.0OZ GRAIN EQUIVALENTS.  PORTION TO PROVIDE AT LEAST 115 CALORIES, WITH NO MORE THAN 2 GRAMS OF FAT. ","BAKE CRAFTERS OR APPROVED EQUIVALENT",696,"CS",84,"2 OZ",450,26.58,11961,null,4031320,"BAKECRAFTE","84 / 2 OZ",null,"696 / BAGELS, BLUEBERRY WG SL IW","Labatt",null,26.58,null,null,0,0]
[null,12,1019,"BAKING SODA","SODIUM BICARBONATE","SPECIFY","","CS",24,"1 LBS",60,15.89,953.40000000000009,{"$f":"IF(L17/I17= 0,\"\",L17/I17)","v":0.66208333333333336},3077601,"Katys","24/1#",null,"Lowest was special order","Shamrock",20.59,16.309999999999999,15.89,14.23,0,0]
[null,13,1460,"BAR BREAKFAST  APPLE CINNAMON","INDIVIDUALLY WRAPPED, 51% WHOLE GRAIN, APPLE CINNAMON","BeneFIT OR APPROVED EQUIVALENT",40403,"CS",48,"2.5 OZ",150,19.3717277486911,2905.7591623036651,0.4035776614310646,8610067,"READIBK","48/2.5 OZ","Y","Will stock if awarded","Sysco",0,20.73,33.11,19.37,0,0]
[null,14,1383,"BAR BREAKFAST BANANA CHOCOLATE","INDIVIDUALLY WRAPPED, 51% WHOLE GRAIN, BANANA CHOCOLATE CHUNK","BeneFIT OR APPROVED EQUIVALENT",40402,"CS",48,"2.5 OZ",200,19.170000000000002,3834.0000000000005,0.39937500000000004,2883711,"J&J Snacks","48/2.5oz","n","Lowest was special order","Shamrock",0,20.440000000000001,19.170000000000002,18.59,0,0]
[null,15,1059,"BAR BREAKFAST COCOA CHIP","INDIVIDUALLY WRAPPED, 51% WHOLE GRAIN, COCOA CHIP","BeneFIT OR APPROVED EQUIVALENT",40406,"CS",48,"2.5 OZ",200,20.52,4104,0.42749999999999999,4012001,"J&J Snacks","48/2.5oz",null,null,"Shamrock",0,21.83,20.52,29.58,0,0]
[null,16,1413,"BAR BREAKFAST OATMEAL CHOCOLATE CHIP","INDIVIDUALLY WRAPPED, 51% WHOLE GRAIN, OATMEAL CHOCOLATE CHIP","BeneFIT OR APPROVED EQUIVALENT",40401,"CS",48,"2.5 oz",200,19.170000000000002,3834.0000000000005,0.39937500000000004,2883731,"J&J Snacks","48/2.5oz","n","Lowest was special order","Shamrock",0,20.57,19.170000000000002,18.88,0,0]
[null,17,1023,"BASE BEEF","GRADE A TO CONTAIN BEEF, LOW SODIUM- PASTE, NON-CAKING, READY TO DISSOLVE, BEEF FLAVORED, NO MSG","SPECIFY","","CS",12,"1 LBS",60,29.15,1749,2.4291666666666667,null,"CUSTOM CULINARY","6/1LB","YES","MFG 03361ECFP","BEK",29.15,41.05,42.89,32.19,0,0]
[null,18,1024,"BASE CHICKEN","GRADE A TO CONTAIN CHICKEN, LOW SODIUM - PASTE, NON-CAKING, READY TO DISSOLVE, CHICKEN FLAVORED, NO MSG","SPECIFY","","CS",12,"1 LBS",200,24.8,4960,2.0666666666666669,120357,"CUSTOM CULINARY","6/1LB",null,"MFG 01461ECFP","BEK",24.8,37.33,42.55,27.69,0,0]
[null,19,1272,"BASE HAM","GRADE A TO CONTAIN HAM, LOW SODIUM - PASTE, NON-CAKING, READY TO DISSOLVE, BEEF FLAVORED, NO MSG","SPECIFY","","CS",12,"1 LBS",300,23.389473684210525,7016.8421052631575,1.9491228070175437,4944724,"SYS IMP","6/1 LB","N"," ","Sysco",72.989999999999995,43.54,55.78,23.39,0,0]
[null,20,1455,"BEANS GARBANZO","BRINE PACK. GARBANZO BEANS, WATER, SALT, VINEGAR, DISODIUM EDTA (TO PROMOTE COLOR AND RETENTION) AND CALCIUM CHLORIDE (A FIRMING AGENT).","SPECIFY",null,"CS",6,"10 LB",65,22.63,1470.95,3.7716666666666665,1909921,"Bountiful Harvest","6/10 cn",null,null,"Shamrock",25.88,22.9,22.63,23.25,0,0]
[null,21,1229,"BEANS PINTO","PINTO BEANS, WHOLE STYLE, SEASONED, VEGETARIAN, CANNED IN BRINE, US GRADE B  LOW SODIUM (140 MILLIGRAMS OF SODIUM OR LESS PER SERVING)","BUSH'S OR APPROVED EQUIVALENT","","CS",6,"10 CN",1300,21.431578947368422,27861.05263157895,3.5719298245614035,79584,"BUSH","6/#10","N"," ","Sysco",0,23.8,23.66,21.43,0,0]
[null,22,1237,"BEANS PINTO DRY","US #1 GRADE A, CURRENT CROP, 98% CLEAN, FREE OF WEEVILS, DIRT AND ROCKS.  TRIPLE CLEANED.","SPECIFY","","LB",50,"LBS",250,36.094736842105263,9023.6842105263149,0.72189473684210526,4183968,"SYS CLS","1/50 LB","N"," ","Sysco",40.29,39.14,38.28,36.090000000000003,0,0]
[null,23,1230,"BEANS RANCH STYLE","PINTO BEANS, WATER, TOMATO PUREE, LESS THAN 2% BLEND OF VEGETABLE OILS AND ANIMAL FAT, SALT, CHILI PEPPERS, SUGAR, PAPRIKA, VINEGAR, SPICES, ONION POWDER, GARLIC POWDER, NATURAL FLAVORINGS, SOY LECITHIN, LOW SODIUM (140 MILLIGRAMS OF SODIUM OR LESS PER SERVING)","RANCH STYLE OR APPROVED EQUIVALENT",4690000116,"CS",6,"10 CN",300,23.452631578947372,7035.7894736842118,3.908771929824562,5975123,"CASACLS","6/#10","N"," ","Sysco",46.23,24.97,33.130000000000003,23.45,0,0]
[null,24,1238,"BEANS REFRIED","DEHYDRATED, JUST ADD WATER TO COOK AND SERVE, UNSEASONED. US GRADE A","SANTIAGO",10166,"CS",6,"28.1 OZ",300,28.086225026288119,8425.8675078864362,4.6810375043813535,8649127,"SANTAGO","6/26.25Z","N"," ","Sysco",null,32.18,30.43,28.09,0,0]
[null,25,1238,"BEANS VEGETARIAN","REDUCED SODIUM, VEGETARIAN BAKED BEANS","BUSHS BEST OR APPROVED EQUIVALENT",null,"CS",6,"#10 CANS",1500,26.97,40455,null,1541461,"HANOVER","6 /  #10",null,"13093 / VEGETARIAN BEANS LOW SODIUM","Labatt",34,26.97,28.92,34.119999999999997,0,0]
[null,26,1124,"BEEF BRISKET","BEEF, PACKER TRIM, VACCUUM PACKED, LARGE, 14-22 LB, CATERING","SPECIFY","","LB",1,"LB",2000,2.9528795811518322,5905.7591623036642,{"$f":"IF(L31/I31= 0,\"\",L31/I31)","v":2.9528795811518322},1044056,"PACKER","5/10#UP","N"," ","Sysco",null,3.35,3.07,2.95,0,0]
[null,27,1344,"BEEF CHX FRIED STEAK","EXCLUSIVE CUT™ WHOLE MUSCLE BEEF. BATTERED WITH A BUTTERMILK BLEND, BREADED WITH A FLOUR-BASED BREADING. CATERING","ADVANCE/PIERRE OR APPROVED EQUIVALENT",4541,"CS",40,"4 OZ",25,37.770833333333336,944.27083333333337,{"$f":"IF(L32/I32= 0,\"\",L32/I32)","v":0.94427083333333339},2454221,"ADVANCE","40/4 OZ","N"," ","Sysco",38.17,38.01,39.25,37.770000000000003,0,0]
[null,28,1125,"BEEF CRUMBLES","PRE-COOKED BEEF CRUMBLES, LOW SODIUM, COMMERCIAL VERSION OF COMMDODITY 8737","ADVANCE/PIERRE OR APPROVED EQUIVALENT",8837,"CS",40,"8/5LBS--291/2.20 ",660,124.96,82473.599999999991,{"$f":"IF(L33/I33= 0,\"\",L33/I33)","v":3.1239999999999997},null,"TYSON","291/2.2OZ","NO","MFG 10000008837","BEK",124.96,131.59,128.08000000000001,233.27,0,0]
[null,29,1439,"BEEF FAJITA STRIPS","FORMED BEEF, SEASONED, FULLY COOKED AND SLICED INTO 3/8-INCH STRIPS. SOY ADDED. CHAR MARKED.","ADVANCE/PIERRE OR APPROVED EQUIVALENT",56001,"CS",2,"5 LB",100,37.19353155972874,3719.353155972874,{"$f":"IF(L34/I34= 0,\"\",L34/I34)","v":18.59676577986437},8578809,"SMRTSRV","2/5 LB","N"," ","Sysco",null,54.78,84.72,37.19,0,0]
[null,30,1126,"BEEF GROUND","BEEF GROUND, RAW FROZEN, NAMP 136, BONELESS, UNSEASONED, FIND GRIND, 80/20 LEAN/FAT RATIO, INDIVIDUALLY WRAPPED, 8 PIECES/10 POUNDS EACH","SPECIFY",null,"CS",8,"10#",350,2.42,847,null,5452511,"PACKER","4 / 10 LB",null,"0423 / 136 FZ GRND BEEF 81/19 FG                   Per Pound Price listed","Labatt",null,2.42,2.73,3.3,0,0]
[null,31,null,"BEEF PATTY:","BEEF PATTY:  FULLY COOKED, CHOPPED AND FORMED BEEF STEAK BURGER WITH SEASONING.  CN LABELED.  GROUND BEEF NOT TO EXCEED 20% FAT.  NO SOY ADDED.   MAXIMUM 3.0OZ SERVING TO PROVIDE 2 M/MA.  CALORIES NOT TO EXCEED 130.  SODIUM NOT TO EXCEED 340MG.  SATURATED FAT NOT TO EXCEED 3.3G. COMMERCIAL VERSION OF COMMODITY ITEM","TYSON OR APPROVED EQUIVALENT",5425,"CS",200,"2.5 OZ",1500,34.39,51585,null,2450271,"Advance Pierre","90/2.5oz",null,"MFG 155-525-0","Shamrock",67.790000000000006,78.84,34.39,61.09,0,0]
[null,32,1453,"BEEF PHILLY STEAK","FULLY COOKED COOKED SLICED STEAK LESS THAN 230MG SODIUM PER SERVING","ADVANCE/PIERRE OR APPROVED EQUIVALENT",69249,"CS",170,"2.82 OZ",200,144.36000000000001,28872.000000000004,{"$f":"IF(L37/I37= 0,\"\",L37/I37)","v":0.84917647058823542},null,"TYSON","192/25.5 OZ ","NO","Lowest bid wrong item","BEK",144.36000000000001,50.7,147.66999999999999,144.36000000000001,0,0]
[null,33,null,"BEEF PHILLY STEAK","FULLY COOKED REDI-STEAK BEEF PHILLY SLICES CN CREDIT 20Z M/MA ","TYSON OR APPROVED EQUIVALENT",20310,"CS",170,"2.82 OZ",200,50.7,{"$f":"IF(L38*K38= 0,\"\",L38*K38)","v":10140},0.2982352941176471,8958177,"ADVANCE","4 / 2.5 LB",null,"20310 / PHILLY BEEF SLICES FC","Labatt",52.11,50.7,139.31,144.36000000000001,0,0]
[null,34,1128,"BEEF STEAK FINGERS WG","FULLY COOKED, CHOPPED BEEF, BREADED W/ A WHOLE GRAIN BREADING, SOY ADDED, REDUCED FAT & SODIUM CONTENT. STICK SHAPE. CN LABELED. LESS THAN 170MG SODIUM PER SERVING","TYSON OR APPROVED EQUIVALENT",6119,"CS",155,"3.20 oz",600,85.24,51144,0.54993548387096769,8931241,"ADVANCE","620 / .8 OZ",null,"Lowest was not correct code","Labatt",34.42,85.24,85.77,35.14,0,0]
[null,35,1436,"BEEF STEAK PATTIE WG","FULLY COOKED, CHOPPED BEEF, BREADED WITH A WHOLE GRAIN BREADING, SOY ADDED, REDUCED FAT & SODIUM CONTENT, OVAL IN SHAPE, CN LABELED. LESS THAN 170MG SODIUM PER SERVING","ADVANCE/PIERRE OR APPROVED EQUIVALENT",68005,"CS",150,"3.20 oz",400,86.099216710182759,34439.686684073102,0.57399477806788501,2369728,"ADVANCE","150/3.2OZ","Y","Will stock if awarded","Sysco",87.78,88.12,88.78,86.1,0,0]
[null,36,1200,"BISCUIT WG","HONEY WHOLE WHEAT HEAT & SERVE, PRE-SLICED, MEET 2 OZ/GR","BRIDGEFORD OR APPROVED EQUIVALENT",6270,"CS",100,"2.25 OZ",300,25.32,7596,0.25319999999999998,null,"BRIDGFORD","100/2.25OZ","NO","WILL BRING IN IF AWARDED","BEK",25.32,27.16,26.03,25.79,0,0]
[null,37,1076,"BISCUIT WHITE BUTTERMILK","BISCUIT, OLD SOUTH BUTTERMILK, PRE-SLICED, FULLY COOOKED 2.25 OZ","BRIDGEFORD OR APPROVED EQUIVALENT",6170,"CS",100,"2.25 OZ",300,27,8100,0.27,9236655,"BRIDGFORD","100 / 2.25 OZ",null,"Lowest had incorrect product code","Labatt",24.2,27,30.82,22.84,0,0]
[null,38,null,"BREAD BANANA SLICE IW","3.4OZ (96G), FROZEN, IW, THAW & SERVE, CONTAINS ZERO TRANS-FAT, > 51% WHOLE WHEAT FLOUR, NON-DAIRY, NO ARTIFICIAL COLORS, FLAVORS, OR PRESERVATIVES.  MUST CONFORM TO USDA CHILD NUTRITION PROGRAM SPECIFICATIONS, AND MEET 2 SERVINGS OF GRAIN.","SUPER BAKERY OR APPROVED EQUIVALENT",6071,"CS",70,"3.4 OZ",1800,37.19,66942,null,128509,"SUPER BAKERY","70/3.4 OZ","NO",null,"BEK",37.19,39.119999999999997,39.880000000000003,39.35,0,0]
[null,39,1080,"BREAD CIABATTA","CIABATTA BREAD, PRE SLICED WHOLE GRAIN, MEETS 2 OZ EQ GRAIN, <170 MG OF SOIDUM","PILLSBURY OR APPROVED EQUIVALENT","100-94562-37778-7","CS",96,"1.80 OZ",300,24.08,7223.9999999999991,{"$f":"IF(L44/I44= 0,\"\",L44/I44)","v":0.2508333333333333},9340123,"PILLSBURY","96 / 1.8 OZ",null,"37738 / BREAD, CIABATTA WG TS LS","Labatt",25.49,24.08,24.97,25.01,0,0]
[null,40,null,"BREAD SANDWICH","20 OZ PULLMAN 4 % X 4%, 20 SLICES PLUS ENDS — UNIT: LOAF, MINIMUM 51% WHOLE GRAINS, ACCORDING TO USDA STANDARD-FRESH - FLAT TOP, PULLMAN OR SANDWICH LOAF. SLICED LOAF, WITH SLICES APPROXIMATELY 1/2-INCH THICK. BREAD: CONTAINS ADDED THIAMIN, RIBOFLAVIN, NI, MUST MEET 1 OZ GRAIN PER SLICE","ALPHA OR APPROVED EQUIVALENT",11627,"CS",6,"20 OZ",700,15.832460732984295,11082.722513089006,{"$f":"IF(L45/I45= 0,\"\",L45/I45)","v":2.6387434554973823},8386815,"SYS CLS","10/24OZ","N"," ","Sysco",18.350000000000001,21.98,25.26,15.83,0,0]
[null,41,null,"BREAD TEXAS TOAST","BREAD, TEXAS TOAST","EUROPEAN OR APPROVED EQUIVALENT",null,"CS",10,"24 OZ",400,15.61,6244,null,170042,"SARA LEE","6 / 24 OZ",null,"56108 / BREAD, TEXAS TOAST","Labatt",null,15.61,36.31,32.51,0,0]
[null,42,1201,"BREADSTICK WHITE WHOLE WHEAT","WHITE WHOLE WHEAT CHEESY GARLIC BREADSTICK DOUGH, FROZEN, RAW, PROOF AND BAKE, WHOLE GRAIN FLOUR, CHEESE AND GARLIC FLAVORED.  EACH STICK MUST PROVIDE A MINUMIM OF 1GB COMPONENT FOR NSLP","BRIDGEFORD OR APPROVED EQUIVALENT",6787,"CS",320,"1.125 oz",900,29.989604989604992,26990.644490644492,{"$f":"IF(L47/I47= 0,\"\",L47/I47)","v":9.3717515592515593E-2},7002454,"BRDGFRD","320/1 OZ","N"," ","Sysco",30.37,31.43,30.87,29.99,0,0]
[null,43,null,"BREAKFAST BAGEL","PIZZA; BREAKFAST SAUSAGE BAGEL, 100% MOZZ;  FROZEN, IW; OVENABLE WRAP; READY MADE PIZZA WITH SAUSAGE ON A WGR BAGEL; SODIUM MG NOT TO EXCEED 390MG; CN LABEL OR PRODUCT ANALYSIS SHEET TO PROVIDE 1OZ M/MA AND 1OZ GRAIN EQ;  MUST MEET FNS REQUIREMENTS ON ALL GRAINS;  CASE PACK 96 EACH  COMMODITY PROCESSED","NARDONES BROS OR APPROVED EQUIVALENT",464,"CS",1,"96 CT",800,54.92,43936,null,4400751,"Nardones","96/3.80 oz",null,"MFG M96WBBS","Shamrock",null,58.23,54.92,null,0,0]
[null,44,null,"BUN HAMBURGER","WHITE/WHOLE GRAIN , 4.0\" HAMBURGER BUN, MEETS 2 OZ GRAIN EQUIVALENT","ALPHA OR APPROVED EQUIVALENT",51667,"CS",120,"2 OZ",1500,19.37,29055,{"$f":"IF(L49/I49= 0,\"\",L49/I49)","v":0.16141666666666668},3243161,"Alpha Baking","120/2 oz",null,null,"Shamrock",20.46,24.02,19.37,21.76,0,0]
[null,45,null,"BUN HOAGIE 6\"","BUN, HOAGIE, WHITE SLICED 6\"","BAKE CRAFTERS OR APPROVED EQUIVALENT",4030,"CS",72,"3 OZ",1500,19.420000000000002,29130.000000000004,null,2571991,"Brickfire ","10/6  ct",null,"this is a Alpha Baking product but only a 60 ct case","Shamrock",21.22,26.62,19.420000000000002,21.13,0,0]
[null,46,null,"BUN HOT DOG 6\"","6\" HOT DOG BUN SLICED","BAKE CRAFTERS OR APPROVED EQUIVALENT",423,"CS",144,"1.5 OZ",1500,22.857142857142861,34285.71428571429,null,1549460,"FSPLB4S","12/12 CT","N"," ","Sysco",23.17,28.36,23.16,22.86,0,0]
[null,47,null,"BURRITO","BEEF, BEAN AND CHEESE BURRITO. A RED CHILI BEEF, BEAN AND TEXTURED VEGETABLE PROTEIN FILLING, WRAPPED IN A FLOUR TORTILLA. BURRITOS SHALL BE UNIFORMLY ROLLED WITH A UNIFORM DISTRIBUTION OF FILLING. NO EXESSIVELY FLATTENED OR IRREGULAR SHAPED PRODUCT.","BUTCHERBOY/POSADA OR APPROVED EQUIVALENT",1020001,"CS",72,"4 OZ",600,34.730158730158735,20838.09523809524,null,"1654466C","B/BOY","72/4 OZ","Y","Will stock if awarded","Sysco",37,38.78,37.35,34.729999999999997,0,0]
[null,48,1314,"BURRITO BULK"," 4.75 OZ. CHEESE, BEEF, BEAN & RED CHILI BURRITO FULLY COOKED GROUND BEEF, RED CHILI SAUCE, AMERICAN CHEESE, PINTO BEANS WRAPPED IN A WHOLE GRAIN RICH BLEND OF WHEAT AND CORN FLOUR TORTILLA 16g PROTEIN PER SERVING CN LABELED - SERVES 2 OZ. M/MA & 2 OZ. EQUIVALENT GRAINS PRE-FRIED","FERNANDO'S OR APPROVED EQUIVALENT",21072,"CS",72,"4.75 oz",1000,42.38,42380,{"$f":"IF(L53/I53= 0,\"\",L53/I53)","v":0.5886111111111112},8977076,"FERNANDOS","60 / 5 OZ",null,"5210 / BURRITO BF BN & CHEESE WG CN","Labatt",47.49,42.38,47.27,48.91,0,0]
[null,49,1089,"BUTTER ALTERNATIVE","PHASE® ZERO TRANS NO SODIUM LIQUID BUTTER ALTERNATIVE","PHASE OR APPROVED EQUIVALENT",13688,"CS",3,"GAL",200,32.157894736842103,6431.5789473684208,{"$f":"IF(L54/I54= 0,\"\",L54/I54)","v":10.719298245614034},9607268,"PHASE","3/1 GAL","N"," ","Sysco",35.29,32.82,33.49,32.159999999999997,0,0]
[null,50,null,"BUTTERMILK BAKING 1%","BUTTERMILK, BAKING 1%","SPECIFY",null,"CS",4,"GAL",100,3.58,null,null,8205046,"BORDEN","1 / HG",null,"15538 / BUTTERMILK, BAKING 1%","Labatt",null,3.58,32.71,17.09,0,0]
[null,51,null,"CARAMEL BROWNIE ICE CREAM STICK BAR   SMART SNACK","STICK BAR REDUCED FAT SALTY CARAMEL BROWNIE CRUNCH BAR","HERSHEY'S OR APPROVED EQUIVALENT",31167,"CS",36,"2.75 OZ",200,18.54,null,null,4221011,"HERSHEY'S","36 / 2.75 OZ",null,"31167 / STICK BAR CARAMEL BROWNIE","Labatt",null,18.54,null,null,0,0]
[null,52,1321,"CEREAL BAR CINN TST","SNACK BARS: CEREAL, CINNAMON TOAST, IW, WHOLE GRAIN.  MUST CONTAIN 1G EQUIVALENCY FOR SBP","GENERAL MILLS OR APPROVED EQUIVALENT",45576000,"CS",96,"1.42 OZ",200,26.147368421052633,{"$f":"IF(L57*K57= 0,\"\",L57*K57)","v":5229.4736842105267},{"$f":"IF(L57/I57= 0,\"\",L57/I57)","v":0.27236842105263159},1898651,"GM","96/1.42OZ","Y","Will stock if awarded","Sysco",29.26,27.11,27.74,26.15,0,0]
[null,53,1322,"CEREAL BAR TRIX","SNACK BARS: CEREAL, FRUIT PUFFS, IW, WHOLE GRAIN.  MUST CONTAIN 1G EQUIVALENCY FOR SBP","GENERAL MILLS OR APPROVED EQUIVALENT",31915000,"CS",96,"1.42 oz",100,26.147368421052633,2614.7368421052633,0.27236842105263159,1898677,"GM","96/1.42OZ","Y",null,"Sysco",29.26,27.13,28.06,26.15,0,0]
[null,54,1172,"CEREAL BOWLS CHEERIOS WG","READY TO EAT CEREALS: BOWL PACK, WHOLE GRAIN, OATS, RINGS. MUST MEET 1G EQUIVALENCY FOR SBP","GENERAL MILLS OR APPROVED EQUIVALENT",32262000,"CS",96,"1 oz",250,17.302083333333332,4325.520833333333,0.18023003472222221,2177584,"GM","96/1 OZ","N"," ","Sysco",20.46,22.48,20.39,17.3,0,0]
[null,55,null,"CEREAL BOWLS CINNAMON CHEX 2 GRAIN","Cinnamon Chex™ is made with real cinnamon and sweetened rice gluten-free cereal. This ready-to-eat cup provides convenient portion control and room for milk. Whole Grain Rice – first ingredient. Meets 2 ounce equivalent grains, USDA Smart Snack criteria, and is CACFP eligible.","GENERAL MILLS OR APPROVED EQUIVALENT",14883000,"CS",60,"2 OZ",500,22.592592592592595,11296.296296296297,0.37654320987654327,"7072203C","GM","60/2 OZ","Y","Will stock if awarded","Sysco",25.99,27.67,31.06,22.59,0,0]
[null,56,1174,"CEREAL BOWLS CINNAMON TOAST CRUNCH ","READY TO EAT CEREALS: BOWL PACK, WHOLE GRAIN, 25% LESS SUGAR, CINNAMON TOAST, SQUARES. MUST MEET 1G EQUIVALENCY FOR SBP","GENERAL MILLS OR APPROVED EQUIVALENT",294440000,"CS",96,"1 OZ",250,17.302083333333332,4325.520833333333,0.18023003472222221,6055800,"GM","96/1 OZ","N"," ","Sysco",20.46,21.66,20.39,17.3,0,0]
[null,57,null,"CEREAL BOWLS CINNAMON TOAST CRUNCH 2 GRAIN","READY TO EAT CEREALS: BOWL PACK, WHOLE GRAIN, 25% LESS SUGAR, CINNAMON TOAST, SQUARES. MUST MEET 2G EQUIVALENCY FOR SBP","GENERAL MILLS OR APPROVED EQUIVALENT",148861000,"CS",60,"2 OZ",1000,22.592592592592595,22592.592592592595,0.37654320987654327,7072170,"GM","60/2 OZ","Y","Will stock if awarded","Sysco",25.99,27.67,31.06,22.59,0,0]
[null,58,1174,"CEREAL BOWLS COCOA PUFFS 2 GRAIN","READY TO EAT CEREALS: BOWL PACK, WHOLE GRAIN, COCOA PUFFS, REDUCED SUGAR, MUST MEET 2 GRAIN EQUIVALENCY FOR SBP","GENERAL MILLS OR APPROVED EQUIVALENT",148854000,"CS",60,"2 OZ",1000,22.592592592592595,22592.592592592595,0.37654320987654327,7072182,"GM","60/2 OZ","Y","Lowest was not 2 oz","Sysco ",25.99,27.66,20.39,22.59,0,0]
[null,59,null,"CEREAL BOWLS LUCKY CHARMS 2 GRAIN","READY TO EAT CEREALS: BOWL PACK, WHOLE GRAIN, WITH MARSHMALLOWS, ASSORTED BERRY PUFFS, REDUCED SUGAR. MUST MEET 2G EQUIVALENCY FOR SBP","GENERAL MILLS OR APPROVED EQUIVALENT",148847000,"CS",60,"2 OZ",200,22.592592592592595,4518.5185185185192,0.37654320987654327,7072180,"GM","60/2 OZ","Y","Will stock if awarded","Sysco",25.99,27.67,31.06,22.59,0,0]
[null,60,1175,"CEREAL FARINA","HOT CEREALS: ENRICHED, PLAIN, BULK, QUICK COOK, CREAM OF WHEAT, WHOLE GRAIN. MUST MEET 1G EQUIVALENCY FOR SBP","SPECIFY","","CS",12,"28 OZ",10,23.395833333333336,233.95833333333337,1.9496527777777779,4528972,"QUAKER","12/28 OZ","N"," ","Sysco",25.49,27.4,25.05,23.4,0,0]
[null,61,1465,"CEREAL MEALS CINNAMON TOAST CRUNCH WG REDUCED SUGAR","WG CINNAMON TOAST CRUNCH; PEPPERIDGE FARM® GOLDFISH GRAHAMS, CINNAMON, 2PK; MINUTE MAID® KIDS+™ 100% JUICE, GRAPE JUICE.  KIT TO HAVE LESS THAN 20% CALORIES FROM FAT, LESS THAN 5% FROM SATURATED FAT, 25 GRAMS OR LESS OF SUGAR, AND ESSENTIAL VITAMINS.","ESFOODS OR APPROVED EQUIVALENT",61119,"CS",72,"CT",400,58.74,23496,0.81583333333333341,2933531,"ES Foods","72 ct","Yes",null,"Shamrock",null,61.97,58.74,null,0,0]
[null,62,1306,"CEREAL MEALS FROSTED FLAKES WG REDUCED SUGAR","FROSTED FLAKES, WHOLE GRAIN; CHEEZE-IT CRACKER; 100% JUICE.  KIT TO HAVE LESS THAN 20% CALORIES FROM FAT, LESS THAN 5% FROM SATURATED FAT, 25 GRAMS OR LESS OF SUGAR, AND ESSENTIAL VITAMINS.","ESFOODS OR APPROVED EQUIVALENT",61106,"CS",72,"CT",400,58.74,23496,0.81583333333333341,2943071,"ES Foods","72 ct","Yes",null,"Shamrock",null,62.36,58.74,null,0,0]
[null,63,1307,"CEREAL MEALS LUCKY CHARMS WG","WG LUCKY CHARMS; GIANT GOLDFISH GRAMS, CINNAMON; 100% JUICE, FRUIT JUICE.  KIT TO HAVE LESS THAN 20% CALORIES FROM FAT, LESS THAN 5% FROM SATURATED FAT, 25 GRAMS OR LESS OF SUGAR, AND ESSENTIAL VITAMINS.","ESFOODS OR APPROVED EQUIVALENT",61105,"CS",72,"CT",400,48.74,19496,0.67694444444444446,3085881,"ES Foods",null,"Yes",null,"Shamrock",null,62.09,48.74,null,0,0]
[null,64,1223,"CEREAL MEALS TRIX WG REDUCED SUGAR","WG TRIX REDUCED SUGAR; PEPPERIDGE FARM® GOLDFISH GRAHAMS, CINNAMON, 100% JUICE, FRUIT JUICE.  KIT TO HAVE LESS THAN 20% CALORIES FROM FAT, LESS THAN 5% FROM SATURATED FAT, 25 GRAMS OR LESS OF SUGAR, AND ESSENTIAL VITAMINS.","ESFOODS OR APPROVED EQUIVALENT",61114,"CS",72,"CT",400,48.74,19496,0.67694444444444446,2651281,"Breakfast Break","1/60 pz",null,null,"Shamrock",null,52.29,48.74,null,0,0]
[null,65,1180,"CEREAL OATS","OATS, ROLLED, INSTANT, ENRICHED, DRY","SPECIFY","","CS",12,"42 OZ",20,27.56,551.19999999999993,2.2966666666666664,4003171,"Maypole","8/42 oz",null,null,"Shamrock",36.299999999999997,33.19,27.56,30.62,0,0]
[null,66,1171,"CEREAL RICE KRISPIES","RICE, BULK, WHOLE GRAIN,  PLAIN, PUFFS. MUST MEET 1G EQUIVALENCY FOR SBP","SPECIFY",null,"CS",4,"35 OZ",900,15.47,13923,3.8675000000000002,6709455,"HOSPTLY","4/35 OZ","N"," ","Sysco",18.649999999999999,23.27,16.100000000000001,15.47,0,0]
[null,67,1052,"CHEESE AMERICAN SLICED","CHEESE, SLICED, AMERICAN, NO IMITATION, LOW SODIUM, 160 CT","SPECIFY","","CS",4,"5 LB",250,30.726315789473688,7681.5789473684217,7.681578947368422,5132234,"BBRLCLS","4/5 LB","N"," ","Sysco",null,42.14,39.76,30.73,0,0]
[null,68,1053,"CHEESE AMERICAN SLICED","CHEESE, AMERICAN PROCESSED, SLICED, 1/2 OUNCE EACH, UNWRAPPED.  REDUCED FAT, REDUCED SODIUM; PRE-SLICED, YELLOW;  AMERICAN PROCESSED CHEESE.  IMITATION OR CHEESE BLENDS NOT ACCEPTED.  FAT GRAMS NOT TO EXCEED 2G PER SLICE; SODIUM NOT TO EXCEED 210MG PER SLICE.  1 SLICE/.5OZ   .5OZMMA  6/5#LAND O LAKES PREFERRED - AVAILABLE FOR NET OFF INVOICE","LAND O'LAKES OR APPROVED EQUIVALENT",46253,"CS",6,"5 LB",1000,66.989999999999995,66990,null,3550331,"Land O Lakes","6/5#","N","Lowest was not brand specific","Shamrock",null,42.14,66.989999999999995,30.73,0,0]
[null,69,null,"CHEESE CHEDDAR SHREDDED","CHEESE, CHEDDAR, SHREDDED, REDUCED FAT; REDUCED SODIUM, MILD; NO IMITATION; ENZYMES AND ARTIFICIAL COLORING MAY BE ADDED.  PASTEURIZED; PLEASING ODOR AND FLAVOR; SATISFACTORY MELTABILITY.  FAT GRAMS NOT TO EXCEED 4.5G; SODIUM NOT TO EXCEED 90MG.  4/5# AVAILABLE FOR NET OFF INVOICE.  LAND O LAKES PREFERRED","LAND O'LAKES OR APPROVED EQUIVALENT",41749,"CS",4,"5 LB",825,49.75,41043.75,null,2416361,"Land O Lakes","4/5#",null,null,"Shamrock",null,51.67,49.75,50.12,0,0]
[null,70,1054,"CHEESE COTTAGE","COTTAGE CHEESE, SMALL CURD","SPECIFY","","CS",2,"5 LB",75,9.26,694.5,{"$f":"IF(L75/I75= 0,\"\",L75/I75)","v":4.63},8201266,"SARAH FARM","1 / 5 LB",null,"83961002153 / COTTAGE CHEESE LOW FAT","Labatt",43.07,9.26,23.87,14.97,0,0]
[null,71,1055,"CHEESE CREAM","CREAM CHEESE","SPECIFY","","CS",10,"3 LB",20,60.14,1202.8,{"$f":"IF(L76/I76= 0,\"\",L76/I76)","v":6.0140000000000002},8701617,"RASKAS","10 / 3 LBS",null,"Lowest was not by #","Labatt",48.54,60.14,55.69,49.46,0,0]
[null,72,null,"CHEESE CREAM PC","CREAM CHEESE PC.  .75OZ CREAM CHEESE SPREAD.","KRAFT OR APPROVED EQUIVALENT",61089,"CS",100,".75 OZ",500,15.830687830687832,7915.3439153439158,null,5156284,"RASKAS","100/1 OZ","N"," ","Sysco",null,16.53,19.670000000000002,15.83,0,0]
[null,73,null,"CHEESE CREAM STRAWBERRY PC","1OZ STRAWBERRY CREAM CHEESE CUP.  PLASTIC PORTION CONTROL CUP.","KRAFT OR APPROVED EQUIVALENT",72683,"CS",100,"1 OZ",500,13.312169312169312,6656.0846560846558,null,6262000,"BBRLIMP","100/.75 OZ","Y","Will stock if awarded","Sysco",null,16.34,14.82,13.31,0,0]
[null,74,1258,"CHEESE FETA ","FETA CHEESE CRUMBLES","",null,"",4,"2.5 LB",50,30.05,1502.5,{"$f":"IF(L79/I79= 0,\"\",L79/I79)","v":7.5125000000000002},3485441,"Villa Frizzoni","4/2.5#",null,null,"Shamrock",33.94,31.95,30.05,52.2,0,0]
[null,75,1340,"CHEESE MOZZARELLA SHREDDED","CHEESE, MOZZARELLA, SHREDDED:  PART-SKIM 100% MOZZARELLA, SHREDDED.  FAT GRAMS NOT TO EXCEED 6G;  SODIUM NOT TO EXCEED 160MG. 1OZ SERVING MUST EQUAL 1OZ M/MA.  4/5# AVAILABLE NET OFF INVOICE   LAND O LAKES PREFERRED.","LAND O'LAKES OR APPROVED EQUIVALENT",41698,"CS",4,"5 LB",200,36.294736842105266,7258.9473684210534,null,2329413,"AREZIMP","4/5LB","N"," ","Sysco",null,50.88,49.18,36.29,0,0]
[null,76,1483,"CHEESE PEPPER JACK","CHEESE, SLICED, PEPPER JACK, NO IMITATION, REDUCED FAT, LOW SODIUM, LOW FAT, 160 CT","SPECIFY",null,"CS",4,"5 LB",50,31.557894736842108,1577.8947368421054,{"$f":"IF(L81/I81= 0,\"\",L81/I81)","v":7.8894736842105271},8315453,"GR LAKE","8/20 OZ","N"," ","Sysco",null,46.07,null,31.56,0,0]
[null,77,1294,"CHEESE PROVOLONE","CHEESE, SLICED, NO IMITATION, REDUCED FAT & SODIUM, 160 CT","SPECIFY",null,"CS",4,"5 LB",50,37.852631578947374,1892.6315789473688,{"$f":"IF(L82/I82= 0,\"\",L82/I82)","v":9.4631578947368435},4605525,"SCHRBER","10/1 LB","N"," ","Sysco",null,47,45.45,37.85,0,0]
[null,78,1498,"CHEESE STICK BREADED","CHEESE STICKS, WG BREADED, INDIVIDUALLY FROZEN,. 6 STICKS PROVIDE 2 OZ EQUIVALENT MEAT ALTERNATE AND 2 OZ GRAINS.","RICH'S OR APPROVED EQUIVALENT",65220,"CS",8,"3 LB",500,53.06,26530,{"$f":"IF(L83/I83= 0,\"\",L83/I83)","v":6.6325000000000003},9371212,"RICH'S","8 / 3 LB",null,"65220 / CHEESE STICKS, RF, 51% WG","Labatt",55.32,53.06,55.64,58.67,0,0]
[null,79,1406,"CHEESE STICK COLBY","CHEESE, REDUCED FAT & SODIUM, COLBY, IW","LAND O'LAKES OR APPROVED EQUIVALENT",44877,"CS",168,"1 OZ",750,37.72,28290,{"$f":"IF(L84/I84= 0,\"\",L84/I84)","v":0.22452380952380951},746053,"LAND O LAKES","168/1OZ","NO","Lowest was not brand specific","BEK",37.72,38.82,38.07,13.81,0,0]
[null,80,1056,"CHEESE STRING IW","CHEESE: WHITE, REDUCED FAT & SODIUM, PORTION, STICKS, STRING, PASTEURIZED, LOW MOISTURE, PART SKIM, MOZZARELLA, IW","LAND O'LAKES OR APPROVED EQUIVALENT",59703,"CS",168,"1 OZ",900,31.58,28422,{"$f":"IF(L85/I85= 0,\"\",L85/I85)","v":0.18797619047619046},747156,"LAND O LAKES","168/1OZ","NO",null,"BEK",31.58,33.979999999999997,34.07,35.29,0,0]
[null,81,null,"CHEESE SWISS SLICES","SWISS CHEESE SLICES, REDUCED FAT PRESLICED, EASY TO SEPARATE.  EACH SLICE 14G.  2 SLICES PROVIDES 1 M/MA FOR THE CHILD NUTRITION MEAL PROGRAM.","LAND O'LAKES OR APPROVED EQUIVALENT",null,"CS",8,"1.5 LB",50,38.835978835978835,1941.7989417989418,null,3554569,"BBRLIMP","8/1.5 LB","N"," ","Sysco",0,47.63,46.53,38.840000000000003,0,0]
[null,82,1357,"CHEESECAKE NY STYLE PLAIN","CHEESECAKE, NY STYLE, PLAIN,  (16 SLICES EACH, 10 INCH) CATERING","SARALEE OR APPROVED EQUIVALENT",null,"CS",4,"10 IN CAKES",20,68.510000000000005,1370.2,{"$f":"IF(L87/I87= 0,\"\",L87/I87)","v":17.127500000000001},9340100,"SARA LEE","4 / 10\" 16CT",null,"8078 / CHEESECAKE, NY STYLE PRE CUT","Labatt",86.34,68.510000000000005,72,87.62,0,0]
[null,83,null,"CHEESECAKE NY STYLE VARIETY PACK","FAMOUS NEW YORK STYLE CHEESECAKES CAREFULLY CRAFTED WITH RICH INDULGENT INGREDIENTS. CONTAINS ONE EACH OF PLAIN, CHOCOLATE MARBLE, BUTTER PECAN AND DOUBLE CHOCOLATE CHEESECAKES (16 SLICES EACH), 10 INCH,  CATERING","SARALEE OR APPROVED EQUIVALENT",8083,"CS",4,"10 IN CAKES",10,42.905263157894737,429.0526315789474,10.726315789473684,234419,"SYS CLS","4/30 OZ","N"," ","Sysco",null,80.78,86.04,42.91,0,0]
[null,84,1325,"CHEESECAKE VARIETY PACK","ASSORTED CHEESECAKES, CONTAINS ONE EACH OF CARAMEL PECAN, MOCHA SWIRL, WHITE CHOCOLATE TUXEDO AND FUDGE TRUFFLE,  (16 SLICES EACH), 10 INCH,  CATERING","SARALEE OR APPROVED EQUIVALENT",8793,"CS",4,"10 IN CAKES",10,98.47,984.7,24.6175,9340241,"SARA LEE","4 / 10\" 14CT",null,"8793 / CHEESECAKE, ELITE VARITY P/C","Labatt",115.1,98.47,103.94,null,0,0]
[null,85,1414,"CHICKEN ASIAN CHERRY BLOOSOM","FULLY COOKED, CHICKEN CHUNKS, WHOLE GRAIN, SWEET AND SOUR CHERRY ASIAN STYLE","ASIAN FOODS OR APPROVED EQUIVALENT",72005,"CS",6,"7.15 LB",200,115.14,23028,19.190000000000001,9407024,"ASIAN FOOD","6 / 7.15 LB",null,"72005 / CHICKEN, CHERRY BLOSSOM","Labatt",null,115.14,116.51,115.34,0,0]
[null,86,1434,"CHICKEN ASIAN GENERAL TSO","FULLY COOKED, WG BREADED CHICKEN CHUNKS TOSSED WITH A SWEET AND SPICY SAUCE","ASIAN SOLUTIONS OR APPROVED EQUIVALENT",72003,"CS",6,"7.15 LB",90,115.5,10395,19.25,8832001,"ASIAN FOOD","6 / 7.15 LB",null,"Lowest was a special order","Labatt",null,115.5,116.1,114.74,0,0]
[null,87,1394,"CHICKEN ASIAN SRIRACHA HONEY","FULLY COOKED, CHICKEN STRIPS IN A SRIRACH HONEY","ASIAN SOLUTIONS OR APPROVED EQUIVALENT",72013,"CS",6,"7.15 LB",60,115.46,6927.5999999999995,19.243333333333332,8832012,"ASIAN FOOD","6 / 7.15 LB","n","Lowest was a special order","Labatt",null,115.46,116.9,115.34,0,0]
[null,88,1256,"CHICKEN ASIAN TANGERINE","FULLY COOKED, WG BREADED CHICKEN CHUNKS TOSSED WITH A SWEET AND TANGY SAUCE","ASIAN SOLUTIONS OR APPROVED EQUIVALENT",72001,"CS",6,"7.15 LB",200,115.36,23072,19.226666666666667,8832020,"ASIAN FOOD","6 / 5 LB",null,"Lowest was a special order","Labatt",null,115.36,116.43,114.74,0,0]
[null,89,1416,"CHICKEN BREAST RAW","CHICKEN, UNCOOKED, BREAST, BONELESS, SKINLESS, WHITE, 6 OZ SIZE,  CATERING","SPECIFY",null,"CS",48,"6 OZ",25,3.42,85.5,7.1249999999999994E-2,5450567,"DSM CHIX","4 / 5 LB",null,"BRST FZ 6 OZ FILET NF                                     Per Pound Price listed","Labatt",0,3.42,64.94,45.44,0,0]
[null,90,1407,"CHICKEN BROTH","100% NATURAL CHICKEN BROTH, LOW SODIUM","SWANSON OR APPROVED EQUIVALENT",null,"CS",12,"49 oz",50,31.72,1586,2.6433333333333331,1780701,"Katy's Kitchen","12/49 oz","NO",null,"Shamrock",null,32.75,31.72,33.15,0,0]
[null,91,1423,"CHICKEN DICED","FULLY COOKED, DICED, NO ADDED SPICES","SPECIFY",null,"CS",2,"5 LBS",50,24.642105263157895,1232.1052631578948,12.321052631578947,2976528,"TYSON","2/5LB","N"," ","Sysco",30.95,32.75,31.84,24.64,0,0]
[null,92,1437,"CHICKEN DRUMSTICK BBQ","FULLY COOKED, BBQ GLAZED DRUMSTICKS","TYSON OR APPROVED EQUIVALENT","2133-928","CS",1,"10 LB--36/2.85 OZ",700,25.839793281653748,null,null,3476488,"TYSON","2/5 LB","N"," ","Sysco",26.32,26.73,26.65,25.84,0,0]
[null,93,1437,"CHICKEN DRUMSTICK BREADED","FULLY COOKED, BREADED DRUMSTICK","TYSON OR APPROVED EQUIVALENT","16660-100928","CS",92,"4.21 OZ",1530,79.81,{"$f":"IF(L98*K98= 0,\"\",L98*K98)","v":122109.3},{"$f":"IF(L98/I98= 0,\"\",L98/I98)","v":0.86750000000000005},null,"TYSON",null,"NO","MFG 16660100928","BEK",79.81,85.27,81.88,80.23,0,0]
[null,94,1151,"CHICKEN FAJITA STRIPS","FAJITA STRIPS, CHICKEN, SEASONED","PILGRIM'S OR APPROVED EQUIVALENT",1250,"CS",195,"2.45 OZ",100,31.631578947368421,3163.1578947368421,0.1622132253711201,1647353,"SYS CLS","2/5 LB","N"," ","Sysco",96.36,106.44,98.53,31.63,0,0]
[null,95,1154,"CHICKEN FILET","FULLY COOKED, WHOLE MUSCLE CHICKEN FILETS-CN","PILGRIM'S OR APPROVED EQUIVALENT",7516,"CS",120,"4 OZ",100,105.46,10546,0.87883333333333324,8867507,"CHRIS P","1 / 30 LB",null,"Lowest was not approved brand","Labatt",105.46,105.46,39.270000000000003,58.5,0,0]
[null,96,1152,"CHICKEN NUGGET","FULLY COOKED WG  BREADED, CN LABELED, NO ADDED SOY PRODUCTS, DAIRY OR DRIED WHOLE EGG, 5 NUGGEST PROVIDE 2 OZ MEAT/MEAT ALTERNATIVE AND 1 GRAIN SERVING. COMMERICAL VERSION OF COMMODITY","GOLK KIST FARMS OR APPROVED EQUIVALENT",6116,"CS",120,"3.9 OZ",800,75.070000000000007,60056.000000000007,0.62558333333333338,3629461,"Gold Kist","120/3.9 oz","YES","Lowest wasn't brand specific","Shamrock",null,38.049999999999997,75.069999999999993,22.84,0,0]
[null,97,1153,"CHICKEN PATTY BREADED","FULLY COOKED, WG BREADED, CN LABELED, NO ADDED SOY PRODUCTS, DAIRY OR DRIED WHOLE EGG, 1 PATTY PROVIDES 2 OZ MEAT/MEAT ALTERNATIVE AND 1 GRAIN SERVING. COMMERCIAL VERSION OF COMMODITY","GOLD KIST FARMS OR APPROVED EQUIVALENT",6616,"CS",120,"3.9 OZ",725,44.631578947368425,32357.894736842107,0.37192982456140355,3151463,"ADVANCE","90/3 OZ","N"," ","Sysco",null,75.7,57.17,44.63,0,0]
[null,98,1083,"CHICKEN PATTY BREADED SPICY","FULLY COOKED, WG SPICY BREADED, CN LABELED, 1 PATTY PROVIDED 2 OZ MEAT/MEAT ALTERNATIVE AND 1 OZ GRAIN PER SERVING","PILGRIM'S OR APPROVED EQUIVALENT",666600,"CS",156,"3.05 OZ",100,60.73,6073,0.38929487179487177,9011076,"TYSON","148 / 3.53 OZ",null,"Lowest was special order","Labatt",null,60.73,69.08,55.91,0,0]
[null,99,null,"CHICKEN POPCORN SMACKERS WG","FULLY COOKED WG POPCORN SMACKERS WG - CN","PILGRIM'S OR APPROVED EQUIVALENT",110458,"CS",108,"4.3 OZ",800,83.98,67184,0.77759259259259261,3911851,"Pilgrims","108/4.3 oz",null,"Lowest was not approved brand","Shamrock",null,46.07,83.98,84.54,0,0]
[null,100,null,"CHICKEN STRIPS HOMESTYLE WG","FULLY COOKED WG HOMESTYLE CHICKEN STRIPS - CN","PILGRIM'S OR APPROVED EQUIVALENT",625300,"CS",156,"3.06 OZ",500,63.851851851851862,31925.925925925931,0.40930674264007605,"4176188C","GLDKIST","1/30LB","Y","Will stock if awarded","Sysco",null,69.05,65.489999999999995,63.85,0,0]
[null,101,null,"CHICKEN TENDERLOIN WG","FULLY COOKED, WG BREADED CHICKEN TENDERS - CN","PILGRIM'S OR APPROVED EQUIVALENT",7572,"CS",106,"4.35 OZ",600,81.94708994708995,49168.253968253972,0.77308575421782977,"7054931C","GLDKIST","110/4.35 OZ","Y","Will stock if awarded","Sysco",null,93.83,90.74,81.95,0,0]
[null,102,1452,"CHILE RED HOT","RED CHILE PUREE,  HOT  FROZEN","M A SONS",null,"CS",6,"3.5 LB",150,3.57,535.5,0.59499999999999997,5660077,"BUENO","1 / 1 LB",null,"0942-2 / RED CHILE, HOT PUREE FRZ              Per Pound Price listed","Labatt",null,3.57,21.03,21.03,0,0]
[null,103,1000,"CHILE RED MILD","RED CHILE PUREE, MILD FROZEN","M A SONS","","CS",6,"3.5 LB",250,null,null,null,null,null,null,null,null,null,null,29.38,21.03,22.55,0,0]
[null,104,null,"CHILES GREEN","CHILES, DICED, GREEN, ESTRELLAS MEXICANAS","ESTRELLAS OR APPROVED EQUIVALENT",5208,"CS",12,"26 OZ",400,26.44,{"$f":"IF(L109*K109= 0,\"\",L109*K109)","v":10576},null,2001584,"ESTRELLAS","12 / 26 OZ",null,"05208 / CHILIES, DICED GREEN","Labatt",null,26.44,30.73,54.98,0,0]
[null,105,null,"CHILI HOT DOG","HOT DOG CHILI.  HEARTY CHUNKS OF LEAN BEEF AND PLUMP TENDER BEANS","LIBBY'S OR APPROVED EQUIVALENT",null,"CS",6,"#10 CANS",800,46.93,37544,null,3221231,"LIBBY","6 / #10",null,"3122 / SAUCE, CHILI HOT DOG","Labatt",null,46.93,70.09,56.3,0,0]
[null,106,null,"CHIPS  COOL RANCH  SMART SNACK","CHIPS, IND. PKG., REDUCED FAT; COOL RANCH FLAVORED, CORN: BAKED TRIANGLE SHAPED CORN TORTILLA PIECES; FLAVORED WITH RANCH SEASONING. 72/1 OZ.","DORITOS OR APPROVED EQUIVALENT",36096,"CS",72,"1 OZ",400,21.153439153439152,8461.3756613756614,null,5073130,"DORITOS","72/1 OZ","N"," ","Sysco",null,25.89,23.75,21.15,0,0]
[null,107,1183,"CHIPS BAKED CHEETOS CRUNCHY","CHIPS, BAKED, CRUNCHY CHEETOS","FRITO LAY OR APPROVED EQUIVALENT","000-28400-21642-5","CS",104,".875 OZ",472,30.627659574468087,14456.255319148937,{"$f":"IF(L112/I112= 0,\"\",L112/I112)","v":0.29449672667757776},9978982,"CHEETOS","104/.875OZ","Y","Will stock if awarded","Sysco",null,35.270000000000003,31.2,30.63,0,0]
[null,108,1185,"CHIPS BAKED DORITOS ","CHIPS, BAKED, DORITOS, NACHO CHEESE","FRITO LAY OR APPROVED EQUIVALENT","000-28400-20002-8","CS",88,".75 OZ",549,25.9,14219.099999999999,{"$f":"IF(L113/I113= 0,\"\",L113/I113)","v":0.29431818181818181},3777915,"DORITOS","72 / 1 OZ",null,"31748 / CHIPS NACHO CHEESE RF WG","Labatt",null,25.9,null,32.450000000000003,0,0]
[null,109,1358,"CHIPS BAKED LAYS BBQ","CRISPS, BAKED, LAYS, BBQ FLAVOR","FRITO LAY OR APPROVED EQUIVALENT","000-28400-32078-8","CS",60,".875 OZ",100,22.23,2223,{"$f":"IF(L114/I114= 0,\"\",L114/I114)","v":0.3705},3778056,"LAYS","60 / 0.875 OZ",null,"32078 / CHIPS BAKED KCM BBQ","Labatt",null,22.23,28.46,27.69,0,0]
[null,110,1182,"CHIPS BAKED LAYS SC/ONION","CRISPS, BAKED, LAYS, SOUR CREAM & ONION","FRITO LAY OR APPROVED EQUIVALENT","00028400-04702-9","CS",60,".875 OZ",400,22.29,8916,{"$f":"IF(L115/I115= 0,\"\",L115/I115)","v":0.3715},3778139,"LAYS","60 / .875 OZ",null,"33627 / CHIPS BAKED SOUR CRM&ONION","Labatt",null,22.29,28.46,27.69,0,0]
[null,111,null,"CHIPS BKD FANTASTIX  SMART SNACK","CHIPS BKD FANTASTIX HOT WG","CHEETO'S OR APPROVED EQUIVALENT",43578,"CS",104,"1 OZ",400,30.550264550264554,12220.105820105822,null,6888479,"CHEETOS","104/1 OZ","N"," ","Sysco",null,35.409999999999997,31.2,30.55,0,0]
[null,112,null,"CHIPS CHEETO RED HOT  SMART SNACK","CHIPS, IND. PKG., RED HOT FRITO LAY, BAKED: ENRICHED CORNMEAL PUFF STICK, FLAVORED WITH RED HOT CHEESE SEASONING. 104/.875 OZ","CHEETO'S OR APPROVED EQUIVALENT",62984,"CS",104,".875 OZ",400,30.550264550264554,12220.105820105822,null,4360776,"CHEETOS","104/.875OZ","N"," ","Sysco",null,35.270000000000003,31.2,30.55,0,0]
[null,113,1184,"CHIPS CORN BULK","ENRICHED CORN CHIPS","FRITO LAY OR APPROVED EQUIVALENT","000-28400-12248","CS",8,"1 LB",1900,13.968586387434556,26540.314136125657,{"$f":"IF(L118/I118= 0,\"\",L118/I118)","v":1.7460732984293195},4073847,"FRITOS","8/16 OZ","N"," ","Sysco",null,18.62,14.7,13.97,0,0]
[null,114,null,"CHIPS CORN WHOLE GRAIN BULK","ENRICHED REDUCED FAT CORN CHIPS WHOLE GRAIN","FRITO LAY OR APPROVED EQUIVALENT","000-28400-57766-3","CS",8,"1 LB",1900,16.628272251308903,31593.717277486918,{"$f":"IF(L119/I119= 0,\"\",L119/I119)","v":2.0785340314136129},3574417,"FRITOS","8/16 OZ","N"," ","Sysco",null,20.38,16.91,16.63,0,0]
[null,115,1186,"CHIPS NACHO","ROUND SHAPED TORTILLA CHIP WHOLE GRAIN PREPARED FROM ENRICHED YELLOW CORN. TRANSFAT FREE; 1 OZ MUST MEET 1 GR","SPECIFY","","CS",6,"2 LB",2500,11.39,28475,{"$f":"IF(L120/I120= 0,\"\",L120/I120)","v":1.8983333333333334},159077,"ISABELLA","3/2LB",null,null,"BEK",11.39,25.9,21.78,14.08,0,15.6]
[null,116,null,"CHIPS NACHO CHEESE  SMART SNACK","CHIPS , REDUCED FAT, NACHO CHEESE FLAVOR.  WGR ","DORITOS OR APPROVED EQUIVALENT",31748,"CS",72,"1 OZ",400,21.153439153439152,8461.3756613756614,null,6626774,"DORITOS","72/1 OZ","N"," ","Sysco",null,25.9,21.77,21.15,0,0]
[null,117,null,"CHIPS ONION FLAVORED  SMART SNACK","CHIPS, IND. PKG., ONION FLAVORED SNACKS; ENRICHED CORN MEAL SHAPED LIKE AN ONION RING; FLAVORED WITH ONION SEASONING. 104/.75 OZ","FUNYUNS OR APPROVED EQUIVALENT","3321-003-500","CS",104,".75 OZ",400,14.899470899470902,5959.788359788361,null,7019343,"FUNYUNS","104/.75OZ","N"," ","Sysco",null,35.21,31.44,14.9,0,0]
[null,118,1199,"CHIPS PRETZELS","HEARTZELS, WHOLE GRAIN WHEAT FLOUR/ENRICHED WHEAT FLOUR, RED GOLD, MEET 1 OZ GRAIN","ROLD GOLD OR APPROVED EQUIVALENT","000-28400-15940-1","CS",104,".7 OZ",50,28.957894736842107,1447.8947368421054,{"$f":"IF(L123/I123= 0,\"\",L123/I123)","v":0.27844129554655872},1746093,"ROLGOLD","104/.7 OZ","Y",null,"Sysco",null,34.26,31.44,28.96,0,0]
[null,119,null,"CHIPS PUFFED  SMART SNACK","CHIPS PUFFS  RF WG","CHEETO'S OR APPROVED EQUIVALENT",21910,"CS",72,".7 OZ",300,20.148148148148149,6044.4444444444443,null,2255848,"CHEETOS","72/0.7 OZ","Y","Will stock if awarded","Sysco",null,25.93,21.77,20.149999999999999,0,0]
[null,120,null,"CHIPS REGULAR SMART SNACK","CHIPS, IND. PKG. BAKED REG. FLAVORED:  BAKED POTATO PIECES; SALTED; PLAIN.  NO MORE THAN 7.5 GRAMS OF FAT PER BAG.","LAYS OR APPROVED EQUIVALENT",33625,"CS",60,".875 OZ",300,17.301587301587304,5190.4761904761908,null,3232527,"BKDLAYS","60/.875OZ","Y","Will stock if awarded","Sysco",null,22.23,28.46,17.3,0,0]
[null,121,null,"CHIPS SOUR CREAM & ONION  SMART SNACK","CHIPS, IND. PKG., BAKED SOUR CRM. & ONION FLAVORED: BAKED POTATO PIECES; FLAVORED WITH SOUR CREAM AND ONION SEASONING. 60/.875 OZ.","LAYS OR APPROVED EQUIVALENT",33627,"CS",60,".875 OZ",300,22.29,6687,{"$f":"IF(L126/I126= 0,\"\",L126/I126)","v":0.3715},3778139,"LAYS","60 / .875 OZ",null,"Lowest was special order","Labatt",null,22.29,18.260000000000002,null,0,0]
[null,122,1451,"CHIPS SUNCHIPS","CHIPS, SUNCHIPS, GARDEN SALSA FLAVORED , MULTIGRAIN SNACKS","FRITO LAY OR APPROVED EQUIVALENT","000-28400-36445-4","CS",104,"1 OZ",200,27.294736842105266,5458.9473684210534,{"$f":"IF(L127/I127= 0,\"\",L127/I127)","v":0.26244939271255063},5073163,"SUNCHIP","104/1 OZ","Y","Will stock if awarded","Sysco",null,35.200000000000003,31.45,27.29,0,0]
[null,123,null,"CHIPS SUNCHIPS","CHIPS, MULTGRAIN SNACKS, HARVEST CHEDDAR FLAVORED","FRITO LAY OR APPROVED EQUIVALENT","000-28400-11152-2","CS",104,"1 OZ",200,27.294736842105266,5458.9473684210534,{"$f":"IF(L128/I128= 0,\"\",L128/I128)","v":0.26244939271255063},5073163,"SUNCHIP","104/1 OZ","Y","Will stock if awarded","Sysco",null,35.200000000000003,31.45,27.29,0,0]
[null,124,null,"CHIPS SUNCHIPS","CHIPS MULITGRAIN SNACKS, FRENCH ONION","FRITO LAY OR APPROVED EQUIVALENT","000-28400-11153-9","CS",104,"1 OZ",200,27.294736842105266,5458.9473684210534,{"$f":"IF(L129/I129= 0,\"\",L129/I129)","v":0.26244939271255063},5073163,"SUNCHIP","104/1 OZ","Y","Will stock if awarded","Sysco",null,35.200000000000003,null,27.29,0,0]
[null,125,null,"CHIPS SUNCHIPS NOT SMART SNACK APPROVED","CHIPS, IND. PKG., SUN CHIPS: MULTIGRAIN REDUCED FAT SNACK CHIP. 104/1 OZ","SUNCHIPS OR APPROVED EQUIVALENT",11151,"CS",104,"1 OZ",200,30.550264550264554,6110.0529100529111,null,5512033,"SUNCHIP","104/1 OZ","N"," ","Sysco",null,35.22,31.45,30.55,0,0]
[null,126,1359,"CHOCOLATE ENROBER","CHOCOLATE FLAVORED ENROBER COATING IS A RICH CHOCOLATE COATING THAT HARDENS AT ROOM TEMPERATURE. THE PRODUCT IS IN A HARDENED CANDY STATE IN THE UNHEATED CAN.  CATERING","SPECIFY",null,"CS",6,"10 CN",15,60.43,906.45,{"$f":"IF(L131/I131= 0,\"\",L131/I131)","v":10.071666666666667},112278,"CONAGRA","3/#10","NO",null,"BEK",60.43,61.69,66.739999999999995,null,0,0]
[null,127,1148,"CHORIZO BULK","SAUSAGE, CHORIZO BULK, MILD SEASONING, LIGHT COLORED, BULK","SPECIFY","","CS",10,"LB",450,2.5499999999999998,1147.5,{"$f":"IF(L132/I132= 0,\"\",L132/I132)","v":0.255},5108100,"DSM PORK","3 / 5LB",null,"08100 / FZ CHORIZO SA                                     Per Pound Price listed","Labatt",null,2.5499999999999998,32.75,23.71,0,0]
[null,128,null,"CHOW MEIN","CHOW MEIN WITH VEGETABLES, WHOLE GRAIN,  A 4.8oz SERVING PROVIDES 1.0 OZ GRAIN EQUIVALENTS.","ASIAN FOODS OR APPROVED EQUIVALENT","22101WG","CS",6,"5.6 LB",250,21.682539682539684,5420.6349206349205,null,1754607,"YANGS","4/2.5LB","N"," ","Sysco",null,87.5,22.15,21.68,0,0]
[null,129,1001,"COCOA","UNSWEETENED COCOA 22/24% BUTTER FAT,  CATERING","SPECIFY","","CS",6,"5 LB",20,72.78,1455.6,{"$f":"IF(L134/I134= 0,\"\",L134/I134)","v":12.13},3970291,"Callebaut","6/2.2#","NO","MFG DCP-22SP-760","Shamrock",null,166.29,72.78,166.84,0,0]
[null,130,1002,"COCONUT","UNSWEETENED MEDIUM SHREDDED COCONUT,  CATERING","SPECIFY","","CS",10,"1 LBS",5,10.08,50.4,{"$f":"IF(L135/I135= 0,\"\",L135/I135)","v":1.008},140538,"BOB'S RED MILL","4/10OZ","NO",null,"BEK",10.08,22.65,26.7,90,0,0]
[null,131,1337,"COFFEE DECAF","FOLGERS FILTER PACK, COFFEE, ULTRA DRY ROAST,  CATERING","FOLGERS OR APPROVED EQUIVALENT","","CS",80,".9 OZ",20,47.97,959.4,{"$f":"IF(L136/I136= 0,\"\",L136/I136)","v":0.59962499999999996},8245680,"FOLGERS","80 / 0.90 OZ",null,"2550006136 / COFFEE, DECAFFINATED FP","Labatt",null,47.97,49,48.32,0,0]
[null,132,1160,"COFFEE REGULAR","FOLGERS FILTER PACK, COFFEE, ULTRA DRY ROAST,  CATERING","FOLGERS OR APPROVED EQUIVALENT","","CS",160,".9 OZ",50,82.29,4114.5,{"$f":"IF(L137/I137= 0,\"\",L137/I137)","v":0.51431250000000006},8245656,"FOLGERS","160 / .9 OZ",null,"2550006114 / COFFEE, REGULAR FPG","Labatt",null,82.29,82.51,85.87,0,0]
[null,133,null,"COOKIE DOUGH FROZEN CARNIVAL WG","COOKIE DOUGH, CARNIVAL:  1.85OZ; FROZEN; WGR; MADE WITH A MIXTURE OF CHOCOLATE CHIPS AND COLORFUL COATED CANDIES; PRE-PORTIONED; READY TO BAKE; FAT GRAMS TO NOT EXCEED 6G; SODIUM MG NOT TO EXCEED 120 MG;  CASE PACK 180  1.85OZ","OTIS SPUNKMEYER OR APPROVED EQUIVALENT",21653,"CS",180,"1.85 OZ",75,47.58,3568.5,null,3007451,"Otis Spunkmeyer","240/1.5z","NO","MFG 55688","Shamrock",48.49,48.45,47.58,null,0,0]
[null,134,1062,"COOKIE DOUGH FROZEN CHOCOLATE CHIP","COOKIE DOUGH, CHOCOLATE CHIP, CATERING","BRICKFIRE OR APPROVED EQUIVALENT",2340091,"CS",240,"1.5 OZ",75,26.09,1956.75,{"$f":"IF(L139/I139= 0,\"\",L139/I139)","v":0.10870833333333334},2340091,"Brickfire ","170/1.5oz","NO",null,"Shamrock",null,45.75,26.09,43.51,0,0]
[null,135,1067,"COOKIE DOUGH FROZEN OATMEAL RAISIN","COOKIE DOUGH, OATMEAL RAISIN, CATERING","BRICKFIRE OR APPROVED EQUIVALENT",2340101,"CS",240,"1.5 OZ",60,24.62,1477.2,0.10258333333333333,2340101,"Brickfire ","170/1.5oz","NO",null,"Shamrock",null,45.28,24.62,43.51,0,0]
[null,136,1065,"COOKIE DOUGH FROZEN REDUCED FAT CHOCOLATE BROWNIE","COOKIE DOUGH, REDUCED FAT, CHOCOLATE BROWNIE, DECA","OTIS SPUNKMEYER OR APPROVED EQUIVALENT",55689,"CS",240,"1.5 OZ",100,43.277486910994767,{"$f":"IF(L141*K141= 0,\"\",L141*K141)","v":4327.7486910994767},0.18032286212914486,7733340,"OTSPKMY","240/1.5 OZ","N"," ","Sysco",43.5,44.12,44.22,43.28,0,0]
[null,137,1068,"COOKIE DOUGH FROZEN REDUCED FAT OATMEAL RAISIN","COOKIE DOUGH, REDUCED FAT, OATMEAL RAISIN, DECA","OTIS SPUNKMEYER OR APPROVED EQUIVALENT",55683,"CS",240,"1.5 OZ",50,44.21,2210.5,0.18420833333333334,4550019,"OTIS","240 / 1.5 OZ",null,"Lowest was special order","Labatt",43.5,44.21,47.58,46.07,0,0]
[null,138,1071,"COOKIE DOUGH FROZEN REDUCED FAT SUGAR","COOKIE DOUGH, SUGAR, REDUCED FAT, DECA","OTIS SPUNKMEYER OR APPROVED EQUIVALENT",55684,"CS",240,"1.5 OZ",45,44.25,1991.25,0.18437500000000001,4550017,"OTIS","240 / 1.5 OZ",null,"Lowest was special order","Labatt",43.5,44.25,44.22,46.85,0,0]
[null,139,1063,"COOKIE DOUGH FROZEN REDUCED FATCHOCOLATE CHIP","COOKIE DOUGH, REDUCED FAT CHOCOLATE CHIP, DECA","OTIS SPUNKMEYER OR APPROVED EQUIVALENT",55680,"CS",240,"1.5 OZ",300,44.22,13266,0.18425,4555555,"OTIS SPUN","240 / 1.5 OZ",null,"Lowest was special order","Labatt",43.5,44.22,44.22,null,0,0]
[null,140,1070,"COOKIE DOUGH FROZEN SUGAR","COOKIE DOUGH, SUGAR, CATERING","BRICKFIRE OR APPROVED EQUIVALENT",2340111,"CS",240,"1.5 OZ",60,22.47,1348.1999999999998,9.3625E-2,2340111,"Brickfire ","170/1.5oz","NO",null,"Shamrock",null,34.229999999999997,22.47,67.56,0,0]
[null,141,1073,"COOKIE DOUGH FROZEN WHITE MACADAMIA NUT","COOKIE DOUGH, WHITE MACADAMIA NUT,  CATERING","BRICKFIRE OR APPROVED EQUIVALENT",2340361,"CS",240,"1.5 OZ",60,35.520000000000003,2131.2000000000003,0.14800000000000002,2340361,"Brickfire ","170/1.5oz","NO",null,"Shamrock",null,61.11,35.520000000000003,82.26,0,0]
[null,142,1066,"COOKIE FORTUNE","COOKIE, FORTUNE, INDIVIDUALLY WRAPPED","SPECIFY","","CS",350,"CT",550,8.39,4614.5,2.3971428571428574E-2,1923991,"Suprk","350pk","NO",null,"Shamrock",0,26.7,8.39,10.09,0,0]
[null,143,1399,"COOKIE GINGER BREAD","COOKIE GINGER BREAD, IW, ","TASTY BRAND OR APPROVED EQUIVALENT",22010,"CS",140,"2 OZ",500,46.04,23020,0.32885714285714285,9391659,"LUX BAKE","100 / 2.25 OZ",null,"G3081-IW / GINGERBREAD PEOPLE WG IW","Labatt",null,46.04,61.15,null,0,0]
[null,144,1137,"CORN DOG MINI BULK","WG, CHICKEN POP DOGS, LOW SODIUM, SIX MEET 2 M/MA AND 2 GRAIN, BULK 40 (4 OZ SERVINGS)","FOSTER FARMS OR APPROVED EQUIVALENT",96086,"CS",40,"2 OZ",1000,22.49,22490,0.56224999999999992,370002,"FOSTER FARMS","2/5LB","NO",null,"BEK",22.49,23.68,23.66,25.89,0,0]
[null,145,1136,"CORNDOG","CORNDOG, CHICKEN FRANK, WHOLE GRAIN P/C, 8/1, 60 CT,  CN LABELED TO MEET 2 OZ MEAT REQUIREMENT","FOSTER FARMS OR APPROVED EQUIVALENT",95150,"CS",72,"4 OZ",2000,22.98,45960,0.31916666666666665,370119,"FOSTER FARMS","72/4OZ","NO",null,"BEK",22.98,30.98,30.57,27.09,0,0]
[null,146,1020,"CORNSTARCH","CORNSTARCH","SPECIFY","","CS",24,"1 LB",45,16.733828207847296,753.02226935312831,0.69724284199363729,4032991,"ARGO","24/1LB","N"," ","Sysco",18.809999999999999,19.25,17.149999999999999,16.73,0,0]
[null,147,1192,"CRACKER GOLDFISH GIANT CINNAMON","CRACKERS GIANT GOLDFISH CINNAMON","PEPPERIDGE FARMS OR APPROVED EQUIVALENT",15094,"CS",300,".9 OZ",100,41.031578947368416,4103.1578947368416,0.13677192982456138,5228774,"PEPFARM","300/0.9 OZ","N"," ","Sysco",null,42.08,45.39,41.03,0,0]
[null,148,1194,"CRACKER GOLDFISH GIANT HONEY OAT","CRACKER WHOLE GRAIN GIANT HONEY OAT GRAHAM 2 EA","PEPPERIDGE FARMS OR APPROVED EQUIVALENT",18432,"CS",300,".9 OZ",200,41.69,8338,0.13896666666666666,9402365,"PEPPERIDGE","300 / .9 OZ",null,"Lowest was a special order","Labatt",null,41.69,44.09,39.82,0,0]
[null,149,1189,"CRACKERS ANIMAL","CRACKERS, ANIMAL SHAPED, 0 TRANSFAT","SPECIFY",null,"CS",100,"1 OZ",25,16.72,418,0.16719999999999999,771828,"KELLOGGS","100/1OZ","NO","Lowest was special order","BEK",16.72,22.54,15.87,22.84,0,0]
[null,150,1191,"CRACKERS GRAHAM 3-PK","CRACKERS: GRAHAM 3-PK","SPECIFY","","CS",150,"3 PK",1800,17.93,32274,0.11953333333333332,3730052,"KEEBLER","150 / 3 CT",null,"91822 / GRAHAM CRACKER W/CALC WG","Labatt",20.239999999999998,17.93,19.52,18.3,0,0]
[null,151,1193,"CRACKERS GRAHAM CINNAMON BUG BITES","CRACKERS: BUG BITES, CINNAMON","KEEBLER OR APPROVED EQUIVALENT","30100-55644","CS",210,"1 OZ",500,40.479999999999997,20240,0.19276190476190475,3738935,"KEEBLER","210 / 1 OZ",null,"55644 / BUG BITES CINN GRAHAMS WG","Labatt",46.09,40.479999999999997,44.14,41.17,0,0]
[null,152,1361,"CRACKERS MEDLEY MIX","CRACKER MEDLEY - TOASTEDS® WHEAT, SESAME AND BUTTER CRISP, CLUB®, TOWN HOUSE®, AND KEEBLER® WHOLE GRAIN WHEAT, 25 SLEEVES, CATERING","KEEBLER OR APPROVED EQUIVALENT","30100 37739 ","CS",8,"LBS",5,30.68,153.4,3.835,3765112,"KEEBLER","25 / 980 CT",null,"37739 / CRACKER MEDLEY VARIETY PACK","Labatt",33.72,30.68,32.96,31.32,0,0]
[null,153,1195,"CRACKERS SALTINE IW","SALTINE CRACKERS, PC, WHOLE GRAIN OR ENRICHED FLOUR TO MEET BREAD REQ. FOR NSLP 500/2 CT","NABISCO OR APPROVED EQUIVALENT","","CS",500,"2 CT",200,12.43,2486,2.486E-2,2546151,"Brickfire ","500 ct","NO",null,"Shamrock",16.05,17.260000000000002,12.43,17.690000000000001,0,0]
[null,154,1190,"CRACKERS WHOLE GRAIN GOLDFISH CHEDDAR","CHEDDAR GOLDFISH, WHOLE GRAIN: A 3/4 OUNCE SERVING CONTRIBUTES 1 SERVING OF GRAINS/BREADS TO THE USDA CHILD NUTRITION PROGRAMS","PEPPERIDGE FARMS OR APPROVED EQUIVALENT",18105,"CS",300,"0.75 OZ",150,49.210526315789473,7381.5789473684208,0.16403508771929823,6599405,"PEPFARM","300/.75 OZ","N"," ","Sysco",null,50.53,51.91,49.21,0,0]
[null,155,1090,"CREAMER NON-DAIRY","NON-DAIRY CREAMER , INIVIDUAL PACK, LIQUID","SPECIFY","","CS",400,"15 GR",45,4.4800000000000004,201.60000000000002,1.1200000000000002E-2,898471,"Shamrock Farms","400/.38oz","NO",null,"Shamrock",19.87,10.84,4.4800000000000004,8.5500000000000007,0,0]
[null,156,1084,"CREAMER NON-DAIRY CARAMEL MACCHIATO","NON-DAIRY CREAMER, CARAMEL MACCHIATO, INIVIDUAL PACK, LIQUID","SPECIFY",null,"CS",400,"15 GR",35,14.74,515.9,3.6850000000000001E-2,2529371,"International delight","288 ct","NO",null,"Shamrock",18.95,15.26,14.74,null,0,0]
[null,157,1085,"CREAMER NON-DAIRY FRENCH VANILLA","NON-DAIRY CREAMER, FRENCH VANILLA , INIVIDUAL PACK, LIQUID","SPECIFY",null,"CS",400,"15 GR",35,14.105263157894738,493.68421052631584,3.5263157894736843E-2,7440837,"INT DEL","288/13 ML","N"," ","Sysco",18.95,15.26,14.74,14.11,0,0]
[null,158,1086,"CREAMER NON-DAIRY HAZEL NUT","NON-DAIRY CREAMER, HAZEL NUT, INIVIDUAL PACK, LIQUID","SPECIFY",null,"CS",400,"15 GR",35,12.55,439.25,3.1375E-2,639066,"COFFEEMATE","180/3/8OZ","NO",null,"BEK",12.55,15.26,14.74,14.26,0,0]
[null,159,null,"CROISSANT","CROISSANTS, WG, MARGARINE, RF, ROUND, FULLY SLICED   MUST PROVIDE 2.0 OZ GRAIN EQUIVALENTS.  PORTION TO PROVIDE AT LEAST 145.0 CALORIES, WITH NO MORE THAN 6 GRAMS OF FAT.","BAKE CRAFTERS OR APPROVED EQUIVALENT",null,"CS",80,"2.2 OZ",800,27.46,null,null,9236050,"BAKE CRAFT","80 / 2.2 OZ",null,"3285 / CROISSANT, MARG ROUND SL","Labatt",null,27.46,28.9,38.35,0,0]
[null,160,null,"CROISSANT HAM & CHEESE","WHOLE GRAIN TURKEY HAM & CHEESE CROISSANT SANDWICH AT LEAST 51% WHOLE GRAINS.  2.52OZ UNIT MUST MEET 1OZ MEAT/MA; 1OZ GRAIN EQUIVALENT  FROZEN  120/2.52OZ","TASTY BRAND OR APPROVED EQUIVALENT",70073,"CS",120,"2.52 OZ",850,86.59,{"$f":"IF(L165*K165= 0,\"\",L165*K165)","v":73601.5},{"$f":"IF(L165/I165= 0,\"\",L165/I165)","v":0.72158333333333335},8914038,"TASTY BRAN","120 / 2.52 OZ",null,"Lowest was special order","Labatt",null,86.59,82.39,null,0,0]
[null,161,null,"CROISSANT SANDWICH CHICKEN SAUSAGE EGG CHEESE IW","WHOLE WHEAT CROISSANT WITH CHICKEN SAUSAGE, EGG, CHEESE IW.  PORTION SIZE 4.52OZ.  CN LABEL OR PRODUCT ANALYSIS SHEET TO PROVIDE 2OZ M/MA AND 2OZ GRAIN EQ.  CASE PACK 48","BAKE CRAFTERS OR APPROVED EQUIVALENT",null,"CS",48,"4.52 OZ",1500,52.03,null,null,4382061,"Bake Crafter","48/4.52 oz","YES","Lowest had wrong item","Shamrock",null,34.74,52.03,null,0,0]
[null,162,1196,"CROUTONS","CROUTONS/ HERB SEASONED, ENRICHED, SMALL CUBE,  CATERING","SPECIFY","","CS",10,"LB",150,19.02,{"$f":"IF(L167*K167= 0,\"\",L167*K167)","v":2853},{"$f":"IF(L167/I167= 0,\"\",L167/I167)","v":1.9019999999999999},3772323,"FRESH GOUR","1 / 10 LB",null,"74465 / CROUTONS,SEA.CUBE T/FAT FREE","Labatt",21.5,19.02,21.24,36.590000000000003,0,0]
[null,163,1486,"DANISH ASSORTED","DANISH, ASSORTED, CATERING","SPECIFY",null,"CS",48,"4 OZ",50,48.13,{"$f":"IF(L168*K168= 0,\"\",L168*K168)","v":2406.5},{"$f":"IF(L168/I168= 0,\"\",L168/I168)","v":1.0027083333333333},418016,"SARA LEE","48/4OZ","NO","Lowest wasn't correct size","BEK",48.13,16.71,27.58,13.62,0,0]
[null,164,null,"DONUT CHOCOLATE MINI  WG","51% WG MINI DONUTS - CHOCOLATE.  72 - 3.3OZ FROZEN INDIVIDUALLY WRAPPED THAW & SERVE, NICKEL STACK SIX PACKS OF 1/2 OZ CHOCOLATE ENROBED WHOLE GRAIN DONUTS.  MUST CONFORM TO USDA CHILD NUTRITION PROGRAM SPECIFICATIONS AND MEET 2OZ GRAIN EQUIVALENT.","SUPER BAKERY OR APPROVED EQUIVALENT",7786,"CS",72,"3.3 OZ",1700,47.428571428571431,null,null,7014005,"SUPBKRY","72/3.3 OZ","Y","Will stock if awarded","Sysco",47.48,52.35,48.56,47.43,0,0]
[null,165,1523,"DRESSING ASIAN PC","DRESSING, ASIAN, LIGHT, PC","SPECIFY",null,"CS",60,"1.5 OZ",15,14.2,{"$f":"IF(L170*K170= 0,\"\",L170*K170)","v":213},{"$f":"IF(L170/I170= 0,\"\",L170/I170)","v":0.23666666666666666},9404040,"KEN'S","60 / 1.5 OZ",null,"KE1145B3 / PAN ASIAN ORIENTAL DRESSING","Labatt",null,14.2,15.04,14.62,0,0]
[null,166,null,"DRESSING BALSAMIC VINAIGRETTE","DRESSING, BALSAMIC VINAIGRETTE, LIGHT","SPECIFY",null,"CS",60,"1.5 OZ",15,12.31,184.65,0.20516666666666666,6503090,"KEN'S","60 / 1.5 OZ",null,"KE1057B3 / DRESSING, METRO BALSAMIC VIN","Labatt",null,12.31,13.22,15.09,0,0]
[null,167,1132,"DRESSING COLESLAW","DRESSING, COLESLAW, REDUCED FAT","SPECIFY",null,"CS",4,"GAL",25,9.85,246.25,2.4624999999999999,3432261,"KRAFT","1 / 1 GAL.",null,"64382 / DRESSING, COLESLAW","Labatt",null,9.85,40.42,31.65,0,0]
[null,168,1293,"DRESSING ITALIAN GOLDEN GALLON","ITALIAN DRESSING, GOLDEN,  CATERING","SPECIFY",null,"CS",4,"GAL",10,19.526315789473685,195.26315789473685,4.8815789473684212,5465695,"SYS REL","4/1 GAL","N"," ","Sysco",null,32.19,33.26,19.53,0,0]
[null,169,1096,"DRESSING PC FRENCH","DRESSING, SALAD, REDUCED FAT, FRENCH","SPECIFY",null,"CS",60,"1.5 OZ",5,14.24,71.2,0.23733333333333334,3471004,"KRAFT","60 / 1.5 OZ",null,"66751 / DRESSING, FRENCH FF PC","Labatt",null,14.24,null,18.27,0,0]
[null,170,1487,"DRESSING PC GREEK","DRESSING, SALAD, GREEK ","SPECIFY",null,"CS",60,"1.5 OZ",5,12.2,61,0.20333333333333331,6503086,"KENS","60 / 1.5 OZ",null,"KE0788B3 / DRESSING, GREEK PC","Labatt",null,12.2,null,12.36,0,0]
[null,171,1097,"DRESSING PC ITALIAN","DRESSING, SALAD, REDUCED FAT, ITALIAN","SPECIFY",null,"CS",60,"1.5 OZ",5,10.526315789473685,52.631578947368425,0.17543859649122809,5954250,"KENS","60/1.5 OZ","N"," ","Sysco",null,10.7,14.53,10.53,0,0]
[null,172,1257,"DRESSING PC RASPBERRY VINAIGRETTE ","KRAFT RASPBERRY VINAIGRETTE FAT FREE DRESSING HAS THE SWEET, TART FLAVOR OF RASPBERRIES IN A FAT FREE VINAIGRETTE.  ","KRAFT","002-10006714400","CS",60,"1.5 OZ",50,11.404255319148936,570.21276595744678,0.1900709219858156,8919045,"MARZETI","60/1.5 OZ","N"," ","Sysco",null,16.03,16.329999999999998,11.4,0,0]
[null,173,1297,"DRESSING RANCH REDUCED FAT","DRESSING, SALAD, REDUCED FAT","KEN'S OR APPROVED EQUIVALENT","100-413350-60816","CS",4,"1 GAL",600,36,21600,9,"332-5693","KEN'S","4 / 1 GAL.",null,null,"Labatt",null,34.950000000000003,39.450000000000003,36.53,0,0]
[null,174,1098,"DRESSING RANCH REDUCED FAT PC","DRESSING, SALAD, REDUCED FAT, PC, RANCH","SPECIFY",null,"CS",60,"1.5 OZ",100,13.22,1322,0.22033333333333335,1591261,"Kraft","60/1.5oz","NO",null,"Shamrock",null,14.55,13.22,16.16,0,0]
[null,175,1099,"DRESSING RASPBERRY VINAIGRETTE GALLON","KRAFT RASPBERRY VINAIGRETTE FAT FREE DRESSING HAS THE SWEET, TART FLAVOR OF RASPBERRIES IN A FAT FREE VINAIGRETTE. ","KRAFT OR APPROVED EQUIVALENT","002-10006474200","CS",4,"1 GAL",5,16.765957446808514,83.82978723404257,4.1914893617021285,6475321,"SYS IMP","2/1 GAL","N"," ","Sysco",null,37.01,40.36,16.77,0,0]
[null,176,1101,"DRESSING SALAD/MAYO PC","SALAD DRESSING, 31% VEG OIL/EGGS, INDIVIDUALLY PACKED, REDUCED FAT","MIRACLE WHIP OR APPROVED EQUIVALENT","002-10006636600","CS",200,"12 GR",100,10.52,1052,5.2600000000000001E-2,3321130,"PPI","200 / 12 GM",null,"97810 / MAYONNAISE RCAL 12GM","Labatt",null,10.52,17.16,16.239999999999998,0,0]
[null,177,1161,"DRINK FRUIT PUNCH","FRUIT FLAVORED DRY CRYSTALS DRINK MIX, SWEETENED,  CATERING","SPECIFY",null,"CS",12,"24 OZ",20,20.46,409.20000000000005,1.7050000000000001,2204421,"Rejuv","12/24oz","NO",null,"Shamrock",30.9,35.56,20.46,23.67,0,0]
[null,178,1326,"DRINK HOT CHOCOLATE","HOT CHOCOLATE MIX, POWDERED, INDIVIDUAL PACKS, CATERING","SPECIFY",null,"CS",300,"PKG",20,31.99,639.79999999999995,0.10663333333333333,2585041,"Hospitality","300 ct","NO",null,"Shamrock",54.1,52.35,31.99,46.33,0,0]
[null,179,1533,"DRINK HOT CHOCOLATE SUGAR FREE","HOT CHOCOLATE MIX, POWDERED, INDIVIDUAL PACKS,  SUGAR FREE COFFEE BAR","NESTLE OR APPROVED EQUIVALENT","61411-00","CS",300,"PKG",100,35.79,3579,0.1193,641077,"SWISS MISS","6/24PK","NO","MFG 1570005584","BEK",35.79,49.03,42.78,48.44,0,0]
[null,180,1163,"DRINK ICE TEA","MIX, UNSWEETENED TEA, HIGH YIELD, DILUTION RATIO 1:96, CATERING","THIRS-TEA OR APPROVED EQUIVALENT",662,"CS",24,"4 OZ",20,40.520000000000003,810.40000000000009,1.6883333333333335,8332520,"THIRS-TEA","24 / 4 OZ.",null,"Lowest wasn't approved brand","Labatt",null,40.520000000000003,42.54,10.76,0,0]
[null,181,1162,"DRINK LEMONAIDE PINK","PINK LEMONAIDE FLAVORED DRY CRYSTALS SWEETENED CATERING","SPECIFY",null,"CS",12,"24 OZ",30,13.38,401.40000000000003,1.115,1284577,"TWIST","12 / 2 GAL",null,"85472 / DRINK MIX, PINK LEMONADE","Labatt",null,13.38,20.46,22.71,0,0]
[null,182,1298,"DRINK LEMONAIDE YELLOW","YELLOW LEMONAIDE FLAVORED DRY CRYSTALS DRINK MIX, SWEETENED,  CATERING","SPECIFY",null,"CS",12,"24 OZ",30,13.33,399.9,1.1108333333333333,1284578,"TWIST","12 / 2 GAL",null,"85476 / DRINK MIX, LEMONADE","Labatt",null,13.33,20.51,22.59,0,0]
[null,183,1155,"EGG BOIL N BAG","EGGS, RAW, LIQUID WHOLE EGGS, BOIL N BAG, PASTURIZED","SPECIFY","","CS",6,"5 LB",600,28.526315789473685,17115.78947368421,4.7543859649122808,2366607,"WHLFCLS","15/2 LB","N"," ","Sysco",36.68,37.299999999999997,43.45,28.53,0,0]
[null,184,1156,"EGG PREBOILED","HARD COOKED PEELED EGGS","SPECIFY",null,"CS",8,"12 CT",375,17.905263157894741,6714.4736842105276,2.2381578947368426,3115532,"WHLFCLS","8/12 CT","N"," ","Sysco",27.2,29.34,27.94,17.91,0,0]
[null,185,1158,"EGG SRAMBLED","EGGSTRAVAGANZA-BACON AND CHEESE CODE 40828 SUB FOR COMMODITY","SUNNY FRESH OR APPROVED EQUIVALENT",40828,"CS",4,"5 LB",735,53.75,39506.25,13.4375,8850055,"SUNNY F.","4 / 5 LB",null,"40928 / EGGSTRAVAGANZA, BACON & CHS","Labatt",null,53.75,54.95,54.08,0,0]
[null,186,null,"ENCHILADA 3 CHEESE ","3 CHEESE, CHEDDAR, MONTERREY JACK, MOTZ 6\"CORN TORTILLA  CN BULK PACKED","LOS CABOS MEXICAN FOODS OR APPROVED EQUIVALENT",67777,"CS",2,"40 CT",1000,42.11,42110,null,8974654,"LOS CABOS","2 / 40 CT",null,"67777 / ENCHILADA, CHED, JACK, MOTZ","Labatt",null,42.11,42.61,null,0,0]
[null,187,1390,"FILLING PIE","CHERRY ","SPECIFY",null,"CS",6,"#10",15,15.7,235.5,{"$f":"IF(L192/I192= 0,\"\",L192/I192)","v":2.6166666666666667},591024,"LUCKY LF","1 / #10",null,"30030 / PIE FILLING, CHERRY","Labatt",null,15.7,53.05,51.54,0,0]
[null,188,null,"FILLING PIE","PEACH","SPECIFY",null,"CS",6,"#10",15,34.39,515.85,5.7316666666666665,589540,"LUCKY LF","3 /  #10",null,"FFPEP4042 / PIE FILLING PEACH CLEAN LABL","Labatt",null,34.39,52.11,51.54,0,0]
[null,189,1021,"FLOUR","FLOUR, ALL PURPOSE, ENRICHED, 50#, U.S. NO. 2 GRADE OR BETTER BLEACHED WHEAT FLOUR ENRICHED WITH THIAMIN, RIBOFLAVIN, NIACIN, FOLIC ACID, IRON AND MAY HAVE ADDED CALCIUM","SPECIFY","","BAG",50,"LB",30,12.842105263157894,385.26315789473682,0.25684210526315787,8378111,"SYS CLS","1/50 LB","N"," ","Sysco",null,15.67,15.75,12.84,0,0]
[null,190,1345,"FOOD RELEASE","RELEASE, FOOD/PAN, CONTAINS NO WATER, ALCOHOL OR ARTIFICIAL FLAVORS, HIGH SMOKE POINT >450° F","SPECIFY",null,"CS",6,"17 OZ",75,13.252631578947369,993.94736842105272,2.2087719298245614,4583290,"PAM","6/17 OZ","N"," ","Sysco",null,14.12,20.66,13.25,0,0]
[null,191,1214,"FRENCH TOAST STICKS IW","FRENCH TOAST STICKS, WHOLE GRAIN, CINNAMON GLAZED, IW, EACH SERVING 3 STICKS/2.90 OZ EQUALS 1 M/MA, 1 GR. COMMODITY SUB","SUNNY FRESH OR APPROVED EQUIVALENT",40094,"CS",110,"2.9 oz",1200,54.61,65532,0.49645454545454543,8850053,"SUNNY F.","110 / 2.9 OZ",null,"40094 / F.T. STICKS, WG CINN. GL IW","Labatt",68.5,54.61,55.78,65.17,0,0]
[null,192,1295,"FROSTING CHOCOLATE","READY TO SPREAD CHOCOLATE CREAM ICING","GOLD MEDAL OR APPROVED EQUIVALENT",null,"TUB",11,"LB",15,46.13,691.95,4.1936363636363643,4083002,"GEN MILLS","2 / 11 LB",null,"Lowest was special order","Labatt",40.54,46.13,49.85,47.59,0,0]
[null,193,1445,"FROSTING VANILLA","READY TO SPREAD VANILLA CREAM ICING","GOLD MEDAL OR APPROVED EQUIVALENT","0-16000-11216-2","TUB",11,"LB",25,37.768421052631581,944.21052631578948,3.4334928229665072,1211465,"RICHS","1/15 LB","N"," ","Sysco",38.19,42.21,38.74,37.770000000000003,0,0]
[null,194,1303,"FRUDEL APPLE","PASTRY, APPLE FILLING, INDIVIDUALLY WRAPPED, HEAT N SERVE, MEETS 2 GRAIN REQUIREMENTS","PILLSBURY",127852000,"CS",72,"2.29 OZ",200,29.319371727748692,5863.8743455497388,0.40721349621873182,8162673,"PILLSBY","72/2.29OZ","N"," ","Sysco",33.06,31.52,30.98,29.32,0,0]
[null,195,1341,"FRUDEL CHERRY","PASTRY, CHERRY FILLING, INDIVIDUALLY WRAPPED, HEAT N SERVE, MEETS 2 GRAIN REQUIREMENTS","PILLSBURY",127851000,"CS",72,"2.29 OZ",200,29.319371727748692,5863.8743455497388,0.40721349621873182,8162665,"PILLSBY","72/2.29OZ","N"," ","Sysco",33.06,31.54,30.98,29.32,0,0]
[null,196,1103,"FRUIT APPLE SLICED","APPLE SLICES, NATURAL JUICE, GRADE B CHOICE","SPECIFY","","CS",9,"10 CN",200,38.998946259220233,7799.7892518440467,4.3332162510244707,4015574,"SYS CLS","6/#10","Y","Lowest had minimum pallet order","Sysco",0,42.46,40.229999999999997,39,27.35,0]
[null,197,null,"FRUIT CHERRY MARASCHINO HALVES","CHERRIES, MARACHINO HALVES","PENNANT OR APPROVED EQUIVALENT",63340,"CS",6,"5 GAL",100,45.76,{"$f":"IF(L202*K202= 0,\"\",L202*K202)","v":4576},null,2622451,"bountiful harvest","4/.5gal","NO","Lowest had minimum pallet order","Shamrock",0,47.92,45.76,46.16,45.65,0]
[null,198,1106,"FRUIT COCKTAIL","FRUIT COCKTAIL, GRADE B, CHOICE, EXTRA LIGHT SYRUP, MUST MEET BUY AMERICAN REQUIREMENTS","SENACA, DEL MONTE, LIBBY'S, DOLE",null,"CS",6,"10 CN",1500,40.291666666666671,60437.500000000007,{"$f":"IF(L203/I203= 0,\"\",L203/I203)","v":6.7152777777777786},4989604,"DOLE","6/#10","N","Lowest had minimum pallet order and not brand specific","Sysco",0,40.53,41.16,40.29,33.200000000000003,0]
[null,199,1260,"FRUIT CRANBERRIES DRIED","SOFT AND MOIST DRIED CRANBERRIES","SPECIFY",null,"CS",10,"LB",150,13.127659574468085,1969.1489361702127,1.3127659574468085,7102403,"SYS IMP","1/5 LB","N"," ","Sysco",16.260000000000002,17.57,46.54,13.13,0,0]
[null,200,1268,"FRUIT DRIED IW","FRUIT DRIED, INDIVIDUALLY PACKAGES, PEANUT FREE, 16% CRANBERRYM 29% NATURAL RAISINS, 24% GOLDEN RAISINS, 28% PINEAPPLE, 3% DRIED APPLE ","NATIONAL FOOD GROUP OR APPROVED EQUIVALENT",609271,"CS",144,"1.3 OZ",650,45.79,29763.5,0.31798611111111108,792060,"SUGAR FOODS","120/1OZ","NO",null,"BEK",45.79,47.59,null,null,0,0]
[null,201,1333,"FRUIT MANGO DICED","MANOS, DICED, IQF, US GRADE A, UNSWEETENED, MUST MEET BUY AMERICAN REQUIREMENTS","SENACA, DEL MONTE, LIBBY'S, DOLE",null,"CS",2,"5 LB",450,15.64,7038,7.82,4491101,"bountiful harvest","2/5#","NO",null,"Shamrock",null,24.63,15.64,25.37,0,0]
[null,202,1107,"FRUIT ORANGE MANDARIN","MANDARIN ORANGE SLICES, NATURAL JUICES, NO SUGAR ADDED, GRADE B CHOICE MUST MEET BUY AMERICAN REQUIREMENTS","SENACA, DEL MONTE, LIBBY'S, DOLE","","CS",6,"10 CN",850,28.873684210526317,24542.63157894737,4.8122807017543865,3548393,"SYS REL","6/#10","N"," ","Sysco",null,34.14,32.32,28.87,32.85,0]
[null,203,1108,"FRUIT PEACHES DICED","PEACHES, YELLOW CLING, GRADE B, CHOICE, DICED, NATURAL JUICES, MIN DRAIN VT 71 OZ, NO IRREGULAR, MUST MEET BUY AMERICAN REQUIREMENTS","SENACA, DEL MONTE, LIBBY'S, DOLE","","CS",6,"10 CN",1500,40.58,60870,6.7633333333333328,1953761,"bountiful harvest","6/10#","NO","Lowest had minimum pallet order","Shamrock",null,40.6,40.58,41.95,31.15,0]
[null,204,1109,"FRUIT PEARS DICED","PEARS, DICED, GRADE B CHOICE, NATURAL JUICES, MUST MEET BUY AMERICAN REQUIREMENTS","SENACA, DEL MONTE, LIBBY'S, DOLE","","CS",6,"10 CN",500,40.11,20055,6.6849999999999996,4508401,"bountiful harvest","6/10#","NO","Lowest had minimum pallet order and not brand specific","Shamrock",null,40.44,40.11,44.12,29.3,0]
[null,205,1110,"FRUIT PINEAPPLE","PINEAPPLE TIDBITS IN JUICE, GRADE B, CHOICE, SOLID PAK IN NATURAL JUICE, MUST MEET BUY AMERICAN REQUIREMENTS","SENACA, DEL MONTE, LIBBY'S, DOLE","","CS",6,"10 CN",2500,25.79,64475,4.2983333333333329,566844,"GFT OF NAT","6 / #10",null,"312073600X / PINEAPPLE, TIDBITS NAT JUICE","Labatt",null,25.79,33.69,28.67,30.1,0]
[null,206,1112,"FRUIT STRAWBERRIES SLICED","STRAWBERRYS, SLICED, IQF, US GRADE A, UNSWEETENED","SPECIFY","","CS",1,"30 LB",700,42.22,29554,42.22,9077835,"ANACAPA","1 / 30 LB",null,"43312 / STRAWBERRIES, SLICED 4+1","Labatt",47.54,42.22,47.24,51.36,0,0]
[null,207,1311,"FRUIT STRAWBERRIES WHOLE","STRAWBERRYS, SLICED, IQF, US GRADE A, WHOLE, UNSWEETENED","SPECIFY",null,"BKT",1,"30 LB",100,44.14,4414,44.14,9097827,"ANACAPA","1 / 30 LB",null,"Lowest was a special order","Labatt",48.18,44.14,48.59,37.39,0,0]
[null,208,null,"FUDGE BAR   SMART SNACK","STICK BAR FUDGE-O  GLUTEN FREE","HERSHEY'S OR APPROVED EQUIVALENT",31152,"CS",36,"2 OZ",300,16.82,5046,null,4221015,"HERSHEY'S","36 / 2.0 OZ",null,"31152 / STICK BAR FUDGE-O","Labatt",null,16.82,null,null,0,0]
[null,209,1075,"GELATIN CHERRY","GELATIN MIX, DRY","SPECIFY","","CS",12,"24 OZ",75,24.26,1819.5000000000002,{"$f":"IF(L214/I214= 0,\"\",L214/I214)","v":2.0216666666666669},4161005,"ROYAL","12 / 24 OZ",null,"48101 / GELATIN, CHERRY","Labatt",null,24.26,26.68,26.05,0,0]
[null,210,1077,"GELATIN LIME","GELATIN MIX, DRY","SPECIFY","","CS",12,"24 OZ",15,24.42,366.3,2.0350000000000001,4161007,"ROYAL","12 / 24 OZ",null,"48104 / GELATIN, LIME","Labatt",null,24.42,26.68,26.05,0,0]
[null,211,1078,"GELATIN ORANGE","GELATIN MIX, DRY","SPECIFY","","CS",12,"24 OZ",15,24.41,366.15,2.0341666666666667,4161008,"ROYAL","12 / 24 OZ",null,"48102 / GELATIN, ORANGE","Labatt",null,24.41,26.68,26.05,0,0]
[null,212,1079,"GELATIN STRAWBERRY","GELATIN MIX, DRY","SPECIFY","","CS",12,"24 OZ",75,24.42,1831.5000000000002,2.0350000000000001,4161010,"ROYAL","12 / 24 OZ",null,"48100 / GELATIN, STRAWBERRY","Labatt",null,24.42,26.68,26.05,0,0]
[null,213,1363,"GLAZE STAWBERRY","STRAWBERRY GLAZE,  CATERING","SPECIFY",null,"CS",24,"1 LB",25,16.13,403.25,0.67208333333333325,627281,"LUCKY LF","1 / 19 LB",null,"30163 / P F STRAWBERRY GLAZE","Labatt",null,16.13,29.95,18.61,0,0]
[null,214,1197,"GRANOLA BULK","GRANOLA BULK","SPECIFY",null,"CS",4,"50 OZ",250,37.65,9412.5,9.4124999999999996,6495006,"NatureVal","4 / 50 OZ",null,"27111 / Granola, Oats and Honey WG","Labatt",null,37.65,40.380000000000003,43.96,0,0]
[null,215,1017,"GRAVY BROWN","GRAVY, BROWN, LIGHT","PIONEER OR APPROVED EQUIVALENT",94541,"CS",6,"13 OZ",700,18.638743455497384,13047.120418848168,3.1064572425828971,5487699,"PIONEER","6/11.3OZ","N"," ","Sysco",19.39,21.18,19.899999999999999,18.64,0,0]
[null,216,1018,"GRAVY COUNTRY","COUNTRY SKILLET CREAM GRAVY","PIONEER OR APPROVED EQUIVALENT",96115,"CS",6,"24 OZ",725,17.075718015665796,12379.895561357702,2.8459530026109658,722209,"PIONEER","6/24 OZ","N"," ","Sysco",18.02,18.16,18.7,17.079999999999998,0,0]
[null,217,1146,"HAM BUFFET","HAM, WATER ADDED, CURED, BONELESS, AND FULLY COOKED. HAM IS 97% FAT FREE (3% FAT) AND APPROXIMATELY 4 TO 4½ INCHES IN DIAMETER. FROZEN PRODUCT.","SPECIFY","","CS",2,"10 LB",100,1.768041237113402,176.8041237113402,0.884020618556701,1592336,"HORMEL","2/9-10#","N"," ","Sysco",1.8,1.82,1.86,1.77,0,0]
[null,218,1364,"HAM DELI","HAM, WATER ADDED, CURED, BONELESS, FULLY COOKED, SLICED,  97% FAT FREE (3% FAT). EACH SLICE TO EQUAL .5 OZ M/MA IN NSLP ","SPECIFY",null,"CS",8,"5 LBS",25,2.57,64.25,0.32124999999999998,3239341,"Farmland","2/12 lbav","NO","per lb pricing","Shamrock",null,54.99,2.57,40.08,0,0]
[null,219,null,"HASHBROWN  GOLDEN PATTIES OVAL CUT","2 OVALS PROVIDE 1/2 CUP VEGETABLE EQUIVALENT.","ORE-IDA OR APPROVED EQUIVALENT","OIF00589A","CS",1,"120ct",1345,23.851851851851851,null,null,17354,"ORE IDA","120/2.25OZ","N"," ","Sysco",0,31.77,26.75,23.85,0,0]
[null,220,1159,"HOT DOGS BEEF","BEEF FRANKS, LOWER SODIUM, 8/1, 6\" CN LABELED TO MEET 2 OZ MEAT REQUIREMENT","JOHN MORRELL OR APPROVED EQUIVALENT","100-701000-28560","CS",80,"2 OZ",1000,34.368530020703929,{"$f":"IF(L225*K225= 0,\"\",L225*K225)","v":34368.530020703925},{"$f":"IF(L225/I225= 0,\"\",L225/I225)","v":0.42960662525879911},1757273,"MORRELL","2/5 LB","N","Lowest was special order","Sysco",null,38.67,32.880000000000003,34.369999999999997,0,0]
[null,221,null,"HOT DOGS TURKEY ","TURKEY FRANKS, 8/1, 6”, FRANK: IMPS 800, CN LABELED TO MEET 2 OZ MEAT REQUIREMENT","SPECIFY",null,"CS",100,"1.6 OZ",900,13.18,11862,{"$f":"IF(L226/I226= 0,\"\",L226/I226)","v":0.1318},8938276,"BRIARST","1 / 10 LB",null,"10000016751 / FRANK, TURKEY 8/1 6\" CN","Labatt",24.52,13.18,24.76,16.03,0,0]
[null,222,1060,"ICE CREAM BAR VANILLA","ICE CREAM BAR, VANILLA, REDUCED FAT, MUST BE SMART SNACK COMPLIANT, <200 CALORIES,, < 35% FAT CALORIES, < 230 MG SODIUM, < 10% SATURATED FAT, <35% OF WEIGHT FROM SUGARS","SPECIFY",null,"CS",96,"3.0 OZ",25,13.69,342.25,{"$f":"IF(L227/I227= 0,\"\",L227/I227)","v":0.14260416666666667},3387081,"Mars","1/12 pk","NO",null,"Shamrock",null,25.47,13.69,null,0,0]
[null,223,null,"ICE CREAM CUP CHOCOLATE SUNDAE LOW FAT  SMART SNACK","Low Fat Chocolate Sundae Dessert Cup","HERSHEY'S OR APPROVED EQUIVALENT",31662,"CS",48,"3 OZ",400,21.69,8676,null,4221053,"HERSHEY'S","48 / 3 OZ",null,"31662 / DESSERT CUPS, CHOCOLAT SNDAE","Labatt",null,21.69,26.21,null,0,0]
[null,224,null,"ICE CREAM CUP VANILLA LOW FAT SMART SNACK","LOW FAT VANILLA ICE CREAM DESSERT CUP  ","HERSHEY'S OR APPROVED EQUIVALENT",31664,"CS",48,"3 OZ",300,21.69,6507,null,4221043,"HERSHEY'S","48 / 3 OZ",null,"31664 / DESSERT CUPS, VANILLA PLSTIC","Labatt",null,21.69,26.21,21.87,0,0]
[null,225,null,"ICE CREAM SANDWICH  SMART SNACK","ICE CREAM SANDWICH, VAN RF","HERSHEY'S OR APPROVED EQUIVALENT",31319,"CS",24,"4 OZ",300,17.329999999999998,5198.9999999999991,null,4221027,"HERSHEY'S","24 / 4 OZ",null,"31319 / ICE CREAM SANDWICH VAN RF","Labatt",null,17.329999999999998,34.51,null,0,0]
[null,226,1232,"JALAPEÑO SLICED","JALAPEÑO, SLICED","SPECIFY","","CS",6,"10 CN",550,21.135416666666671,11624.47916666667,{"$f":"IF(L231/I231= 0,\"\",L231/I231)","v":3.5225694444444451},4968566,"SYS REL","6/#10","N"," ","Sysco",24.35,28.66,27.09,21.14,23.65,0]
[null,227,null,"JELLY PC","JELLY PC ASSORTED, STRAWBERRY, MIXED FRUIT AND GRAPE SHELF STABLE","SPECIFY",null,"CS",200,".5 OZ",20,7.93,158.6,3.9649999999999998E-2,4591087,"PPI","200 / 10 GM",null,"70610 / JELLY, ASST#10 (120G/80MF)","Labatt",null,7.93,11.16,23.59,0,0]
[null,228,1113,"JUICE APPLE","BOTTLED 100% JUICE CATERING","DOLE OR APPROVED EQUIVALENT",null,"CS",12,"15.2 OZ",10,15.547368421052632,155.4736842105263,1.2956140350877192,4715066,"TROPCNA","12/15.2OZ","N"," ","Sysco",null,16.989999999999998,16.489999999999998,15.55,0,0]
[null,229,1114,"JUICE APPLE","APPLE JUICE, PURE PAK , FULL STRENGTH JUICE, NO SUGAR ADDED, 100% JUICE , CARTON ONLY, US GRADE B","SUN CUP OR APPROVED EQUIVALENT",30301,"CS",70,"4 OZ",7800,8.26,64428,0.11799999999999999,1210863,"SUNSET","70/4 oz","N"," ","Sysco",null,11.28,9.44,8.26,0,0]
[null,230,1115,"JUICE APPLE CHERRY","APPLE-CHERRY, PURE PAK, FULL STRENGTH JUICE,  NO SUGAR ADDED, 100% JUICE, US GRADE B","SUN CUP OR APPROVED EQUIVALENT",32000,"CS",70,"4 OZ",7500,9.0736842105263147,68052.631578947359,0.12962406015037592,8224208,"SUNCUP","70/4 OZ","N"," ","Sysco",null,11.51,9.49,9.07,0,0]
[null,231,1116,"JUICE APPLE CHERRY","APPLE-CHERRY, PURE PAK, FULL STRENGTH JUICE,  NO SUGAR ADDED, 100% JUICE , CARTON ONLY, US GRADE B","SUN CUP OR APPROVED EQUIVALENT",52000,"CS",70,"6 OZ",77,11.1,854.69999999999993,0.15857142857142856,"52000mpc","SUNCUP","70/6 OZ","N"," ","Sysco",null,11.51,11.97,11.1,0,0]
[null,232,1117,"JUICE FRUIT PUNCH","FRUIT PUNCH JUICE, PURE PAK, FULL STRENGTH JUICE,NOSUGARADDED,100% JUICE , CARTON ONLY, US GRADE B","SUN CUP OR APPROVED EQUIVALENT",30800,"CS",70,"4 OZ",8400,9.3368421052631572,78429.473684210519,0.13338345864661652,1622422,"SUNCUP","70/4OZ","N"," ","Sysco",null,11.47,9.65,9.34,0,0]
[null,233,1118,"JUICE FRUIT PUNCH","FRUIT PUNCH JUICE, PURE PAK, FULL STRENGTH JUICE,NOSUGARADDED,100% JUICE , CARTON ONLY, GRADE B","SUN CUP OR APPROVED EQUIVALENT",50800,"CS",70,"6 OZ",59,11.305263157894737,667.01052631578955,0.16150375939849626,8674939,"SUNCUP","70/6 OZ","N"," ","Sysco",null,11.47,12.02,11.31,0,0]
[null,234,1119,"JUICE GRAPE","GRAPE JUICE, PURE PAK, FULL STRENGTH JUICE, NO SUGAR ADDED, 100% JUICE , CARTON ONLY, U.S. GRADE B OR U.S. CHOICE","SUN CUP OR APPROVED EQUIVALENT",30501,"CS",70,"4 OZ",1500,9.5473684210526315,14321.052631578947,0.13639097744360903,728824,"SUNCUP","70/4 OZ","N"," ","Sysco",null,11.97,10.51,9.5500000000000007,0,0]
[null,235,1365,"JUICE GRAPE","BOTTLED 100% JUICE,  CATERING","DOLE OR APPROVED EQUIVALENT",null,"CS",12,"15.2 OZ",15,11.97,179.55,0.99750000000000005,60305,"SUNCUP","70 / 4OZ",null,"030501 / GRAPE JUICE CRTN WVIT C 100%","Labatt",null,11.97,22.49,15.41,0,0]
[null,236,1004,"JUICE LEMON","LEMON JUICE, PURE","SPECIFY","","CS",12,"32 OZ",20,26.189473684210526,523.78947368421052,2.1824561403508773,475394,"SAHAR B","12/32 OZ","N","Lowest had minimum pallet order","Sysco",30.74,60.62,45.94,26.19,18.149999999999999,0]
[null,237,1266,"JUICE LEMON PC","LEMON JUICE, PURE, PC","SPECIFY",null,"CS",500,"0.4 G",5,6.74,33.700000000000003,1.3480000000000001E-2,949602,"PPI","200 / 4 GM",null,"31160 / JUICE, LEMON 4 GM","Labatt",8.3000000000000007,6.74,16.64,14.86,0,0]
[null,238,1120,"JUICE ORANGE","BOTTLED 100% JUICE,  CATERING","DOLE OR APPROVED EQUIVALENT",null,"CS",12,"15.2 OZ",150,15.547368421052632,2332.1052631578946,1.2956140350877192,4714812,"TROPCNA","12/15.2OZ","N"," ","Sysco",null,0,16.489999999999998,15.55,0,0]
[null,239,1121,"JUICE ORANGE","ORANGE JUICE, PURE PAK, FULL STRENGTH JUICE, NO SUGAR ADDED, 100% JUICE , CARTON ONLY, GRADE A","SUN CUP OR APPROVED EQUIVALENT",30100,"CS",70,"4 OZ",7900,9.8631578947368421,77918.947368421053,0.14090225563909775,1211440,"SUNCUP","70/4 OZ","N"," ","Sysco",null,12.28,10.37,9.86,0,0]
[null,240,null,"JUICE ORANGE CONCENTRATE","FROZEN CONCENTRATE 100% JUICE NO SUGAR ADDED GRADE A","SPECIFY",null,"CS",12,"12 OZ",20,33.51,670.19999999999993,2.7925,9000037,"FLORIDA NA","12 / 32 OZ",null,"4400403040 / JUICE, ORANGE CONC. 3:1","Labatt",null,33.51,49.21,48.52,0,0]
[null,241,1122,"JUICE ORANGE PINEAPPLE","ORANGE-PINEAPPLE JUICE, PURE PAK , FULL STRENGTH JUICE, NO SUGAR ADDED, 100%JUICE , CARTON ONLY, U.S. GRADE A","SUN CUP OR APPROVED EQUIVALENT",31200,"CS",70,"4 OZ",7500,9.4421052631578952,70815.789473684214,0.13488721804511278,1908193,"SUNCUP","70/4 OZ","N"," ","Sysco",null,11.78,10.1,9.44,0,0]
[null,242,1123,"JUICE RED GRAPEFRUIT","BOTTLED 100% JUICE,  CATERING","DOLE OR APPROVED EQUIVALENT",null,"CS",12,"15.2 OZ",5,15.410526315789475,77.05263157894737,1.2842105263157897,4761037,"TROPCNA","12/15.2OZ","N"," ","Sysco",null,18.66,null,15.41,0,0]
[null,243,1366,"KETCHUP JUG","KETCHUP , NATURALLY BALANCED  MADE w/SUGAR, ENHANCED LOW SODIUM JUG w/PUMP","RED GOLD OR APPROVED EQUIVALENT","REDYL9P","CS",6,"114 oz",315,32.380000000000003,10199.700000000001,5.3966666666666674,2310021,"RED GOLD","6 / 112.5 OZ",null,"Lowest had wrong product code","Labatt",null,32.380000000000003,36.76,27.31,0,0]
[null,244,1003,"KETCHUP PC","KETCHUP, FANCY, FOIL PC, EASY OPEN TOP, US GRADE B","SPECIFY",null,"CS",500,".5 GM",123,14.21,1747.8300000000002,2.8420000000000001E-2,4344381,"Katy's","500/9gm","NO",null,"Shamrock",null,16.850000000000001,14.21,17.600000000000001,0,0]
[null,245,1509,"KETCHUP PC LOW SODIUM","KETCHUP, w/SUGAR, ENHANCED LOW SODIUM ","RED GOLD OR APPROVED EQUIVALENT","REDYL9G","CS",1000,".9 GM",500,17,8500,1.7000000000000001E-2,3249251,"HEINZ","1000 / 9 GM",null,"56500 / KETCHUP LOW SODIUM PC 9 GM","Labatt",null,17,23.51,19.91,0,0]
[null,246,null,"LASAGNA ROLL","LASAGNA, CHEESE, ROLLUP WHOLE GRAIN  EACH ROLL UP IS 4.15 OZ  5 CHEESE BLEND  EACH 4.15 OZ ROLL UP PROVIDES 2 M/MA 1 GRAIN EQUIVALENT FOR THE CHILD NUTRITION MEAL PROGRAM.","TASTY BRAND OR APPROVED EQUIVALENT","00801WG","CS",110,"4.15 OZ ",150,76.8,null,null,8914011,"TASTYBRAND","110 / 4.15 OZ",null,"00801WG / LASAGNA CHEESE ROLLUP WG","Labatt",null,76.8,77.14,null,0,0]
[null,247,1319,"LIQUID SMOKE","LIQUID SMOKE FLAVORING,  CATERING","WRIGHTS",null,"CS",4,"1 GAL",15,8.710106382978724,{"$f":"IF(L252*K252= 0,\"\",L252*K252)","v":130.65159574468086},{"$f":"IF(L252/I252= 0,\"\",L252/I252)","v":2.177526595744681},4006565,"WRGHLIQ","1 GAL","N"," ","Sysco",35.590000000000003,36.14,35.159999999999997,8.7100000000000009,0,0]
[null,248,null,"MAC N CHEESE WG","MAC N CHEESE WG LARGE ELBOW REDUCED FAT CN LABLED 6 OZ SERVING MEETS 2 OZ M/MA AND 1 OZ GRAIN FOR NSLP","JTM OR APPROVED EQUIVALENT",5756,"CS",6,"5 LB",1800,53.22,95796,{"$f":"IF(L253/I253= 0,\"\",L253/I253)","v":8.8699999999999992},3513681,"JTM","6 / 5 LB",null,"Lowest had wrong product","Labatt",null,53.22,54.18,52.95,0,0]
[null,249,1094,"MARGARINE","NO TRANS FAT CONTAIN A RATIO OF 60% VEGETABLE OIL AND 40% MILKFAT\nWITH A MINIMUM TOTAL FAT CONTENT OF 80%. ","GOLD-N-SWEET OR APPROVED EQUIVALENT",16840,"CS",30,"1 LB",150,21.7,3255,{"$f":"IF(L254/I254= 0,\"\",L254/I254)","v":0.72333333333333327},8143959,"OLD WORLD","30 / 1 LB",null,"5023959 / MARGARINE, PRINT SALTED","Labatt",null,21.7,25.38,35.56,0,0]
[null,250,1095,"MARGARINE PC","CONTAIN A RATIO OF 60% VEGETABLE OIL AND 40% MILK FAT WITH A MINIMUM TOTAL FAT CONTENT OF 80%. NO TRANS FAT,  CATERING","COUNTRY CROCK OR APPROVED EQUIVALENT","1-0040600434055","CS",900,"5 GR",40,16.553191489361701,662.127659574468,{"$f":"IF(L255/I255= 0,\"\",L255/I255)","v":1.8392434988179669E-2},4546949,"HSRCCLS","900/5 GM","N"," ","Sysco",null,21.52,31.67,16.55,0,0]
[null,251,null,"MARGARINE PRINTS PALM","MARGARINE PRINTS PALM IE DAIRY, PRINT, NO TRANS FAT","VENTURA OR APPROVED EQUIVALENT","21549GNS","CS",30,"1 LB",150,21.7,3255,null,8143959,"OLD WORLD","30 / 1 LB",null,"5023959 / MARGARINE, PRINT SALTED","Labatt",null,21.7,35,24.15,0,0]
[null,252,1044,"MARSHMALLOW CRÈME","MARSHMALLOW CREAM FOR CEREAL TREATS, TRANS FAT FREE","MALLOWCREME OR APPROVED EQUIVALENT",64708,"CS",8,"33.5 OZ",700,38.06,26642,{"$f":"IF(L257/I257= 0,\"\",L257/I257)","v":4.7575000000000003},2103535,"MALLOWCREM","8 / 33.5  OZ",null,"Lowest wasn't brand specific","Labatt",null,38.06,21.54,40.79,0,0]
[null,253,1327,"MAYONNAISE RF","MAYONNAISE LIGHT REDUCED FAT","HELLMANNS OR APPROVE EQUIVALENT",492120800187,"CS",3,"30 OZ",50,28.28,1414,{"$f":"IF(L258/I258= 0,\"\",L258/I258)","v":9.4266666666666676},3328978,"KEN'S","4 / 1 GAL.",null,"KE0892 / MAYONNAISE, REDUCED CALORIE","Labatt",null,28.28,37.19,34.17,0,0]
[null,254,1091,"MILK EVAPORATED","SHELF STABLE MILK IS MADE FROM GRADE A FRESH MILK WHICH HAS BEEN FORTIFIED WITH VITAMINS A AND D","SPECIFY","","CS",6,"10 CN",75,56.210526315789473,4215.7894736842109,{"$f":"IF(L259/I259= 0,\"\",L259/I259)","v":9.3684210526315788},626986,"MAGNOLA","6/#10","N"," ","Sysco",null,65.569999999999993,57.97,56.21,0,0]
[null,255,null,"MILK LACTOSE FREE AND FF","MILK, LACTSE FREE AND FF","LACTAID OR APPROVED EQUIVALENT",6348,"CS",20,"8 oz",100,14.21,1421,null,8205070,"LACTAID","20 / HP",null,"Lowest wasn't brand specific","Labatt",null,14.21,7.62,7.65,0,0]
[null,256,null,"MILK SOY  APPROVED","SOY MILK, VANILLA MUST MEET USDA REGULATIONS FOR A MILK SUBSITITUTE.","KIKKKOMAN OR APPROVED EQUIVALENT",6184,"CS",24,"8 OZ",100,15.45,1545,null,112490,"KIKKOMAN","24/8OZ","NO","Lowest not brand specific","BEK",15.45,17.010000000000002,15.92,12.22,0,0]
[null,257,1074,"MIX BROWNIE","MIX, FUDGE BROWNIE CATERING","CH GUENTER & SON OR APPROVED EQUIVALENT",218207,"CS",6,"5 LB",20,43.83,876.59999999999991,{"$f":"IF(L262/I262= 0,\"\",L262/I262)","v":7.3049999999999997},121929,"CH GUENTHER","6/5LB","NO","Lowest was not approved brand","BEK",43.83,30.06,66.23,51.07,0,0]
[null,258,1403,"MIX CARROT CAKE","CARROT CAKE MIX, CATERING","SPECIFY",null,"CS",6,"7 LB",5,31.74,158.69999999999999,5.29,3934751,"Krusteze","6/5#","NO",null,"Shamrock",null,65.86,31.74,69.87,0,0]
[null,259,1299,"MIX CHOCOLATE CAKE","CHOCOLATE CAKE MIX, CATERING","SPECIFY",null,"CS",6,"5 LBS",5,24.800000000000004,124.00000000000003,4.1333333333333337,1242985,"SYS REL","6/5 LB","N"," ","Sysco",null,57.74,70.13,24.8,0,0]
[null,260,1367,"MIX MERINGUE ","MERINGUE DRY POWDER MIX,  CATERING","SPECIFY",null,"BKT",10,"LB",30,60.11,1803.3,6.0110000000000001,9310500,"RICH","1 / 12 LB",null,"Lowest was special order","Labatt",57.87,60.11,58.69,57.26,0,0]
[null,261,1389,"MIX MOUSSE","CHOCOLATE MIX, CATERING","SPECIFY",null,"CS",8,"30 OZ",10,45.747368421052627,457.47368421052624,5.7184210526315784,5106679,"SYS CLS","8/30 OZ","N"," ","Sysco",null,52.02,48.62,45.75,0,0]
[null,262,1300,"MIX WHITE CAKE","WHITE CAKE MIX, CATERING","SPECIFY",null,"CS",6,"5 LBS",5,23.694736842105264,118.47368421052633,3.9491228070175439,5301601,"SYS REL","6/5 LB","N"," ","Sysco",null,28.14,24.58,23.69,0,0]
[null,263,1385,"MUFFIN APPLE PECAN","PRE-BAKED, THAW AND SERVE, APPLE CINNIMON PECAN, TULIP CUP WRAPPER, SUPREME,  CATERING","OTIS SPUNKMEYER OR APPROVED EQUIVALENT",6245,"CS",24,"4 OZ",5,19.389473684210529,96.947368421052644,0.80789473684210533,8068163,"OTSPKMY","24/4 OZ","N"," ","Sysco",19.39,21.07,19.62,19.39,0,0]
[null,264,1419,"MUFFIN BANANA BREAD","PRE-BAKED, THAW AND SERVE, BANANA BREAD, TULIP CUP WRAPPER, SUPREME,  CATERING","OTIS SPUNKMEYER OR APPROVED EQUIVALENT",1002,"CS",24,"4 OZ",15,19.287958115183248,289.31937172774872,0.80366492146596868,33815,"OTSPKMY","24/4 OZ","Y",null,"Sysco",19.39,21.06,19.62,19.29,0,0]
[null,265,1426,"MUFFIN BANANA WG","PRE-BAKED AND INDIVIDUALLY PLAIN WRAPPED, APPROX 2 OZ EACH.  WHOLE GRAIN EACH MUFFIN MUST PROVIDE A MINUMIM OF 1 GB COMPONENT FOR SBP.  BANANA FLAVORED.","DAVE'S OR APPROVED EQUIVALENT","WG828","CS",60,"3.15 OZ",2300,23.287958115183244,53562.303664921463,0.38813263525305408,2384240,"DAVE'S","60/3.15OZ","Y","Will stock if awarded","Sysco",null,48.1,23.46,23.29,0,0]
[null,266,1384,"MUFFIN BLUEBERRY CRUMB","PRE-BAKED, THAW AND SERVE, BLUEBERRY CRUMB CAKE, TULIP CUP WRAPPER, SUPREME,  CATERING","OTIS SPUNKMEYER OR APPROVED EQUIVALENT",6201,"CS",24,"4 OZ",20,19.389473684210529,387.78947368421058,0.80789473684210533,8068159,"OTSPKMY","24/4 OZ","N"," ","Sysco",19.39,21.06,19.62,19.39,0,0]
[null,267,1427,"MUFFIN BLUEBRRY WG","PRE-BAKED AND INDIVIDUALLY PLAIN WRAPPED, APPROX 2 OZ EACH.  WHOLE GRAIN EACH MUFFIN MUST PROVIDE A MINUMIM OF 1 GB COMPONENT FOR SBP.  BLUEBERRY FLAVORED.","DAVE'S OR APPROVED EQUIVALENT","WG829","CS",60,"3.15 OZ",1000,23.560209424083769,23560.209424083769,0.3926701570680628,2832887,"DAVE'S","60/3.15OZ","Y","Lowest wasn't brand specific","Sysco",null,48.1,23.46,23.56,0,0]
[null,268,1386,"MUFFIN DECADENT CHOCOLATE","PRE-BAKED, THAW AND SERVE, DECADENT CHOCOLATE CHUNK, TULIP CUP WRAPPER, SUPREME,  CATERING","OTIS SPUNKMEYER OR APPROVED EQUIVALENT",6220,"CS",24,"4 OZ",5,19.389473684210529,96.947368421052644,0.80789473684210533,8068690,"OTSPKMY","24/4 OZ","N"," ","Sysco",19.39,21.09,19.62,19.39,0,0]
[null,269,1203,"MUFFIN DOUBLE CHOC CHIP","PRE-BAKED AND INDIVIDUALLY PLAIN WRAPPED, APPROX 2 OZ EACH.  WHOLE GRAIN EACH MUFFIN MUST PROVIDE A MINUMIM OF 1 GB COMPONENT FOR SBP.  CHOCOLATE-CHOCOLATE CHIP FLAVORED.","DAVE'S OR APPROVED EQUIVALENT","WG 845","CS",60,"3.15 OZ",2000,23.560209424083769,47120.418848167537,0.3926701570680628,2384222,"DAVE'S","60/3.15OZ","N","Lowest wasn't brand specific","Sysco",null,48.1,23.46,23.56,0,0]
[null,270,1420,"MUFFIN TRIPLE BERRY","PRE-BAKED, THAW AND SERVE, TRIPLE BERRY, WHOLE GRAIN, TULIP CUP WRAPPER, SUPREME,  CATERING","OTIS SPUNKMEYER OR APPROVED EQUIVALENT",6230,"CS",24,"4 OZ",10,19.62,196.20000000000002,0.8175,2622521,"Otis Spunkmyer","24/4 oz","NO","Lowest was special order","Shamrock",19.39,21.09,19.62,27.47,0,0]
[null,271,1005,"MUSTARD GAL","MUSTARD/PREPARED","SPECIFY","","CS",4,"1 GAL",75,11.48421052631579,861.31578947368428,2.8710526315789475,6571228,"RED BOY","4/1 GAL","N"," ","Sysco",11.62,14.68,16.61,11.48,0,0]
[null,272,1006,"MUSTARD PC","MUSTARD, PC, EASY OPEN TOP","SPECIFY","","CS",500,"5.5 GM",200,5.12,1024,1.0240000000000001E-2,2574881,"Americana","500/4.5g","NO",null,"Shamrock",0,6.07,5.12,9.48,0,0]
[null,273,1187,"NOODLE CHOW MEIN","WHOLE GRAIN NOODLE CHOW MEIN CRUNCHY","LA CHOY OR APPROVED EQUIVALENT",null,"CS",6,"#10 CAN",50,26.62,1331,4.4366666666666665,701010,"LACHOY","6/24OZ","NO",null,"BEK",26.62,28.81,27.35,26.9,0,0]
[null,274,1092,"OIL CANOLA","CANOLA OIL FOR FRYING, NO TRANS FATS","SPECIFY","","CS",35,"LB",225,22.212765957446809,4997.8723404255325,0.63465045592705172,5061643,"SYS CLS","1/35 LB","N"," ","Sysco",null,22.66,25.01,22.21,0,0]
[null,275,1093,"OIL OLIVE","OIL, OLIVE, EXTRA VIRGIN, CATERING","SPECIFY",null,"CS",4,"1 GAL",15,61.79,926.85,15.4475,7975345,"ROLAND","4 / 1 GAL",null,"70638 / OLIVE OIL, EXTRA VIRGIN","Labatt",null,61.79,144.83000000000001,118.65,83.2,0]
[null,276,1368,"OLIVES BLACK","RIPE OLIVES, MEDIUM, PITTED, WHOLE,  CATERING","SPECIFY",null,"CS",6,"10 CN",100,40.925531914893618,4092.5531914893618,6.8209219858156027,3590999,"AREZCLS","6/#10","N","Lowest had minimum pallet order","Sysco",null,47.27,54.04,40.93,39.4,0]
[null,277,1369,"OLIVES GREEN","RIPE OLIVES, MEDIUM, PITTED, WHOLE, STUFFED,  CATERING","SPECIFY",null,"CS",4,"1 GAL",5,37.170212765957444,185.85106382978722,9.2925531914893611,5876075,"SYS IMP","4/1 GAL","N"," ","Sysco",null,53.63,52.84,37.17,43.6,0]
[null,278,null,"PANCAKE BREAKFAST SANDWICH","MAPLE SEASONED BEEF SAUSAGE AND PANCAKE SANDWICH - INDIVIDUALLY WRAPPED.  PORTION SIZE 2.61OZ CN LABEL OR PRODUCT ANALYSIS SHEET TO PROVIDE 1OZ M/MA AND 1OZ GRAIN EQ.  MUST MEET FNS REQUIREMENTS ON ALL GRAIN.  CASE PACK 100","INTEGRATED FOOD SERVICE OR APPROVED EQUIVALENT",null,"CS",100,"2.61 OZ",1300,51.957671957671963,67544.973544973545,null,"7090158C","HOTOFFG","100/2.61 OZ","Y","Will stock if awarded","Sysco",null,56.01,64.040000000000006,51.96,0,0]
[null,279,1140,"PANCAKE ON A STICK PLAIN BULK","SAUSAGE & PANCAKE ON A STICK, WHOLE GRAIN PANCAKE BATTER AROUND A PRE-COOKED GROUND TURKEY & TEXTURED VEGETABLE PROTEIN LINK. CN LABLED EACH 2.85 OZ STICK PROVIDE 1 MEAT/MEAT ALTERNATE & 1 GRAIN EQUIVALENT, BULK.","FOSTER FARMS OR APPROVED EQUIVALENT",95121,"CS",56,"2.85 OZ",1000,20.99,20990,{"$f":"IF(L284/I284= 0,\"\",L284/I284)","v":0.37482142857142853},401332,"FOSTER FARMS","56/2.85OZ","NO","Lowest was not brand specific","BEK",20.99,21.54,20.6,18.66,0,0]
[null,280,1205,"PANCAKES","PANCAKE, WHOLE GRAIN RICH - EACH PANCAKE MUST MEET 1 GRAIN","AUNT JEMIMA OR APPROVED EQUIVALENT",43582,"CS",144,"1.14 OZ",16,20.768421052631581,332.29473684210529,0.14422514619883042,5379652,"AUNTJEM","12/12 CT","N"," ","Sysco",null,21.83,25.37,20.77,0,0]
[null,281,1309,"PANCAKES MINI","PANCAKES, MINI, MAPLE, IW, WHOLE GRAIN, MUST MEET 2 GRAIN COMPONENT FOR SBP","EGGO OR APPROVED EQUIVALENT",3800092562,"CS",72,3.2,1000,26.09,26090,0.36236111111111113,401331,"KELLOGGS","72/3.03OZ","NO","Lowest was a special order","BEK",26.09,27.43,26.83,25.96,0,0]
[null,282,1382,"PANCAKES MINI","PANCAKES, MINI, BLUEBERRY, IW, WHOLE GRAIN, MUST MEET 2 GRAIN COMPONENT FOR SBP","EGGO OR APPROVED EQUIVALENT",3800092560,"CS",72,3.2,1000,26.09,26090,0.36236111111111113,401345,"KELLOGGS","72/3.03OZ","NO",null,"BEK",26.09,27.43,26.83,27.16,0,0]
[null,283,null,"PANCAKES MINI","PANCAKES, MINI, CONFETTI, IW, WHOLE GRAIN, MUST MEET 2 GRAIN COMPONENT FOR SBP","EGGO OR APPROVED EQUIVALENT",3800018574,"CS",72,3.2,1000,26.09,26090,0.36236111111111113,null,"KELLOGGS","72/3.03OZ","NO","WILL BRING IN IF AWARDED","BEK",26.09,27.43,26.83,null,0,0]
[null,284,null,"PANCKAES MINI","PANCAKES, MINI, MAPLE BURST, IW, WHOLE GRAIN, MUST MEET 2 GRAIN COMPONENT FOR SBP","PILLSBURY OR APPROVED EQUIVALENT",137732000,"CS",72,3.2,1000,27.162303664921463,27162.303664921463,0.37725421756835364,4386712,"PILLSBY","72/3.17OZ","N"," ","Sysco",29.47,30.47,29.07,27.16,0,0]
[null,285,null,"PANCKAES MINI","PANCAKES, MINI, STRAWBERRY BLAST, IW, WHOLE GRAIN, MUST MEET 2 GRAIN COMPONENT FOR SBP","PILLSBURY OR APPROVED EQUIVALENT",137731000,"CS",72,3.2,1000,27.162303664921463,27162.303664921463,0.37725421756835364,4386724,"PILLSBY","72/3.17OZ","N"," ","Sysco",29.47,30.47,29.07,27.16,0,0]
[null,286,null,"PASTA  ELBOW","ELBOW PASTA   DRY","ZEREGA OR APPROVED EQUIVALENT",8001,"CS",2,"10 LB",300,15.089947089947092,null,null,5204544,"AREZCLS","2/10 LB","N"," ","Sysco",19.899999999999999,17.510000000000002,16.420000000000002,15.09,0,0]
[null,287,null,"PASTA  FETUCCINE","FETUCCINE PASTA   10\"    DRY","ZEREGA OR APPROVED EQUIVALENT",9722,"CS",2,"10 LB",250,19.899999999999999,{"$f":"IF(L292*K292= 0,\"\",L292*K292)","v":4975},null,151779,"A.ZEREGA","2/10LB",null,"Lowest wasn't brand specific","BEK",19.899999999999999,17.59,20.12,14.94,0,0]
[null,288,null,"PASTA  SPAGHETTI","SPAGHETTI PASTA   10\" DRY","ZEREGA OR APPROVED EQUIVALENT",8031,"CS",2,"10 LB",500,19.899999999999999,null,null,151775,"A.ZEREGA","2/10LB","NO","Lowest was not approved brand","BEK",19.899999999999999,17.079999999999998,14.3,14.93,0,0]
[null,289,1349,"PASTA LASAGNA","LASAGNA NOODLE WITH RIDGES, ENRICHED TO MEET BREAD REQUIREMENTS NSLP, MADE FROM SEMOLINA OR DURUM FLOUR, ENRICHED WITH THIAMIN, RIBOFLAVIN, NIACIN, FOLIC ACID, AND IRON.  CATERING","SPECIFY",null,"CS",20,"LBS",15,15.38,{"$f":"IF(L294*K294= 0,\"\",L294*K294)","v":230.70000000000002},{"$f":"IF(L294/I294= 0,\"\",L294/I294)","v":0.76900000000000002},4189511,"ZEREGA'S","12 / 16 OZ",null,"5288 / PASTA, LASAGNA RIBBED 10\"","Labatt",15.69,15.38,18.38,17.190000000000001,0,0]
[null,290,null,"PASTA WIDE EGG NOODLES","WIDE EGG NOODLES    DRY","ZEREGA OR APPROVED EQUIVALENT",3040,"CS",2,"5 LB",150,13.83,null,null,4171864,"ZEREGA'S","2 / 5 LB",null,"3040 / PASTA, EGG NOODLES 1/2\" WIDE","Labatt",15.42,13.83,19.34,16.73,0,0]
[null,291,1217,"PASTRY CINNAMON ROLL","CINNAMON ROLLS, FROZEN, INDIVIDUALLY BULK PACKED, APPROX 3 OZ EACH, FREEZER TO OVEN, NO PROOFING REQUIRED.  MUST PROVIDE 2 GB IN THE SBP. PILLSBURY SUPREME™ FREEZER-TO-OVEN CINNAMON ROLL, 3 OZ,  CATERING","PILLSBURY OR APPROVED EQUIVALENT",105358000,"CS",100,"3 OZ",50,38.909999999999997,{"$f":"IF(L296*K296= 0,\"\",L296*K296)","v":1945.4999999999998},{"$f":"IF(L296/I296= 0,\"\",L296/I296)","v":0.38909999999999995},8725129,"PILLSBURY","100 / 3.0 OZ",null,"105358000 / CINNAMON ROLL SUPREM FTO,TFF","Labatt",43.68,38.909999999999997,54.13,49.74,0,0]
[null,292,1467,"PASTRY CINNAMON ROLL BREAKFAST","CINNAMON ROLL, WHOLE GRAIN, RTL, IW, MEETS 2 GRAINS","BAKE CRAFTERS OR APPROVED EQUIVALENT",1287,"CS",72,"2.8 OZ",1800,24.4,43920,0.33888888888888885,4034867,"DAVE'S","72 / 2.7 OZ",null,"FT600 / CINNAMON SWIRL WG IW","Labatt",30.73,24.4,30.54,28.8,0,0]
[null,293,1198,"PASTRY CINNAMON ROLL WHITE WHOLE WHEAT","WHITE WHOLE WHEAT PRE-SLICED GOURMET CINNAMON ROLL DOUGH IS \"CONVENIENCE PACKED\" IN LAYERS. EACH PIECE IS INDIVIDUALLY QUICK FROZEN (IQF), ENABLING THE FOOD SERVICE OPERATOR TO INSTANTLY PAN THE NUMBER OF CINNAMON ROLLS THEY DESIRE. EACH ROLL MEET 2 OZ GRAIN EQUIVALENT","BRIDGFORD OR APPROVED EQUIVALENT",6719,null,144,"2.5 OZ",50,33.47,1673.5,0.23243055555555556,412442,"BRIDGFORD","14/2.5OZ","NO",null,"BEK",33.47,34.549999999999997,34.25,33.47,0,0]
[null,294,1206,"PASTRY CINNAMON TWIST","FREEZER-TO-OVEN CINNNAMON ROLL, TWIST,  CATERING","PILLSBURY OR APPROVED EQUIVALENT",205385000,"CS",52,"4.25 OZ",100,28.62,2862,0.55038461538461536,9189234,"PILLSBURY","52 / 4.25 OZ.",null,"5385 / CINNAMON TWIST, UNBAKED","Labatt",34.92,28.62,35.08,34.18,0,0]
[null,295,1207,"PASTRY COBBLER CRUST","COBBLER CRUST DOUGH SHEET, FROZEN","SPECIFY","","CS",24,"1 LB",200,38.421052631578952,7684.21052631579,1.6008771929824563,333975,"ORANGE","24/13.8OZ","N"," ","Sysco",48.95,46.95,49.53,38.42,0,0]
[null,296,1370,"PASTRY PIE SHELLS","PIE SHELLS, 9 INCH, DEEP","SPECIFY",null,"CS",20,"SHELLS",10,19.02,190.2,0.95099999999999996,403805,"SARA LEE","20/8OZ","NO",null,"BEK",19.02,19.690000000000001,19.22,22.51,0,0]
[null,297,null,"PEPPER/ONIONS FROZEN","VEGETABLE BLEND FAJITA, ONIONS, GREEN & RED PEPPERS","CLASSIC OR APPROVED EQUIVALENT",74662,"CS",12,"32 OZ",200,27.53,5506,null,9080350,"CLASSIC","12 / 32 OZ",null,"74662 / BLEND PEPPER & ONION FAJITA","Labatt",27.79,27.53,34.6,33.47,0,0]
[null,298,1239,"PICKLE SLICED POUCH","HAMBURGER DILL PICKLE, CRINKLE CUT, POUCH, 1/8 IN, GRADE A","HEINZ",658600,"CS",6,"5.75 LB",650,24.59,15983.5,{"$f":"IF(L303/I303= 0,\"\",L303/I303)","v":4.0983333333333336},5155429,"HEINZ","6 / 5.75 LB",null,"65820 / PICKLE, CHIP DILL CC POUCH","Labatt",null,24.59,24.61,30.29,0,0]
[null,299,1240,"PICKLE SPEARS CAN","DILL PICKLE SPEARS, APPROXIMATELY 3 1/2 - 4 3/4 INCHES LONG, US GRADE A","SPECIFY","","CS",6,"10 CN",400,28.56,11424,{"$f":"IF(L304/I304= 0,\"\",L304/I304)","v":4.76},5154000,"HEINZ","6 / #10",null,"Lowest was special order","Labatt",null,28.56,27.77,34.270000000000003,0,0]
[null,300,null,"PIZZA BREAKFAST BACON SCRAMBLE","BREAKFAST PIZZA, BACON, EGG, CHEESE AND GRAVY; WGR; IW; OVENABLE WRAP; FROZEN ; FAT GRAMS NOT TO EXCEED 8GM;SODIUM NOT TO EXCEED 340 MG; CN LABEL OR PRODUCT ANALYSIS SHEET TO PROVIDE A MINIMUM 1 MMA AND 1.5 GRAIN EQ.; CASE PACK 80 CT.","NARDONES BROS OR APPROVED EQUIVALENT","80WBCA1","CS",1,"80 CT",1500,31.8,47700,null,8902190,"NARDONES","80 / 3 OZ",null,"80WBCA1 / PIZZA, BKFST BACON SCRMBL WG","Labatt",null,31.8,49.25,0,0,0]
[null,301,null,"PIZZA BREAKFAST FLATBREAD","BREAKFAST FLATBREAD, SAUSAGE, EGG, CHEESE; WGR IW; OVENABLE WRAP; FROZEN; FAT GRAMS NOT TO EXCEED 8GM; SODIUM NOT TO EXCEED 330MG; CN LABEL OR PRODUCT ANALYSIS SHEET TO PROVIDE A MINIMUM 1 MMA AND 1 GRAIN EQ.; CASE PACK 80 CT.","NARDONES BROS OR APPROVED EQUIVALENT","M80WBF","CS",80,"80 CT",8500,46.48,395080,{"$f":"IF(L306/I306= 0,\"\",L306/I306)","v":0.58099999999999996},4413601,"Nardones","80/2.47 oz","NO",null,"Shamrock",null,48.69,46.48,null,0,0]
[null,302,null,"PIZZA SAUSAGE BK","NARDONE BROS®WHOLE WHEAT SAUSAGE BREAKFAST MUST PROVIDE 1 OZ EQUIVALENT MEAT/MEAT ALERNATE, 1.5 OZ EQUIVALENT GRAINS AND 1/8 CUP RED/ORANGE VEGETABLE FOR THE CHILD NUTRITION MEAL PATTERN REQUIREMENTS","NARDONES BROS OR APPROVED EQUIVALENT","80WS100","CS",80,"3.30 OZ",345,33.42,11529.900000000001,{"$f":"IF(L307/I307= 0,\"\",L307/I307)","v":0.41775000000000001},8902171,"NARDONES","80 / 3.2 OZ",null,"80WS100 / PIZZA BREAKFAST SAUSAGE WG","Labatt",null,33.42,48.02,46.47,0,0]
[null,303,null,"PIZZA STUFFED CRUST","WHOLE WHEAT WEDGE STUFFED CRUST COIN PEPPERONI PIZZA.  WGR; FROZEN; BULK PACK; FAT GRAMS NOT TO EXCEED 21GM; SODIUM NOT TO EXCEED 665MG; CN LABEL OR PRODUCT ANALYSIS SHEET TO PROVIDE A MINIMUM 2 MMA AND 2 GRAIN EQ. 1/8 RO VEGETABLE; CASE PACK 70.","NARDONES BROS OR APPROVED EQUIVALENT","C72WWSCMP2","CS",70,"70 CT",2900,49.41,143289,{"$f":"IF(L308/I308= 0,\"\",L308/I308)","v":0.70585714285714285},"72wwscmp2","Nardones","70/4.95 oz","YES","Will setup when awarded","Shamrock",null,52.48,49.41,null,0,0]
[null,304,null,"PIZZA STUFFED CRUST","WHOLE WHEAT WEDGE STUFFED CRUST CHEESE PIZZA; WGR; FROZEN; BULK PACK; FAT GRAMS NOT TO EXCEED 17GM; SODIUM NOT TO EXCEED 445MG; CN LABEL OR PRODUCT ANALYSIS SHEET TO PROVIDE A MINIMUM 2 MMA AND 2 GRAIN EQ. 1/8 RO VEGETABLE;  CASE PACK 70 CT.","NARDONES BROS OR APPROVED EQUIVALENT","72WWSCM2","CS",70,"70 CT",500,49.41,null,{"$f":"IF(L309/I309= 0,\"\",L309/I309)","v":0.70585714285714285},"72WWSMC2","Nardones","70/4 oz","YES","Will setup when awarded","Shamrock",null,52.63,49.41,null,0,0]
[null,305,null,"POPTART STRAWBERRY","POP-TART MADE WITH WHOLE GRAIN FROSTED STRAWBERRY.   1.76OZ  MUST MEET 1OZ GRAIN EQUIVALENT. CALORIES SHOULD NOT EXCEED 200  SUGAR SHOULD NOT EXCEED 18G","KELLOGG’S OR APPROVED EQUIVALENT",55130,"CS",120,"1.76 OZ",1000,36.201058201058203,null,null,445062,"KELLOGG","120/1.76OZ","N"," ","Sysco",38.799999999999997,36.97,37.99,36.200000000000003,0,0]
[null,306,null,"PORK BACON","FULLY COOKED AND READY TO EAT - SIMPLY WARM & SERVE  100% REAL BACON","HORMEL OR APPROVED EQUIVALENT",3729,"CS",1,300,500,36.402116402116405,null,null,2426070,"HORMEL","3/100 CT","N"," ","Sysco",null,39.9,37.35,36.4,0,0]
[null,307,1380,"PORK DICED COOKED","BONELESS PORK STEW MEAT (1/4\" TRIM) THIS 30 LB. CASE PROVIDES 240 SERVINGS 2.00 OZ EACH. EACH 2.00 OZ SERVING (BY WEIGHT) OF COOKED DICED PORK PROVIDES 2.00 OZ EQUIVALENT MEAT FOR CHILD NUTRITION MEAL PATTERN REQUIREMENTS","SPECIFY",null,"CS",2,"5 LB",25,2.6,{"$f":"IF(L312*K312= 0,\"\",L312*K312)","v":65},{"$f":"IF(L312/I312= 0,\"\",L312/I312)","v":1.3},8914810,"DSM PORK","3 / 5 LB",null,"14807 / 1495 FZ STEW 1 X 1                             Per Pound Price listed","Labatt",null,2.6,null,22.65,0,0]
[null,308,1379,"PORK LOIN ROAST","PORK LOIN, BONELESS, IMPS #413, FROZEN, UNCOOKED, USDA INSPECTED FRESH PORK LOINS, BONELESS, SINGLE MUSCLE. ALL SURFACE FAT IN EXCESS OF 1/4\" IN DEPTH SHALL BE REMOVED. NATURAL, UNSEASONED, NO ADDED SODIUM, MSG OR SOLUTIONS PERMITTED, SODIUM CONTENT NOT TO EXCEED 100 MG PER 4 OUNCE PORTION.  ACCEPTABLE PACK SIZE: ENCASED & COMMERCIALLY SEALED IN MOISTURE/VAPOR-PROOF POLYFILM; 2 TO 6 LOINS PER CASE; EACH LOIN TO WEIGH BETWEEN 8-18 LB PACKAGE","SPECIFY",null,"CS",1,"50 lb",40,1.5,60,1.5,949611,"Seaboard ","4/12# avg","NO","per lb pricing","Shamrock",null,2,1.5,1.94,0,0]
[null,309,1149,"PORK SAUSAGE","SAUSAGE, PORK, BULK","SPECIFY",null,"CS",2,"5 lb",500,2.61,1305,1.3049999999999999,5450564,"DSM PORK","4 / 5 LB",null,"BREAKFAST PORK SAUSAGE FZ                             Per Pound Price listed","Labatt",null,2.61,17.059999999999999,16.53,0,0]
[null,310,null,"PORK SAUSAGE","SAUSAGE, PORK, PATTY CATERING","JIMMY DEAN OR APPROVED EQUIVALENT",25446,"CS",1,"10 LB",40,2.61,104.39999999999999,2.61,5450564,"DSM PORK","4 / 5 LB",null,"BREAKFAST PORK SAUSAGE FZ                             Per Pound Price listed","Labatt",15.89,2.61,16.34,16.53,0,0]
[null,311,null,"PORK SAUSAGE PATTY RS 1 OZ","PORK SAUSAGE PATTY ALL NATURAL LOWER SODIUM GLUTEN FREE CN LABLED","JONES OR APPROVED EQUIVALENT",18715,"CS",160,"1 OZ",150,21.968085106382983,3295.2127659574476,0.13730053191489364,1794650,"JONES D","107/1.5 OZ","N"," ","Sysco",56.21,24.74,null,21.97,0,0]
[null,312,1441,"PORK SHREDDED","PULLED PORK, BBQ WITH NO SAUCE ADDED","SPECIFY",null,"CS",2,"5 LB",50,93.2,4660,46.6,7040029,"DSM COOK","4 / 5 LB",null,"40029 / PORK PULLED SMOKED                                 Per Pound Price listed","Labatt",null,4.66,40.03,50.48,0,0]
[null,313,null,"PORK SHREDDED","PULLED PORK, BBQ W/ VINEGAR MARINADE/SEMI DRIY LESS THAN 274 MG OF SODIUM PER SERVING, CN LABLED THAT EACH 4 OZ SERVING MEETS 2 OZ MEAT EQUIVALENT","BROOKWOOD FARMS OR APPROVED EQUIVALENT",12302,"CS",4,"5 LB",50,84.15,4207.5,21.037500000000001,"MFG 12302","Brookwood Farms","8/5#",null,"Lowest not brand specific","Shamrock",null,4.66,84.15,50.48,0,0]
[null,314,1317,"PORK SMK GRILL HONEY BBQ (3 EA)","SMOKIE GRILL HONEY BBQ RIB STRIP, COMMERCIAL VERSION OF COMMODITY 3722","ADVANCE/PIERRE PIERRE FOODS OR APPROVED EQUIVALENT",3822,"CS",133,"3 EA (2.4 OZ)",672,43.871646501841141,29481.746449237246,0.32986200377324165,855213,"PIERRE","400/.9 OZ","Y","Will stock if awarded","Sysco",43.89,44.6,44.92,43.87,0,0]
[null,315,1292,"POTATO BABY BAKERS","BABY BAKER POTATOES, WHOLE, OVEN ROASTED, GARLIC,  CATERING","SPECIFY",null,"CS",5,"LB",10,25.63,256.3,5.1259999999999994,9071385,"ROASTWORKS","6 / 2.5 LB",null,"000488 / BABY BAKERS","Labatt",null,25.63,26.51,34.24,0,0]
[null,316,1276,"POTATO CRINKLE CUT","BAKABLE REGULAR REDUCED SODIUM CRINKLE FRIES 3/8\" l ≤ 160MG SODIUM PER SERVING CN LABLED","McCAIN OR APPROVED EQUIVALENT","MCF03761","CS",6,"5 LB",600,28.09,16854,4.6816666666666666,353073,"MCCAIN","6/5LB","NO",null,"BEK",28.09,28.4,28.35,30.81,0,0]
[null,317,1242,"POTATO HASHBROWN DEHYDRATED"," DEHYDRATED POTATOES ","IDAHOAN OR APPROVED EQUIVALENT",null,"CS",6,"37.5 OZ",1200,35.31,42372,5.8850000000000007,2090007,"IDAHOAN","6 / 2.125 LB",null,"Lowest wasn't brand specific","Labatt",36.79,35.31,31.92,45.47,0,0]
[null,318,1251,"POTATO PEARLS","POTATO PEARLS, NATURE'S OWN MASHED REDUCED SODIUM","BASIC AMERICAN FOODS OR APPROVED EQUIVALENT",10169,"CS",12,"26.5 OZ",712,48.88,34802.560000000005,4.0733333333333333,2106397,"BASIC AMR","10 / 29.3 OZ",null,"10169 / POTATO PEARLS, NATURE'S OWN","Labatt",null,48.88,56.9,49.68,0,0]
[null,319,1277,"POTATO SPIRAL","BAKABLE SEASONED SPIRALS, ≤ 240MG PER SERVING, CN LABLED","McCAIN OR APPROVED EQUIVALENT",1000004108,"CS",6,"4 LB",2800,27.79,77812,4.6316666666666668,129991,"MCCAIN","6/4LB","NO",null,"BEK",27.79,28.54,29.05,null,0,0]
[null,320,1286,"POTATO STRAIGHT CUT","5/16\"X3/8\" STRAIGHT CUT SEASONED CRISP SAVORY ≤ 130MG SODIUM PER SERVING","SIMPLOT OR APPROVED EQUIVALENT","100-71179036715","CS",30,"LB",600,26.18,15708,0.8726666666666667,8970048,"SEASONEDCR","6 / 5  LB",null,"036715 / FRIES, SAVORY STRAIGHT, LS","Labatt",27.24,26.18,34.01,46.6,0,0]
[null,321,null,"POTATO TATER TOTS","TATER TOTS SHAPED POTATOES, ZERO GRAMS TRANS FAT, OVEN-BAKED.  71G SERVING PROVIDE 1/2 CUP STARCH VEGETABLE FOR THE CHILD NUTRITION MEAL PROGRAM.","MCCAIN FOODSERVICE OR APPROVED EQUIVALENT",null,"CS",6,"5 LB",150,26.72,4008,null,9050576,"SIMPLOT","6 / 5 LB",null,"004189 / GEMS, TATER ZGTF OVEN LS","Labatt",32.19,26.72,26.97,38.950000000000003,0,0]
[null,322,1253,"POTATO WAFFLE CUT","FRENCH FRIES, WAFFLE CUT, BAKEABLE, REDUCED SODIUM, ≤ 75MG PER SERVING CN LABLED","McCAIN OR APPROVED EQUIVALENT","0IF01037A","CS",6,"4.5 LB",150,26.43,3964.5,{"$f":"IF(L327/I327= 0,\"\",L327/I327)","v":4.4050000000000002},363081,"MCCAIN","6/4.5LB","NO",null,"BEK",26.43,27.47,27.88,30.81,0,0]
[null,323,1259,"PRESERVATIVE FRUIT","NATURESEAL, FRESH FRUIT PRESEVER","NATURESEAL","","CS",4,"3.3 LB",300,70.14,21042,17.535,4575015,"GARDENCLUB","6 / #10",null,"10-6175100 / PRESERVES, STRAWBERRY","Labatt",0,70.14,null,334.74,0,0]
[null,324,1111,"PUMPKIN","100% PURE, SOLID PACK, U.S. GRADE A OR U.S. FANCY","LIBBY'S OR APPROVED EQUIVALENT","","CS",6,"10 CN",100,41.42,4142,6.9033333333333333,2176501,"LIBBY","6 / #10",null,"Lowest had minimum pallet order and not brand specific","Labatt",null,41.42,44.68,50.03,32.049999999999997,0]
[null,325,null,"PUMPKIN  EASY PIE MIX","EASY PIE MIX, JUST ADD EGGS AND EVAPORATED MILK","LIBBY'S OR APPROVED EQUIVALENT",null,"CS",6,"10 CN",25,33.364583333333336,834.11458333333337,5.5607638888888893,1371426,"LIBBY","12/30 OZ","Y",null,"Sysco",null,35.68,null,33.36,0,0]
[null,326,null,"PUPUSAS CHEESE","PUPUSA, CHEESE WHOLE GRAIN MUST MEET 2 M/MA AND  2 WG FOR NSLP","DEL REAL",702,"CS",40,"5.50 OZ",2000,43.77,87540,1.0942500000000002,3910013,"DEL REAL","8 / 5 CT",null,"Lowest was special order","Labatt",null,43.77,41.87,null,0,0]
[null,327,1374,"RAISINS",null,"SPECIFY",null,"CS",10,"LBS",3,17.760000000000002,53.28,1.7760000000000002,35695,"PACKER","1 / 10#",null,"5303 / RAISIN SELECT","Labatt",null,17.760000000000002,23.95,18.579999999999998,0,0]
[null,328,null,"RAVIOLI BEEF SCHOOL PACK","BEEF RAVIOLI IN MEATSAUCE 8.31OZ SERVING PROVIDES 2OZ EQUIVALENT M/MA AND 3/8 CUP OF RED/ORANGE VEGETABLE","CHEF BOYARDEE OR APPROVED EQUIVALENT",81080,"CS",6,"10 LB",2000,38.36,76720,6.3933333333333335,1966711,"Chef Boy","6/#10","NO",null,"Shamrock",56.45,57.61,38.36,56.75,0,0]
[null,329,1468,"RELISH PICKLE DILL","RELISH, PICKLE DILL","SPECIFY",null,"CS",4,"1 GAL",10,23.71,237.10000000000002,5.9275000000000002,5162356,"BEST MAID","4 / 1 GAL",null,"80140 / RELISH, DILL / 260 TBLSPN","Labatt",null,23.71,25.16,25.61,0,0]
[null,330,1347,"RELISH PICKLE SWEET","RELISH, PICKLE, SWEET","SPECIFY",null,"CS",4,"1 GAL",5,27.666666666666671,138.33333333333337,6.9166666666666679,4041125,"SYS REL","4/1 GAL","N"," ","Sysco",null,29.23,27.82,27.67,0,0]
[null,331,null,"RICE VEGETABLE FRIED","VEGETABLE FRIED RICE, WHOLE GRAIN.  NO MSG ADDED.  5# BAGS","ASIAN FOODS OR APPROVED EQUIVALENT",null,"CS",8,"5# BAGS",250,79.78,19945,9.9725000000000001,8832010,"ASIAN FOOD","8 / 5 LB",null,"Lowest was special order","Labatt",null,79.78,79.349999999999994,null,0,0]
[null,332,1279,"RICE WHOLE GRAIN BROWN PARBOILED","RICE, LONG GRAIN, PARBOILED, 51% WHOLE GRAIN TO MEET NSLP BREAD REQ. LONG GRAIN RICE ENRICHED WITH THIAMIN, RIBOFLAVIN, NIACIN, FOLIC ACID, AND IRON. VITAMIN D AND CALCIUM MAY BE ADDED. NO 1 GRADE","SPECIFY",null,"BAG",25,"LB",500,10.69,5345,0.42759999999999998,2759541,"Riceland","25#","NO",null,"Shamrock",24.7,14.54,10.69,12.06,0,0]
[null,333,1216,"RICE WHOLE GRAIN WHITE PARBOILED","RICE, LONG GRAIN, PARBOILED, 51% WHOLE GRAIN TO MEET NSLP BREAD REQ. LONG GRAIN RICE ENRICHED WITH THIAMIN, RIBOFLAVIN, NIACIN, FOLIC ACID, AND IRON. VITAMIN D AND CALCIUM MAY BE ADDED. NO 1 GRADE","SPECIFY","","BAG",25,"LB",25,10.61,265.25,0.4244,122274,"PRODUCERS RICE MILL","25LB","NO","MFG B1EF25560","BEK",10.61,12.52,25.64,12.06,0,0]
[null,334,1305,"ROLL CROISSANT","FULLY COOKED, FLAKEY BUTTERY CRUST, PRESLICED, ROUND SHAPED ROLL, 3 OZ,  CATERING","SPECIFY",null,"CS",32,"3 OZ",40,37.957894736842107,1518.3157894736842,1.1861842105263158,1391366,"LAFRANS","32/3 OZ","N","Lowest wasn't correct size","Sysco",null,28.27,18.62,37.96,0,0]
[null,335,null,"ROLL CROISSANT","FULLY COOKED, FLAKEY BUTTERY CRUST, PRESLICED, ROUND SHAPED ROLL, 5 OZ,  CATERING","SPECIFY",null,"CS",24,"5 OZ",25,28.27,706.75,1.1779166666666667,9236000,"BAKE CRAFT","80 / 2.2 OZ",null,"3286 / CROISSANT, WG ROUND SL","Labatt",null,28.27,null,37.96,0,0]
[null,336,null,"ROLL DINNER WHITE","ROLL, DINNER, WHITE, HEAT & SERVE, CATERING","BRIDGEFORD OR APPROVED EQUIVALENT",6655,"CS",75,"EA",50,15.263157894736842,763.15789473684208,0.20350877192982456,5459821,"BRDGFRD","5/15 CT","N"," ","Sysco",18.09,17.14,36.65,15.26,0,0]
[null,337,1141,"ROLL MORNING SAUSAGE","MORNING SAUSAGE ROLL, FULLY COOKED BEEF KNOCKWURST SAUSAGE BAKED IN DOUGH, REDUCED SODIUM, INDIVIDUALLY WRAPPED, WHOLE GRAIN CN LABLED TO PROVIDE 1 OZ MEAT AND 1 OZ GRAIN, LESS THAN 360 MG SODIUM PER SERVING.","EDDY OR APPROVED EQUIVALENT",2515,"CS",60,"2 OZ",200,27.69,5538,0.46150000000000002,541506,"EDDY PACKING","60/2OZ","NO",null,"BEK",27.69,51.29,28.46,31,0,0]
[null,338,1218,"ROLL WHITE WHOLE WHEAT","WHITE WHOLE WHEAT HONEY ROLL DOUGH, LAYER PACKED, WHOLE GRAIN","BRIDGEFORD OR APPROVED EQUIVALENT",6737,"CS",180,"2 OZ",3500,20.471204188481678,71649.21465968588,0.11372891215823154,722056,"BRDGFRD","180/2 OZ","N"," ","Sysco",20.58,22.59,20.9,20.47,0,0]
[null,339,1030,"SALT","SALT, TABLE, EVAPORATED, IODIZED","SPECIFY","","BAG",25,"LB",60,5.5052631578947375,330.31578947368428,0.2202105263157895,4540373,"SYS CLS","1/25 LB","N"," ","Sysco",6.69,5.58,7.1,5.51,0,0]
[null,340,1143,"SALT KOSHER","SALT, KOSHER","DIAMOND CRYSTAL OR APPROVED EQUIVALENT",null,"CS",12,"LB",10,24.156250000000004,241.56250000000003,2.0130208333333335,1995125,"MORTON","12/3 LB","N"," ","Sysco",0,24.55,31.86,24.16,0,0]
[null,341,1031,"SALT PC","SALT, TABLE, EVAPORATED, IODIZED, PC","SPECIFY","","CS",3000,".5 GM",15,8.61,129.14999999999998,2.8699999999999997E-3,676007,"DIAMOND CRYSTAL","3/1000CT","NO",null,"BEK",8.61,14.1,11.05,10.65,0,0]
[null,342,1375,"SAUCE A-1","ORIGINAL STEAK SAUCE, CATERING","KRAFT OR APPROVED EQUIVALENT","00-54400000200","CS",12,"10 OZ",1,41.760416666666664,41.760416666666664,3.4800347222222219,4007522,"A.1.","12/10OZ","N"," ","Sysco",48.98,44.98,46.49,41.76,0,0]
[null,343,1007,"SAUCE BBQ GAL","BARBECUE SAUCE, ORIGINAL - NO STARCHES OR GUMS. HEAT-PROCESSED TO PROVIDE STABILITY AT ROOM TEMPERATURE. A REDDISH-BROWN SAUCE WITH A BBQ FLAVOR-LOW HEAT; LOW SMOKE. ","SWEET BABY RAY'S OR APPROVED EQUIVALENT","SJ0440HF","CS",4,"1 GAL",20,38.649484536082468,772.98969072164937,9.6623711340206171,3369388,"SWTBABY","4/1 GAL","N"," ","Sysco",41.15,40.479999999999997,41.05,38.65,0,0]
[null,344,1320,"SAUCE BRISKET MARINADE","SAUCE BRISKET MARINADE,  CATERING","CLAUDES OR APPROVED EQUIVALENT",null,"CS",4,"1 GAL",15,50.01,750.15,12.5025,2438591,"Claudes","4/1 gal","NO",null,"Shamrock",null,0,50.01,null,0,0]
[null,345,null,"SAUCE CHEESE","CHEESE SAUCE, READY TO SERVE, REDUCED FAT CHEDDAR:  CANNED OR POUCHES, CHEDDAR; 3 OZ = 1MMA.  6/#10 OR POUCHES 6/5#  FAT GRAMS NOT TO EXCEED 10G, SODIUM NOT TO EXCEED 570MG.  AVAILABLE FOR NET OFF INVOICE  LAND O LAKES PREFERRED.","LAND O'LAKES OR APPROVED EQUIVALENT",39941,"CS",6,"5 LB",2000,68.11,136220,null,3513642,"LANDOLAKES","6 / 106 OZ","no","Lowest was special order","Labatt",null,68.11,67.349999999999994,70.67,0,0]
[null,346,null,"SAUCE CHEESE ALFREDO","ALFREDO SAUCE, FROZEN BAGS READY TO HEAT AND SERVE.  PASTEURIZED PROCESS CHEESE.  30 POUND CASE PROVIDES 262 SERVINGS 1.83OZ EACH.   EACH 1.83OZ SERVING PROVIDES 1.00 OZ EQUIVALENT MEAT ALTERNATE FOR CHILD NUTRITION MEAL PATTERN REQUIREMENTS.","JTM OR APPROVED EQUIVALENT",null,"CS",6,"5 LB ",75,57.66,null,null,3511875,"JTM","6 / 5 LB",null,"5722 / SAUCE, ALFREDO CN","Labatt",null,57.66,59.2,64.89,0,0]
[null,347,1506,"SAUCE CHEESE CHEDDAR","REDUCED FAT AND REDUCED SODIUM CHEESE SAUCE. EACH 2.0 OZ SERVING PROVIDES 1.00 OZ EQUIVALENT MA.","JTM OR APPROVED EQUIVALENT",75240,"CS",4,"5 LB",2000,42.16,{"$f":"IF(L352*K352= 0,\"\",L352*K352)","v":84320},{"$f":"IF(L352/I352= 0,\"\",L352/I352)","v":10.54},3511810,"JTM","4 / 5 LB",null,"75240 / CHEESE SC, REDCD FAT&SODIUM","Labatt",null,42.16,56.97,57.54,0,0]
[null,348,null,"SAUCE CHEESE WHITE CHEDDAR","CHEESE SAUCE, WHITE CHEDDAR W/SALSA VERDE, READY TO SERVE 3OZ = 1 MMA.  POUCHES 6/5# FAT GRAMS NOT TO EXCEED 7G.  SODIUM NOT TO EXCEED 600MG","JTM OR APPROVED EQUIVALENT",5718,"CS",6,"5 LB",1000,60.14,null,null,8931202,"JTM","6 / 5 LB",null,"Lowest was a special order","Labatt",null,60.14,61.24,59.86,0,0]
[null,349,1105,"SAUCE CRANBERRY","CRANBERRIES, JELLIED, U.S. GRADE A OR U.S. FANCY RESEALABLE","OCEAN SPRAY OR APPROVED EQUIVALENT",1401,"CS",6,"101 OZ",75,33.284210526315796,{"$f":"IF(L354*K354= 0,\"\",L354*K354)","v":2496.3157894736846},{"$f":"IF(L354/I354= 0,\"\",L354/I354)","v":5.5473684210526324},5729967,"SYS IMP","6/#10","N"," ","Sysco",null,36.14,37.049999999999997,33.28,0,0]
[null,350,1233,"SAUCE MARINARA","NUTRITIONALLY ENHANCED MARINARA SAUCE, 70% LOWER IN SODIUM ","RED GOLD OR APPROVED EQUIVALENT","RPKNA9E","CS",6,"10 CN",500,36.47,18235,{"$f":"IF(L355/I355= 0,\"\",L355/I355)","v":6.0783333333333331},2104480,"RED PACK","6 / 10 #10",null,"Lowest wasn't brand specific","Labatt",null,36.47,36.590000000000003,35.74,0,0]
[null,351,1008,"SAUCE PICANTE","PICANTE SAUCE, THICK AND CHUNKY","SPECIFY","","CS",4,"1 GAL",23,30.92,711.16000000000008,{"$f":"IF(L356/I356= 0,\"\",L356/I356)","v":7.73},3295516,"SA FARMS","4 / 1 GAL",null,"48548-83176 / SAUCE, PICANTE MEDIUM","Labatt",null,30.92,35.57,39.54,0,0]
[null,352,1009,"SAUCE PICANTE PC","PICANTE SAUCE, INDIVIDUAL PACK","SPECIFY","","CS",200,".5 OZ",200,8.25,1650,{"$f":"IF(L357/I357= 0,\"\",L357/I357)","v":4.1250000000000002E-2},3295748,"SALSA DEL","200 / 0.5 OZ",null,"00017 / SAUCE, PICANTE 1/2 OZ","Labatt",null,8.25,10.86,12.94,0,0]
[null,353,null,"SAUCE QUESO BLANCO REDUCED FAT","REDUCED FAT AND REDUCED SODIUM CHEESE SAUCE. EACH 2.0 OZ SERVING PROVIDES 1.00 OZ EQUIVALENT MA.","JTM OR APPROVED EQUIVALENT",5725,"CS",6,"5LB",500,58.8,29400,null,8931246,"JTM","6 / 5 LB",null,"Lowest was a special order","Labatt",null,58.8,61.24,58.73,0,0]
[null,354,1010,"SAUCE SOY GAL","SOY SAUCE, LOW SODIUM","SPECIFY","","GAL",1,"1 GAL",5,36.031088082901562,180.15544041450781,{"$f":"IF(L359/I359= 0,\"\",L359/I359)","v":36.031088082901562},4897641,"KIKOMAN","6/.5 GAL","N","Lowest had minimum pallet order","Sysco",null,37.65,39.47,36.03,18.45,0]
[null,355,1011,"SAUCE SOY PC","SOY SAUCE, INDIVIDUAL PACKETS, LOW SODIUM","SPECIFY","","CS",500,"9 GR",150,10.85,1627.5,{"$f":"IF(L360/I360= 0,\"\",L360/I360)","v":2.1700000000000001E-2},3072010,"KIKKOMAN","200 / 6  ML",null,"Lowest wasn't Low Sodium","Labatt",null,10.85,9.89,9.33,0,0]
[null,356,1236,"SAUCE SPAGHETTI","TOMATO SAUCE, FANCY, GRADE A, LOW SODIUM, (140 MILLIGRAMS OF SODIUM OR LESS PER SERVING).","RED GOLD OR APPROVED EQUIVALENT","VINMS99","CS",6,"10 CN",400,24.56,9824,{"$f":"IF(L361/I361= 0,\"\",L361/I361)","v":4.0933333333333328},2280029,"RED GOLD","6 / 106 OZ",null,"VINMS99 / SAUCE, PASTA SPAGHETTI","Labatt",null,24.56,null,36.229999999999997,0,0]
[null,357,null,"SAUCE SPAGHETTI ","SPAGHETTI SAUCE, NUTRIENT ENHANCED","RED GOLD OR APPROVED EQUIVALENT","RPKMA9E","CS",6,"10 LB",650,28.582010582010586,18578.306878306881,null,6220533,"REDPACK","6/#10","Y","Will stock if awarded","Sysco",null,33.47,35.92,28.58,0,0]
[null,358,1015,"SAUCE THREE CHEESE","THREE CHEESE SAUCE PROVIDES 1.00 OZ EQUIVALENT MEAT ALTERNATE FOR CHILD NUTRITION MEAL PATTERN REQUIREMENTS","JTM OR APPROVED EQUIVALENT",5730,"CS",6,"5LB",1000,59.55,59550,{"$f":"IF(L363/I363= 0,\"\",L363/I363)","v":9.9249999999999989},8935696,"JTM","6 / 5 LB",null,"5730 / SAUCE, THREE CHEESE","Labatt",null,59.55,60.66,68.05,0,0]
[null,359,null,"SAUCE TOMATO MEXICAN","SAUCE TOMATO MEXICAN HOT STYLE","EL PATO OR APPROVED EQUIVALENT","0 72360 00202 4","CS",12,"27 OZ",25,24.42,610.5,{"$f":"IF(L364/I364= 0,\"\",L364/I364)","v":2.0350000000000001},3478691,"El Pato","12/27 oz","NO",null,"Shamrock",null,0,24.42,null,0,0]
[null,360,null,"SAUCE WING BUFFALO","WING SAUCE BUFFALO","FRANKS REDHOT OR APPROVED EQUIVALENT",417416104,"CS",4,"1  GAL",250,26.17989417989418,6544.9735449735454,null,8641565,"FRANKS","2/1 GAL","N"," ","Sysco",45.5,43.02,49.55,26.18,0,0]
[null,361,null,"SAUCE/GLAZE ORANGE","RTU - PRONOUNCED SWEETNESS AND SOURNESS WITH ORANGE FLAVOR. THICK, LIGHT BROWN GLAZE","KIKKKOMAN OR APPROVED EQUIVALENT",1576,"CS",4,".5 GAL",250,30.01,7502.5,null,3061517,"KIKKOMAN","4 / .5  GL",null,"Lowest was special order","Labatt",null,30.01,29.78,31.01,0,0]
[null,362,1443,"SEASONING SALT FREE","SEASONING, 100% SALT FREE","SPECIFY",null,"CS",3,"21 OZ",200,14.71,2942,{"$f":"IF(L367/I367= 0,\"\",L367/I367)","v":4.9033333333333333},6376883,"MRS DASH","1 / 21 OZ",null,"J017-S6900 / SEASONING, SALT FREE BULK","Labatt",null,14.71,43.44,42.51,0,0]
[null,363,1518,"SEASONING TAJIN LOW SODIUM","SEASONING, TAJIN, LOW SODIUM",null,null,"CS",24,"5 OZ",50,41.74,2087,{"$f":"IF(L368/I368= 0,\"\",L368/I368)","v":1.7391666666666667},4370811,"Tajin","24/5 oz","YES",null,"Shamrock",null,43.62,41.74,47.61,0,0]
[null,364,1144,"SEASONING TAJIN LOW SODIUM PC","SEASONING, TAJIN, LOW SODIUM, PC",null,null,"CS",1000,".05 OZ",200,41.15,8230,{"$f":"IF(L369/I369= 0,\"\",L369/I369)","v":4.1149999999999999E-2},1440451,"TAJIN","1000 / 1 GM",null,"28805 / SEASONING, FRUIT LS","Labatt",null,41.15,42.34,43.89,0,0]
[null,365,null,"SHELL TACO","WHOLE GRAIN CORN FULLY COOKED TACO SHELL 6\"","MEX ORIG OR APPROVED EQUIVALENT","24850-621","CS",1,"200 CT",500,10.673684210526316,5336.8421052631584,null,6798698,"CASACLS","200/EA","N"," ","Sysco",null,14.07,13.22,10.67,0,14]
[null,366,null,"SHELL TOSTADA","WHOLE GRAIN CORN FULLY COOKED TOSTADA SHELL 5.5\"","MEX ORIG OR APPROVED EQUIVALENT","23194-621","CS",1,"200 CT",300,13.820105820105821,4146.0317460317465,null,2146015,"MEXORIG","4/50CNT","N","Lowest was not approved brand","Sysco",null,14.56,17.78,13.82,0,13.43]
[null,367,1025,"SOUP CREAM OF CHICKEN","HEALTHY REQUEST CONDENSED SOUP, CREAM OF CHICKEN","CAMPBELLS OR APPROVED EQUIVALENT",4143,"CS",12,"50 OZ",200,38.610526315789478,7722.1052631578959,{"$f":"IF(L372/I372= 0,\"\",L372/I372)","v":3.217543859649123},5044979,"CAMPBEL","12/50 OZ","N"," ","Sysco",null,41.84,43.74,38.61,0,0]
[null,368,1026,"SOUP CREAM OF MUSHROOM","HEALTHY REQUEST CONDENSED SOUP, CREAM OF MUSHROOM","CAMPBELLS OR APPROVED EQUIVALENT",4144,"CS",12,"50 OZ",175,41.45,7253.7500000000009,{"$f":"IF(L373/I373= 0,\"\",L373/I373)","v":3.4541666666666671},9407380,"CAMPBELLS","12 / 50 OZ",null,"Lowest had wrong product","Labatt",null,41.45,null,36.97,0,0]
[null,369,1057,"SOUR CREAM LIGHT","SOUR CREAM, LIGHT,  CATERING","SPECIFY","","CS",4,"5 LB",20,12.368421052631579,247.36842105263156,{"$f":"IF(L374/I374= 0,\"\",L374/I374)","v":3.0921052631578947},9094301,"WHLFCLS","2/5 LB","N"," ","Sysco",null,25.46,29.12,12.37,0,0]
[null,370,1058,"SOUR CREAM LIGHT PC","SOUR CREAM, LIGHT, PC","SPECIFY","","CS",100,"1 OZ",175,10.199999999999999,1784.9999999999998,{"$f":"IF(L375/I375= 0,\"\",L375/I375)","v":0.10199999999999999},669005,"DAISY","100/1OZ","NO",null,"BEK",10.199999999999999,12.05,17.53,null,0,0]
[null,371,null,"SPICE BASIL","BASIL LEAF; WHOLE LEAF  ","SPECIFY",null,"CS",1,"1.62 LB",63,7.1,null,null,4603911,"Katy's","26 oz",null,null,"Shamrock",null,20.71,7.1,15.33,0,0]
[null,372,null,"SPICE BAY LEAVES","BAY LEAVES","SPECIFY",null,"BTL",1,"30 OZ",10,9.52,{"$f":"IF(L377*K377= 0,\"\",L377*K377)","v":95.199999999999989},{"$f":"IF(L377/I377= 0,\"\",L377/I377)","v":9.52},4603921,"Katy's",".75 lb",null,null,"Shamrock",null,14.45,9.52,12.14,0,0]
[null,373,null,"SPICE CALDO DE CON SABOR DE POLLO","CHICKEN FLAVORED BOUILLON CATERING","KNORR OR APPROVED EQUIVALENT",116300,"BTL",1,"7.9 LB",5,20.71,103.55000000000001,20.71,2416784,"KNORR","1 / 7.9 LB",null,"759456 / BASE, CALDO DE POLLO CHKN","Labatt",null,20.71,22.77,78.77,0,0]
[null,374,1032,"SPICE CHILE POWDER","CHILI POWDER, LIGHT, FINE GRIND, MILD,  NO OTHER ADDITIVES","BUENO OR APPROVED EQUIVALENT","","BTL",1,"5 LB",150,19.48,2922,19.48,4603941,"Katy's","5.25#",null,null,"Shamrock",null,29.04,19.48,20.57,0,0]
[null,375,1034,"SPICE CINNAMON","CINNAMON, GROUND, BULK","MCCOMICK'S OR APPROVED EQUIVALENT",null,"BTL",1,"18 OZ",50,4.8600000000000003,243.00000000000003,4.8600000000000003,774060,"MCCORMICK","18 OZ","NO",null,"BEK",4.8600000000000003,5.55,7.56,30.22,0,0]
[null,376,1269,"SPICE CUMIN","CUMIN, BULK","SPECIFY",null,"BTL",1,"4.5 LB",10,44.29,442.9,44.29,774056,"MCCORMICK","4.5LB","NO","Lowest wasn't correct size","BEK",44.29,6.39,55.31,18.8,0,0]
[null,377,1035,"SPICE FAJITA SEASON","FAJITA SEASONING AND MARINADE, SALT FREE BULK","SPECIFY",null,"BTL",1,"30 OZ",145,8.6333333333333329,1251.8333333333333,8.6333333333333329,5228788,"IMP/MCC","30 OZ","N"," ","Sysco",null,20.09,null,8.6300000000000008,0,0]
[null,378,1036,"SPICE GARLIC GRANULATED","GARLIC, GRANUATED, BULK","SPECIFY",null,"BTL",1,"7.25 LB",175,23.29,4075.75,23.29,1979823,"pacific Spice","7#",null,null,"Shamrock",25.02,33.26,23.29,46.04,0,0]
[null,379,1037,"SPICE ITALIAN BLEND","ITALIAN BLEND, SALT FREE, NO MSG, BULK","SPECIFY",null,"BTL",1,"9.5 OZ",75,6.16,462,6.16,6184220,"DURKEE","1 / 6 OZ",null,"2003985 / ITALIAN SEASONING","Labatt",7.17,6.16,7.88,38.72,0,0]
[null,380,1038,"SPICE ONION DEHYDRATED","ONION, DEHYDRATED, BULK","SPECIFY","","BOX",15,"16 OZ",75,32.973544973544975,2473.0158730158732,2.1982363315696651,7356639,"CONAGRA","1/15 LB","N"," ","Sysco",52.53,53.55,34.14,32.97,0,0]
[null,381,1395,"SPICE OREGANO","OREGANO, GROUND, COURSE, BULK","SPECIFY",null,"BTL",1,"16 OZ",15,9.6999999999999993,145.5,9.6999999999999993,774144,"MCCORMICK","13OZ","NO","Lowest wasn't correct size","BEK",9.6999999999999993,5.86,10.07,8.67,0,0]
[null,382,1312,"SPICE PARSLEY FLAKE DEHYDRATED","DEHYDRATED PARSLEY FLAKES, BULK","SPECIFY",null,"BTL",1,"11 0Z",50,6.67,333.5,6.67,774723,"MCCORMICK","10OZ","NO","Lowest was not correct size","BEK",6.67,3.74,7.17,9.44,0,0]
[null,383,1027,"SPICE PEPPER BLACK","BLACK PEPPER, GROUND, COURSE, BULK","SPECIFY",null,"EA",1,"5 LB",40,10.042105263157895,401.68421052631578,10.042105263157895,5229273,"IMP/MCC","1 LB","N"," ","Sysco",57.23,36.659999999999997,24.6,10.039999999999999,0,0]
[null,384,1028,"SPICE PEPPER BLACK PC","BLACK PEPPER, GROUND, COURSE, INDIVIDUAL PACKETS","SPECIFY","","CS",3000,".5 GM",20,10.26,205.2,3.4199999999999999E-3,6331243,"DIAM CRYST","1 / 3000 CT",null,"14462 / PEPPER, PACKET","Labatt",20.39,10.26,21.01,41.18,0,0]
[null,385,1029,"SPICE PEPPER WHITE","WHITE PEPPER, GROUND, COURSE, BULK","SPECIFY",null,"BTL",1,"5 lb",20,10.621052631578948,212.42105263157896,10.621052631578948,5327459,"SYS CLS","18 OZ.","N"," ","Sysco",84.45,17.29,38.32,10.62,0,0]
[null,386,1040,"SPICE POULTRY SEASONING","POULTRY SEASONING, SALT FREE, BULK","SPECIFY",null,"BTL",1,"10 OZ",15,5.0599999999999996,75.899999999999991,5.0599999999999996,6181275,"TEX SPICE","1 / 10 OZ",null,"877009 / POULTRY SEASONING","Labatt",10.24,5.0599999999999996,9.98,43.46,0,0]
[null,387,1041,"SPICE PUMPKIN PIE BLEND","PUMPKIN PIE SPICE, BULK, CINNAMON, GINGER, NUTMEG, ALLSPICE, AND SULFATING AGENTS.","MCCOMICK'S OR APPROVED EQUIVALENT",5210032310,"CS",6,"1 LB",225,12.42,2794.5,2.0699999999999998,4141181,"Durke","16 oz",null,"Lowest wasn't brand specific","Shamrock",12.52,9.98,12.42,14.6,0,0]
[null,388,1271,"SPICE SAGE","SAGE GROUND BULK","SPECIFY",null,"BTL",1,"18 OZ",10,8.2799999999999994,82.8,8.2799999999999994,6185409,"DURKEE","1 / 6 OZ",null,"2004016 / SAGE, RUBBED","Labatt",9,8.2799999999999994,14.86,12.28,0,0]
[null,389,1042,"SPICE STEAK BLEND","MONTREAL STEAK SEASONING, SALT FREE, BULK","SPECIFY",null,"BTL",1,"7 LB",85,7.54,640.9,7.54,8164428,"DURKEE","1 / 26 OZ",null,"2004136 / SEASONING, STEAK","Labatt",32.82,7.54,11.35,47.43,0,0]
[null,390,1043,"SPICE TACO SEASONING","TACO SEASONING, SALT FREE, BULK","SPECIFY","","CS",6,"6.6 OZ",150,11.34,1701,1.89,5997007,"FOOTHILL","6 / 6.6 OZ",null,"Lowest was not salt free","Labatt",null,11.34,null,8.18,0,0]
[null,391,null,"STRAWBERRY & BANANA JONNY POP  SMART SNACK","SMOOTHIE ON A STICK.  REAL FRUIT NOTHING ARTIFICIAL.  STRAWBERRY & BANANA","JONNY POPS OR APPROVED EQUIVALENT",1190150,"CS",1,"96 CT",300,34.74,10422,null,7150003,"JONNY POPS","96 / 1.55 OZ",null,"852095004179 / SMOOTHIE ON A STICK, S & B","Labatt",null,34.74,null,null,0,0]
[null,392,null,"STRAWBERRY CHUNK FRUIT BAR  SMART SNACK","STRAWBERRY CHUNK FRUIT BAR","BLUE BUNNY OR APPROVED EQUIVALENT",1050495,"CS",1,"48 CT",300,14.23,4269,null,4000661,"Blue Bunny","24 ct",null,null,"Shamrock",null,34.74,14.23,null,0,0]
[null,393,null,"STRAWBERRY ICE CREAM STICK BAR  SMART SNACK","STICK BAR STRAWBERRY SCOOTER  ","HERSHEY'S OR APPROVED EQUIVALENT",31166,"CS",36,"2.75 OZ",300,18.54,5562,null,4221009,"HERSHEY'S","36 / 2.75 OZ",null,"31166 / STICK BAR STRAWBERRY SCOOTER","Labatt",null,18.54,null,null,0,0]
[null,394,1188,"STUFFING CORNBREAD","UNCLE BEN'S, CLASSIC CORNBREAD STUFFING MIX, BLEND OF 2 KINDS OF BREAD CRUMBS, SEASONINGS AND FLAVORS.","UNCLE BEN’S OR APPROVED EQUIVALENT",13508,"CS",6,"3.5 LB",110,62.391304347826086,6863.0434782608691,{"$f":"IF(L399/I399= 0,\"\",L399/I399)","v":10.398550724637682},3747732,"UNC BEN","6/56OZ",null,"Lowest was not brand specific","Sysco",62.79,52.89,63.66,62.39,0,0]
[null,395,1046,"SUGAR BROWN","SUGAR, BROWN, NED, 10X","SPECIFY","","CS",24,"2 LB",15,22.85,342.75,0.95208333333333339,8524506,"IMPERIAL","1 / 25 LB.",null,"124056W / SUGAR, LIGHT BROWN","Labatt",null,22.85,null,28.89,0,0]
[null,396,1047,"SUGAR GRANULATED","SUGAR, GRANULATED, EXTRA FINE","SPECIFY","","BAG",25,"LB",80,17.899999999999999,1432,0.71599999999999997,8520009,"IMPERIAL","1 / 25 LB.",null,"120624 / SUGAR, GRANULATED EFG","Labatt",null,17.899999999999999,35.57,19.940000000000001,0,0]
[null,397,1318,"SUGAR PC","SUGAR, PURE CANE, PACKET","SPECIFY",null,"CS",2000,"0.1 OZ",5,12.652631578947368,63.263157894736835,6.3263157894736842E-3,4000899,"SYS CLS","2000/1/10OZ","N"," ","Sysco",12.85,16.72,13.14,12.65,0,0]
[null,398,1048,"SUGAR POWDERED","SUGAR, POWDERED, 6X,  CATERING","SPECIFY","","BAG",1,"25 LB",7,16.160337552742618,113.12236286919833,16.160337552742618,1854678,"BKRSCLS","1/25 LB","N"," ","Sysco",null,38.99,null,16.16,0,0]
[null,399,1013,"SUGAR SWEETENER ARTIFICIAL PC","ARTIFICIAL SWEETENER, INDIVIDUAL PACKETS, CATERING","SPECIFY","","CS",2500,"CT",5,13.231578947368423,66.15789473684211,5.2926315789473691E-3,6115315,"SWTPLUS","2000/1 GM","N"," ","Sysco",14.84,22.19,14.48,13.23,0,0]
[null,400,1527,"SYRUP COCONUT SF","SYRUP COCONUT FLAVORED SUGAR FREE FOR COFFEE BAR","TORANI OR APPROVED EQUIVALENT",null,"CS",12,"25.4 OZ",100,57.333333333333336,5733.3333333333339,4.7777777777777777,5266111,"TORANI","1/750 ML","Y","Lowest was not brand specific","Sysco",null,26.89,null,57.33,0,0]
[null,401,1049,"SYRUP GALLON","HOT CAKE SYRUP, MAPLE FLAVOR,  CATERING","SPECIFY","","CS",4,"1 GAL",20,18.547368421052635,370.94736842105272,4.6368421052631588,4008769,"SYS REL","4/1 GAL","N"," ","Sysco",null,25.13,37.69,18.55,30.05,0]
[null,402,null,"SYRUP MAPLE FLAVORED PC","READY TO SERVE PORTION CONTROL CUP 1.4OZ TO 1.6OZ SERVING SIZE    ","SPECIFY",null,"CS",100,"1.4-1.5 OZ",500,9.2100000000000009,4605,null,4655551,"MAD FARMS","100 / 1.5 OZ.",null,"13960 / SYRUP, MAPLE 1.5OZ CUP","Labatt",null,9.2100000000000009,20.29,12.5,0,0]
[null,403,1527,"SYRUP PEACH SF","SYRUP PEACH FLAVORED SUGAR FREE FOR COFFEE BAR","TORANI OR APPROVED EQUIVALENT",null,"CS",12,"25.4 OZ",100,null,null,null,null,null,null,null,"No one had Torani",null,null,27.64,null,28.76,0,0]
[null,404,1530,"SYRUP PLAIN SF","SYRUP PLAIN FLAVORED SUGAR FREE FOR COFFEE BAR","TORANI OR APPROVED EQUIVALENT",null,"CS",4,"25.4 OZ",300,null,null,null,null,null,null,null,"No one had Torani",null,null,8.61,null,null,0,0]
[null,405,1529,"SYRUP RASPBERRY SF","SYRUP RASPBERRY FLAVORED SUGAR FREE FOR COFFEE BAR","TORANI OR APPROVED EQUIVALENT",null,"CS",12,"25.4 OZ",150,null,null,null,null,null,null,null,"No one had Torani",null,null,20.100000000000001,null,28.76,0,0]
[null,406,null,"TACO BEEF STICK IW","BEEF & CHEESE TACO STICK ON WHOLE GRAIN FLOUR TORTILLA -INDIVIDUALLY WRAPPED.  PORTION SIZE 4.60OZ CN LABEL OR PRODUCT ANALYSIS SHEET TO PROVIDE 2OZ M/MA AND 2OZ GRAIN EQ.   CASE PACK 50 EACH","INTEGRATED FOOD SERVICE OR APPROVED EQUIVALENT",440019,"CS",50,"4.60 OZ",1500,40.423280423280431,null,null,"6453908C","IFS","50/4.7 OZ","Y","Will stock if awarded","Sysco",null,46.84,43.27,40.42,0,0]
[null,407,null,"TAMALES PORK","TAMALES, PORK WG TVP 4902 COM","RODRIGUEZ OR APPROVED EQUIVALENT","4902COM","CS",120,"2 OZ",500,41.49,null,null,8973025,"RODRIGUEZ","120 / 2 OZ",null,"49021 / TAMALES, PORK WG TVP 4902REG","Labatt",null,41.49,null,null,0,0]
[null,408,1234,"TOMATO DICED","TOMATOES, DICED, GRADE A, LOW SODIUM (140 MILLIGRAMS OF SODIUM OR LESS PER SERVING).","SPECIFY","","CS",6,"10 CN",325,25.42,{"$f":"IF(L413*K413= 0,\"\",L413*K413)","v":8261.5},{"$f":"IF(L413/I413= 0,\"\",L413/I413)","v":4.2366666666666672},2280990,"RED GOLD","6 /  #10",null,"LOWEST WAS NOT LOW SODIUM","Labatt",null,25.42,null,23.02,0,0]
[null,409,1235,"TOMATO PASTE","TOMATO PASTE, 26% SOLID, HEAVY CONCENTRATION, NET WEIGHT 114 OZ, GRADE A, LOW SODIUM (140 MILLIGRAMS OF SODIUM OR LESS PER SERVING).","SPECIFY","","CS",6,"10 CN",175,34.659999999999997,{"$f":"IF(L414*K414= 0,\"\",L414*K414)","v":6065.4999999999991},{"$f":"IF(L414/I414= 0,\"\",L414/I414)","v":5.7766666666666664},2337020,"HEINZ","6 / #10",null,"57310 / TOMATO PASTE","Labatt",null,34.659999999999997,null,35.76,0,0]
[null,410,null,"TOPPING WHIPPED","NON-DAIRY; PACKAGED IN A PASTRY BAG WITH DECORATING TIP","RICH'S OR APPROVED EQUIVALENT",2559,"CS",12,"16 OZ",100,32.43,null,null,9310533,"RICH'S","12 / 16 OZ",null,"Lowest wasn't brand specific","Labatt",null,32.43,17.850000000000001,36.42,0,0]
[null,411,null,"TORNADO SHREDDED RANCHERO STEAK AND CHEESE","SHREDDED RANCHERO STEAK AND CHEESE, WHOLE GRAIN RUIZ  144/2.79OZ","RUIZ FOODS OR APPROVED EQUIVALENT",86585,"CS",144,"2.79 OZ",250,14.423280423280424,null,{"$f":"IF(L416/I416= 0,\"\",L416/I416)","v":0.10016166960611406},869172,"ELMNTRY","24/3 OZ","N"," ","Sysco",80.069999999999993,82.54,null,14.42,0,0]
[null,412,1474,"TORTILLA BOWL","BOWL TORTILLA, BAKED, FORMED WHOLE GRAIN MUST MEET 2 OZ GRAIN EQUIVALENT","EDIBOWL OR APPROVED EQUIVALENT",null,"CS",144,"6.25 OZ",50,73.510000000000005,{"$f":"IF(L417*K417= 0,\"\",L417*K417)","v":3675.5000000000005},{"$f":"IF(L417/I417= 0,\"\",L417/I417)","v":0.5104861111111112},3550021,"Edibo","12/12 pk",null,null,"Shamrock",null,0,73.510000000000005,null,0,0]
[null,413,1219,"TORTILLA CORN","6” WHITE CORN, MADE FROM CORN FLOUR OR MEAL - MADE FROM ENRICHED CORN MEAL.  EACH SHELL MUST BE A MINIMUM OF 25 GRAMS TO MEET 1 GB IN THE NSLP.","MISSION OR APPROVED EQUIVALENT",10630,"CS",60,"12 CT",250,12.147368421052631,{"$f":"IF(L418*K418= 0,\"\",L418*K418)","v":3036.8421052631579},{"$f":"IF(L418/I418= 0,\"\",L418/I418)","v":0.2024561403508772},7437724,"NMFOODS","4/10 DZ","N","Lowest bid was not an approved brand","Sysco",null,15.19,29.46,12.15,0,11.25]
[null,414,1208,"TORTILLA FLOUR  10\"","10\" FLOUR TORTILLA FOR BURRITOS   NON WGR","BUENO OR APPROVED EQUIVALENT",null,"CS",6,"24 CT",4000,17.810526315789478,null,null,961193,"NMFOODS","12/12 CT","N"," ","Sysco",null,23.44,20.440000000000001,17.809999999999999,0,30]
[null,415,null,"TORTILLA FLOUR  6\"","6\" FLOUR TORTILLA FOR SOFT TACOS/FAJITAS  NON WGR","BUENO OR APPROVED EQUIVALENT",null,"CS",12,"24 CT",100,11.08994708994709,null,null,961219,"NMFOODS","12/12 CT","N"," ","Sysco",null,15.55,13.99,11.09,0,48]
[null,416,null,"TRIPLE BERRY JONNY POP SMART SNACK","SMOOTHIE ON A STICK.  REAL FRUIT NOTHING ARTIFICIAL.  TRIPLE BERRY (STRAWBERRY, BLUEBERRY AND RASPBERRY)","JONNY POPS OR APPROVED EQUIVALENT",1190240,"CS",1,"96 CT",150,34.74,null,null,7150002,"JONNY POPS","96 / 1.55 OZ",null,"852095004223 / SMOOTHIE ON A STICK, TBERRY","Labatt",null,34.74,null,null,0,0]
[null,417,1274,"TURKEY BREAST DELI","SLICED, OVEN ROASTED, REDUCED SODIUM BY 30%, .5 OZ SLICE, FROZEN, (COMMODITY SUB)","JENNY O OR APPROVED EQUIVALENT ",2099,"CS",12,"1 LB",717,39.910000000000004,{"$f":"IF(L422*K422= 0,\"\",L422*K422)","v":28615.47},{"$f":"IF(L422/I422= 0,\"\",L422/I422)","v":3.3258333333333336},2663521,"Jenio","12/1#",null,null,"Shamrock",40.26,41.42,39.909999999999997,43.63,0,0]
[null,418,1381,"TURKEY HAM DELI","SLICED, 5% WATER ADDED, NATURALLY LEAN, REDUCED SODIUM BY 26% 94% FAT FREE, .51 OZ SLICE, FROZEN, CN LABLED","JENNY O OR APPROVED EQUIVALENT ",2565,"CS",12,"1 LB",666,42.06,28011.960000000003,{"$f":"IF(L423/I423= 0,\"\",L423/I423)","v":3.5050000000000003},493695,"JENNIE-O","12/1LB",null,null,"BEK",42.06,43.2,42.12,42.68,0,0]
[null,419,1301,"TURKEY ROAST BNL","U.S. GRADE A FROZEN ROASTS PREPARED FROM BREAST MEAT, THIGH MEAT AND SKIN OF YOUNG READY-TO-COOK TURKEYS WITH WATER, SALT, AND SODIUM PHOSPHATES ADDED. ROASTS ARE AT LEAST 47% BREAST MEAT, WITH A MAXIMUM OF 34% THIGH MEAT AND 12.5% SKIN. THE ROASTS IN ONE CONTAINER WILL NOT VARY MORE THAN 2 LB PER ROAST. EACH ROAST WILL BE 9 TO 17 INCH IN LENGTH AND 4 TO 7 INCH IN DIAMETER AND WILL BE TIED OR PLACED IN COTTON NETTING. (4) 8-12 POUNDS PER CASE","SPECIFY",null,"LB",4,"8-12 LBS",100,3.072916666666667,307.29166666666669,{"$f":"IF(L424/I424= 0,\"\",L424/I424)","v":0.76822916666666674},1141332,"SYS CLS","2/9-12#","N"," ","Sysco",3.31,3.34,3.34,3.07,0,0]
[null,420,1150,"TURKEY SAUSAGE PATTY","SAUSAGE PATTY, FORMED, FULLY COOKED, REDUCED FAT TURKEY SAUSAGE PATTIES, 2.5”, ONE 1.5 OZ. PATTY PROVIDES 1 OZ. PROTEIN EQUIVALENT LESS THAN 320 MG OF SODIUM","JENNY O OR APPROVED EQUIVALENT ",100124,"CS",133,"1.22 OZ",150,34.4,5160,{"$f":"IF(L425/I425= 0,\"\",L425/I425)","v":0.25864661654135335},147294,"JENNIE-O","2/5LB","NO ","WILL BRING IN IF AWARDED - MFG 613510","BEK",34.4,44.53,34.57,39.36,0,0]
[null,421,1014,"VANILLA","VANILLA, IMITATION FLAVOR, NO ALCOHOL","SPECIFY","","CS",6,"32 OZ",5,4.07,20.350000000000001,{"$f":"IF(L426/I426= 0,\"\",L426/I426)","v":0.67833333333333334},6185813,"DURKEE","1 / 32 OZ",null,"2003877 / VANILLA FLAVORING, IMITATION","Labatt",null,4.07,4.78,32.32,0,0]
[null,422,null,"VEGETABLE FAJITA ONIONS GREEN AND RED PEPPERS","FAJITA RED AND GREEN PEPPERS AND ONIONS  FROZEN,  GRADE A FIRM GREEN PEPPERS, ONIONS, AND RED PEPPERS CUT IN 3/8 INCH STRIPS.  IQF, PAR-BLANCHED AND PRE-CUT.","SPECIFY",null,"CS",12,"32 OZ",200,27.53,5506,null,9080350,"CLASSIC","12 / 32 OZ",null,"74662 / BLEND PEPPER & ONION FAJITA","Labatt",null,27.53,32.9,33.47,0,0]
[null,423,null,"VEGETABLE NORMANDY BLEND","FROZEN VEGETABLES - NORMANDY BLEND - ","GARDEN FRESH OR APPROVED EQUIVALENT",97369,"CS",1,"20 LB",300,17.37,5211,null,9341012,"EXPOR","1 / 20 LB",null,"03095 / BROCCOLI, NORMANDY","Labatt",null,17.37,32.630000000000003,26.07,0,0]
[null,424,1350,"VEGGIE ASPERAGUS SPEARS","ASPERAGUS SPEARS, FROZEN, CATERING","SPECIFY",null,"CS",6,"2.5 LBS",10,31.62,316.2,{"$f":"IF(L429/I429= 0,\"\",L429/I429)","v":5.2700000000000005},4541031,"Stokely","6 / 2.5 LB",null,"007022291103 / ASPARAGUS CUTS & TIPS FZ","Labatt",null,31.62,64.59,52.22,0,0]
[null,425,1228,"VEGGIE BEANS GREEN","GREEN BEANS,4 SIEVE, CUT 1 ¼, GRADE B, LOW SODIUM (140 MILLIGRAMS OF SODIUM OR LESS PER SERVING).","SPECIFY","","CS",6,"10 CN",1800,23.12,41616,3.8533333333333335,4062394,"SYS CLS","6/#10","N"," ","Sysco",null,25.88,30.5,23.12,0,0]
[null,426,1255,"VEGGIE BROCCOLI FLORETTES FROZEN","VEGETABLE,BROCCOLI CUTS, FROZEN, GRADE A","SPECIFY","","CS",12,"2.5 LB",350,22.58,7902.9999999999991,1.8816666666666666,9341013,"EXPOR","12 / 2.5 LB",null,"10404 / BROCCOLI CUTS","Labatt",null,22.58,32.909999999999997,28.01,0,0]
[null,427,1245,"VEGGIE CALIFORNIA BLEND FROZEN","CALIFORNIA BLEND/ FROZEN, GRADE A, CARROTS, BROCCOLI, CAULIFLOWER","SPECIFY","","CS",20,"LB",50,17.37,868.5,0.86850000000000005,9341012,"EXPOR","1 / 20 LB",null,"03095 / BROCCOLI, NORMANDY","Labatt",null,17.37,27.27,25.57,0,0]
[null,428,1425,"VEGGIE CARROTS DICED","CARROTS FROZEN, GRADE A, DICED","SPECIFY",null,"CS",1,"30 LB",375,15.64,5865,15.64,4541020,"Stokely","1 / 20 LB",null,"007022293542 / CARROTS DICED FZ","Labatt",null,15.64,23.59,18.72,0,0]
[null,429,1246,"VEGGIE CARROTS SLICED FROZEN","CARROTS FROZEN, GRADE A","SPECIFY",null,"CS",20,"LB",75,18.37,1377.75,0.91850000000000009,4541003,"Stokely","1 / 20 LB",null,"007022293522 / CARROTS KK FZ","Labatt",null,18.37,25,21.81,0,0]
[null,430,1247,"VEGGIE CHILE GREEN DICED MILD","GREEN CHILE, FROZEN, DICED MILD","BUENO OR APPROVED EQUIVALENT","","CS",5,"5 LB",1200,22.515789473684212,27018.947368421053,4.5031578947368427,1371228,"NMFOODS","5/5 LB","N","Lowest wasn't approved brand","Sysco",null,30.69,19.79,22.52,0,0]
[null,431,null,"VEGGIE CORN SWEET FROZEN","CORN, SWEET, WHOLE KERNEL: FROZEN; TO MEET THE STANDARD U. S. GRADE A , YELLOW OR GOLDEN TO BE PACKED IN POLY BAG LINER IN CASES WITH POLY BAG \"TUCKED\" TO COMPLETELY COVER AND PROTECT THE PRODUCT FROM FREEZER BURN. 20#","GARDEN FRESH OR APPROVED EQUIVALENT",null,"CS",1,"20 LB",500,19.07,9535,null,4541016,"Stokely","1 / 20 LB",null,"007022295041 / CORN CUT SSWT YLW FZ","Labatt",null,19.07,24.05,28.06,0,0]
[null,432,1231,"VEGGIE CORN WHOLE KERNEL","US GRADE B, VACUUM PACKED, LOW SODIUM (140 MILLIGRAMS OF SODIUM OR LESS PER SERVING).","SPECIFY","","CS",6,"10 CN",600,24.666666666666668,14800,{"$f":"IF(L437/I437= 0,\"\",L437/I437)","v":4.1111111111111116},4015665,"SYS REL","6/#10","Y","Will stock if awarded","Sysco",null,26.21,31.21,24.67,25.9,0]
[null,433,1248,"VEGGIE FAJITA BLEND FROZEN","VEGETABLES, FLAME ROASTED PEPPERS & ONIONS","SPECIFY","","CS",6,"4 LB",200,30.16,6032,{"$f":"IF(L438/I438= 0,\"\",L438/I438)","v":5.0266666666666664},9083114,"ROASTWORKS","6 / 2.5 LB",null,"67779 / PEPPERS & ONIONS, ROASTED","Labatt",null,30.16,34.6,38.619999999999997,0,0]
[null,434,null,"VEGGIE GREEN BEAN WHOLE FROZEN","GREEN BEANS WHOLE FROZEN GRADE A ","SPECIFY",null,"CS",6,"4 LB",15,18.72,280.79999999999995,{"$f":"IF(L439/I439= 0,\"\",L439/I439)","v":3.1199999999999997},4541001,"Stokely","1 / 20 LB",null,"007022293433 / BEANS GREEN CUT FZ","Labatt",null,18.72,24.1,30.08,0,0]
[null,435,null,"VEGGIE OKRA BREADED","OKRA, CUT, BREADED: IF; TO MEET THE STANDARD OF U. S. GRADE A. PRE-BROWNED; OVEN READY. CN LABEL OR PRODUCT ANALYSIS SHEET REQUIRED. 4/5#","TASTY BRAND OR APPROVED EQUIVALENT",null,"CS",4,"5 LB",100,57.59,5759,null,9080931,"TASTY BRAN","6 / 5 LB",null,"Lowest wasn't approved brand","Labatt",null,57.59,26.46,null,0,0]
[null,436,null,"VEGGIE ONION RINGS BREADED","ONION, RINGS, BREADED, 6/2#: IF; CHOPPED AND FORMED; PRE-BROWNED; OVEN READY; IF. PROVIDE 1/4 CUP V/F AND 1 G/B SERVING. CN LABEL OR PRODUCT ANALYSIS SHEET REQUIRED. IDENTIFY FAT GRAMS PER 6 PIECE SERVING.","TASTY BRAND OR APPROVED EQUIVALENT",null,"CS",6,"2 LB",250,63.13,15782.5,null,8914021,"TASTY BRAN","178 / 2.69 OZ",null,"Lowest wasn't approved brand","Labatt",null,63.13,34.92,null,0,0]
[null,437,1249,"VEGGIE PEAS FRZ","GREEN PEAS, FROZEN, GRADE A, MUST MEET BUY AMERICAN REQUIREMENTS CATERING","SPECIFY","","CS",12,"2.5 LB",6,28.78,172.68,{"$f":"IF(L442/I442= 0,\"\",L442/I442)","v":2.3983333333333334},2230961,"Bountiful Harvest","12/2.5#",null,null,"Shamrock",null,32.369999999999997,28.78,30.08,0,0]
[null,438,5013,"VINEGAR","","SPECIFY","","CS",4,"1 GAL",110,6.69,735.90000000000009,{"$f":"IF(L443/I443= 0,\"\",L443/I443)","v":1.6725000000000001},2422631,"Kario","4/1 gal",null,null,"Shamrock",null,14.06,6.69,12.44,0,0]
[null,439,1433,"VINEGAR RED WINE",null,"SPECIFY",null,"CS",4,"1 GAL",25,24.78,619.5,{"$f":"IF(L444/I444= 0,\"\",L444/I444)","v":6.1950000000000003},5325006,"REGINA","4 / 1 GL",null,"520420 / VINEGAR, RED WINE","Labatt",null,24.78,25.9,29.18,0,0]
[null,440,null,"WAFFLE","MAPLE WHOLE GRAIN EACH 1.4OZ WAFFLE PROVIDES 1 GRAIN EQUIVALENT.  51% WHOLE GRAIN","BAKE CRAFTERS OR APPROVED EQUIVALENT",1556,"CS",1,"144ct",200,23.41,4682,null,4311111,"Bake Crafter","144/1.4 oz",null,"MFG 1556","Shamrock",null,23.89,23.41,24.69,0,0]
[null,441,1211,"WAFFLE MINI BLUEBERRY","WAFFLE, MINI BLUEBERRY, IW MUST MEET 2 WG EQUIVILENT","PILLSBURY OR APPROVED EQUIVALENT",132264000,"CS",72,"2.2 OZ",1000,24.69,24690,{"$f":"IF(L446/I446= 0,\"\",L446/I446)","v":0.3429166666666667},2173379,"PILLSBY","72/2.47OZ","N"," ","Sysco",28.44,28.59,27.48,24.69,0,0]
[null,442,1212,"WAFFLE MINI MAPLE","WAFFLE, MINI MAPLE MADNESS, IW MUST MEET 2 WG EQUIVILENT","PILLSBURY OR APPROVED EQUIVALENT",132265000,"CS",72,"2.47 OZ",1000,24.69,24690,0.3429166666666667,2173365,"PILLSBY","72/2.47OZ","N"," ","Sysco",28.44,28.84,27.85,24.69,0,0]
[null,443,1409,"WALNUTS","WALNUTS, CHOPPED","SPECIFY",null,"CS",3,"2 LB",135,25.26,3410.1000000000004,8.42,4410000,"VENDING","1 / 5 LB",null,"5000 / WALNUT PIECES LIGHT","Labatt",null,25.26,57.56,38.61,0,0]
[null,444,1088,"WATER 20 OZ","BOTTLED WATER, PURIFIED, SPRING ","NESTLE OR APPROVED EQUIVALENT",null,"CS",24,"20 0Z",4500,4.947368421052631,22263.15789473684,0.20614035087719296,9901031,"NIAGARA","40/16.9OZ","N"," ","Sysco",4.99,7.33,null,4.95,0,0]
[null,445,1531,"WATER GALLON","WATER, PURIFIED, SPRING","SPECIFY",null,"CS",6,"GAL",800,5.2105263157894743,4168.4210526315792,0.86842105263157909,7006187,"SFSPRGS","6/1 GAL","N"," ","Sysco",0,9.94,null,5.21,0,0]
[null,446,1502,"WHIPPED TOPPING CAN","WHIPPED TOPPING, NON-DAIRY CAN LIKE REDI WHIP","SPECIFY",null,"CS",12,"13 OZ",25,18.479166666666664,461.97916666666663,1.5399305555555554,2223921,"DARISTR","12/15OZ","N"," ","Sysco",22.92,25.95,23.14,18.48,0,0]
[null,447,1050,"WHIPPED TOPPING MIX","WHIPPED TOPPING, NON-DAIRY, DRY POWDER MIX","SPECIFY","","CS",12,"16 OZ",60,18.927835051546392,1135.6701030927836,1.5773195876288659,4204004,"SYS CLS","12/12 OZ","N"," ","Sysco",33.08,25.18,null,18.93,0,0]
[null,448,1012,"WORCESTERSHIRE SAUCE","WORCESTERSHIRE SAUCE, BULK","SPECIFY","","CS",4,"1 GAL",5,17.88,89.399999999999991,4.47,27985,"GARDENCLUB","4 / 1 GALLON",null,"608046100 / SAUCE, WORCESTERSHIRE","Labatt",19.989999999999998,17.88,29.83,25.51,27.5,0]
[null,449,1411,"YOGURT BLUEBERRY","NON-FAT, INDIVIDUAL CUPS","UPSTATE FARMS",9816,"CS",48,"4 OZ",500,13.821989528795811,6910.9947643979058,0.28795811518324604,4409975,"UPSTATE","48/4 OZ","N"," ","Sysco",null,14.69,null,13.82,0,0]
[null,450,1435,"YOGURT BULK PLAIN","NON-FAT, BULK, CATERING","SPECIFY",null,"CS",6,"32 OZ",55,13.157894736842106,723.68421052631584,2.192982456140351,1373414,"DANNON","6/32 OZ","N"," ","Sysco",13.44,13.97,13.49,13.16,0,0]
[null,451,1315,"YOGURT CHERRY VANILLA","NON-FAT, INDIVIDUAL CUPS","UPSTATE FARMS",9819,"CS",48,"4 OZ",500,14.62,7310,0.30458333333333332,8180038,"UPSTATE","48 / 4 OZ",null,"9819 / YOGURT, CHERRY VANILLA NF","Labatt",null,14.62,15.44,15.11,0,0]
[null,452,1524,"YOGURT IN A BAG","YOGURT IN A BAG, VANILLA","YOPLAIT PARFAITPRO OR APPROVED EQUIVALENT",16632000,"CS",6,"64 OZ",400,24.59,9836,4.0983333333333336,3553461,"Dannon","4/6#",null,"MFG 1931 - bag yogurt","Shamrock",null,25.03,24.59,25.71,0,0]
[null,453,1412,"YOGURT RASPBERRY","NON-FAT, INDIVIDUAL CUPS","UPSTATE FARMS",9817,"CS",48,"4 OZ",1000,14.65,14650,0.30520833333333336,8179817,"UPSTATE","48 / 4 OZ",null,"Lowest had wrong brand","Labatt",10.58,14.65,15.44,15.03,0,0]
[null,454,1284,"YOGURT STRAWBERRY BANANA","NON-FAT INDIVIDUAL CUPS","UPSTATE FARMS",9820,"CS",48,"4 OZ",1000,14.32,14320,0.29833333333333334,8180039,"UPSTATE","48 / 4 OZ",null,"Lowest had wrong brand","Labatt",10.58,14.32,15.44,15.03,0,0]
[null,455,1435,"YOGURT VANILLA BULK","NON-FAT, VANILLA FLAVORED, BULK, CATERING","SPECIFY",9886,"CS",6,"32 OZ",55,13.157894736842106,723.68421052631584,2.192982456140351,1190263,"DANNON","6/32 OZ","N"," ","Sysco",13.44,13.97,13.49,13.16,0,0]
[null,456,1515,"YOGURT VARIETY RASPBERRY/CHERRY",null,"DANNON CREAMY",1956,"CS",48,"4 OZ",1000,10.72,10720,0.22333333333333336,null,"DANNON","48/4OZ","NO",null,"BEK",10.72,12.35,null,15.11,0,0]
[]
[]
[]
[]
[]
[]
[]
[]
[]
[]
[]
[]
[]
[]
[]
[]
[]
[]
[]
[]
[]
[]
[]
[]
[]
[]
[]
[]
[]
[]
[]
[]
[]
[]
[]
[]
[]
[]
[]
[]
[]
[]
[]
[]
[]
[]
[]
[]
[]
[]
[]
[]
[]
[]
[]
[]
[]
[]
[]
[]
[]
[]
[]
[]
[]
[]
[]
[]
[]
[]
[]
[]
[]
[]
[]
[]
[]
[]
[]
[]
[]
[]
[]
[]
[]
[]
[]
[]
[]
[]
[]
[]
[]
[]
[]
[]
[]
[]
[]
[]
[]
[]
[]
[]
[]
[]
[]
[]
[]
[]
[]
[]
[]
[]
[]
[]
[]
[]
[]
[]
[]
[]
[]
[]
[]
[]
[]
[]
[]
[]
[]
[]
[]
[]
[]
[]
[]
[]
[]
[]
[]
[]
[]
[]
[]
[]
[]
[]
[]
[]
[]
[]
[]
[]
[]
[]
[]
[]
[]
[]
[]
[]
[]
[]
[]
[]
[]
[]
[]
[]
[]
[]
[]
[]
[]
[]
[]
[]
[]
[]
[]
[]
[]
[]
[]
[]
[]
[]
[]
[]
[]
[]
[]
[]
[]
[]
[]
[]
[]
[]
[]
[]
[]
[]
[]
[]
[]
[]
[]
[]
[]
[]
[]
[]
[]
[]
[]
[]
[]
[]
[]
[]
[]
[]
[]
[]
[]
[]
[]
[]
[]
[]
[]
[]
[]
[]
[]
[]
[]
[]
[]
[]
[]
[]
[]
[]
[]
[]
[]
[]
[]
[]
[]
[]
[]
[]
[]
[]
[]
[]
[]
[]
[]
[]
[]
[]
[]
[]
[]
[]
[]
[]
[]
[]
[]
[]
[]
[]
[]
[]
[]
[]
[]
[]
[]
[]
[]
[]
[]
[]
[]
[]
[]
[]
[]
[]
[]
[]
[]
[]
[]
[]
[]
[]
[]
[]
[]
[]
[]
[]
[]
[]
[]
[]
[]
[]
[]
[]
[]
[]
[]
[]
[]
[]
[]
[]
[]
[]
[]
[]
[]
[]
[]
[]
[]
[]
[]
[]
[]
[]
[]
[]
[]
[]
[]
[]
[]
[]
[]
[]
[]
[]
[]
[]
[]
[]
[]
[]
[]
[]
[]
[]
[]
[]
[]
[]
[]
[]
[]
[]
[]
[]
[]
[]
[]
[]
[]
[]
[]
[]
[]
[]
[]
[]
[]
[]
[]
[]
[]
[]
[]
[]
[]
[]
[]
[]
[]
[]
[]
[]
[]
[]
[]
[]
[]
[]
[]
[]
[]
[]
[]
[]
[]
[]
[]
[]
[]
[]
[]
[]
[]
[]
[]
[]
[]
[]
[]
[]
[]
[]
[]
[]
[]
[]
[]
[]
[]
[]
[]
[]
[]
[]
[]
[]
[]
[]
[]
[]
[]
[]
[]
[]
[]
[]
[]
[]
[]
[]
[]
[]
[]
[]
[]
[]
[]
[]
[]
[]
[]
[]
[]
[]
[]
[]
[]
[]
[]
[]
[]
[]
[]
[]
[]
[]
[]
[]
[]
[]
[]
[]
[]
[]
[]
[null,null,null,null,null,null,null,null,null,null,null,null,null,null,null,null,null,null,null,null,null,0]
[null,null,null,null,null,null,null,null,null,null,null,null,null,null,null,null,null,null,null,null,null,0]
[null,null,null,null,null,null,null,null,null,null,null,null,null,null,null,null,null,null,null,null,null,0]
[null,null,null,null,null,null,null,null,null,null,null,null,null,null,null,null,null,null,null,null,null,0]
[null,null,null,null,null,null,null,null,null,null,null,null,null,null,null,null,null,null,null,null,null,0]
[null,null,null,null,null,null,null,null,null,null,null,null,null,null,null,null,null,null,null,null,null,0]
[null,null,null,null,null,null,null,null,null,null,null,null,null,null,null,null,null,null,null,null,null,0]
[null,null,null,null,null,null,null,null,null,null,null,null,null,null,null,null,null,null,null,null,null,0]
[null,null,null,null,null,null,null,null,null,null,null,null,null,null,null,null,null,null,null,null,null,0]
[null,null,null,null,null,null,null,null,null,null,null,null,null,null,null,null,null,null,null,null,null,0]
[null,null,null,null,null,null,null,null,null,null,null,null,null,null,null,null,null,null,null,null,null,0]
[null,null,null,null,null,null,null,null,null,null,null,null,null,null,null,null,null,null,null,null,null,0]
[null,null,null,null,null,null,null,null,null,null,null,null,null,null,null,null,null,null,null,null,null,0]
[null,null,null,null,null,null,null,null,null,null,null,null,null,null,null,null,null,null,null,null,null,0]
[null,null,null,null,null,null,null,null,null,null,null,null,null,null,null,null,null,null,null,null,null,0]
[null,null,null,null,null,null,null,null,null,null,null,null,null,null,null,null,null,null,null,null,null,0]
[null,null,null,null,null,null,null,null,null,null,null,null,null,null,null,null,null,null,null,null,null,0]
[null,null,null,null,null,null,null,null,null,null,null,null,null,null,null,null,null,null,null,null,null,0]
[null,null,null,null,null,null,null,null,null,null,null,null,null,null,null,null,null,null,null,null,null,0]
[null,null,null,null,null,null,null,null,null,null,null,null,null,null,null,null,null,null,null,null,null,0]
[null,null,null,null,null,null,null,null,null,null,null,null,null,null,null,null,null,null,null,null,null,0]
[null,null,null,null,null,null,null,null,null,null,null,null,null,null,null,null,null,null,null,null,null,0]
[null,null,null,null,null,null,null,null,null,null,null,null,null,null,null,null,null,null,null,null,null,0]
[null,null,null,null,null,null,null,null,null,null,null,null,null,null,null,null,null,null,null,null,null,0]
[null,null,null,null,null,null,null,null,null,null,null,null,null,null,null,null,null,null,null,null,null,0]
[null,null,null,null,null,null,null,null,null,null,null,null,null,null,null,null,null,null,null,null,null,0]
[null,null,null,null,null,null,null,null,null,null,null,null,null,null,null,null,null,null,null,null,null,0]
[null,null,null,null,null,null,null,null,null,null,null,null,null,null,null,null,null,null,null,null,null,0]
[null,null,null,null,null,null,null,null,null,null,null,null,null,null,null,null,null,null,null,null,null,0]
[null,null,null,null,null,null,null,null,null,null,null,null,null,null,null,null,null,null,null,null,null,0]
[null,null,null,null,null,null,null,null,null,null,null,null,null,null,null,null,null,null,null,null,null,0]
[null,null,null,null,null,null,null,null,null,null,null,null,null,null,null,null,null,null,null,null,null,0]
[null,null,null,null,null,null,null,null,null,null,null,null,null,null,null,null,null,null,null,null,null,0]
[null,null,null,null,null,null,null,null,null,null,null,null,null,null,null,null,null,null,null,null,null,0]
[null,null,null,null,null,null,null,null,null,null,null,null,null,null,null,null,null,null,null,null,null,0]
[null,null,null,null,null,null,null,null,null,null,null,null,null,null,null,null,null,null,null,null,null,0]
[null,null,null,null,null,null,null,null,null,null,null,null,null,null,null,null,null,null,null,null,null,0]
[null,null,null,null,null,null,null,null,null,null,null,null,null,null,null,null,null,null,null,null,null,0]
[null,null,null,null,null,null,null,null,null,null,null,null,null,null,null,null,null,null,null,null,null,0]
[null,null,null,null,null,null,null,null,null,null,null,null,null,null,null,null,null,null,null,null,null,0]
[null,null,null,null,null,null,null,null,null,null,null,null,null,null,null,null,null,null,null,null,null,0]
[null,null,null,null,null,null,null,null,null,null,null,null,null,null,null,null,null,null,null,null,null,0]
[null,null,null,null,null,null,null,null,null,null,null,null,null,null,null,null,null,null,null,null,null,0]
[null,null,null,null,null,null,null,null,null,null,null,null,null,null,null,null,null,null,null,null,null,0]
[null,null,null,null,null,null,null,null,null,null,null,null,null,null,null,null,null,null,null,null,null,0]
[null,null,null,null,null,null,null,null,null,null,null,null,null,null,null,null,null,null,null,null,null,0]
[null,null,null,null,null,null,null,null,null,null,null,null,null,null,null,null,null,null,null,null,null,0]
[null,null,null,null,null,null,null,null,null,null,null,null,null,null,null,null,null,null,null,null,null,0]
[null,null,null,null,null,null,null,null,null,null,null,null,null,null,null,null,null,null,null,null,null,0]
[null,null,null,null,null,null,null,null,null,null,null,null,null,null,null,null,null,null,null,null,null,0]
[null,null,null,null,null,null,null,null,null,null,null,null,null,null,null,null,null,null,null,null,null,0]
[null,null,null,null,null,null,null,null,null,null,null,null,null,null,null,null,null,null,null,null,null,0]
[null,null,null,null,null,null,null,null,null,null,null,null,null,null,null,null,null,null,null,null,null,0]
[null,null,null,null,null,null,null,null,null,null,null,null,null,null,null,null,null,null,null,null,null,0]
[null,null,null,null,null,null,null,null,null,null,null,null,null,null,null,null,null,null,null,null,null,0]
[null,null,null,null,null,null,null,null,null,null,null,null,null,null,null,null,null,null,null,null,null,0]
[null,null,null,null,null,null,null,null,null,null,null,null,null,null,null,null,null,null,null,null,null,0]
[null,null,null,null,null,null,null,null,null,null,null,null,null,null,null,null,null,null,null,null,null,0]
[null,null,null,null,null,null,null,null,null,null,null,null,null,null,null,null,null,null,null,null,null,0]
[null,null,null,null,null,null,null,null,null,null,null,null,null,null,null,null,null,null,null,null,null,0]
[null,null,null,null,null,null,null,null,null,null,null,null,null,null,null,null,null,null,null,null,null,0]
[null,null,null,null,null,null,null,null,null,null,null,null,null,null,null,null,null,null,null,null,null,0]
[null,null,null,null,null,null,null,null,null,null,null,null,null,null,null,null,null,null,null,null,null,0]
[null,null,null,null,null,null,null,null,null,null,null,null,null,null,null,null,null,null,null,null,null,0]
[null,null,null,null,null,null,null,null,null,null,null,null,null,null,null,null,null,null,null,null,null,0]
[null,null,null,null,null,null,null,null,null,null,null,null,null,null,null,null,null,null,null,null,null,0]
[null,null,null,null,null,null,null,null,null,null,null,null,null,null,null,null,null,null,null,null,null,0]
[null,null,null,null,null,null,null,null,null,null,null,null,null,null,null,null,null,null,null,null,null,0]
[null,null,null,null,null,null,null,null,null,null,null,null,null,null,null,null,null,null,null,null,null,0]
[null,null,null,null,null,null,null,null,null,null,null,null,null,null,null,null,null,null,null,null,null,0]
[null,null,null,null,null,null,null,null,null,null,null,null,null,null,null,null,null,null,null,null,null,0]
[null,null,null,null,null,null,null,null,null,null,null,null,null,null,null,null,null,null,null,null,null,0]
[null,null,null,null,null,null,null,null,null,null,null,null,null,null,null,null,null,null,null,null,null,0]
[null,null,null,null,null,null,null,null,null,null,null,null,null,null,null,null,null,null,null,null,null,0]
[null,null,null,null,null,null,null,null,null,null,null,null,null,null,null,null,null,null,null,null,null,0]
[null,null,null,null,null,null,null,null,null,null,null,null,null,null,null,null,null,null,null,null,null,0]
[null,null,null,null,null,null,null,null,null,null,null,null,null,null,null,null,null,null,null,null,null,0]
[null,null,null,null,null,null,null,null,null,null,null,null,null,null,null,null,null,null,null,null,null,0]
[null,null,null,null,null,null,null,null,null,null,null,null,null,null,null,null,null,null,null,null,null,0]
[null,null,null,null,null,null,null,null,null,null,null,null,null,null,null,null,null,null,null,null,null,0]
[null,null,null,null,null,null,null,null,null,null,null,null,null,null,null,null,null,null,null,null,null,0]
[null,null,null,null,null,null,null,null,null,null,null,null,null,null,null,null,null,null,null,null,null,0]
[null,null,null,null,null,null,null,null,null,null,null,null,null,null,null,null,null,null,null,null,null,0]
[null,null,null,null,null,null,null,null,null,null,null,null,null,null,null,null,null,null,null,null,null,0]
[null,null,null,null,null,null,null,null,null,null,null,null,null,null,null,null,null,null,null,null,null,0]
[null,null,null,null,null,null,null,null,null,null,null,null,null,null,null,null,null,null,null,null,null,0]
[null,null,null,null,null,null,null,null,null,null,null,null,null,null,null,null,null,null,null,null,null,0]
[null,null,null,null,null,null,null,null,null,null,null,null,null,null,null,null,null,null,null,null,null,0]
[null,null,null,null,null,null,null,null,null,null,null,null,null,null,null,null,null,null,null,null,null,0]
[null,null,null,null,null,null,null,null,null,null,null,null,null,null,null,null,null,null,null,null,null,0]
[null,null,null,null,null,null,null,null,null,null,null,null,null,null,null,null,null,null,null,null,null,0]
[null,null,null,null,null,null,null,null,null,null,null,null,null,null,null,null,null,null,null,null,null,0]
[null,null,null,null,null,null,null,null,null,null,null,null,null,null,null,null,null,null,null,null,null,0]
[null,null,null,null,null,null,null,null,null,null,null,null,null,null,null,null,null,null,null,null,null,0]
[null,null,null,null,null,null,null,null,null,null,null,null,null,null,null,null,null,null,null,null,null,0]
[null,null,null,null,null,null,null,null,null,null,null,null,null,null,null,null,null,null,null,null,null,0]
[null,null,null,null,null,null,null,null,null,null,null,null,null,null,null,null,null,null,null,null,null,0]
[null,null,null,null,null,null,null,null,null,null,null,null,null,null,null,null,null,null,null,null,null,0]
[null,null,null,null,null,null,null,null,null,null,null,null,null,null,null,null,null,null,null,null,null,0]
[null,null,null,null,null,null,null,null,null,null,null,null,null,null,null,null,null,null,null,null,null,0]
[null,null,null,null,null,null,null,null,null,null,null,null,null,null,null,null,null,null,null,null,null,0]
[null,null,null,null,null,null,null,null,null,null,null,null,null,null,null,null,null,null,null,null,null,0]
[null,null,null,null,null,null,null,null,null,null,null,null,null,null,null,null,null,null,null,null,null,0]
[null,null,null,null,null,null,null,null,null,null,null,null,null,null,null,null,null,null,null,null,null,0]
[null,null,null,null,null,null,null,null,null,null,null,null,null,null,null,null,null,null,null,null,null,0]
[null,null,null,null,null,null,null,null,null,null,null,null,null,null,null,null,null,null,null,null,null,0]
[null,null,null,null,null,null,null,null,null,null,null,null,null,null,null,null,null,null,null,null,null,0]
[null,null,null,null,null,null,null,null,null,null,null,null,null,null,null,null,null,null,null,null,null,0]
[null,null,null,null,null,null,null,null,null,null,null,null,null,null,null,null,null,null,null,null,null,0]
[null,null,null,null,null,null,null,null,null,null,null,null,null,null,null,null,null,null,null,null,null,0]
[null,null,null,null,null,null,null,null,null,null,null,null,null,null,null,null,null,null,null,null,null,0]
[null,null,null,null,null,null,null,null,null,null,null,null,null,null,null,null,null,null,null,null,null,0]
[null,null,null,null,null,null,null,null,null,null,null,null,null,null,null,null,null,null,null,null,null,0]
[null,null,null,null,null,null,null,null,null,null,null,null,null,null,null,null,null,null,null,null,null,0]
[null,null,null,null,null,null,null,null,null,null,null,null,null,null,null,null,null,null,null,null,null,0]
[null,null,null,null,null,null,null,null,null,null,null,null,null,null,null,null,null,null,null,null,null,0]
[null,null,null,null,null,null,null,null,null,null,null,null,null,null,null,null,null,null,null,null,null,0]
[null,null,null,null,null,null,null,null,null,null,null,null,null,null,null,null,null,null,null,null,null,0]
[null,null,null,null,null,null,null,null,null,null,null,null,null,null,null,null,null,null,null,null,null,0]
[null,null,null,null,null,null,null,null,null,null,null,null,null,null,null,null,null,null,null,null,null,0]
[null,null,null,null,null,null,null,null,null,null,null,null,null,null,null,null,null,null,null,null,null,0]
[null,null,null,null,null,null,null,null,null,null,null,null,null,null,null,null,null,null,null,null,null,0]
[null,null,null,null,null,null,null,null,null,null,null,null,null,null,null,null,null,null,null,null,null,0]
[null,null,null,null,null,null,null,null,null,null,null,null,null,null,null,null,null,null,null,null,null,0]
[null,null,null,null,null,null,null,null,null,null,null,null,null,null,null,null,null,null,null,null,null,0]
[null,null,null,null,null,null,null,null,null,null,null,null,null,null,null,null,null,null,null,null,null,0]
[null,null,null,null,null,null,null,null,null,null,null,null,null,null,null,null,null,null,null,null,null,0]
[null,null,null,null,null,null,null,null,null,null,null,null,null,null,null,null,null,null,null,null,null,0]
[null,null,null,null,null,null,null,null,null,null,null,null,null,null,null,null,null,null,null,null,null,0]
[null,null,null,null,null,null,null,null,null,null,null,null,null,null,null,null,null,null,null,null,null,0]
[null,null,null,null,null,null,null,null,null,null,null,null,null,null,null,null,null,null,null,null,null,0]
[null,null,null,null,null,null,null,null,null,null,null,null,null,null,null,null,null,null,null,null,null,0]
[null,null,null,null,null,null,null,null,null,null,null,null,null,null,null,null,null,null,null,null,null,0]
[null,null,null,null,null,null,null,null,null,null,null,null,null,null,null,null,null,null,null,null,null,0]
[null,null,null,null,null,null,null,null,null,null,null,null,null,null,null,null,null,null,null,null,null,0]
[null,null,null,null,null,null,null,null,null,null,null,null,null,null,null,null,null,null,null,null,null,0]
[null,null,null,null,null,null,null,null,null,null,null,null,null,null,null,null,null,null,null,null,null,0]
[null,null,null,null,null,null,null,null,null,null,null,null,null,null,null,null,null,null,null,null,null,0]
[null,null,null,null,null,null,null,null,null,null,null,null,null,null,null,null,null,null,null,null,null,0]
[null,null,null,null,null,null,null,null,null,null,null,null,null,null,null,null,null,null,null,null,null,0]
[null,null,null,null,null,null,null,null,null,null,null,null,null,null,null,null,null,null,null,null,null,0]
[null,null,null,null,null,null,null,null,null,null,null,null,null,null,null,null,null,null,null,null,null,0]
[null,null,null,null,null,null,null,null,null,null,null,null,null,null,null,null,null,null,null,null,null,0]
[null,null,null,null,null,null,null,null,null,null,null,null,null,null,null,null,null,null,null,null,null,0]
[null,null,null,null,null,null,null,null,null,null,null,null,null,null,null,null,null,null,null,null,null,0]
[null,null,null,null,null,null,null,null,null,null,null,null,null,null,null,null,null,null,null,null,null,0]
[null,null,null,null,null,null,null,null,null,null,null,null,null,null,null,null,null,null,null,null,null,0]
[null,null,null,null,null,null,null,null,null,null,null,null,null,null,null,null,null,null,null,null,null,0]
[null,null,null,null,null,null,null,null,null,null,null,null,null,null,null,null,null,null,null,null,null,0]
[null,null,null,null,null,null,null,null,null,null,null,null,null,null,null,null,null,null,null,null,null,0]
[null,null,null,null,null,null,null,null,null,null,null,null,null,null,null,null,null,null,null,null,null,0]
[null,null,null,null,null,null,null,null,null,null,null,null,null,null,null,null,null,null,null,null,null,0]
[null,null,null,null,null,null,null,null,null,null,null,null,null,null,null,null,null,null,null,null,null,0]
[null,null,null,null,null,null,null,null,null,null,null,null,null,null,null,null,null,null,null,null,null,0]
[null,null,null,null,null,null,null,null,null,null,null,null,null,null,null,null,null,null,null,null,null,0]
[null,null,null,null,null,null,null,null,null,null,null,null,null,null,null,null,null,null,null,null,null,0]
[null,null,null,null,null,null,null,null,null,null,null,null,null,null,null,null,null,null,null,null,null,0]
[null,null,null,null,null,null,null,null,null,null,null,null,null,null,null,null,null,null,null,null,null,0]
[null,null,null,null,null,null,null,null,null,null,null,null,null,null,null,null,null,null,null,null,null,0]
[null,null,null,null,null,null,null,null,null,null,null,null,null,null,null,null,null,null,null,null,null,0]
[null,null,null,null,null,null,null,null,null,null,null,null,null,null,null,null,null,null,null,null,null,0]
[null,null,null,null,null,null,null,null,null,null,null,null,null,null,null,null,null,null,null,null,null,0]
[null,null,null,null,null,null,null,null,null,null,null,null,null,null,null,null,null,null,null,null,null,0]
[null,null,null,null,null,null,null,null,null,null,null,null,null,null,null,null,null,null,null,null,null,0]
[null,null,null,null,null,null,null,null,null,null,null,null,null,null,null,null,null,null,null,null,null,0]
[null,null,null,null,null,null,null,null,null,null,null,null,null,null,null,null,null,null,null,null,null,0]
[null,null,null,null,null,null,null,null,null,null,null,null,null,null,null,null,null,null,null,null,null,0]
[null,null,null,null,null,null,null,null,null,null,null,null,null,null,null,null,null,null,null,null,null,0]
[null,null,null,null,null,null,null,null,null,null,null,null,null,null,null,null,null,null,null,null,null,0]
[null,null,null,null,null,null,null,null,null,null,null,null,null,null,null,null,null,null,null,null,null,0]
[null,null,null,null,null,null,null,null,null,null,null,null,null,null,null,null,null,null,null,null,null,0]
[null,null,null,null,null,null,null,null,null,null,null,null,null,null,null,null,null,null,null,null,null,0]
[null,null,null,null,null,null,null,null,null,null,null,null,null,null,null,null,null,null,null,null,null,0]
[null,null,null,null,null,null,null,null,null,null,null,null,null,null,null,null,null,null,null,null,null,0]
[null,null,null,null,null,null,null,null,null,null,null,null,null,null,null,null,null,null,null,null,null,0]
[null,null,null,null,null,null,null,null,null,null,null,null,null,null,null,null,null,null,null,null,null,0]
[null,null,null,null,null,null,null,null,null,null,null,null,null,null,null,null,null,null,null,null,null,0]
[null,null,null,null,null,null,null,null,null,null,null,null,null,null,null,null,null,null,null,null,null,0]
[null,null,null,null,null,null,null,null,null,null,null,null,null,null,null,null,null,null,null,null,null,0]
[null,null,null,null,null,null,null,null,null,null,null,null,null,null,null,null,null,null,null,null,null,0]
[null,null,null,null,null,null,null,null,null,null,null,null,null,null,null,null,null,null,null,null,null,0]
[null,null,null,null,null,null,null,null,null,null,null,null,null,null,null,null,null,null,null,null,null,0]
[null,null,null,null,null,null,null,null,null,null,null,null,null,null,null,null,null,null,null,null,null,0]
[null,null,null,null,null,null,null,null,null,null,null,null,null,null,null,null,null,null,null,null,null,0]
[null,null,null,null,null,null,null,null,null,null,null,null,null,null,null,null,null,null,null,null,null,0]
[null,null,null,null,null,null,null,null,null,null,null,null,null,null,null,null,null,null,null,null,null,0]
[null,null,null,null,null,null,null,null,null,null,null,null,null,null,null,null,null,null,null,null,null,0]
[null,null,null,null,null,null,null,null,null,null,null,null,null,null,null,null,null,null,null,null,null,0]
[null,null,null,null,null,null,null,null,null,null,null,null,null,null,null,null,null,null,null,null,null,0]
[null,null,null,null,null,null,null,null,null,null,null,null,null,null,null,null,null,null,null,null,null,0]
[null,null,null,null,null,null,null,null,null,null,null,null,null,null,null,null,null,null,null,null,null,0]
[null,null,null,null,null,null,null,null,null,null,null,null,null,null,null,null,null,null,null,null,null,0]
[null,null,null,null,null,null,null,null,null,null,null,null,null,null,null,null,null,null,null,null,null,0]
[null,null,null,null,null,null,null,null,null,null,null,null,null,null,null,null,null,null,null,null,null,0]
[null,null,null,null,null,null,null,null,null,null,null,null,null,null,null,null,null,null,null,null,null,0]
[null,null,null,null,null,null,null,null,null,null,null,null,null,null,null,null,null,null,null,null,null,0]
[null,null,null,null,null,null,null,null,null,null,null,null,null,null,null,null,null,null,null,null,null,0]
[null,null,null,null,null,null,null,null,null,null,null,null,null,null,null,null,null,null,null,null,null,0]
[null,null,null,null,null,null,null,null,null,null,null,null,null,null,null,null,null,null,null,null,null,0]
[null,null,null,null,null,null,null,null,null,null,null,null,null,null,null,null,null,null,null,null,null,0]
[null,null,null,null,null,null,null,null,null,null,null,null,null,null,null,null,null,null,null,null,null,0]
[null,null,null,null,null,null,null,null,null,null,null,null,null,null,null,null,null,null,null,null,null,0]
[null,null,null,null,null,null,null,null,null,null,null,null,null,null,null,null,null,null,null,null,null,0]
[null,null,null,null,null,null,null,null,null,null,null,null,null,null,null,null,null,null,null,null,null,0]
[null,null,null,null,null,null,null,null,null,null,null,null,null,null,null,null,null,null,null,null,null,0]
[null,null,null,null,null,null,null,null,null,null,null,null,null,null,null,null,null,null,null,null,null,0]
[null,null,null,null,null,null,null,null,null,null,null,null,null,null,null,null,null,null,null,null,null,0]
[null,null,null,null,null,null,null,null,null,null,null,null,null,null,null,null,null,null,null,null,null,0]
[null,null,null,null,null,null,null,null,null,null,null,null,null,null,null,null,null,null,null,null,null,0]
[null,null,null,null,null,null,null,null,null,null,null,null,null,null,null,null,null,null,null,null,null,0]
[null,null,null,null,null,null,null,null,null,null,null,null,null,null,null,null,null,null,null,null,null,0]
[null,null,null,null,null,null,null,null,null,null,null,null,null,null,null,null,null,null,null,null,null,0]
[null,null,null,null,null,null,null,null,null,null,null,null,null,null,null,null,null,null,null,null,null,0]
[null,null,null,null,null,null,null,null,null,null,null,null,null,null,null,null,null,null,null,null,null,0]
[null,null,null,null,null,null,null,null,null,null,null,null,null,null,null,null,null,null,null,null,null,0]
[null,null,null,null,null,null,null,null,null,null,null,null,null,null,null,null,null,null,null,null,null,0]
[null,null,null,null,null,null,null,null,null,null,null,null,null,null,null,null,null,null,null,null,null,0]
[null,null,null,null,null,null,null,null,null,null,null,null,null,null,null,null,null,null,null,null,null,0]
[null,null,null,null,null,null,null,null,null,null,null,null,null,null,null,null,null,null,null,null,null,0]
[null,null,null,null,null,null,null,null,null,null,null,null,null,null,null,null,null,null,null,null,null,0]
[null,null,null,null,null,null,null,null,null,null,null,null,null,null,null,null,null,null,null,null,null,0]
[null,null,null,null,null,null,null,null,null,null,null,null,null,null,null,null,null,null,null,null,null,0]
[null,null,null,null,null,null,null,null,null,null,null,null,null,null,null,null,null,null,null,null,null,0]
[null,null,null,null,null,null,null,null,null,null,null,null,null,null,null,null,null,null,null,null,null,0]
[null,null,null,null,null,null,null,null,null,null,null,null,null,null,null,null,null,null,null,null,null,0]
[null,null,null,null,null,null,null,null,null,null,null,null,null,null,null,null,null,null,null,null,null,0]
[null,null,null,null,null,null,null,null,null,null,null,null,null,null,null,null,null,null,null,null,null,0]
[null,null,null,null,null,null,null,null,null,null,null,null,null,null,null,null,null,null,null,null,null,0]
[null,null,null,null,null,null,null,null,null,null,null,null,null,null,null,null,null,null,null,null,null,0]
[null,null,null,null,null,null,null,null,null,null,null,null,null,null,null,null,null,null,null,null,null,0]
[null,null,null,null,null,null,null,null,null,null,null,null,null,null,null,null,null,null,null,null,null,0]
[null,null,null,null,null,null,null,null,null,null,null,null,null,null,null,null,null,null,null,null,null,0]
[null,null,null,null,null,null,null,null,null,null,null,null,null,null,null,null,null,null,null,null,null,0]
[null,null,null,null,null,null,null,null,null,null,null,null,null,null,null,null,null,null,null,null,null,0]
[null,null,null,null,null,null,null,null,null,null,null,null,null,null,null,null,null,null,null,null,null,0]
[null,null,null,null,null,null,null,null,null,null,null,null,null,null,null,null,null,null,null,null,null,0]
[null,null,null,null,null,null,null,null,null,null,null,null,null,null,null,null,null,null,null,null,null,0]
[null,null,null,null,null,null,null,null,null,null,null,null,null,null,null,null,null,null,null,null,null,0]
[null,null,null,null,null,null,null,null,null,null,null,null,null,null,null,null,null,null,null,null,null,0]
[null,null,null,null,null,null,null,null,null,null,null,null,null,null,null,null,null,null,null,null,null,0]
[null,null,null,null,null,null,null,null,null,null,null,null,null,null,null,null,null,null,null,null,null,0]
[null,null,null,null,null,null,null,null,null,null,null,null,null,null,null,null,null,null,null,null,null,0]
[null,null,null,null,null,null,null,null,null,null,null,null,null,null,null,null,null,null,null,null,null,0]
[null,null,null,null,null,null,null,null,null,null,null,null,null,null,null,null,null,null,null,null,null,0]
[null,null,null,null,null,null,null,null,null,null,null,null,null,null,null,null,null,null,null,null,null,0]
[null,null,null,null,null,null,null,null,null,null,null,null,null,null,null,null,null,null,null,null,null,0]
[null,null,null,null,null,null,null,null,null,null,null,null,null,null,null,null,null,null,null,null,null,0]
[null,null,null,null,null,null,null,null,null,null,null,null,null,null,null,null,null,null,null,null,null,0]
[null,null,null,null,null,null,null,null,null,null,null,null,null,null,null,null,null,null,null,null,null,0]
[null,null,null,null,null,null,null,null,null,null,null,null,null,null,null,null,null,null,null,null,null,0]
[null,null,null,null,null,null,null,null,null,null,null,null,null,null,null,null,null,null,null,null,null,0]
[null,null,null,null,null,null,null,null,null,null,null,null,null,null,null,null,null,null,null,null,null,0]
[null,null,null,null,null,null,null,null,null,null,null,null,null,null,null,null,null,null,null,null,null,0]
[null,null,null,null,null,null,null,null,null,null,null,null,null,null,null,null,null,null,null,null,null,0]
[null,null,null,null,null,null,null,null,null,null,null,null,null,null,null,null,null,null,null,null,null,0]
[null,null,null,null,null,null,null,null,null,null,null,null,null,null,null,null,null,null,null,null,null,0]
[null,null,null,null,null,null,null,null,null,null,null,null,null,null,null,null,null,null,null,null,null,0]
[null,null,null,null,null,null,null,null,null,null,null,null,null,null,null,null,null,null,null,null,null,0]
[null,null,null,null,null,null,null,null,null,null,null,null,null,null,null,null,null,null,null,null,null,0]
[null,null,null,null,null,null,null,null,null,null,null,null,null,null,null,null,null,null,null,null,null,0]
[null,null,null,null,null,null,null,null,null,null,null,null,null,null,null,null,null,null,null,null,null,0]
[null,null,null,null,null,null,null,null,null,null,null,null,null,null,null,null,null,null,null,null,null,0]
[null,null,null,null,null,null,null,null,null,null,null,null,null,null,null,null,null,null,null,null,null,0]
[null,null,null,null,null,null,null,null,null,null,null,null,null,null,null,null,null,null,null,null,null,0]
[null,null,null,null,null,null,null,null,null,null,null,null,null,null,null,null,null,null,null,null,null,0]
[null,null,null,null,null,null,null,null,null,null,null,null,null,null,null,null,null,null,null,null,null,0]
[null,null,null,null,null,null,null,null,null,null,null,null,null,null,null,null,null,null,null,null,null,0]
[null,null,null,null,null,null,null,null,null,null,null,null,null,null,null,null,null,null,null,null,null,0]
[null,null,null,null,null,null,null,null,null,null,null,null,null,null,null,null,null,null,null,null,null,0]
[null,null,null,null,null,null,null,null,null,null,null,null,null,null,null,null,null,null,null,null,null,0]
[null,null,null,null,null,null,null,null,null,null,null,null,null,null,null,null,null,null,null,null,null,0]
[null,null,null,null,null,null,null,null,null,null,null,null,null,null,null,null,null,null,null,null,null,0]
[null,null,null,null,null,null,null,null,null,null,null,null,null,null,null,null,null,null,null,null,null,0]
[null,null,null,null,null,null,null,null,null,null,null,null,null,null,null,null,null,null,null,null,null,0]
[null,null,null,null,null,null,null,null,null,null,null,null,null,null,null,null,null,null,null,null,null,0]
[null,null,null,null,null,null,null,null,null,null,null,null,null,null,null,null,null,null,null,null,null,0]
[null,null,null,null,null,null,null,null,null,null,null,null,null,null,null,null,null,null,null,null,null,0]
[null,null,null,null,null,null,null,null,null,null,null,null,null,null,null,null,null,null,null,null,null,0]
[null,null,null,null,null,null,null,null,null,null,null,null,null,null,null,null,null,null,null,null,null,0]
[null,null,null,null,null,null,null,null,null,null,null,null,null,null,null,null,null,null,null,null,null,0]
[null,null,null,null,null,null,null,null,null,null,null,null,null,null,null,null,null,null,null,null,null,0]
[null,null,null,null,null,null,null,null,null,null,null,null,null,null,null,null,null,null,null,null,null,0]
[null,null,null,null,null,null,null,null,null,null,null,null,null,null,null,null,null,null,null,null,null,0]
[null,null,null,null,null,null,null,null,null,null,null,null,null,null,null,null,null,null,null,null,null,0]
[null,null,null,null,null,null,null,null,null,null,null,null,null,null,null,null,null,null,null,null,null,0]
[null,null,null,null,null,null,null,null,null,null,null,null,null,null,null,null,null,null,null,null,null,0]
[null,null,null,null,null,null,null,null,null,null,null,null,null,null,null,null,null,null,null,null,null,0]
[null,null,null,null,null,null,null,null,null,null,null,null,null,null,null,null,null,null,null,null,null,0]
[null,null,null,null,null,null,null,null,null,null,null,null,null,null,null,null,null,null,null,null,null,0]
[null,null,null,null,null,null,null,null,null,null,null,null,null,null,null,null,null,null,null,null,null,0]
[null,null,null,null,null,null,null,null,null,null,null,null,null,null,null,null,null,null,null,null,null,0]
[null,null,null,null,null,null,null,null,null,null,null,null,null,null,null,null,null,null,null,null,null,0]
[null,null,null,null,null,null,null,null,null,null,null,null,null,null,null,null,null,null,null,null,null,0]
[null,null,null,null,null,null,null,null,null,null,null,null,null,null,null,null,null,null,null,null,null,0]
[null,null,null,null,null,null,null,null,null,null,null,null,null,null,null,null,null,null,null,null,null,0]
[null,null,null,null,null,null,null,null,null,null,null,null,null,null,null,null,null,null,null,null,null,0]
[null,null,null,null,null,null,null,null,null,null,null,null,null,null,null,null,null,null,null,null,null,0]
[null,null,null,null,null,null,null,null,null,null,null,null,null,null,null,null,null,null,null,null,null,0]
[null,null,null,null,null,null,null,null,null,null,null,null,null,null,null,null,null,null,null,null,null,0]
[null,null,null,null,null,null,null,null,null,null,null,null,null,null,null,null,null,null,null,null,null,0]
[null,null,null,null,null,null,null,null,null,null,null,null,null,null,null,null,null,null,null,null,null,0]
[null,null,null,null,null,null,null,null,null,null,null,null,null,null,null,null,null,null,null,null,null,0]
[null,null,null,null,null,null,null,null,null,null,null,null,null,null,null,null,null,null,null,null,null,0]
[null,null,null,null,null,null,null,null,null,null,null,null,null,null,null,null,null,null,null,null,null,0]
[null,null,null,null,null,null,null,null,null,null,null,null,null,null,null,null,null,null,null,null,null,0]
[null,null,null,null,null,null,null,null,null,null,null,null,null,null,null,null,null,null,null,null,null,0]
[null,null,null,null,null,null,null,null,null,null,null,null,null,null,null,null,null,null,null,null,null,0]
[null,null,null,null,null,null,null,null,null,null,null,null,null,null,null,null,null,null,null,null,null,0]
[null,null,null,null,null,null,null,null,null,null,null,null,null,null,null,null,null,null,null,null,null,0]
[null,null,null,null,null,null,null,null,null,null,null,null,null,null,null,null,null,null,null,null,null,0]
[null,null,null,null,null,null,null,null,null,null,null,null,null,null,null,null,null,null,null,null,null,0]
[null,null,null,null,null,null,null,null,null,null,null,null,null,null,null,null,null,null,null,null,null,0]
[null,null,null,null,null,null,null,null,null,null,null,null,null,null,null,null,null,null,null,null,null,0]
[null,null,null,null,null,null,null,null,null,null,null,null,null,null,null,null,null,null,null,null,null,0]
[null,null,null,null,null,null,null,null,null,null,null,null,null,null,null,null,null,null,null,null,null,0]
[null,null,null,null,null,null,null,null,null,null,null,null,null,null,null,null,null,null,null,null,null,0]
[null,null,null,null,null,null,null,null,null,null,null,null,null,null,null,null,null,null,null,null,null,0]
[null,null,null,null,null,null,null,null,null,null,null,null,null,null,null,null,null,null,null,null,null,0]
[null,null,null,null,null,null,null,null,null,null,null,null,null,null,null,null,null,null,null,null,null,0]
[null,null,null,null,null,null,null,null,null,null,null,null,null,null,null,null,null,null,null,null,null,0]
[null,null,null,null,null,null,null,null,null,null,null,null,null,null,null,null,null,null,null,null,null,0]
[null,null,null,null,null,null,null,null,null,null,null,null,null,null,null,null,null,null,null,null,null,0]
[null,null,null,null,null,null,null,null,null,null,null,null,null,null,null,null,null,null,null,null,null,0]
[null,null,null,null,null,null,null,null,null,null,null,null,null,null,null,null,null,null,null,null,null,0]
[null,null,null,null,null,null,null,null,null,null,null,null,null,null,null,null,null,null,null,null,null,0]
[null,null,null,null,null,null,null,null,null,null,null,null,null,null,null,null,null,null,null,null,null,0]
[null,null,null,null,null,null,null,null,null,null,null,null,null,null,null,null,null,null,null,null,null,0]
[null,null,null,null,null,null,null,null,null,null,null,null,null,null,null,null,null,null,null,null,null,0]
[null,null,null,null,null,null,null,null,null,null,null,null,null,null,null,null,null,null,null,null,null,0]
[null,null,null,null,null,null,null,null,null,null,null,null,null,null,null,null,null,null,null,null,null,0]
[null,null,null,null,null,null,null,null,null,null,null,null,null,null,null,null,null,null,null,null,null,0]
[null,null,null,null,null,null,null,null,null,null,null,null,null,null,null,null,null,null,null,null,null,0]
[null,null,null,null,null,null,null,null,null,null,null,null,null,null,null,null,null,null,null,null,null,0]
[null,null,null,null,null,null,null,null,null,null,null,null,null,null,null,null,null,null,null,null,null,0]
[null,null,null,null,null,null,null,null,null,null,null,null,null,null,null,null,null,null,null,null,null,0]
[null,null,null,null,null,null,null,null,null,null,null,null,null,null,null,null,null,null,null,null,null,0]
[null,null,null,null,null,null,null,null,null,null,null,null,null,null,null,null,null,null,null,null,null,0]
[null,null,null,null,null,null,null,null,null,null,null,null,null,null,null,null,null,null,null,null,null,0]
[null,null,null,null,null,null,null,null,null,null,null,null,null,null,null,null,null,null,null,null,null,0]
[null,null,null,null,null,null,null,null,null,null,null,null,null,null,null,null,null,null,null,null,null,0]
[null,null,null,null,null,null,null,null,null,null,null,null,null,null,null,null,null,null,null,null,null,0]
[null,null,null,null,null,null,null,null,null,null,null,null,null,null,null,null,null,null,null,null,null,0]
[null,null,null,null,null,null,null,null,null,null,null,null,null,null,null,null,null,null,null,null,null,0]
[null,null,null,null,null,null,null,null,null,null,null,null,null,null,null,null,null,null,null,null,null,0]
[null,null,null,null,null,null,null,null,null,null,null,null,null,null,null,null,null,null,null,null,null,0]
[null,null,null,null,null,null,null,null,null,null,null,null,null,null,null,null,null,null,null,null,null,0]
[null,null,null,null,null,null,null,null,null,null,null,null,null,null,null,null,null,null,null,null,null,0]
[null,null,null,null,null,null,null,null,null,null,null,null,null,null,null,null,null,null,null,null,null,0]
[null,null,null,null,null,null,null,null,null,null,null,null,null,null,null,null,null,null,null,null,null,0]
[null,null,null,null,null,null,null,null,null,null,null,null,null,null,null,null,null,null,null,null,null,0]
[null,null,null,null,null,null,null,null,null,null,null,null,null,null,null,null,null,null,null,null,null,0]
[null,null,null,null,null,null,null,null,null,null,null,null,null,null,null,null,null,null,null,null,null,0]
[null,null,null,null,null,null,null,null,null,null,null,null,null,null,null,null,null,null,null,null,null,0]
[null,null,null,null,null,null,null,null,null,null,null,null,null,null,null,null,null,null,null,null,null,0]
[null,null,null,null,null,null,null,null,null,null,null,null,null,null,null,null,null,null,null,null,null,0]
[null,null,null,null,null,null,null,null,null,null,null,null,null,null,null,null,null,null,null,null,null,0]
[null,null,null,null,null,null,null,null,null,null,null,null,null,null,null,null,null,null,null,null,null,0]
[null,null,null,null,null,null,null,null,null,null,null,null,null,null,null,null,null,null,null,null,null,0]
[null,null,null,null,null,null,null,null,null,null,null,null,null,null,null,null,null,null,null,null,null,0]
[null,null,null,null,null,null,null,null,null,null,null,null,null,null,null,null,null,null,null,null,null,0]
[null,null,null,null,null,null,null,null,null,null,null,null,null,null,null,null,null,null,null,null,null,0]
[null,null,null,null,null,null,null,null,null,null,null,null,null,null,null,null,null,null,null,null,null,0]
[null,null,null,null,null,null,null,null,null,null,null,null,null,null,null,null,null,null,null,null,null,0]
[null,null,null,null,null,null,null,null,null,null,null,null,null,null,null,null,null,null,null,null,null,0]
[null,null,null,null,null,null,null,null,null,null,null,null,null,null,null,null,null,null,null,null,null,0]
[null,null,null,null,null,null,null,null,null,null,null,null,null,null,null,null,null,null,null,null,null,0]
[null,null,null,null,null,null,null,null,null,null,null,null,null,null,null,null,null,null,null,null,null,0]
[null,null,null,null,null,null,null,null,null,null,null,null,null,null,null,null,null,null,null,null,null,0]
[null,null,null,null,null,null,null,null,null,null,null,null,null,null,null,null,null,null,null,null,null,0]
[null,null,null,null,null,null,null,null,null,null,null,null,null,null,null,null,null,null,null,null,null,0]
[null,null,null,null,null,null,null,null,null,null,null,null,null,null,null,null,null,null,null,null,null,0]
[null,null,null,null,null,null,null,null,null,null,null,null,null,null,null,null,null,null,null,null,null,0]
[null,null,null,null,null,null,null,null,null,null,null,null,null,null,null,null,null,null,null,null,null,0]
[null,null,null,null,null,null,null,null,null,null,null,null,null,null,null,null,null,null,null,null,null,0]
[null,null,null,null,null,null,null,null,null,null,null,null,null,null,null,null,null,null,null,null,null,0]
[null,null,null,null,null,null,null,null,null,null,null,null,null,null,null,null,null,null,null,null,null,0]
[null,null,null,null,null,null,null,null,null,null,null,null,null,null,null,null,null,null,null,null,null,0]
[null,null,null,null,null,null,null,null,null,null,null,null,null,null,null,null,null,null,null,null,null,0]
[null,null,null,null,null,null,null,null,null,null,null,null,null,null,null,null,null,null,null,null,null,0]
[null,null,null,null,null,null,null,null,null,null,null,null,null,null,null,null,null,null,null,null,null,0]
[null,null,null,null,null,null,null,null,null,null,null,null,null,null,null,null,null,null,null,null,null,0]
[null,null,null,null,null,null,null,null,null,null,null,null,null,null,null,null,null,null,null,null,null,0]
[null,null,null,null,null,null,null,null,null,null,null,null,null,null,null,null,null,null,null,null,null,0]
[null,null,null,null,null,null,null,null,null,null,null,null,null,null,null,null,null,null,null,null,null,0]
[null,null,null,null,null,null,null,null,null,null,null,null,null,null,null,null,null,null,null,null,null,0]
[null,null,null,null,null,null,null,null,null,null,null,null,null,null,null,null,null,null,null,null,null,0]
[null,null,null,null,null,null,null,null,null,null,null,null,null,null,null,null,null,null,null,null,null,0]
[null,null,null,null,null,null,null,null,null,null,null,null,null,null,null,null,null,null,null,null,null,0]
[null,null,null,null,null,null,null,null,null,null,null,null,null,null,null,null,null,null,null,null,null,0]
[null,null,null,null,null,null,null,null,null,null,null,null,null,null,null,null,null,null,null,null,null,0]
[null,null,null,null,null,null,null,null,null,null,null,null,null,null,null,null,null,null,null,null,null,0]
[null,null,null,null,null,null,null,null,null,null,null,null,null,null,null,null,null,null,null,null,null,0]
[null,null,null,null,null,null,null,null,null,null,null,null,null,null,null,null,null,null,null,null,null,0]
[null,null,null,null,null,null,null,null,null,null,null,null,null,null,null,null,null,null,null,null,null,0]
[null,null,null,null,null,null,null,null,null,null,null,null,null,null,null,null,null,null,null,null,null,0]
[null,null,null,null,null,null,null,null,null,null,null,null,null,null,null,null,null,null,null,null,null,0]
[null,null,null,null,null,null,null,null,null,null,null,null,null,null,null,null,null,null,null,null,null,0]
[null,null,null,null,null,null,null,null,null,null,null,null,null,null,null,null,null,null,null,null,null,0]
[null,null,null,null,null,null,null,null,null,null,null,null,null,null,null,null,null,null,null,null,null,0]
[null,null,null,null,null,null,null,null,null,null,null,null,null,null,null,null,null,null,null,null,null,0]
[null,null,null,null,null,null,null,null,null,null,null,null,null,null,null,null,null,null,null,null,null,0]
[null,null,null,null,null,null,null,null,null,null,null,null,null,null,null,null,null,null,null,null,null,0]
[null,null,null,null,null,null,null,null,null,null,null,null,null,null,null,null,null,null,null,null,null,0]
[null,null,null,null,null,null,null,null,null,null,null,null,null,null,null,null,null,null,null,null,null,0]
[null,null,null,null,null,null,null,null,null,null,null,null,null,null,null,null,null,null,null,null,null,0]
[null,null,null,null,null,null,null,null,null,null,null,null,null,null,null,null,null,null,null,null,null,0]
[null,null,null,null,null,null,null,null,null,null,null,null,null,null,null,null,null,null,null,null,null,0]
[null,null,null,null,null,null,null,null,null,null,null,null,null,null,null,null,null,null,null,null,null,0]
[null,null,null,null,null,null,null,null,null,null,null,null,null,null,null,null,null,null,null,null,null,0]
[null,null,null,null,null,null,null,null,null,null,null,null,null,null,null,null,null,null,null,null,null,0]
[null,null,null,null,null,null,null,null,null,null,null,null,null,null,null,null,null,null,null,null,null,0]
[null,null,null,null,null,null,null,null,null,null,null,null,null,null,null,null,null,null,null,null,null,0]
[null,null,null,null,null,null,null,null,null,null,null,null,null,null,null,null,null,null,null,null,null,0]
[null,null,null,null,null,null,null,null,null,null,null,null,null,null,null,null,null,null,null,null,null,0]
[null,null,null,null,null,null,null,null,null,null,null,null,null,null,null,null,null,null,null,null,null,0]
[null,null,null,null,null,null,null,null,null,null,null,null,null,null,null,null,null,null,null,null,null,0]
[null,null,null,null,null,null,null,null,null,null,null,null,null,null,null,null,null,null,null,null,null,0]
[null,null,null,null,null,null,null,null,null,null,null,null,null,null,null,null,null,null,null,null,null,0]
[null,null,null,null,null,null,null,null,null,null,null,null,null,null,null,null,null,null,null,null,null,0]
[null,null,null,null,null,null,null,null,null,null,null,null,null,null,null,null,null,null,null,null,null,0]
[null,null,null,null,null,null,null,null,null,null,null,null,null,null,null,null,null,null,null,null,null,0]
[null,null,null,null,null,null,null,null,null,null,null,null,null,null,null,null,null,null,null,null,null,0]
[null,null,null,null,null,null,null,null,null,null,null,null,null,null,null,null,null,null,null,null,null,0]
[null,null,null,null,null,null,null,null,null,null,null,null,null,null,null,null,null,null,null,null,null,0]
[null,null,null,null,null,null,null,null,null,null,null,null,null,null,null,null,null,null,null,null,null,0]
[null,null,null,null,null,null,null,null,null,null,null,null,null,null,null,null,null,null,null,null,null,0]
[null,null,null,null,null,null,null,null,null,null,null,null,null,null,null,null,null,null,null,null,null,0]
[null,null,null,null,null,null,null,null,null,null,null,null,null,null,null,null,null,null,null,null,null,0]
[null,null,null,null,null,null,null,null,null,null,null,null,null,null,null,null,null,null,null,null,null,0]
[null,null,null,null,null,null,null,null,null,null,null,null,null,null,null,null,null,null,null,null,null,0]
[null,null,null,null,null,null,null,null,null,null,null,null,null,null,null,null,null,null,null,null,null,0]
[null,null,null,null,null,null,null,null,null,null,null,null,null,null,null,null,null,null,null,null,null,0]
[null,null,null,null,null,null,null,null,null,null,null,null,null,null,null,null,null,null,null,null,null,0]
[null,null,null,null,null,null,null,null,null,null,null,null,null,null,null,null,null,null,null,null,null,0]
[null,null,null,null,null,null,null,null,null,null,null,null,null,null,null,null,null,null,null,null,null,0]
[null,null,null,null,null,null,null,null,null,null,null,null,null,null,null,null,null,null,null,null,null,0]
[null,null,null,null,null,null,null,null,null,null,null,null,null,null,null,null,null,null,null,null,null,0]
[null,null,null,null,null,null,null,null,null,null,null,null,null,null,null,null,null,null,null,null,null,0]
[null,null,null,null,null,null,null,null,null,null,null,null,null,null,null,null,null,null,null,null,null,0]
[null,null,null,null,null,null,null,null,null,null,null,null,null,null,null,null,null,null,null,null,null,0]
[null,null,null,null,null,null,null,null,null,null,null,null,null,null,null,null,null,null,null,null,null,0]
[null,null,null,null,null,null,null,null,null,null,null,null,null,null,null,null,null,null,null,null,null,0]
[null,null,null,null,null,null,null,null,null,null,null,null,null,null,null,null,null,null,null,null,null,0]
[null,null,null,null,null,null,null,null,null,null,null,null,null,null,null,null,null,null,null,null,null,0]
[null,null,null,null,null,null,null,null,null,null,null,null,null,null,null,null,null,null,null,null,null,0]
[null,null,null,null,null,null,null,null,null,null,null,null,null,null,null,null,null,null,null,null,null,0]
[null,null,null,null,null,null,null,null,null,null,null,null,null,null,null,null,null,null,null,null,null,0]
[null,null,null,null,null,null,null,null,null,null,null,null,null,null,null,null,null,null,null,null,null,0]
[null,null,null,null,null,null,null,null,null,null,null,null,null,null,null,null,null,null,null,null,null,0]
[null,null,null,null,null,null,null,null,null,null,null,null,null,null,null,null,null,null,null,null,null,0]
[null,null,null,null,null,null,null,null,null,null,null,null,null,null,null,null,null,null,null,null,null,0]
[null,null,null,null,null,null,null,null,null,null,null,null,null,null,null,null,null,null,null,null,null,0]
[null,null,null,null,null,null,null,null,null,null,null,null,null,null,null,null,null,null,null,null,null,0]
[null,null,null,null,null,null,null,null,null,null,null,null,null,null,null,null,null,null,null,null,null,0]
[null,null,null,null,null,null,null,null,null,null,null,null,null,null,null,null,null,null,null,null,null,0]
[null,null,null,null,null,null,null,null,null,null,null,null,null,null,null,null,null,null,null,null,null,0]
[null,null,null,null,null,null,null,null,null,null,null,null,null,null,null,null,null,null,null,null,null,0]
[null,null,null,null,null,null,null,null,null,null,null,null,null,null,null,null,null,null,null,null,null,0]
[null,null,null,null,null,null,null,null,null,null,null,null,null,null,null,null,null,null,null,null,null,0]
[null,null,null,null,null,null,null,null,null,null,null,null,null,null,null,null,null,null,null,null,null,0]
[null,null,null,null,null,null,null,null,null,null,null,null,null,null,null,null,null,null,null,null,null,0]
[null,null,null,null,null,null,null,null,null,null,null,null,null,null,null,null,null,null,null,null,null,0]
[null,null,null,null,null,null,null,null,null,null,null,null,null,null,null,null,null,null,null,null,null,0]
[null,null,null,null,null,null,null,null,null,null,null,null,null,null,null,null,null,null,null,null,null,0]
[null,null,null,null,null,null,null,null,null,null,null,null,null,null,null,null,null,null,null,null,null,0]
[null,null,null,null,null,null,null,null,null,null,null,null,null,null,null,null,null,null,null,null,null,0]
[null,null,null,null,null,null,null,null,null,null,null,null,null,null,null,null,null,null,null,null,null,0]
[null,null,null,null,null,null,null,null,null,null,null,null,null,null,null,null,null,null,null,null,null,0]
[null,null,null,null,null,null,null,null,null,null,null,null,null,null,null,null,null,null,null,null,null,0]
[null,null,null,null,null,null,null,null,null,null,null,null,null,null,null,null,null,null,null,null,null,0]
[null,null,null,null,null,null,null,null,null,null,null,null,null,null,null,null,null,null,null,null,null,0]
[null,null,null,null,null,null,null,null,null,null,null,null,null,null,null,null,null,null,null,null,null,0]
[null,null,null,null,null,null,null,null,null,null,null,null,null,null,null,null,null,null,null,null,null,0]
[null,null,null,null,null,null,null,null,null,null,null,null,null,null,null,null,null,null,null,null,null,0]
[null,null,null,null,null,null,null,null,null,null,null,null,null,null,null,null,null,null,null,null,null,0]
[null,null,null,null,null,null,null,null,null,null,null,null,null,null,null,null,null,null,null,null,null,0]
[null,null,null,null,null,null,null,null,null,null,null,null,null,null,null,null,null,null,null,null,null,0]
[null,null,null,null,null,null,null,null,null,null,null,null,null,null,null,null,null,null,null,null,null,0]
[null,null,null,null,null,null,null,null,null,null,null,null,null,null,null,null,null,null,null,null,null,0]
[null,null,null,null,null,null,null,null,null,null,null,null,null,null,null,null,null,null,null,null,null,0]
[null,null,null,null,null,null,null,null,null,null,null,null,null,null,null,null,null,null,null,null,null,0]
[null,null,null,null,null,null,null,null,null,null,null,null,null,null,null,null,null,null,null,null,null,0]
[null,null,null,null,null,null,null,null,null,null,null,null,null,null,null,null,null,null,null,null,null,0]
[null,null,null,null,null,null,null,null,null,null,null,null,null,null,null,null,null,null,null,null,null,0]
[null,null,null,null,null,null,null,null,null,null,null,null,null,null,null,null,null,null,null,null,null,0]
[null,null,null,null,null,null,null,null,null,null,null,null,null,null,null,null,null,null,null,null,null,0]
[null,null,null,null,null,null,null,null,null,null,null,null,null,null,null,null,null,null,null,null,null,0]
[null,null,null,null,null,null,null,null,null,null,null,null,null,null,null,null,null,null,null,null,null,0]
[null,null,null,null,null,null,null,null,null,null,null,null,null,null,null,null,null,null,null,null,null,0]
[null,null,null,null,null,null,null,null,null,null,null,null,null,null,null,null,null,null,null,null,null,0]
[null,null,null,null,null,null,null,null,null,null,null,null,null,null,null,null,null,null,null,null,null,0]
[null,null,null,null,null,null,null,null,null,null,null,null,null,null,null,null,null,null,null,null,null,0]
[null,null,null,null,null,null,null,null,null,null,null,null,null,null,null,null,null,null,null,null,null,0]
[null,null,null,null,null,null,null,null,null,null,null,null,null,null,null,null,null,null,null,null,null,0]
[null,null,null,null,null,null,null,null,null,null,null,null,null,null,null,null,null,null,null,null,null,0]
[null,null,null,null,null,null,null,null,null,null,null,null,null,null,null,null,null,null,null,null,null,0]
[null,null,null,null,null,null,null,null,null,null,null,null,null,null,null,null,null,null,null,null,null,0]
[null,null,null,null,null,null,null,null,null,null,null,null,null,null,null,null,null,null,null,null,null,0]
[null,null,null,null,null,null,null,null,null,null,null,null,null,null,null,null,null,null,null,null,null,0]
[null,null,null,null,null,null,null,null,null,null,null,null,null,null,null,null,null,null,null,null,null,0]
[null,null,null,null,null,null,null,null,null,null,null,null,null,null,null,null,null,null,null,null,null,0]
[null,null,null,null,null,null,null,null,null,null,null,null,null,null,null,null,null,null,null,null,null,0]
[null,null,null,null,null,null,null,null,null,null,null,null,null,null,null,null,null,null,null,null,null,0]
[null,null,null,null,null,null,null,null,null,null,null,null,null,null,null,null,null,null,null,null,null,0]
[null,null,null,null,null,null,null,null,null,null,null,null,null,null,null,null,null,null,null,null,null,0]
[null,null,null,null,null,null,null,null,null,null,null,null,null,null,null,null,null,null,null,null,null,0]
[null,null,null,null,null,null,null,null,null,null,null,null,null,null,null,null,null,null,null,null,null,0]
[null,null,null,null,null,null,null,null,null,null,null,null,null,null,null,null,null,null,null,null,null,0]
[null,null,null,null,null,null,null,null,null,null,null,null,null,null,null,null,null,null,null,null,null,0]
[null,null,null,null,null,null,null,null,null,null,null,null,null,null,null,null,null,null,null,null,null,0]
[null,null,null,null,null,null,null,null,null,null,null,null,null,null,null,null,null,null,null,null,null,0]
[null,null,null,null,null,null,null,null,null,null,null,null,null,null,null,null,null,null,null,null,null,0]
[null,null,null,null,null,null,null,null,null,null,null,null,null,null,null,null,null,null,null,null,null,0]
[null,null,null,null,null,null,null,null,null,null,null,null,null,null,null,null,null,null,null,null,null,0]
[null,null,null,null,null,null,null,null,null,null,null,null,null,null,null,null,null,null,null,null,null,0]
[null,null,null,null,null,null,null,null,null,null,null,null,null,null,null,null,null,null,null,null,null,0]
[null,null,null,null,null,null,null,null,null,null,null,null,null,null,null,null,null,null,null,null,null,0]
[null,null,null,null,null,null,null,null,null,null,null,null,null,null,null,null,null,null,null,null,null,0]
[null,null,null,null,null,null,null,null,null,null,null,null,null,null,null,null,null,null,null,null,null,0]
[null,null,null,null,null,null,null,null,null,null,null,null,null,null,null,null,null,null,null,null,null,0]
[null,null,null,null,null,null,null,null,null,null,null,null,null,null,null,null,null,null,null,null,null,0]
[null,null,null,null,null,null,null,null,null,null,null,null,null,null,null,null,null,null,null,null,null,0]
[null,null,null,null,null,null,null,null,null,null,null,null,null,null,null,null,null,null,null,null,null,0]
[null,null,null,null,null,null,null,null,null,null,null,null,null,null,null,null,null,null,null,null,null,0]
[null,null,null,null,null,null,null,null,null,null,null,null,null,null,null,null,null,null,null,null,null,0]
[null,null,null,null,null,null,null,null,null,null,null,null,null,null,null,null,null,null,null,null,null,0]
[null,null,null,null,null,null,null,null,null,null,null,null,null,null,null,null,null,null,null,null,null,0]
[null,null,null,null,null,null,null,null,null,null,null,null,null,null,null,null,null,null,null,null,null,0]
[null,null,null,null,null,null,null,null,null,null,null,null,null,null,null,null,null,null,null,null,null,0]
[null,null,null,null,null,null,null,null,null,null,null,null,null,null,null,null,null,null,null,null,null,0]
[null,null,null,null,null,null,null,null,null,null,null,null,null,null,null,null,null,null,null,null,null,0]
[null,null,null,null,null,null,null,null,null,null,null,null,null,null,null,null,null,null,null,null,null,0]
[null,null,null,null,null,null,null,null,null,null,null,null,null,null,null,null,null,null,null,null,null,0]
[null,null,null,null,null,null,null,null,null,null,null,null,null,null,null,null,null,null,null,null,null,0]
[null,null,null,null,null,null,null,null,null,null,null,null,null,null,null,null,null,null,null,null,null,0]
[null,null,null,null,null,null,null,null,null,null,null,null,null,null,null,null,null,null,null,null,null,0]
[null,null,null,null,null,null,null,null,null,null,null,null,null,null,null,null,null,null,null,null,null,0]
[null,null,null,null,null,null,null,null,null,null,null,null,null,null,null,null,null,null,null,null,null,0]
[null,null,null,null,null,null,null,null,null,null,null,null,null,null,null,null,null,null,null,null,null,0]
[null,null,null,null,null,null,null,null,null,null,null,null,null,null,null,null,null,null,null,null,null,0]
[null,null,null,null,null,null,null,null,null,null,null,null,null,null,null,null,null,null,null,null,null,0]
[null,null,null,null,null,null,null,null,null,null,null,null,null,null,null,null,null,null,null,null,null,0]
[null,null,null,null,null,null,null,null,null,null,null,null,null,null,null,null,null,null,null,null,null,0]
[null,null,null,null,null,null,null,null,null,null,null,null,null,null,null,null,null,null,null,null,null,0]
[null,null,null,null,null,null,null,null,null,null,null,null,null,null,null,null,null,null,null,null,null,0]
[null,null,null,null,null,null,null,null,null,null,null,null,null,null,null,null,null,null,null,null,null,0]
[null,null,null,null,null,null,null,null,null,null,null,null,null,null,null,null,null,null,null,null,null,0]
[null,null,null,null,null,null,null,null,null,null,null,null,null,null,null,null,null,null,null,null,null,0]
[null,null,null,null,null,null,null,null,null,null,null,null,null,null,null,null,null,null,null,null,null,0]
[null,null,null,null,null,null,null,null,null,null,null,null,null,null,null,null,null,null,null,null,null,0]
[null,null,null,null,null,null,null,null,null,null,null,null,null,null,null,null,null,null,null,null,null,0]
[null,null,null,null,null,null,null,null,null,null,null,null,null,null,null,null,null,null,null,null,null,0]
[null,null,null,null,null,null,null,null,null,null,null,null,null,null,null,null,null,null,null,null,null,0]
[null,null,null,null,null,null,null,null,null,null,null,null,null,null,null,null,null,null,null,null,null,0]
[null,null,null,null,null,null,null,null,null,null,null,null,null,null,null,null,null,null,null,null,null,0]
[null,null,null,null,null,null,null,null,null,null,null,null,null,null,null,null,null,null,null,null,null,0]
[null,null,null,null,null,null,null,null,null,null,null,null,null,null,null,null,null,null,null,null,null,0]
[null,null,null,null,null,null,null,null,null,null,null,null,null,null,null,null,null,null,null,null,null,0]
[null,null,null,null,null,null,null,null,null,null,null,null,null,null,null,null,null,null,null,null,null,0]
[null,null,null,null,null,null,null,null,null,null,null,null,null,null,null,null,null,null,null,null,null,0]
[null,null,null,null,null,null,null,null,null,null,null,null,null,null,null,null,null,null,null,null,null,0]
[null,null,null,null,null,null,null,null,null,null,null,null,null,null,null,null,null,null,null,null,null,0]
[null,null,null,null,null,null,null,null,null,null,null,null,null,null,null,null,null,null,null,null,null,0]
[null,null,null,null,null,null,null,null,null,null,null,null,null,null,null,null,null,null,null,null,null,0]
[null,null,null,null,null,null,null,null,null,null,null,null,null,null,null,null,null,null,null,null,null,0]
[null,null,null,null,null,null,null,null,null,null,null,null,null,null,null,null,null,null,null,null,null,0]
[null,null,null,null,null,null,null,null,null,null,null,null,null,null,null,null,null,null,null,null,null,0]
[null,null,null,null,null,null,null,null,null,null,null,null,null,null,null,null,null,null,null,null,null,0]
[null,null,null,null,null,null,null,null,null,null,null,null,null,null,null,null,null,null,null,null,null,0]
[null,null,null,null,null,null,null,null,null,null,null,null,null,null,null,null,null,null,null,null,null,0]
[null,null,null,null,null,null,null,null,null,null,null,null,null,null,null,null,null,null,null,null,null,0]
[null,null,null,null,null,null,null,null,null,null,null,null,null,null,null,null,null,null,null,null,null,0]
[null,null,null,null,null,null,null,null,null,null,null,null,null,null,null,null,null,null,null,null,null,0]
[null,null,null,null,null,null,null,null,null,null,null,null,null,null,null,null,null,null,null,null,null,0]
[null,null,null,null,null,null,null,null,null,null,null,null,null,null,null,null,null,null,null,null,null,0]
[null,null,null,null,null,null,null,null,null,null,null,null,null,null,null,null,null,null,null,null,null,0]
[null,null,null,null,null,null,null,null,null,null,null,null,null,null,null,null,null,null,null,null,null,0]
[null,null,null,null,null,null,null,null,null,null,null,null,null,null,null,null,null,null,null,null,null,0]
[null,null,null,null,null,null,null,null,null,null,null,null,null,null,null,null,null,null,null,null,null,0]
[null,null,null,null,null,null,null,null,null,null,null,null,null,null,null,null,null,null,null,null,null,0]
[null,null,null,null,null,null,null,null,null,null,null,null,null,null,null,null,null,null,null,null,null,0]
[null,null,null,null,null,null,null,null,null,null,null,null,null,null,null,null,null,null,null,null,null,0]
[null,null,null,null,null,null,null,null,null,null,null,null,null,null,null,null,null,null,null,null,null,0]
[null,null,null,null,null,null,null,null,null,null,null,null,null,null,null,null,null,null,null,null,null,0]
[null,null,null,null,null,null,null,null,null,null,null,null,null,null,null,null,null,null,null,null,null,0]
[null,null,null,null,null,null,null,null,null,null,null,null,null,null,null,null,null,null,null,null,null,0]
[null,null,null,null,null,null,null,null,null,null,null,null,null,null,null,null,null,null,null,null,null,0]
[null,null,null,null,null,null,null,null,null,null,null,null,null,null,null,null,null,null,null,null,null,0]
[null,null,null,null,null,null,null,null,null,null,null,null,null,null,null,null,null,null,null,null,null,0]
[null,null,null,null,null,null,null,null,null,null,null,null,null,null,null,null,null,null,null,null,null,0]
[null,null,null,null,null,null,null,null,null,null,null,null,null,null,null,null,null,null,null,null,null,0]
[null,null,null,null,null,null,null,null,null,null,null,null,null,null,null,null,null,null,null,null,null,0]
[null,null,null,null,null,null,null,null,null,null,null,null,null,null,null,null,null,null,null,null,null,0]
[null,null,null,null,null,null,null,null,null,null,null,null,null,null,null,null,null,null,null,null,null,0]
[null,null,null,null,null,null,null,null,null,null,null,null,null,null,null,null,null,null,null,null,null,0]
[null,null,null,null,null,null,null,null,null,null,null,null,null,null,null,null,null,null,null,null,null,0]
[null,null,null,null,null,null,null,null,null,null,null,null,null,null,null,null,null,null,null,null,null,0]
[null,null,null,null,null,null,null,null,null,null,null,null,null,null,null,null,null,null,null,null,null,0]
[null,null,null,null,null,null,null,null,null,null,null,null,null,null,null,null,null,null,null,null,null,0]
[null,null,null,null,null,null,null,null,null,null,null,null,null,null,null,null,null,null,null,null,null,0]
[null,null,null,null,null,null,null,null,null,null,null,null,null,null,null,null,null,null,null,null,null,0]
[null,null,null,null,null,null,null,null,null,null,null,null,null,null,null,null,null,null,null,null,null,0]
[null,null,null,null,null,null,null,null,null,null,null,null,null,null,null,null,null,null,null,null,null,0]
[null,null,null,null,null,null,null,null,null,null,null,null,null,null,null,null,null,null,null,null,null,0]
[null,null,null,null,null,null,null,null,null,null,null,null,null,null,null,null,null,null,null,null,null,0]
[null,null,null,null,null,null,null,null,null,null,null,null,null,null,null,null,null,null,null,null,null,0]
[null,null,null,null,null,null,null,null,null,null,null,null,null,null,null,null,null,null,null,null,null,0]
[null,null,null,null,null,null,null,null,null,null,null,null,null,null,null,null,null,null,null,null,null,0]
[null,null,null,null,null,null,null,null,null,null,null,null,null,null,null,null,null,null,null,null,null,0]
[null,null,null,null,null,null,null,null,null,null,null,null,null,null,null,null,null,null,null,null,null,0]
[null,null,null,null,null,null,null,null,null,null,null,null,null,null,null,null,null,null,null,null,null,0]
[null,null,null,null,null,null,null,null,null,null,null,null,null,null,null,null,null,null,null,null,null,0]
[null,null,null,null,null,null,null,null,null,null,null,null,null,null,null,null,null,null,null,null,null,0]
[null,null,null,null,null,null,null,null,null,null,null,null,null,null,null,null,null,null,null,null,null,0]
[null,null,null,null,null,null,null,null,null,null,null,null,null,null,null,null,null,null,null,null,null,0]
[null,null,null,null,null,null,null,null,null,null,null,null,null,null,null,null,null,null,null,null,null,0]
[null,null,null,null,null,null,null,null,null,null,null,null,null,null,null,null,null,null,null,null,null,0]
[null,null,null,null,null,null,null,null,null,null,null,null,null,null,null,null,null,null,null,null,null,0]
[null,null,null,null,null,null,null,null,null,null,null,null,null,null,null,null,null,null,null,null,null,0]
[null,null,null,null,null,null,null,null,null,null,null,null,null,null,null,null,null,null,null,null,null,0]
[null,null,null,null,null,null,null,null,null,null,null,null,null,null,null,null,null,null,null,null,null,0]
[null,null,null,null,null,null,null,null,null,null,null,null,null,null,null,null,null,null,null,null,null,0]
[null,null,null,null,null,null,null,null,null,null,null,null,null,null,null,null,null,null,null,null,null,0]
[null,null,null,null,null,null,null,null,null,null,null,null,null,null,null,null,null,null,null,null,null,0]
[null,null,null,null,null,null,null,null,null,null,null,null,null,null,null,null,null,null,null,null,null,0]
[null,null,null,null,null,null,null,null,null,null,null,null,null,null,null,null,null,null,null,null,null,0]
[null,null,null,null,null,null,null,null,null,null,null,null,null,null,null,null,null,null,null,null,null,0]
[null,null,null,null,null,null,null,null,null,null,null,null,null,null,null,null,null,null,null,null,null,0]
[null,null,null,null,null,null,null,null,null,null,null,null,null,null,null,null,null,null,null,null,null,0]
[null,null,null,null,null,null,null,null,null,null,null,null,null,null,null,null,null,null,null,null,null,0]
[null,null,null,null,null,null,null,null,null,null,null,null,null,null,null,null,null,null,null,null,null,0]
[null,null,null,null,null,null,null,null,null,null,null,null,null,null,null,null,null,null,null,null,null,0]
[null,null,null,null,null,null,null,null,null,null,null,null,null,null,null,null,null,null,null,null,null,0]
[null,null,null,null,null,null,null,null,null,null,null,null,null,null,null,null,null,null,null,null,null,0]
[null,null,null,null,null,null,null,null,null,null,null,null,null,null,null,null,null,null,null,null,null,0]
[null,null,null,null,null,null,null,null,null,null,null,null,null,null,null,null,null,null,null,null,null,0]
[null,null,null,null,null,null,null,null,null,null,null,null,null,null,null,null,null,null,null,null,null,0]
[null,null,null,null,null,null,null,null,null,null,null,null,null,null,null,null,null,null,null,null,null,0]
[null,null,null,null,null,null,null,null,null,null,null,null,null,null,null,null,null,null,null,null,null,0]
[null,null,null,null,null,null,null,null,null,null,null,null,null,null,null,null,null,null,null,null,null,0]
[null,null,null,null,null,null,null,null,null,null,null,null,null,null,null,null,null,null,null,null,null,0]
[null,null,null,null,null,null,null,null,null,null,null,null,null,null,null,null,null,null,null,null,null,0]
[null,null,null,null,null,null,null,null,null,null,null,null,null,null,null,null,null,null,null,null,null,0]
[null,null,null,null,null,null,null,null,null,null,null,null,null,null,null,null,null,null,null,null,null,0]
[null,null,null,null,null,null,null,null,null,null,null,null,null,null,null,null,null,null,null,null,null,0]
[null,null,null,null,null,null,null,null,null,null,null,null,null,null,null,null,null,null,null,null,null,0]
[null,null,null,null,null,null,null,null,null,null,null,null,null,null,null,null,null,null,null,null,null,0]
[null,null,null,null,null,null,null,null,null,null,null,null,null,null,null,null,null,null,null,null,null,0]
[null,null,null,null,null,null,null,null,null,null,null,null,null,null,null,null,null,null,null,null,null,0]
[null,null,null,null,null,null,null,null,null,null,null,null,null,null,null,null,null,null,null,null,null,0]
[null,null,null,null,null,null,null,null,null,null,null,null,null,null,null,null,null,null,null,null,null,0]
[null,null,null,null,null,null,null,null,null,null,null,null,null,null,null,null,null,null,null,null,null,0]
[null,null,null,null,null,null,null,null,null,null,null,null,null,null,null,null,null,null,null,null,null,0]
[null,null,null,null,null,null,null,null,null,null,null,null,null,null,null,null,null,null,null,null,null,0]
[null,null,null,null,null,null,null,null,null,null,null,null,null,null,null,null,null,null,null,null,null,0]
[null,null,null,null,null,null,null,null,null,null,null,null,null,null,null,null,null,null,null,null,null,0]
[null,null,null,null,null,null,null,null,null,null,null,null,null,null,null,null,null,null,null,null,null,0]
[null,null,null,null,null,null,null,null,null,null,null,null,null,null,null,null,null,null,null,null,null,0]
[null,null,null,null,null,null,null,null,null,null,null,null,null,null,null,null,null,null,null,null,null,0]
[null,null,null,null,null,null,null,null,null,null,null,null,null,null,null,null,null,null,null,null,null,0]
[null,null,null,null,null,null,null,null,null,null,null,null,null,null,null,null,null,null,null,null,null,0]
[null,null,null,null,null,null,null,null,null,null,null,null,null,null,null,null,null,null,null,null,null,0]
[null,null,null,null,null,null,null,null,null,null,null,null,null,null,null,null,null,null,null,null,null,0]
[null,null,null,null,null,null,null,null,null,null,null,null,null,null,null,null,null,null,null,null,null,0]
[null,null,null,null,null,null,null,null,null,null,null,null,null,null,null,null,null,null,null,null,null,0]
[null,null,null,null,null,null,null,null,null,null,null,null,null,null,null,null,null,null,null,null,null,0]
[null,null,null,null,null,null,null,null,null,null,null,null,null,null,null,null,null,null,null,null,null,0]
[null,null,null,null,null,null,null,null,null,null,null,null,null,null,null,null,null,null,null,null,null,0]
[null,null,null,null,null,null,null,null,null,null,null,null,null,null,null,null,null,null,null,null,null,0]
[null,null,null,null,null,null,null,null,null,null,null,null,null,null,null,null,null,null,null,null,null,0]
[null,null,null,null,null,null,null,null,null,null,null,null,null,null,null,null,null,null,null,null,null,0]
[null,null,null,null,null,null,null,null,null,null,null,null,null,null,null,null,null,null,null,null,null,0]
[null,null,null,null,null,null,null,null,null,null,null,null,null,null,null,null,null,null,null,null,null,0]
[null,null,null,null,null,null,null,null,null,null,null,null,null,null,null,null,null,null,null,null,null,0]
[null,null,null,null,null,null,null,null,null,null,null,null,null,null,null,null,null,null,null,null,null,0]
[null,null,null,null,null,null,null,null,null,null,null,null,null,null,null,null,null,null,null,null,null,0]
[null,null,null,null,null,null,null,null,null,null,null,null,null,null,null,null,null,null,null,null,null,0]
[null,null,null,null,null,null,null,null,null,null,null,null,null,null,null,null,null,null,null,null,null,0]
[null,null,null,null,null,null,null,null,null,null,null,null,null,null,null,null,null,null,null,null,null,0]
[null,null,null,null,null,null,null,null,null,null,null,null,null,null,null,null,null,null,null,null,null,0]
[null,null,null,null,null,null,null,null,null,null,null,null,null,null,null,null,null,null,null,null,null,0]
[null,null,null,null,null,null,null,null,null,null,null,null,null,null,null,null,null,null,null,null,null,0]
[null,null,null,null,null,null,null,null,null,null,null,null,null,null,null,null,null,null,null,null,null,0]
[null,null,null,null,null,null,null,null,null,null,null,null,null,null,null,null,null,null,null,null,null,0]
[null,null,null,null,null,null,null,null,null,null,null,null,null,null,null,null,null,null,null,null,null,0]
[null,null,null,null,null,null,null,null,null,null,null,null,null,null,null,null,null,null,null,null,null,0]
[null,null,null,null,null,null,null,null,null,null,null,null,null,null,null,null,null,null,null,null,null,0]
[null,null,null,null,null,null,null,null,null,null,null,null,null,null,null,null,null,null,null,null,null,0]
[null,null,null,null,null,null,null,null,null,null,null,null,null,null,null,null,null,null,null,null,null,0]
[null,null,null,null,null,null,null,null,null,null,null,null,null,null,null,null,null,null,null,null,null,0]
[null,null,null,null,null,null,null,null,null,null,null,null,null,null,null,null,null,null,null,null,null,0]
[null,null,null,null,null,null,null,null,null,null,null,null,null,null,null,null,null,null,null,null,null,0]
[null,null,null,null,null,null,null,null,null,null,null,null,null,null,null,null,null,null,null,null,null,0]
[null,null,null,null,null,null,null,null,null,null,null,null,null,null,null,null,null,null,null,null,null,0]
[null,null,null,null,null,null,null,null,null,null,null,null,null,null,null,null,null,null,null,null,null,0]
[null,null,null,null,null,null,null,null,null,null,null,null,null,null,null,null,null,null,null,null,null,0]
[null,null,null,null,null,null,null,null,null,null,null,null,null,null,null,null,null,null,null,null,null,0]
[null,null,null,null,null,null,null,null,null,null,null,null,null,null,null,null,null,null,null,null,null,0]
[null,null,null,null,null,null,null,null,null,null,null,null,null,null,null,null,null,null,null,null,null,0]
[null,null,null,null,null,null,null,null,null,null,null,null,null,null,null,null,null,null,null,null,null,0]
[null,null,null,null,null,null,null,null,null,null,null,null,null,null,null,null,null,null,null,null,null,0]
[null,null,null,null,null,null,null,null,null,null,null,null,null,null,null,null,null,null,null,null,null,0]
[null,null,null,null,null,null,null,null,null,null,null,null,null,null,null,null,null,null,null,null,null,0]
[null,null,null,null,null,null,null,null,null,null,null,null,null,null,null,null,null,null,null,null,null,0]
[null,null,null,null,null,null,null,null,null,null,null,null,null,null,null,null,null,null,null,null,null,0]
[null,null,null,null,null,null,null,null,null,null,null,null,null,null,null,null,null,null,null,null,null,0]
[null,null,null,null,null,null,null,null,null,null,null,null,null,null,null,null,null,null,null,null,null,0]
[null,null,null,null,null,null,null,null,null,null,null,null,null,null,null,null,null,null,null,null,null,0]
[null,null,null,null,null,null,null,null,null,null,null,null,null,null,null,null,null,null,null,null,null,0]
[null,null,null,null,null,null,null,null,null,null,null,null,null,null,null,null,null,null,null,null,null,0]
[null,null,null,null,null,null,null,null,null,null,null,null,null,null,null,null,null,null,null,null,null,0]
[null,null,null,null,null,null,null,null,null,null,null,null,null,null,null,null,null,null,null,null,null,0]
[null,null,null,null,null,null,null,null,null,null,null,null,null,null,null,null,null,null,null,null,null,0]
[null,null,null,null,null,null,null,null,null,null,null,null,null,null,null,null,null,null,null,null,null,0]
[null,null,null,null,null,null,null,null,null,null,null,null,null,null,null,null,null,null,null,null,null,0]
[null,null,null,null,null,null,null,null,null,null,null,null,null,null,null,null,null,null,null,null,null,0]
[null,null,null,null,null,null,null,null,null,null,null,null,null,null,null,null,null,null,null,null,null,0]
[null,null,null,null,null,null,null,null,null,null,null,null,null,null,null,null,null,null,null,null,null,0]
[null,null,null,null,null,null,null,null,null,null,null,null,null,null,null,null,null,null,null,null,null,0]
[null,null,null,null,null,null,null,null,null,null,null,null,null,null,null,null,null,null,null,null,null,0]
[null,null,null,null,null,null,null,null,null,null,null,null,null,null,null,null,null,null,null,null,null,0]
[null,null,null,null,null,null,null,null,null,null,null,null,null,null,null,null,null,null,null,null,null,0]
[null,null,null,null,null,null,null,null,null,null,null,null,null,null,null,null,null,null,null,null,null,0]
[null,null,null,null,null,null,null,null,null,null,null,null,null,null,null,null,null,null,null,null,null,0]
[null,null,null,null,null,null,null,null,null,null,null,null,null,null,null,null,null,null,null,null,null,0]
[null,null,null,null,null,null,null,null,null,null,null,null,null,null,null,null,null,null,null,null,null,0]
[null,null,null,null,null,null,null,null,null,null,null,null,null,null,null,null,null,null,null,null,null,0]
[null,null,null,null,null,null,null,null,null,null,null,null,null,null,null,null,null,null,null,null,null,0]
[null,null,null,null,null,null,null,null,null,null,null,null,null,null,null,null,null,null,null,null,null,0]
[null,null,null,null,null,null,null,null,null,null,null,null,null,null,null,null,null,null,null,null,null,0]
[null,null,null,null,null,null,null,null,null,null,null,null,null,null,null,null,null,null,null,null,null,0]
[null,null,null,null,null,null,null,null,null,null,null,null,null,null,null,null,null,null,null,null,null,0]
[null,null,null,null,null,null,null,null,null,null,null,null,null,null,null,null,null,null,null,null,null,0]
[null,null,null,null,null,null,null,null,null,null,null,null,null,null,null,null,null,null,null,null,null,0]
[null,null,null,null,null,null,null,null,null,null,null,null,null,null,null,null,null,null,null,null,null,0]
[null,null,null,null,null,null,null,null,null,null,null,null,null,null,null,null,null,null,null,null,null,0]
[null,null,null,null,null,null,null,null,null,null,null,null,null,null,null,null,null,null,null,null,null,0]
[null,null,null,null,null,null,null,null,null,null,null,null,null,null,null,null,null,null,null,null,null,0]
[null,null,null,null,null,null,null,null,null,null,null,null,null,null,null,null,null,null,null,null,null,0]
[null,null,null,null,null,null,null,null,null,null,null,null,null,null,null,null,null,null,null,null,null,0]
[null,null,null,null,null,null,null,null,null,null,null,null,null,null,null,null,null,null,null,null,null,0]
[null,null,null,null,null,null,null,null,null,null,null,null,null,null,null,null,null,null,null,null,null,0]
[null,null,null,null,null,null,null,null,null,null,null,null,null,null,null,null,null,null,null,null,null,0]
[null,null,null,null,null,null,null,null,null,null,null,null,null,null,null,null,null,null,null,null,null,0]
[null,null,null,null,null,null,null,null,null,null,null,null,null,null,null,null,null,null,null,null,null,0]
[null,null,null,null,null,null,null,null,null,null,null,null,null,null,null,null,null,null,null,null,null,0]
[null,null,null,null,null,null,null,null,null,null,null,null,null,null,null,null,null,null,null,null,null,0]
[null,null,null,null,null,null,null,null,null,null,null,null,null,null,null,null,null,null,null,null,null,0]
[null,null,null,null,null,null,null,null,null,null,null,null,null,null,null,null,null,null,null,null,null,0]
[null,null,null,null,null,null,null,null,null,null,null,null,null,null,null,null,null,null,null,null,null,0]
[null,null,null,null,null,null,null,null,null,null,null,null,null,null,null,null,null,null,null,null,null,0]
[null,null,null,null,null,null,null,null,null,null,null,null,null,null,null,null,null,null,null,null,null,0]
[null,null,null,null,null,null,null,null,null,null,null,null,null,null,null,null,null,null,null,null,null,0]
[null,null,null,null,null,null,null,null,null,null,null,null,null,null,null,null,null,null,null,null,null,0]
[null,null,null,null,null,null,null,null,null,null,null,null,null,null,null,null,null,null,null,null,null,0]
[null,null,null,null,null,null,null,null,null,null,null,null,null,null,null,null,null,null,null,null,null,0]
[null,null,null,null,null,null,null,null,null,null,null,null,null,null,null,null,null,null,null,null,null,0]
[null,null,null,null,null,null,null,null,null,null,null,null,null,null,null,null,null,null,null,null,null,0]
[null,null,null,null,null,null,null,null,null,null,null,null,null,null,null,null,null,null,null,null,null,0]
[null,null,null,null,null,null,null,null,null,null,null,null,null,null,null,null,null,null,null,null,null,0]
[null,null,null,null,null,null,null,null,null,null,null,null,null,null,null,null,null,null,null,null,null,0]
[null,null,null,null,null,null,null,null,null,null,null,null,null,null,null,null,null,null,null,null,null,0]
[null,null,null,null,null,null,null,null,null,null,null,null,null,null,null,null,null,null,null,null,null,0]
[null,null,null,null,null,null,null,null,null,null,null,null,null,null,null,null,null,null,null,null,null,0]
[null,null,null,null,null,null,null,null,null,null,null,null,null,null,null,null,null,null,null,null,null,0]
[null,null,null,null,null,null,null,null,null,null,null,null,null,null,null,null,null,null,null,null,null,0]
[null,null,null,null,null,null,null,null,null,null,null,null,null,null,null,null,null,null,null,null,null,0]
[null,null,null,null,null,null,null,null,null,null,null,null,null,null,null,null,null,null,null,null,null,0]
[null,null,null,null,null,null,null,null,null,null,null,null,null,null,null,null,null,null,null,null,null,0]
[null,null,null,null,null,null,null,null,null,null,null,null,null,null,null,null,null,null,null,null,null,0]
[null,null,null,null,null,null,null,null,null,null,null,null,null,null,null,null,null,null,null,null,null,0]
[null,null,null,null,null,null,null,null,null,null,null,null,null,null,null,null,null,null,null,null,null,0]
[null,null,null,null,null,null,null,null,null,null,null,null,null,null,null,null,null,null,null,null,null,0]
[null,null,null,null,null,null,null,null,null,null,null,null,null,null,null,null,null,null,null,null,null,0]
[null,null,null,null,null,null,null,null,null,null,null,null,null,null,null,null,null,null,null,null,null,0]
[null,null,null,null,null,null,null,null,null,null,null,null,null,null,null,null,null,null,null,null,null,0]
[null,null,null,null,null,null,null,null,null,null,null,null,null,null,null,null,null,null,null,null,null,0]
[null,null,null,null,null,null,null,null,null,null,null,null,null,null,null,null,null,null,null,null,null,0]
[null,null,null,null,null,null,null,null,null,null,null,null,null,null,null,null,null,null,null,null,null,0]
[null,null,null,null,null,null,null,null,null,null,null,null,null,null,null,null,null,null,null,null,null,0]
[null,null,null,null,null,null,null,null,null,null,null,null,null,null,null,null,null,null,null,null,null,0]
[null,null,null,null,null,null,null,null,null,null,null,null,null,null,null,null,null,null,null,null,null,0]
[null,null,null,null,null,null,null,null,null,null,null,null,null,null,null,null,null,null,null,null,null,0]
[null,null,null,null,null,null,null,null,null,null,null,null,null,null,null,null,null,null,null,null,null,0]
[null,null,null,null,null,null,null,null,null,null,null,null,null,null,null,null,null,null,null,null,null,0]
[null,null,null,null,null,null,null,null,null,null,null,null,null,null,null,null,null,null,null,null,null,0]
[null,null,null,null,null,null,null,null,null,null,null,null,null,null,null,null,null,null,null,null,null,0]
[null,null,null,null,null,null,null,null,null,null,null,null,null,null,null,null,null,null,null,null,null,0]
[null,null,null,null,null,null,null,null,null,null,null,null,null,null,null,null,null,null,null,null,null,0]
[null,null,null,null,null,null,null,null,null,null,null,null,null,null,null,null,null,null,null,null,null,0]
[null,null,null,null,null,null,null,null,null,null,null,null,null,null,null,null,null,null,null,null,null,0]
[null,null,null,null,null,null,null,null,null,null,null,null,null,null,null,null,null,null,null,null,null,0]
[null,null,null,null,null,null,null,null,null,null,null,null,null,null,null,null,null,null,null,null,null,0]
[null,null,null,null,null,null,null,null,null,null,null,null,null,null,null,null,null,null,null,null,null,0]
[null,null,null,null,null,null,null,null,null,null,null,null,null,null,null,null,null,null,null,null,null,0]
[null,null,null,null,null,null,null,null,null,null,null,null,null,null,null,null,null,null,null,null,null,0]
[null,null,null,null,null,null,null,null,null,null,null,null,null,null,null,null,null,null,null,null,null,0]
[null,null,null,null,null,null,null,null,null,null,null,null,null,null,null,null,null,null,null,null,null,0]
[null,null,null,null,null,null,null,null,null,null,null,null,null,null,null,null,null,null,null,null,null,0]
[null,null,null,null,null,null,null,null,null,null,null,null,null,null,null,null,null,null,null,null,null,0]
[null,null,null,null,null,null,null,null,null,null,null,null,null,null,null,null,null,null,null,null,null,0]
[null,null,null,null,null,null,null,null,null,null,null,null,null,null,null,null,null,null,null,null,null,0]
[null,null,null,null,null,null,null,null,null,null,null,null,null,null,null,null,null,null,null,null,null,0]
[null,null,null,null,null,null,null,null,null,null,null,null,null,null,null,null,null,null,null,null,null,0]
[null,null,null,null,null,null,null,null,null,null,null,null,null,null,null,null,null,null,null,null,null,0]
[null,null,null,null,null,null,null,null,null,null,null,null,null,null,null,null,null,null,null,null,null,0]
[null,null,null,null,null,null,null,null,null,null,null,null,null,null,null,null,null,null,null,null,null,0]
[null,null,null,null,null,null,null,null,null,null,null,null,null,null,null,null,null,null,null,null,null,0]
[null,null,null,null,null,null,null,null,null,null,null,null,null,null,null,null,null,null,null,null,null,0]
[null,null,null,null,null,null,null,null,null,null,null,null,null,null,null,null,null,null,null,null,null,0]
[null,null,null,null,null,null,null,null,null,null,null,null,null,null,null,null,null,null,null,null,null,0]
[null,null,null,null,null,null,null,null,null,null,null,null,null,null,null,null,null,null,null,null,null,0]
[null,null,null,null,null,null,null,null,null,null,null,null,null,null,null,null,null,null,null,null,null,0]
[null,null,null,null,null,null,null,null,null,null,null,null,null,null,null,null,null,null,null,null,null,0]
[null,null,null,null,null,null,null,null,null,null,null,null,null,null,null,null,null,null,null,null,null,0]
[null,null,null,null,null,null,null,null,null,null,null,null,null,null,null,null,null,null,null,null,null,0]
[null,null,null,null,null,null,null,null,null,null,null,null,null,null,null,null,null,null,null,null,null,0]
[null,null,null,null,null,null,null,null,null,null,null,null,null,null,null,null,null,null,null,null,null,0]
[null,null,null,null,null,null,null,null,null,null,null,null,null,null,null,null,null,null,null,null,null,0]
[null,null,null,null,null,null,null,null,null,null,null,null,null,null,null,null,null,null,null,null,null,0]
[null,null,null,null,null,null,null,null,null,null,null,null,null,null,null,null,null,null,null,null,null,0]
[null,null,null,null,null,null,null,null,null,null,null,null,null,null,null,null,null,null,null,null,null,0]
[null,null,null,null,null,null,null,null,null,null,null,null,null,null,null,null,null,null,null,null,null,0]
[null,null,null,null,null,null,null,null,null,null,null,null,null,null,null,null,null,null,null,null,null,0]
[null,null,null,null,null,null,null,null,null,null,null,null,null,null,null,null,null,null,null,null,null,0]
[null,null,null,null,null,null,null,null,null,null,null,null,null,null,null,null,null,null,null,null,null,0]
[null,null,null,null,null,null,null,null,null,null,null,null,null,null,null,null,null,null,null,null,null,0]
[null,null,null,null,null,null,null,null,null,null,null,null,null,null,null,null,null,null,null,null,null,0]
[null,null,null,null,null,null,null,null,null,null,null,null,null,null,null,null,null,null,null,null,null,0]
[null,null,null,null,null,null,null,null,null,null,null,null,null,null,null,null,null,null,null,null,null,0]
[null,null,null,null,null,null,null,null,null,null,null,null,null,null,null,null,null,null,null,null,null,0]
[null,null,null,null,null,null,null,null,null,null,null,null,null,null,null,null,null,null,null,null,null,0]
[null,null,null,null,null,null,null,null,null,null,null,null,null,null,null,null,null,null,null,null,null,0]
[null,null,null,null,null,null,null,null,null,null,null,null,null,null,null,null,null,null,null,null,null,0]
[null,null,null,null,null,null,null,null,null,null,null,null,null,null,null,null,null,null,null,null,null,0]
[null,null,null,null,null,null,null,null,null,null,null,null,null,null,null,null,null,null,null,null,null,0]
[null,null,null,null,null,null,null,null,null,null,null,null,null,null,null,null,null,null,null,null,null,0]
[null,null,null,null,null,null,null,null,null,null,null,null,null,null,null,null,null,null,null,null,null,0]
[null,null,null,null,null,null,null,null,null,null,null,null,null,null,null,null,null,null,null,null,null,0]
[null,null,null,null,null,null,null,null,null,null,null,null,null,null,null,null,null,null,null,null,null,0]
[null,null,null,null,null,null,null,null,null,null,null,null,null,null,null,null,null,null,null,null,null,0]
[null,null,null,null,null,null,null,null,null,null,null,null,null,null,null,null,null,null,null,null,null,0]
[null,null,null,null,null,null,null,null,null,null,null,null,null,null,null,null,null,null,null,null,null,0]
[null,null,null,null,null,null,null,null,null,null,null,null,null,null,null,null,null,null,null,null,null,0]
[null,null,null,null,null,null,null,null,null,null,null,null,null,null,null,null,null,null,null,null,null,0]
[null,null,null,null,null,null,null,null,null,null,null,null,null,null,null,null,null,null,null,null,null,0]
[null,null,null,null,null,null,null,null,null,null,null,null,null,null,null,null,null,null,null,null,null,0]
[null,null,null,null,null,null,null,null,null,null,null,null,null,null,null,null,null,null,null,null,null,0]
[null,null,null,null,null,null,null,null,null,null,null,null,null,null,null,null,null,null,null,null,null,0]
[null,null,null,null,null,null,null,null,null,null,null,null,null,null,null,null,null,null,null,null,null,0]
[null,null,null,null,null,null,null,null,null,null,null,null,null,null,null,null,null,null,null,null,null,0]
[null,null,null,null,null,null,null,null,null,null,null,null,null,null,null,null,null,null,null,null,null,0]
[null,null,null,null,null,null,null,null,null,null,null,null,null,null,null,null,null,null,null,null,null,0]
[null,null,null,null,null,null,null,null,null,null,null,null,null,null,null,null,null,null,null,null,null,0]
[null,null,null,null,null,null,null,null,null,null,null,null,null,null,null,null,null,null,null,null,null,0]
[null,null,null,null,null,null,null,null,null,null,null,null,null,null,null,null,null,null,null,null,null,0]
[null,null,null,null,null,null,null,null,null,null,null,null,null,null,null,null,null,null,null,null,null,0]
[null,null,null,null,null,null,null,null,null,null,null,null,null,null,null,null,null,null,null,null,null,0]
[null,null,null,null,null,null,null,null,null,null,null,null,null,null,null,null,null,null,null,null,null,0]
[null,null,null,null,null,null,null,null,null,null,null,null,null,null,null,null,null,null,null,null,null,0]
[null,null,null,null,null,null,null,null,null,null,null,null,null,null,null,null,null,null,null,null,null,0]
[null,null,null,null,null,null,null,null,null,null,null,null,null,null,null,null,null,null,null,null,null,0]
[null,null,null,null,null,null,null,null,null,null,null,null,null,null,null,null,null,null,null,null,null,0]
[null,null,null,null,null,null,null,null,null,null,null,null,null,null,null,null,null,null,null,null,null,0]
[null,null,null,null,null,null,null,null,null,null,null,null,null,null,null,null,null,null,null,null,null,0]
[null,null,null,null,null,null,null,null,null,null,null,null,null,null,null,null,null,null,null,null,null,0]
[null,null,null,null,null,null,null,null,null,null,null,null,null,null,null,null,null,null,null,null,null,0]
[null,null,null,null,null,null,null,null,null,null,null,null,null,null,null,null,null,null,null,null,null,0]
[null,null,null,null,null,null,null,null,null,null,null,null,null,null,null,null,null,null,null,null,null,0]
[null,null,null,null,null,null,null,null,null,null,null,null,null,null,null,null,null,null,null,null,null,0]
[null,null,null,null,null,null,null,null,null,null,null,null,null,null,null,null,null,null,null,null,null,0]
[null,null,null,null,null,null,null,null,null,null,null,null,null,null,null,null,null,null,null,null,null,0]
[null,null,null,null,null,null,null,null,null,null,null,null,null,null,null,null,null,null,null,null,null,0]
[null,null,null,null,null,null,null,null,null,null,null,null,null,null,null,null,null,null,null,null,null,0]
[null,null,null,null,null,null,null,null,null,null,null,null,null,null,null,null,null,null,null,null,null,0]
[null,null,null,null,null,null,null,null,null,null,null,null,null,null,null,null,null,null,null,null,null,0]
[null,null,null,null,null,null,null,null,null,null,null,null,null,null,null,null,null,null,null,null,null,0]
[null,null,null,null,null,null,null,null,null,null,null,null,null,null,null,null,null,null,null,null,null,0]
[null,null,null,null,null,null,null,null,null,null,null,null,null,null,null,null,null,null,null,null,null,0]
[null,null,null,null,null,null,null,null,null,null,null,null,null,null,null,null,null,null,null,null,null,0]
[null,null,null,null,null,null,null,null,null,null,null,null,null,null,null,null,null,null,null,null,null,0]
[null,null,null,null,null,null,null,null,null,null,null,null,null,null,null,null,null,null,null,null,null,0]
[null,null,null,null,null,null,null,null,null,null,null,null,null,null,null,null,null,null,null,null,null,0]
[null,null,null,null,null,null,null,null,null,null,null,null,null,null,null,null,null,null,null,null,null,0]
[null,null,null,null,null,null,null,null,null,null,null,null,null,null,null,null,null,null,null,null,null,0]
[null,null,null,null,null,null,null,null,null,null,null,null,null,null,null,null,null,null,null,null,null,0]
[null,null,null,null,null,null,null,null,null,null,null,null,null,null,null,null,null,null,null,null,null,0]
[null,null,null,null,null,null,null,null,null,null,null,null,null,null,null,null,null,null,null,null,null,0]
[null,null,null,null,null,null,null,null,null,null,null,null,null,null,null,null,null,null,null,null,null,0]
[null,null,null,null,null,null,null,null,null,null,null,null,null,null,null,null,null,null,null,null,null,0]
[null,null,null,null,null,null,null,null,null,null,null,null,null,null,null,null,null,null,null,null,null,0]
[null,null,null,null,null,null,null,null,null,null,null,null,null,null,null,null,null,null,null,null,null,0]
[null,null,null,null,null,null,null,null,null,null,null,null,null,null,null,null,null,null,null,null,null,0]
[null,null,null,null,null,null,null,null,null,null,null,null,null,null,null,null,null,null,null,null,null,0]
[null,null,null,null,null,null,null,null,null,null,null,null,null,null,null,null,null,null,null,null,null,0]
[null,null,null,null,null,null,null,null,null,null,null,null,null,null,null,null,null,null,null,null,null,0]
[null,null,null,null,null,null,null,null,null,null,null,null,null,null,null,null,null,null,null,null,null,0]
[null,null,null,null,null,null,null,null,null,null,null,null,null,null,null,null,null,null,null,null,null,0]
[null,null,null,null,null,null,null,null,null,null,null,null,null,null,null,null,null,null,null,null,null,0]
[null,null,null,null,null,null,null,null,null,null,null,null,null,null,null,null,null,null,null,null,null,0]
[null,null,null,null,null,null,null,null,null,null,null,null,null,null,null,null,null,null,null,null,null,0]
[null,null,null,null,null,null,null,null,null,null,null,null,null,null,null,null,null,null,null,null,null,0]
[null,null,null,null,null,null,null,null,null,null,null,null,null,null,null,null,null,null,null,null,null,0]
[null,null,null,null,null,null,null,null,null,null,null,null,null,null,null,null,null,null,null,null,null,0]
[null,null,null,null,null,null,null,null,null,null,null,null,null,null,null,null,null,null,null,null,null,0]
[null,null,null,null,null,null,null,null,null,null,null,null,null,null,null,null,null,null,null,null,null,0]
[null,null,null,null,null,null,null,null,null,null,null,null,null,null,null,null,null,null,null,null,null,0]
[null,null,null,null,null,null,null,null,null,null,null,null,null,null,null,null,null,null,null,null,null,0]
[null,null,null,null,null,null,null,null,null,null,null,null,null,null,null,null,null,null,null,null,null,0]
[null,null,null,null,null,null,null,null,null,null,null,null,null,null,null,null,null,null,null,null,null,0]
[null,null,null,null,null,null,null,null,null,null,null,null,null,null,null,null,null,null,null,null,null,0]
[null,null,null,null,null,null,null,null,null,null,null,null,null,null,null,null,null,null,null,null,null,0]
[null,null,null,null,null,null,null,null,null,null,null,null,null,null,null,null,null,null,null,null,null,0]
[null,null,null,null,null,null,null,null,null,null,null,null,null,null,null,null,null,null,null,null,null,0]
[null,null,null,null,null,null,null,null,null,null,null,null,null,null,null,null,null,null,null,null,null,0]
[null,null,null,null,null,null,null,null,null,null,null,null,null,null,null,null,null,null,null,null,null,0]
[null,null,null,null,null,null,null,null,null,null,null,null,null,null,null,null,null,null,null,null,null,0]
[null,null,null,null,null,null,null,null,null,null,null,null,null,null,null,null,null,null,null,null,null,0]
[null,null,null,null,null,null,null,null,null,null,null,null,null,null,null,null,null,null,null,null,null,0]
[null,null,null,null,null,null,null,null,null,null,null,null,null,null,null,null,null,null,null,null,null,0]
[null,null,null,null,null,null,null,null,null,null,null,null,null,null,null,null,null,null,null,null,null,0]
[null,null,null,null,null,null,null,null,null,null,null,null,null,null,null,null,null,null,null,null,null,0]
[null,null,null,null,null,null,null,null,null,null,null,null,null,null,null,null,null,null,null,null,null,0]
[null,null,null,null,null,null,null,null,null,null,null,null,null,null,null,null,null,null,null,null,null,0]
[null,null,null,null,null,null,null,null,null,null,null,null,null,null,null,null,null,null,null,null,null,0]
[null,null,null,null,null,null,null,null,null,null,null,null,null,null,null,null,null,null,null,null,null,0]
[null,null,null,null,null,null,null,null,null,null,null,null,null,null,null,null,null,null,null,null,null,0]
[null,null,null,null,null,null,null,null,null,null,null,null,null,null,null,null,null,null,null,null,null,0]
[null,null,null,null,null,null,null,null,null,null,null,null,null,null,null,null,null,null,null,null,null,0]
[null,null,null,null,null,null,null,null,null,null,null,null,null,null,null,null,null,null,null,null,null,0]
[null,null,null,null,null,null,null,null,null,null,null,null,null,null,null,null,null,null,null,null,null,0]
[null,null,null,null,null,null,null,null,null,null,null,null,null,null,null,null,null,null,null,null,null,0]
[null,null,null,null,null,null,null,null,null,null,null,null,null,null,null,null,null,null,null,null,null,0]
[null,null,null,null,null,null,null,null,null,null,null,null,null,null,null,null,null,null,null,null,null,0]
[null,null,null,null,null,null,null,null,null,null,null,null,null,null,null,null,null,null,null,null,null,0]
[null,null,null,null,null,null,null,null,null,null,null,null,null,null,null,null,null,null,null,null,null,0]
[null,null,null,null,null,null,null,null,null,null,null,null,null,null,null,null,null,null,null,null,null,0]
[null,null,null,null,null,null,null,null,null,null,null,null,null,null,null,null,null,null,null,null,null,0]
[null,null,null,null,null,null,null,null,null,null,null,null,null,null,null,null,null,null,null,null,null,0]
[null,null,null,null,null,null,null,null,null,null,null,null,null,null,null,null,null,null,null,null,null,0]
[null,null,null,null,null,null,null,null,null,null,null,null,null,null,null,null,null,null,null,null,null,0]
[null,null,null,null,null,null,null,null,null,null,null,null,null,null,null,null,null,null,null,null,null,0]
[null,null,null,null,null,null,null,null,null,null,null,null,null,null,null,null,null,null,null,null,null,0]
[null,null,null,null,null,null,null,null,null,null,null,null,null,null,null,null,null,null,null,null,null,0]
[null,null,null,null,null,null,null,null,null,null,null,null,null,null,null,null,null,null,null,null,null,0]
[null,null,null,null,null,null,null,null,null,null,null,null,null,null,null,null,null,null,null,null,null,0]
[null,null,null,null,null,null,null,null,null,null,null,null,null,null,null,null,null,null,null,null,null,0]
[null,null,null,null,null,null,null,null,null,null,null,null,null,null,null,null,null,null,null,null,null,0]
[null,null,null,null,null,null,null,null,null,null,null,null,null,null,null,null,null,null,null,null,null,0]
[null,null,null,null,null,null,null,null,null,null,null,null,null,null,null,null,null,null,null,null,null,0]
[null,null,null,null,null,null,null,null,null,null,null,null,null,null,null,null,null,null,null,null,null,0]
[null,null,null,null,null,null,null,null,null,null,null,null,null,null,null,null,null,null,null,null,null,0]
[null,null,null,null,null,null,null,null,null,null,null,null,null,null,null,null,null,null,null,null,null,0]
[null,null,null,null,null,null,null,null,null,null,null,null,null,null,null,null,null,null,null,null,null,0]
[null,null,null,null,null,null,null,null,null,null,null,null,null,null,null,null,null,null,null,null,null,0]
[null,null,null,null,null,null,null,null,null,null,null,null,null,null,null,null,null,null,null,null,null,0]
[null,null,null,null,null,null,null,null,null,null,null,null,null,null,null,null,null,null,null,null,null,0]
[null,null,null,null,null,null,null,null,null,null,null,null,null,null,null,null,null,null,null,null,null,0]
[null,null,null,null,null,null,null,null,null,null,null,null,null,null,null,null,null,null,null,null,null,0]
[null,null,null,null,null,null,null,null,null,null,null,null,null,null,null,null,null,null,null,null,null,0]
[null,null,null,null,null,null,null,null,null,null,null,null,null,null,null,null,null,null,null,null,null,0]
[null,null,null,null,null,null,null,null,null,null,null,null,null,null,null,null,null,null,null,null,null,0]
[null,null,null,null,null,null,null,null,null,null,null,null,null,null,null,null,null,null,null,null,null,0]
[null,null,null,null,null,null,null,null,null,null,null,null,null,null,null,null,null,null,null,null,null,0]
[null,null,null,null,null,null,null,null,null,null,null,null,null,null,null,null,null,null,null,null,null,0]
[null,null,null,null,null,null,null,null,null,null,null,null,null,null,null,null,null,null,null,null,null,0]
[null,null,null,null,null,null,null,null,null,null,null,null,null,null,null,null,null,null,null,null,null,0]
[null,null,null,null,null,null,null,null,null,null,null,null,null,null,null,null,null,null,null,null,null,0]
[null,null,null,null,null,null,null,null,null,null,null,null,null,null,null,null,null,null,null,null,null,0]
[null,null,null,null,null,null,null,null,null,null,null,null,null,null,null,null,null,null,null,null,null,0]
[null,null,null,null,null,null,null,null,null,null,null,null,null,null,null,null,null,null,null,null,null,0]
[null,null,null,null,null,null,null,null,null,null,null,null,null,null,null,null,null,null,null,null,null,0]
[null,null,null,null,null,null,null,null,null,null,null,null,null,null,null,null,null,null,null,null,null,0]
[null,null,null,null,null,null,null,null,null,null,null,null,null,null,null,null,null,null,null,null,null,0]
[null,null,null,null,null,null,null,null,null,null,null,null,null,null,null,null,null,null,null,null,null,0]
[null,null,null,null,null,null,null,null,null,null,null,null,null,null,null,null,null,null,null,null,null,0]
[null,null,null,null,null,null,null,null,null,null,null,null,null,null,null,null,null,null,null,null,null,0]
[null,null,null,null,null,null,null,null,null,null,null,null,null,null,null,null,null,null,null,null,null,0]
[null,null,null,null,null,null,null,null,null,null,null,null,null,null,null,null,null,null,null,null,null,0]
[null,null,null,null,null,null,null,null,null,null,null,null,null,null,null,null,null,null,null,null,null,0]
[null,null,null,null,null,null,null,null,null,null,null,null,null,null,null,null,null,null,null,null,null,0]
[null,null,null,null,null,null,null,null,null,null,null,null,null,null,null,null,null,null,null,null,null,0]
[null,null,null,null,null,null,null,null,null,null,null,null,null,null,null,null,null,null,null,null,null,0]
[null,null,null,null,null,null,null,null,null,null,null,null,null,null,null,null,null,null,null,null,null,0]
[null,null,null,null,null,null,null,null,null,null,null,null,null,null,null,null,null,null,null,null,null,0]
[null,null,null,null,null,null,null,null,null,null,null,null,null,null,null,null,null,null,null,null,null,0]
[null,null,null,null,null,null,null,null,null,null,null,null,null,null,null,null,null,null,null,null,null,0]
[null,null,null,null,null,null,null,null,null,null,null,null,null,null,null,null,null,null,null,null,null,0]
[null,null,null,null,null,null,null,null,null,null,null,null,null,null,null,null,null,null,null,null,null,0]
[null,null,null,null,null,null,null,null,null,null,null,null,null,null,null,null,null,null,null,null,null,0]
[null,null,null,null,null,null,null,null,null,null,null,null,null,null,null,null,null,null,null,null,null,0]
[null,null,null,null,null,null,null,null,null,null,null,null,null,null,null,null,null,null,null,null,null,0]
[null,null,null,null,null,null,null,null,null,null,null,null,null,null,null,null,null,null,null,null,null,0]
[null,null,null,null,null,null,null,null,null,null,null,null,null,null,null,null,null,null,null,null,null,0]
[null,null,null,null,null,null,null,null,null,null,null,null,null,null,null,null,null,null,null,null,null,0]
[null,null,null,null,null,null,null,null,null,null,null,null,null,null,null,null,null,null,null,null,null,0]
[null,null,null,null,null,null,null,null,null,null,null,null,null,null,null,null,null,null,null,null,null,0]
[null,null,null,null,null,null,null,null,null,null,null,null,null,null,null,null,null,null,null,null,null,0]
[null,null,null,null,null,null,null,null,null,null,null,null,null,null,null,null,null,null,null,null,null,0]
[null,null,null,null,null,null,null,null,null,null,null,null,null,null,null,null,null,null,null,null,null,0]
[null,null,null,null,null,null,null,null,null,null,null,null,null,null,null,null,null,null,null,null,null,0]
[null,null,null,null,null,null,null,null,null,null,null,null,null,null,null,null,null,null,null,null,null,0]
[null,null,null,null,null,null,null,null,null,null,null,null,null,null,null,null,null,null,null,null,null,0]
[null,null,null,null,null,null,null,null,null,null,null,null,null,null,null,null,null,null,null,null,null,0]
[null,null,null,null,null,null,null,null,null,null,null,null,null,null,null,null,null,null,null,null,null,0]
[null,null,null,null,null,null,null,null,null,null,null,null,null,null,null,null,null,null,null,null,null,0]
[null,null,null,null,null,null,null,null,null,null,null,null,null,null,null,null,null,null,null,null,null,0]
[null,null,null,null,null,null,null,null,null,null,null,null,null,null,null,null,null,null,null,null,null,0]
[null,null,null,null,null,null,null,null,null,null,null,null,null,null,null,null,null,null,null,null,null,0]
[null,null,null,null,null,null,null,null,null,null,null,null,null,null,null,null,null,null,null,null,null,0]
[null,null,null,null,null,null,null,null,null,null,null,null,null,null,null,null,null,null,null,null,null,0]
[null,null,null,null,null,null,null,null,null,null,null,null,null,null,null,null,null,null,null,null,null,0]
[null,null,null,null,null,null,null,null,null,null,null,null,null,null,null,null,null,null,null,null,null,0]
[null,null,null,null,null,null,null,null,null,null,null,null,null,null,null,null,null,null,null,null,null,0]
[null,null,null,null,null,null,null,null,null,null,null,null,null,null,null,null,null,null,null,null,null,0]
[null,null,null,null,null,null,null,null,null,null,null,null,null,null,null,null,null,null,null,null,null,0]
[null,null,null,null,null,null,null,null,null,null,null,null,null,null,null,null,null,null,null,null,null,0]
[null,null,null,null,null,null,null,null,null,null,null,null,null,null,null,null,null,null,null,null,null,0]
[null,null,null,null,null,null,null,null,null,null,null,null,null,null,null,null,null,null,null,null,null,0]
[null,null,null,null,null,null,null,null,null,null,null,null,null,null,null,null,null,null,null,null,null,0]
[null,null,null,null,null,null,null,null,null,null,null,null,null,null,null,null,null,null,null,null,null,0]
[null,null,null,null,null,null,null,null,null,null,null,null,null,null,null,null,null,null,null,null,null,0]
[null,null,null,null,null,null,null,null,null,null,null,null,null,null,null,null,null,null,null,null,null,0]
[null,null,null,null,null,null,null,null,null,null,null,null,null,null,null,null,null,null,null,null,null,0]
[null,null,null,null,null,null,null,null,null,null,null,null,null,null,null,null,null,null,null,null,null,0]
[null,null,null,null,null,null,null,null,null,null,null,null,null,null,null,null,null,null,null,null,null,0]
[null,null,null,null,null,null,null,null,null,null,null,null,null,null,null,null,null,null,null,null,null,0]
[null,null,null,null,null,null,null,null,null,null,null,null,null,null,null,null,null,null,null,null,null,0]
[null,null,null,null,null,null,null,null,null,null,null,null,null,null,null,null,null,null,null,null,null,0]
[null,null,null,null,null,null,null,null,null,null,null,null,null,null,null,null,null,null,null,null,null,0]
[null,null,null,null,null,null,null,null,null,null,null,null,null,null,null,null,null,null,null,null,null,0]
[null,null,null,null,null,null,null,null,null,null,null,null,null,null,null,null,null,null,null,null,null,0]
[null,null,null,null,null,null,null,null,null,null,null,null,null,null,null,null,null,null,null,null,null,0]
[null,null,null,null,null,null,null,null,null,null,null,null,null,null,null,null,null,null,null,null,null,0]
[null,null,null,null,null,null,null,null,null,null,null,null,null,null,null,null,null,null,null,null,null,0]
[null,null,null,null,null,null,null,null,null,null,null,null,null,null,null,null,null,null,null,null,null,0]
[null,null,null,null,null,null,null,null,null,null,null,null,null,null,null,null,null,null,null,null,null,0]
[null,null,null,null,null,null,null,null,null,null,null,null,null,null,null,null,null,null,null,null,null,0]
[null,null,null,null,null,null,null,null,null,null,null,null,null,null,null,null,null,null,null,null,null,0]
[null,null,null,null,null,null,null,null,null,null,null,null,null,null,null,null,null,null,null,null,null,0]
[null,null,null,null,null,null,null,null,null,null,null,null,null,null,null,null,null,null,null,null,null,0]
[null,null,null,null,null,null,null,null,null,null,null,null,null,null,null,null,null,null,null,null,null,0]
[null,null,null,null,null,null,null,null,null,null,null,null,null,null,null,null,null,null,null,null,null,0]
[null,null,null,null,null,null,null,null,null,null,null,null,null,null,null,null,null,null,null,null,null,0]
[null,null,null,null,null,null,null,null,null,null,null,null,null,null,null,null,null,null,null,null,null,0]
[null,null,null,null,null,null,null,null,null,null,null,null,null,null,null,null,null,null,null,null,null,0]
[null,null,null,null,null,null,null,null,null,null,null,null,null,null,null,null,null,null,null,null,null,0]
[null,null,null,null,null,null,null,null,null,null,null,null,null,null,null,null,null,null,null,null,null,0]
[null,null,null,null,null,null,null,null,null,null,null,null,null,null,null,null,null,null,null,null,null,0]
[null,null,null,null,null,null,null,null,null,null,null,null,null,null,null,null,null,null,null,null,null,0]
[null,null,null,null,null,null,null,null,null,null,null,null,null,null,null,null,null,null,null,null,null,0]
[null,null,null,null,null,null,null,null,null,null,null,null,null,null,null,null,null,null,null,null,null,0]
[null,null,null,null,null,null,null,null,null,null,null,null,null,null,null,null,null,null,null,null,null,0]
[null,null,null,null,null,null,null,null,null,null,null,null,null,null,null,null,null,null,null,null,null,0]
[null,null,null,null,null,null,null,null,null,null,null,null,null,null,null,null,null,null,null,null,null,0]
[null,null,null,null,null,null,null,null,null,null,null,null,null,null,null,null,null,null,null,null,null,0]
[null,null,null,null,null,null,null,null,null,null,null,null,null,null,null,null,null,null,null,null,null,0]
[null,null,null,null,null,null,null,null,null,null,null,null,null,null,null,null,null,null,null,null,null,0]
[null,null,null,null,null,null,null,null,null,null,null,null,null,null,null,null,null,null,null,null,null,0]
[null,null,null,null,null,null,null,null,null,null,null,null,null,null,null,null,null,null,null,null,null,0]
[null,null,null,null,null,null,null,null,null,null,null,null,null,null,null,null,null,null,null,null,null,0]
[null,null,null,null,null,null,null,null,null,null,null,null,null,null,null,null,null,null,null,null,null,0]
[null,null,null,null,null,null,null,null,null,null,null,null,null,null,null,null,null,null,null,null,null,0]
[null,null,null,null,null,null,null,null,null,null,null,null,null,null,null,null,null,null,null,null,null,0]
[null,null,null,null,null,null,null,null,null,null,null,null,null,null,null,null,null,null,null,null,null,0]
[null,null,null,null,null,null,null,null,null,null,null,null,null,null,null,null,null,null,null,null,null,0]
[null,null,null,null,null,null,null,null,null,null,null,null,null,null,null,null,null,null,null,null,null,0]
[null,null,null,null,null,null,null,null,null,null,null,null,null,null,null,null,null,null,null,null,null,0]
[null,null,null,null,null,null,null,null,null,null,null,null,null,null,null,null,null,null,null,null,null,0]
[null,null,null,null,null,null,null,null,null,null,null,null,null,null,null,null,null,null,null,null,null,0]
[null,null,null,null,null,null,null,null,null,null,null,null,null,null,null,null,null,null,null,null,null,0]
[null,null,null,null,null,null,null,null,null,null,null,null,null,null,null,null,null,null,null,null,null,0]
[null,null,null,null,null,null,null,null,null,null,null,null,null,null,null,null,null,null,null,null,null,0]
[null,null,null,null,null,null,null,null,null,null,null,null,null,null,null,null,null,null,null,null,null,0]
[null,null,null,null,null,null,null,null,null,null,null,null,null,null,null,null,null,null,null,null,null,0]
[null,null,null,null,null,null,null,null,null,null,null,null,null,null,null,null,null,null,null,null,null,0]
[null,null,null,null,null,null,null,null,null,null,null,null,null,null,null,null,null,null,null,null,null,0]
[null,null,null,null,null,null,null,null,null,null,null,null,null,null,null,null,null,null,null,null,null,0]
[null,null,null,null,null,null,null,null,null,null,null,null,null,null,null,null,null,null,null,null,null,0]
[null,null,null,null,null,null,null,null,null,null,null,null,null,null,null,null,null,null,null,null,null,0]
[null,null,null,null,null,null,null,null,null,null,null,null,null,null,null,null,null,null,null,null,null,0]
[null,null,null,null,null,null,null,null,null,null,null,null,null,null,null,null,null,null,null,null,null,0]
[null,null,null,null,null,null,null,null,null,null,null,null,null,null,null,null,null,null,null,null,null,0]
[null,null,null,null,null,null,null,null,null,null,null,null,null,null,null,null,null,null,null,null,null,0]
[null,null,null,null,null,null,null,null,null,null,null,null,null,null,null,null,null,null,null,null,null,0]
[null,null,null,null,null,null,null,null,null,null,null,null,null,null,null,null,null,null,null,null,null,0]
[null,null,null,null,null,null,null,null,null,null,null,null,null,null,null,null,null,null,null,null,null,0]
[null,null,null,null,null,null,null,null,null,null,null,null,null,null,null,null,null,null,null,null,null,0]
[null,null,null,null,null,null,null,null,null,null,null,null,null,null,null,null,null,null,null,null,null,0]
[null,null,null,null,null,null,null,null,null,null,null,null,null,null,null,null,null,null,null,null,null,0]
[null,null,null,null,null,null,null,null,null,null,null,null,null,null,null,null,null,null,null,null,null,0]
[null,null,null,null,null,null,null,null,null,null,null,null,null,null,null,null,null,null,null,null,null,0]
[null,null,null,null,null,null,null,null,null,null,null,null,null,null,null,null,null,null,null,null,null,0]
[null,null,null,null,null,null,null,null,null,null,null,null,null,null,null,null,null,null,null,null,null,0]
[null,null,null,null,null,null,null,null,null,null,null,null,null,null,null,null,null,null,null,null,null,0]
[null,null,null,null,null,null,null,null,null,null,null,null,null,null,null,null,null,null,null,null,null,0]
[null,null,null,null,null,null,null,null,null,null,null,null,null,null,null,null,null,null,null,null,null,0]
[null,null,null,null,null,null,null,null,null,null,null,null,null,null,null,null,null,null,null,null,null,0]
[null,null,null,null,null,null,null,null,null,null,null,null,null,null,null,null,null,null,null,null,null,0]
[null,null,null,null,null,null,null,null,null,null,null,null,null,null,null,null,null,null,null,null,null,0]
[null,null,null,null,null,null,null,null,null,null,null,null,null,null,null,null,null,null,null,null,null,0]
[null,null,null,null,null,null,null,null,null,null,null,null,null,null,null,null,null,null,null,null,null,0]
[null,null,null,null,null,null,null,null,null,null,null,null,null,null,null,null,null,null,null,null,null,0]
[null,null,null,null,null,null,null,null,null,null,null,null,null,null,null,null,null,null,null,null,null,0]
[null,null,null,null,null,null,null,null,null,null,null,null,null,null,null,null,null,null,null,null,null,0]
[null,null,null,null,null,null,null,null,null,null,null,null,null,null,null,null,null,null,null,null,null,0]
[null,null,null,null,null,null,null,null,null,null,null,null,null,null,null,null,null,null,null,null,null,0]
[null,null,null,null,null,null,null,null,null,null,null,null,null,null,null,null,null,null,null,null,null,0]
[null,null,null,null,null,null,null,null,null,null,null,null,null,null,null,null,null,null,null,null,null,0]
[null,null,null,null,null,null,null,null,null,null,null,null,null,null,null,null,null,null,null,null,null,0]
[null,null,null,null,null,null,null,null,null,null,null,null,null,null,null,null,null,null,null,null,null,0]
[null,null,null,null,null,null,null,null,null,null,null,null,null,null,null,null,null,null,null,null,null,0]
[null,null,null,null,null,null,null,null,null,null,null,null,null,null,null,null,null,null,null,null,null,0]
[null,null,null,null,null,null,null,null,null,null,null,null,null,null,null,null,null,null,null,null,null,0]
[null,null,null,null,null,null,null,null,null,null,null,null,null,null,null,null,null,null,null,null,null,0]
[null,null,null,null,null,null,null,null,null,null,null,null,null,null,null,null,null,null,null,null,null,0]
[null,null,null,null,null,null,null,null,null,null,null,null,null,null,null,null,null,null,null,null,null,0]
[null,null,null,null,null,null,null,null,null,null,null,null,null,null,null,null,null,null,null,null,null,0]
[null,null,null,null,null,null,null,null,null,null,null,null,null,null,null,null,null,null,null,null,null,0]
[null,null,null,null,null,null,null,null,null,null,null,null,null,null,null,null,null,null,null,null,null,0]
[null,null,null,null,null,null,null,null,null,null,null,null,null,null,null,null,null,null,null,null,null,0]
[null,null,null,null,null,null,null,null,null,null,null,null,null,null,null,null,null,null,null,null,null,0]
[null,null,null,null,null,null,null,null,null,null,null,null,null,null,null,null,null,null,null,null,null,0]
[null,null,null,null,null,null,null,null,null,null,null,null,null,null,null,null,null,null,null,null,null,0]
[null,null,null,null,null,null,null,null,null,null,null,null,null,null,null,null,null,null,null,null,null,0]
[null,null,null,null,null,null,null,null,null,null,null,null,null,null,null,null,null,null,null,null,null,0]
[null,null,null,null,null,null,null,null,null,null,null,null,null,null,null,null,null,null,null,null,null,0]
[null,null,null,null,null,null,null,null,null,null,null,null,null,null,null,null,null,null,null,null,null,0]
[null,null,null,null,null,null,null,null,null,null,null,null,null,null,null,null,null,null,null,null,null,0]
[null,null,null,null,null,null,null,null,null,null,null,null,null,null,null,null,null,null,null,null,null,0]
[null,null,null,null,null,null,null,null,null,null,null,null,null,null,null,null,null,null,null,null,null,0]
[null,null,null,null,null,null,null,null,null,null,null,null,null,null,null,null,null,null,null,null,null,0]
[null,null,null,null,null,null,null,null,null,null,null,null,null,null,null,null,null,null,null,null,null,0]
[null,null,null,null,null,null,null,null,null,null,null,null,null,null,null,null,null,null,null,null,null,0]
[null,null,null,null,null,null,null,null,null,null,null,null,null,null,null,null,null,null,null,null,null,0]
[null,null,null,null,null,null,null,null,null,null,null,null,null,null,null,null,null,null,null,null,null,0]
[null,null,null,null,null,null,null,null,null,null,null,null,null,null,null,null,null,null,null,null,null,0]
[null,null,null,null,null,null,null,null,null,null,null,null,null,null,null,null,null,null,null,null,null,0]
[null,null,null,null,null,null,null,null,null,null,null,null,null,null,null,null,null,null,null,null,null,0]
[null,null,null,null,null,null,null,null,null,null,null,null,null,null,null,null,null,null,null,null,null,0]
[null,null,null,null,null,null,null,null,null,null,null,null,null,null,null,null,null,null,null,null,null,0]
[null,null,null,null,null,null,null,null,null,null,null,null,null,null,null,null,null,null,null,null,null,0]
[null,null,null,null,null,null,null,null,null,null,null,null,null,null,null,null,null,null,null,null,null,0]
[null,null,null,null,null,null,null,null,null,null,null,null,null,null,null,null,null,null,null,null,null,0]
[null,null,null,null,null,null,null,null,null,null,null,null,null,null,null,null,null,null,null,null,null,0]
[null,null,null,null,null,null,null,null,null,null,null,null,null,null,null,null,null,null,null,null,null,0]
[null,null,null,null,null,null,null,null,null,null,null,null,null,null,null,null,null,null,null,null,null,0]
[null,null,null,null,null,null,null,null,null,null,null,null,null,null,null,null,null,null,null,null,null,0]
[null,null,null,null,null,null,null,null,null,null,null,null,null,null,null,null,null,null,null,null,null,0]
[null,null,null,null,null,null,null,null,null,null,null,null,null,null,null,null,null,null,null,null,null,0]
[null,null,null,null,null,null,null,null,null,null,null,null,null,null,null,null,null,null,null,null,null,0]
[null,null,null,null,null,null,null,null,null,null,null,null,null,null,null,null,null,null,null,null,null,0]
[null,null,null,null,null,null,null,null,null,null,null,null,null,null,null,null,null,null,null,null,null,0]
[null,null,null,null,null,null,null,null,null,null,null,null,null,null,null,null,null,null,null,null,null,0]
[null,null,null,null,null,null,null,null,null,null,null,null,null,null,null,null,null,null,null,null,null,0]
[null,null,null,null,null,null,null,null,null,null,null,null,null,null,null,null,null,null,null,null,null,0]
[null,null,null,null,null,null,null,null,null,null,null,null,null,null,null,null,null,null,null,null,null,0]
[null,null,null,null,null,null,null,null,null,null,null,null,null,null,null,null,null,null,null,null,null,0]
[null,null,null,null,null,null,null,null,null,null,null,null,null,null,null,null,null,null,null,null,null,0]
[null,null,null,null,null,null,null,null,null,null,null,null,null,null,null,null,null,null,null,null,null,0]
[null,null,null,null,null,null,null,null,null,null,null,null,null,null,null,null,null,null,null,null,null,0]
[null,null,null,null,null,null,null,null,null,null,null,null,null,null,null,null,null,null,null,null,null,0]
[null,null,null,null,null,null,null,null,null,null,null,null,null,null,null,null,null,null,null,null,null,0]
[null,null,null,null,null,null,null,null,null,null,null,null,null,null,null,null,null,null,null,null,null,0]
[null,null,null,null,null,null,null,null,null,null,null,null,null,null,null,null,null,null,null,null,null,0]
[null,null,null,null,null,null,null,null,null,null,null,null,null,null,null,null,null,null,null,null,null,0]
[null,null,null,null,null,null,null,null,null,null,null,null,null,null,null,null,null,null,null,null,null,0]
[null,null,null,null,null,null,null,null,null,null,null,null,null,null,null,null,null,null,null,null,null,0]
[null,null,null,null,null,null,null,null,null,null,null,null,null,null,null,null,null,null,null,null,null,0]
[null,null,null,null,null,null,null,null,null,null,null,null,null,null,null,null,null,null,null,null,null,0]
[null,null,null,null,null,null,null,null,null,null,null,null,null,null,null,null,null,null,null,null,null,0]
[null,null,null,null,null,null,null,null,null,null,null,null,null,null,null,null,null,null,null,null,null,0]
[null,null,null,null,null,null,null,null,null,null,null,null,null,null,null,null,null,null,null,null,null,0]
[null,null,null,null,null,null,null,null,null,null,null,null,null,null,null,null,null,null,null,null,null,0]
[null,null,null,null,null,null,null,null,null,null,null,null,null,null,null,null,null,null,null,null,null,0]
[null,null,null,null,null,null,null,null,null,null,null,null,null,null,null,null,null,null,null,null,null,0]
[null,null,null,null,null,null,null,null,null,null,null,null,null,null,null,null,null,null,null,null,null,0]
[null,null,null,null,null,null,null,null,null,null,null,null,null,null,null,null,null,null,null,null,null,0]
[null,null,null,null,null,null,null,null,null,null,null,null,null,null,null,null,null,null,null,null,null,0]
[null,null,null,null,null,null,null,null,null,null,null,null,null,null,null,null,null,null,null,null,null,0]
[null,null,null,null,null,null,null,null,null,null,null,null,null,null,null,null,null,null,null,null,null,0]
[null,null,null,null,null,null,null,null,null,null,null,null,null,null,null,null,null,null,null,null,null,0]
[null,null,null,null,null,null,null,null,null,null,null,null,null,null,null,null,null,null,null,null,null,0]
[null,null,null,null,null,null,null,null,null,null,null,null,null,null,null,null,null,null,null,null,null,0]
[null,null,null,null,null,null,null,null,null,null,null,null,null,null,null,null,null,null,null,null,null,0]
[null,null,null,null,null,null,null,null,null,null,null,null,null,null,null,null,null,null,null,null,null,0]
[null,null,null,null,null,null,null,null,null,null,null,null,null,null,null,null,null,null,null,null,null,0]
[null,null,null,null,null,null,null,null,null,null,null,null,null,null,null,null,null,null,null,null,null,0]
[null,null,null,null,null,null,null,null,null,null,null,null,null,null,null,null,null,null,null,null,null,0]
[null,null,null,null,null,null,null,null,null,null,null,null,null,null,null,null,null,null,null,null,null,0]
[null,null,null,null,null,null,null,null,null,null,null,null,null,null,null,null,null,null,null,null,null,0]
[null,null,null,null,null,null,null,null,null,null,null,null,null,null,null,null,null,null,null,null,null,0]
[null,null,null,null,null,null,null,null,null,null,null,null,null,null,null,null,null,null,null,null,null,0]
[null,null,null,null,null,null,null,null,null,null,null,null,null,null,null,null,null,null,null,null,null,0]
[null,null,null,null,null,null,null,null,null,null,null,null,null,null,null,null,null,null,null,null,null,0]
[null,null,null,null,null,null,null,null,null,null,null,null,null,null,null,null,null,null,null,null,null,0]
[null,null,null,null,null,null,null,null,null,null,null,null,null,null,null,null,null,null,null,null,null,0]
[null,null,null,null,null,null,null,null,null,null,null,null,null,null,null,null,null,null,null,null,null,0]
[null,null,null,null,null,null,null,null,null,null,null,null,null,null,null,null,null,null,null,null,null,0]
[null,null,null,null,null,null,null,null,null,null,null,null,null,null,null,null,null,null,null,null,null,0]
[null,null,null,null,null,null,null,null,null,null,null,null,null,null,null,null,null,null,null,null,null,0]
[null,null,null,null,null,null,null,null,null,null,null,null,null,null,null,null,null,null,null,null,null,0]
[null,null,null,null,null,null,null,null,null,null,null,null,null,null,null,null,null,null,null,null,null,0]
[null,null,null,null,null,null,null,null,null,null,null,null,null,null,null,null,null,null,null,null,null,0]
[null,null,null,null,null,null,null,null,null,null,null,null,null,null,null,null,null,null,null,null,null,0]
[null,null,null,null,null,null,null,null,null,null,null,null,null,null,null,null,null,null,null,null,null,0]
[null,null,null,null,null,null,null,null,null,null,null,null,null,null,null,null,null,null,null,null,null,0]
[null,null,null,null,null,null,null,null,null,null,null,null,null,null,null,null,null,null,null,null,null,0]
[null,null,null,null,null,null,null,null,null,null,null,null,null,null,null,null,null,null,null,null,null,0]
[null,null,null,null,null,null,null,null,null,null,null,null,null,null,null,null,null,null,null,null,null,0]
[null,null,null,null,null,null,null,null,null,null,null,null,null,null,null,null,null,null,null,null,null,0]
[null,null,null,null,null,null,null,null,null,null,null,null,null,null,null,null,null,null,null,null,null,0]
[null,null,null,null,null,null,null,null,null,null,null,null,null,null,null,null,null,null,null,null,null,0]
[null,null,null,null,null,null,null,null,null,null,null,null,null,null,null,null,null,null,null,null,null,0]
[null,null,null,null,null,null,null,null,null,null,null,null,null,null,null,null,null,null,null,null,null,0]
[null,null,null,null,null,null,null,null,null,null,null,null,null,null,null,null,null,null,null,null,null,0]
[null,null,null,null,null,null,null,null,null,null,null,null,null,null,null,null,null,null,null,null,null,0]
[null,null,null,null,null,null,null,null,null,null,null,null,null,null,null,null,null,null,null,null,null,0]
[null,null,null,null,null,null,null,null,null,null,null,null,null,null,null,null,null,null,null,null,null,0]
[null,null,null,null,null,null,null,null,null,null,null,null,null,null,null,null,null,null,null,null,null,0]
[null,null,null,null,null,null,null,null,null,null,null,null,null,null,null,null,null,null,null,null,null,0]
[null,null,null,null,null,null,null,null,null,null,null,null,null,null,null,null,null,null,null,null,null,0]
[null,null,null,null,null,null,null,null,null,null,null,null,null,null,null,null,null,null,null,null,null,0]
[null,null,null,null,null,null,null,null,null,null,null,null,null,null,null,null,null,null,null,null,null,0]
[null,null,null,null,null,null,null,null,null,null,null,null,null,null,null,null,null,null,null,null,null,0]
[null,null,null,null,null,null,null,null,null,null,null,null,null,null,null,null,null,null,null,null,null,0]
[null,null,null,null,null,null,null,null,null,null,null,null,null,null,null,null,null,null,null,null,null,0]
[null,null,null,null,null,null,null,null,null,null,null,null,null,null,null,null,null,null,null,null,null,0]
[null,null,null,null,null,null,null,null,null,null,null,null,null,null,null,null,null,null,null,null,null,0]
[null,null,null,null,null,null,null,null,null,null,null,null,null,null,null,null,null,null,null,null,null,0]
[null,null,null,null,null,null,null,null,null,null,null,null,null,null,null,null,null,null,null,null,null,0]
[null,null,null,null,null,null,null,null,null,null,null,null,null,null,null,null,null,null,null,null,null,0]
[null,null,null,null,null,null,null,null,null,null,null,null,null,null,null,null,null,null,null,null,null,0]
[null,null,null,null,null,null,null,null,null,null,null,null,null,null,null,null,null,null,null,null,null,0]
[null,null,null,null,null,null,null,null,null,null,null,null,null,null,null,null,null,null,null,null,null,0]
[null,null,null,null,null,null,null,null,null,null,null,null,null,null,null,null,null,null,null,null,null,0]
[null,null,null,null,null,null,null,null,null,null,null,null,null,null,null,null,null,null,null,null,null,0]
[null,null,null,null,null,null,null,null,null,null,null,null,null,null,null,null,null,null,null,null,null,0]
[null,null,null,null,null,null,null,null,null,null,null,null,null,null,null,null,null,null,null,null,null,0]
[null,null,null,null,null,null,null,null,null,null,null,null,null,null,null,null,null,null,null,null,null,0]
[null,null,null,null,null,null,null,null,null,null,null,null,null,null,null,null,null,null,null,null,null,0]
[null,null,null,null,null,null,null,null,null,null,null,null,null,null,null,null,null,null,null,null,null,0]
[null,null,null,null,null,null,null,null,null,null,null,null,null,null,null,null,null,null,null,null,null,0]
[null,null,null,null,null,null,null,null,null,null,null,null,null,null,null,null,null,null,null,null,null,0]
[null,null,null,null,null,null,null,null,null,null,null,null,null,null,null,null,null,null,null,null,null,0]
[null,null,null,null,null,null,null,null,null,null,null,null,null,null,null,null,null,null,null,null,null,0]
[null,null,null,null,null,null,null,null,null,null,null,null,null,null,null,null,null,null,null,null,null,0]
[null,null,null,null,null,null,null,null,null,null,null,null,null,null,null,null,null,null,null,null,null,0]
[null,null,null,null,null,null,null,null,null,null,null,null,null,null,null,null,null,null,null,null,null,0]
[null,null,null,null,null,null,null,null,null,null,null,null,null,null,null,null,null,null,null,null,null,0]
[null,null,null,null,null,null,null,null,null,null,null,null,null,null,null,null,null,null,null,null,null,0]
[null,null,null,null,null,null,null,null,null,null,null,null,null,null,null,null,null,null,null,null,null,0]
[null,null,null,null,null,null,null,null,null,null,null,null,null,null,null,null,null,null,null,null,null,0]
[null,null,null,null,null,null,null,null,null,null,null,null,null,null,null,null,null,null,null,null,null,0]
[null,null,null,null,null,null,null,null,null,null,null,null,null,null,null,null,null,null,null,null,null,0]
[null,null,null,null,null,null,null,null,null,null,null,null,null,null,null,null,null,null,null,null,null,0]
[null,null,null,null,null,null,null,null,null,null,null,null,null,null,null,null,null,null,null,null,null,0]
[null,null,null,null,null,null,null,null,null,null,null,null,null,null,null,null,null,null,null,null,null,0]
[null,null,null,null,null,null,null,null,null,null,null,null,null,null,null,null,null,null,null,null,null,0]
[null,null,null,null,null,null,null,null,null,null,null,null,null,null,null,null,null,null,null,null,null,0]
[null,null,null,null,null,null,null,null,null,null,null,null,null,null,null,null,null,null,null,null,null,0]
[null,null,null,null,null,null,null,null,null,null,null,null,null,null,null,null,null,null,null,null,null,0]
[null,null,null,null,null,null,null,null,null,null,null,null,null,null,null,null,null,null,null,null,null,0]
[null,null,null,null,null,null,null,null,null,null,null,null,null,null,null,null,null,null,null,null,null,0]
[null,null,null,null,null,null,null,null,null,null,null,null,null,null,null,null,null,null,null,null,null,0]
[null,null,null,null,null,null,null,null,null,null,null,null,null,null,null,null,null,null,null,null,null,0]
[null,null,null,null,null,null,null,null,null,null,null,null,null,null,null,null,null,null,null,null,null,0]
[null,null,null,null,null,null,null,null,null,null,null,null,null,null,null,null,null,null,null,null,null,0]
[null,null,null,null,null,null,null,null,null,null,null,null,null,null,null,null,null,null,null,null,null,0]
[null,null,null,null,null,null,null,null,null,null,null,null,null,null,null,null,null,null,null,null,null,0]
[null,null,null,null,null,null,null,null,null,null,null,null,null,null,null,null,null,null,null,null,null,0]
[null,null,null,null,null,null,null,null,null,null,null,null,null,null,null,null,null,null,null,null,null,0]
[null,null,null,null,null,null,null,null,null,null,null,null,null,null,null,null,null,null,null,null,null,0]
[null,null,null,null,null,null,null,null,null,null,null,null,null,null,null,null,null,null,null,null,null,0]
[null,null,null,null,null,null,null,null,null,null,null,null,null,null,null,null,null,null,null,null,null,0]
[null,null,null,null,null,null,null,null,null,null,null,null,null,null,null,null,null,null,null,null,null,0]
[null,null,null,null,null,null,null,null,null,null,null,null,null,null,null,null,null,null,null,null,null,0]
[null,null,null,null,null,null,null,null,null,null,null,null,null,null,null,null,null,null,null,null,null,0]
[null,null,null,null,null,null,null,null,null,null,null,null,null,null,null,null,null,null,null,null,null,0]
[null,null,null,null,null,null,null,null,null,null,null,null,null,null,null,null,null,null,null,null,null,0]
[null,null,null,null,null,null,null,null,null,null,null,null,null,null,null,null,null,null,null,null,null,0]
[null,null,null,null,null,null,null,null,null,null,null,null,null,null,null,null,null,null,null,null,null,0]
[null,null,null,null,null,null,null,null,null,null,null,null,null,null,null,null,null,null,null,null,null,0]
[null,null,null,null,null,null,null,null,null,null,null,null,null,null,null,null,null,null,null,null,null,0]
[null,null,null,null,null,null,null,null,null,null,null,null,null,null,null,null,null,null,null,null,null,0]
[null,null,null,null,null,null,null,null,null,null,null,null,null,null,null,null,null,null,null,null,null,0]
[null,null,null,null,null,null,null,null,null,null,null,null,null,null,null,null,null,null,null,null,null,0]
[null,null,null,null,null,null,null,null,null,null,null,null,null,null,null,null,null,null,null,null,null,0]
[null,null,null,null,null,null,null,null,null,null,null,null,null,null,null,null,null,null,null,null,null,0]
[null,null,null,null,null,null,null,null,null,null,null,null,null,null,null,null,null,null,null,null,null,0]
[null,null,null,null,null,null,null,null,null,null,null,null,null,null,null,null,null,null,null,null,null,0]
[null,null,null,null,null,null,null,null,null,null,null,null,null,null,null,null,null,null,null,null,null,0]
[null,null,null,null,null,null,null,null,null,null,null,null,null,null,null,null,null,null,null,null,null,0]
[null,null,null,null,null,null,null,null,null,null,null,null,null,null,null,null,null,null,null,null,null,0]
[null,null,null,null,null,null,null,null,null,null,null,null,null,null,null,null,null,null,null,null,null,0]
[null,null,null,null,null,null,null,null,null,null,null,null,null,null,null,null,null,null,null,null,null,0]
[null,null,null,null,null,null,null,null,null,null,null,null,null,null,null,null,null,null,null,null,null,0]
[null,null,null,null,null,null,null,null,null,null,null,null,null,null,null,null,null,null,null,null,null,0]
[null,null,null,null,null,null,null,null,null,null,null,null,null,null,null,null,null,null,null,null,null,0]
[null,null,null,null,null,null,null,null,null,null,null,null,null,null,null,null,null,null,null,null,null,0]
[null,null,null,null,null,null,null,null,null,null,null,null,null,null,null,null,null,null,null,null,null,0]
[null,null,null,null,null,null,null,null,null,null,null,null,null,null,null,null,null,null,null,null,null,0]
[null,null,null,null,null,null,null,null,null,null,null,null,null,null,null,null,null,null,null,null,null,0]
[null,null,null,null,null,null,null,null,null,null,null,null,null,null,null,null,null,null,null,null,null,0]
[null,null,null,null,null,null,null,null,null,null,null,null,null,null,null,null,null,null,null,null,null,0]
[null,null,null,null,null,null,null,null,null,null,null,null,null,null,null,null,null,null,null,null,null,0]
[null,null,null,null,null,null,null,null,null,null,null,null,null,null,null,null,null,null,null,null,null,0]
[null,null,null,null,null,null,null,null,null,null,null,null,null,null,null,null,null,null,null,null,null,0]
[null,null,null,null,null,null,null,null,null,null,null,null,null,null,null,null,null,null,null,null,null,0]
[null,null,null,null,null,null,null,null,null,null,null,null,null,null,null,null,null,null,null,null,null,0]
[null,null,null,null,null,null,null,null,null,null,null,null,null,null,null,null,null,null,null,null,null,0]
[null,null,null,null,null,null,null,null,null,null,null,null,null,null,null,null,null,null,null,null,null,0]
[null,null,null,null,null,null,null,null,null,null,null,null,null,null,null,null,null,null,null,null,null,0]
[null,null,null,null,null,null,null,null,null,null,null,null,null,null,null,null,null,null,null,null,null,0]
[null,null,null,null,null,null,null,null,null,null,null,null,null,null,null,null,null,null,null,null,null,0]
[null,null,null,null,null,null,null,null,null,null,null,null,null,null,null,null,null,null,null,null,null,0]
[null,null,null,null,null,null,null,null,null,null,null,null,null,null,null,null,null,null,null,null,null,0]
[null,null,null,null,null,null,null,null,null,null,null,null,null,null,null,null,null,null,null,null,null,0]
[null,null,null,null,null,null,null,null,null,null,null,null,null,null,null,null,null,null,null,null,null,0]
[null,null,null,null,null,null,null,null,null,null,null,null,null,null,null,null,null,null,null,null,null,0]
[null,null,null,null,null,null,null,null,null,null,null,null,null,null,null,null,null,null,null,null,null,0]
[null,null,null,null,null,null,null,null,null,null,null,null,null,null,null,null,null,null,null,null,null,0]
[null,null,null,null,null,null,null,null,null,null,null,null,null,null,null,null,null,null,null,null,null,0]
[null,null,null,null,null,null,null,null,null,null,null,null,null,null,null,null,null,null,null,null,null,0]
[null,null,null,null,null,null,null,null,null,null,null,null,null,null,null,null,null,null,null,null,null,0]
[null,null,null,null,null,null,null,null,null,null,null,null,null,null,null,null,null,null,null,null,null,0]
[null,null,null,null,null,null,null,null,null,null,null,null,null,null,null,null,null,null,null,null,null,0]
[null,null,null,null,null,null,null,null,null,null,null,null,null,null,null,null,null,null,null,null,null,0]
[null,null,null,null,null,null,null,null,null,null,null,null,null,null,null,null,null,null,null,null,null,0]
[null,null,null,null,null,null,null,null,null,null,null,null,null,null,null,null,null,null,null,null,null,0]
[null,null,null,null,null,null,null,null,null,null,null,null,null,null,null,null,null,null,null,null,null,0]
[null,null,null,null,null,null,null,null,null,null,null,null,null,null,null,null,null,null,null,null,null,0]
[null,null,null,null,null,null,null,null,null,null,null,null,null,null,null,null,null,null,null,null,null,0]
[null,null,null,null,null,null,null,null,null,null,null,null,null,null,null,null,null,null,null,null,null,0]
[null,null,null,null,null,null,null,null,null,null,null,null,null,null,null,null,null,null,null,null,null,0]
[null,null,null,null,null,null,null,null,null,null,null,null,null,null,null,null,null,null,null,null,null,0]
[null,null,null,null,null,null,null,null,null,null,null,null,null,null,null,null,null,null,null,null,null,0]
[null,null,null,null,null,null,null,null,null,null,null,null,null,null,null,null,null,null,null,null,null,0]
[null,null,null,null,null,null,null,null,null,null,null,null,null,null,null,null,null,null,null,null,null,0]
[null,null,null,null,null,null,null,null,null,null,null,null,null,null,null,null,null,null,null,null,null,0]
[null,null,null,null,null,null,null,null,null,null,null,null,null,null,null,null,null,null,null,null,null,0]
[null,null,null,null,null,null,null,null,null,null,null,null,null,null,null,null,null,null,null,null,null,0]
[null,null,null,null,null,null,null,null,null,null,null,null,null,null,null,null,null,null,null,null,null,0]
[null,null,null,null,null,null,null,null,null,null,null,null,null,null,null,null,null,null,null,null,null,0]
[null,null,null,null,null,null,null,null,null,null,null,null,null,null,null,null,null,null,null,null,null,0]
[null,null,null,null,null,null,null,null,null,null,null,null,null,null,null,null,null,null,null,null,null,0]
[null,null,null,null,null,null,null,null,null,null,null,null,null,null,null,null,null,null,null,null,null,0]
[null,null,null,null,null,null,null,null,null,null,null,null,null,null,null,null,null,null,null,null,null,0]
[null,null,null,null,null,null,null,null,null,null,null,null,null,null,null,null,null,null,null,null,null,0]
[null,null,null,null,null,null,null,null,null,null,null,null,null,null,null,null,null,null,null,null,null,0]
[null,null,null,null,null,null,null,null,null,null,null,null,null,null,null,null,null,null,null,null,null,0]
[null,null,null,null,null,null,null,null,null,null,null,null,null,null,null,null,null,null,null,null,null,0]
[null,null,null,null,null,null,null,null,null,null,null,null,null,null,null,null,null,null,null,null,null,0]
[null,null,null,null,null,null,null,null,null,null,null,null,null,null,null,null,null,null,null,null,null,0]
[null,null,null,null,null,null,null,null,null,null,null,null,null,null,null,null,null,null,null,null,null,0]
[null,null,null,null,null,null,null,null,null,null,null,null,null,null,null,null,null,null,null,null,null,0]
[null,null,null,null,null,null,null,null,null,null,null,null,null,null,null,null,null,null,null,null,null,0]
[null,null,null,null,null,null,null,null,null,null,null,null,null,null,null,null,null,null,null,null,null,0]
[null,null,null,null,null,null,null,null,null,null,null,null,null,null,null,null,null,null,null,null,null,0]
[null,null,null,null,null,null,null,null,null,null,null,null,null,null,null,null,null,null,null,null,null,0]
[null,null,null,null,null,null,null,null,null,null,null,null,null,null,null,null,null,null,null,null,null,0]
[null,null,null,null,null,null,null,null,null,null,null,null,null,null,null,null,null,null,null,null,null,0]
[null,null,null,null,null,null,null,null,null,null,null,null,null,null,null,null,null,null,null,null,null,0]
[null,null,null,null,null,null,null,null,null,null,null,null,null,null,null,null,null,null,null,null,null,0]
[null,null,null,null,null,null,null,null,null,null,null,null,null,null,null,null,null,null,null,null,null,0]
[null,null,null,null,null,null,null,null,null,null,null,null,null,null,null,null,null,null,null,null,null,0]
[null,null,null,null,null,null,null,null,null,null,null,null,null,null,null,null,null,null,null,null,null,0]
[null,null,null,null,null,null,null,null,null,null,null,null,null,null,null,null,null,null,null,null,null,0]
[null,null,null,null,null,null,null,null,null,null,null,null,null,null,null,null,null,null,null,null,null,0]
[null,null,null,null,null,null,null,null,null,null,null,null,null,null,null,null,null,null,null,null,null,0]
[null,null,null,null,null,null,null,null,null,null,null,null,null,null,null,null,null,null,null,null,null,0]
[null,null,null,null,null,null,null,null,null,null,null,null,null,null,null,null,null,null,null,null,null,0]
[null,null,null,null,null,null,null,null,null,null,null,null,null,null,null,null,null,null,null,null,null,0]
[null,null,null,null,null,null,null,null,null,null,null,null,null,null,null,null,null,null,null,null,null,0]
[null,null,null,null,null,null,null,null,null,null,null,null,null,null,null,null,null,null,null,null,null,0]
[null,null,null,null,null,null,null,null,null,null,null,null,null,null,null,null,null,null,null,null,null,0]
[null,null,null,null,null,null,null,null,null,null,null,null,null,null,null,null,null,null,null,null,null,0]
[null,null,null,null,null,null,null,null,null,null,null,null,null,null,null,null,null,null,null,null,null,0]
[null,null,null,null,null,null,null,null,null,null,null,null,null,null,null,null,null,null,null,null,null,0]
[null,null,null,null,null,null,null,null,null,null,null,null,null,null,null,null,null,null,null,null,null,0]
[null,null,null,null,null,null,null,null,null,null,null,null,null,null,null,null,null,null,null,null,null,0]
[null,null,null,null,null,null,null,null,null,null,null,null,null,null,null,null,null,null,null,null,null,0]
[null,null,null,null,null,null,null,null,null,null,null,null,null,null,null,null,null,null,null,null,null,0]
[null,null,null,null,null,null,null,null,null,null,null,null,null,null,null,null,null,null,null,null,null,0]
[null,null,null,null,null,null,null,null,null,null,null,null,null,null,null,null,null,null,null,null,null,0]
[null,null,null,null,null,null,null,null,null,null,null,null,null,null,null,null,null,null,null,null,null,0]
[null,null,null,null,null,null,null,null,null,null,null,null,null,null,null,null,null,null,null,null,null,0]
[null,null,null,null,null,null,null,null,null,null,null,null,null,null,null,null,null,null,null,null,null,0]
[null,null,null,null,null,null,null,null,null,null,null,null,null,null,null,null,null,null,null,null,null,0]
[null,null,null,null,null,null,null,null,null,null,null,null,null,null,null,null,null,null,null,null,null,0]
[null,null,null,null,null,null,null,null,null,null,null,null,null,null,null,null,null,null,null,null,null,0]
[null,null,null,null,null,null,null,null,null,null,null,null,null,null,null,null,null,null,null,null,null,0]
[null,null,null,null,null,null,null,null,null,null,null,null,null,null,null,null,null,null,null,null,null,0]
[null,null,null,null,null,null,null,null,null,null,null,null,null,null,null,null,null,null,null,null,null,0]
[null,null,null,null,null,null,null,null,null,null,null,null,null,null,null,null,null,null,null,null,null,0]
[null,null,null,null,null,null,null,null,null,null,null,null,null,null,null,null,null,null,null,null,null,0]
[null,null,null,null,null,null,null,null,null,null,null,null,null,null,null,null,null,null,null,null,null,0]
[null,null,null,null,null,null,null,null,null,null,null,null,null,null,null,null,null,null,null,null,null,0]
[null,null,null,null,null,null,null,null,null,null,null,null,null,null,null,null,null,null,null,null,null,0]
[null,null,null,null,null,null,null,null,null,null,null,null,null,null,null,null,null,null,null,null,null,0]
[null,null,null,null,null,null,null,null,null,null,null,null,null,null,null,null,null,null,null,null,null,0]
[null,null,null,null,null,null,null,null,null,null,null,null,null,null,null,null,null,null,null,null,null,0]
[null,null,null,null,null,null,null,null,null,null,null,null,null,null,null,null,null,null,null,null,null,0]
[null,null,null,null,null,null,null,null,null,null,null,null,null,null,null,null,null,null,null,null,null,0]
[null,null,null,null,null,null,null,null,null,null,null,null,null,null,null,null,null,null,null,null,null,0]
[null,null,null,null,null,null,null,null,null,null,null,null,null,null,null,null,null,null,null,null,null,0]
[null,null,null,null,null,null,null,null,null,null,null,null,null,null,null,null,null,null,null,null,null,0]
[null,null,null,null,null,null,null,null,null,null,null,null,null,null,null,null,null,null,null,null,null,0]
[null,null,null,null,null,null,null,null,null,null,null,null,null,null,null,null,null,null,null,null,null,0]
[null,null,null,null,null,null,null,null,null,null,null,null,null,null,null,null,null,null,null,null,null,0]
[null,null,null,null,null,null,null,null,null,null,null,null,null,null,null,null,null,null,null,null,null,0]
[null,null,null,null,null,null,null,null,null,null,null,null,null,null,null,null,null,null,null,null,null,0]
[null,null,null,null,null,null,null,null,null,null,null,null,null,null,null,null,null,null,null,null,null,0]
[null,null,null,null,null,null,null,null,null,null,null,null,null,null,null,null,null,null,null,null,null,0]
[null,null,null,null,null,null,null,null,null,null,null,null,null,null,null,null,null,null,null,null,null,0]
[null,null,null,null,null,null,null,null,null,null,null,null,null,null,null,null,null,null,null,null,null,0]
[null,null,null,null,null,null,null,null,null,null,null,null,null,null,null,null,null,null,null,null,null,0]
[null,null,null,null,null,null,null,null,null,null,null,null,null,null,null,null,null,null,null,null,null,0]
[null,null,null,null,null,null,null,null,null,null,null,null,null,null,null,null,null,null,null,null,null,0]
[null,null,null,null,null,null,null,null,null,null,null,null,null,null,null,null,null,null,null,null,null,0]
[null,null,null,null,null,null,null,null,null,null,null,null,null,null,null,null,null,null,null,null,null,0]
[null,null,null,null,null,null,null,null,null,null,null,null,null,null,null,null,null,null,null,null,null,0]
[null,null,null,null,null,null,null,null,null,null,null,null,null,null,null,null,null,null,null,null,null,0]
[null,null,null,null,null,null,null,null,null,null,null,null,null,null,null,null,null,null,null,null,null,0]
[null,null,null,null,null,null,null,null,null,null,null,null,null,null,null,null,null,null,null,null,null,0]
[null,null,null,null,null,null,null,null,null,null,null,null,null,null,null,null,null,null,null,null,null,0]
[null,null,null,null,null,null,null,null,null,null,null,null,null,null,null,null,null,null,null,null,null,0]
[null,null,null,null,null,null,null,null,null,null,null,null,null,null,null,null,null,null,null,null,null,0]
[null,null,null,null,null,null,null,null,null,null,null,null,null,null,null,null,null,null,null,null,null,0]
[null,null,null,null,null,null,null,null,null,null,null,null,null,null,null,null,null,null,null,null,null,0]
[null,null,null,null,null,null,null,null,null,null,null,null,null,null,null,null,null,null,null,null,null,0]
[null,null,null,null,null,null,null,null,null,null,null,null,null,null,null,null,null,null,null,null,null,0]
[null,null,null,null,null,null,null,null,null,null,null,null,null,null,null,null,null,null,null,null,null,0]
[null,null,null,null,null,null,null,null,null,null,null,null,null,null,null,null,null,null,null,null,null,0]
[null,null,null,null,null,null,null,null,null,null,null,null,null,null,null,null,null,null,null,null,null,0]
[null,null,null,null,null,null,null,null,null,null,null,null,null,null,null,null,null,null,null,null,null,0]
[null,null,null,null,null,null,null,null,null,null,null,null,null,null,null,null,null,null,null,null,null,0]
[null,null,null,null,null,null,null,null,null,null,null,null,null,null,null,null,null,null,null,null,null,0]
[null,null,null,null,null,null,null,null,null,null,null,null,null,null,null,null,null,null,null,null,null,0]
[null,null,null,null,null,null,null,null,null,null,null,null,null,null,null,null,null,null,null,null,null,0]
[null,null,null,null,null,null,null,null,null,null,null,null,null,null,null,null,null,null,null,null,null,0]
[null,null,null,null,null,null,null,null,null,null,null,null,null,null,null,null,null,null,null,null,null,0]
[null,null,null,null,null,null,null,null,null,null,null,null,null,null,null,null,null,null,null,null,null,0]
[null,null,null,null,null,null,null,null,null,null,null,null,null,null,null,null,null,null,null,null,null,0]
[null,null,null,null,null,null,null,null,null,null,null,null,null,null,null,null,null,null,null,null,null,0]
[null,null,null,null,null,null,null,null,null,null,null,null,null,null,null,null,null,null,null,null,null,0]
[null,null,null,null,null,null,null,null,null,null,null,null,null,null,null,null,null,null,null,null,null,0]
[null,null,null,null,null,null,null,null,null,null,null,null,null,null,null,null,null,null,null,null,null,0]
[null,null,null,null,null,null,null,null,null,null,null,null,null,null,null,null,null,null,null,null,null,0]
[null,null,null,null,null,null,null,null,null,null,null,null,null,null,null,null,null,null,null,null,null,0]
[null,null,null,null,null,null,null,null,null,null,null,null,null,null,null,null,null,null,null,null,null,0]
[null,null,null,null,null,null,null,null,null,null,null,null,null,null,null,null,null,null,null,null,null,0]
[null,null,null,null,null,null,null,null,null,null,null,null,null,null,null,null,null,null,null,null,null,0]
[null,null,null,null,null,null,null,null,null,null,null,null,null,null,null,null,null,null,null,null,null,0]
[null,null,null,null,null,null,null,null,null,null,null,null,null,null,null,null,null,null,null,null,null,0]
[null,null,null,null,null,null,null,null,null,null,null,null,null,null,null,null,null,null,null,null,null,0]
[null,null,null,null,null,null,null,null,null,null,null,null,null,null,null,null,null,null,null,null,null,0]
[null,null,null,null,null,null,null,null,null,null,null,null,null,null,null,null,null,null,null,null,null,0]
[null,null,null,null,null,null,null,null,null,null,null,null,null,null,null,null,null,null,null,null,null,0]
[null,null,null,null,null,null,null,null,null,null,null,null,null,null,null,null,null,null,null,null,null,0]
[null,null,null,null,null,null,null,null,null,null,null,null,null,null,null,null,null,null,null,null,null,0]
[null,null,null,null,null,null,null,null,null,null,null,null,null,null,null,null,null,null,null,null,null,0]
[null,null,null,null,null,null,null,null,null,null,null,null,null,null,null,null,null,null,null,null,null,0]
[null,null,null,null,null,null,null,null,null,null,null,null,null,null,null,null,null,null,null,null,null,0]
[null,null,null,null,null,null,null,null,null,null,null,null,null,null,null,null,null,null,null,null,null,0]
[null,null,null,null,null,null,null,null,null,null,null,null,null,null,null,null,null,null,null,null,null,0]
[null,null,null,null,null,null,null,null,null,null,null,null,null,null,null,null,null,null,null,null,null,0]
[null,null,null,null,null,null,null,null,null,null,null,null,null,null,null,null,null,null,null,null,null,0]
[null,null,null,null,null,null,null,null,null,null,null,null,null,null,null,null,null,null,null,null,null,0]
[null,null,null,null,null,null,null,null,null,null,null,null,null,null,null,null,null,null,null,null,null,0]
[null,null,null,null,null,null,null,null,null,null,null,null,null,null,null,null,null,null,null,null,null,0]
[null,null,null,null,null,null,null,null,null,null,null,null,null,null,null,null,null,null,null,null,null,0]
[null,null,null,null,null,null,null,null,null,null,null,null,null,null,null,null,null,null,null,null,null,0]
[null,null,null,null,null,null,null,null,null,null,null,null,null,null,null,null,null,null,null,null,null,0]
[null,null,null,null,null,null,null,null,null,null,null,null,null,null,null,null,null,null,null,null,null,0]
[null,null,null,null,null,null,null,null,null,null,null,null,null,null,null,null,null,null,null,null,null,0]
[null,null,null,null,null,null,null,null,null,null,null,null,null,null,null,null,null,null,null,null,null,0]
[null,null,null,null,null,null,null,null,null,null,null,null,null,null,null,null,null,null,null,null,null,0]
[null,null,null,null,null,null,null,null,null,null,null,null,null,null,null,null,null,null,null,null,null,0]
[null,null,null,null,null,null,null,null,null,null,null,null,null,null,null,null,null,null,null,null,null,0]
[null,null,null,null,null,null,null,null,null,null,null,null,null,null,null,null,null,null,null,null,null,0]
[null,null,null,null,null,null,null,null,null,null,null,null,null,null,null,null,null,null,null,null,null,0]
[null,null,null,null,null,null,null,null,null,null,null,null,null,null,null,null,null,null,null,null,null,0]
[null,null,null,null,null,null,null,null,null,null,null,null,null,null,null,null,null,null,null,null,null,0]
[null,null,null,null,null,null,null,null,null,null,null,null,null,null,null,null,null,null,null,null,null,0]
[null,null,null,null,null,null,null,null,null,null,null,null,null,null,null,null,null,null,null,null,null,0]
[null,null,null,null,null,null,null,null,null,null,null,null,null,null,null,null,null,null,null,null,null,0]
[null,null,null,null,null,null,null,null,null,null,null,null,null,null,null,null,null,null,null,null,null,0]
[null,null,null,null,null,null,null,null,null,null,null,null,null,null,null,null,null,null,null,null,null,0]
[null,null,null,null,null,null,null,null,null,null,null,null,null,null,null,null,null,null,null,null,null,0]
[null,null,null,null,null,null,null,null,null,null,null,null,null,null,null,null,null,null,null,null,null,0]
[null,null,null,null,null,null,null,null,null,null,null,null,null,null,null,null,null,null,null,null,null,0]
[null,null,null,null,null,null,null,null,null,null,null,null,null,null,null,null,null,null,null,null,null,0]
[null,null,null,null,null,null,null,null,null,null,null,null,null,null,null,null,null,null,null,null,null,0]
[null,null,null,null,null,null,null,null,null,null,null,null,null,null,null,null,null,null,null,null,null,0]
[null,null,null,null,null,null,null,null,null,null,null,null,null,null,null,null,null,null,null,null,null,0]
[null,null,null,null,null,null,null,null,null,null,null,null,null,null,null,null,null,null,null,null,null,0]
[null,null,null,null,null,null,null,null,null,null,null,null,null,null,null,null,null,null,null,null,null,0]
[null,null,null,null,null,null,null,null,null,null,null,null,null,null,null,null,null,null,null,null,null,0]
[null,null,null,null,null,null,null,null,null,null,null,null,null,null,null,null,null,null,null,null,null,0]
[null,null,null,null,null,null,null,null,null,null,null,null,null,null,null,null,null,null,null,null,null,0]
[null,null,null,null,null,null,null,null,null,null,null,null,null,null,null,null,null,null,null,null,null,0]
[null,null,null,null,null,null,null,null,null,null,null,null,null,null,null,null,null,null,null,null,null,0]
[null,null,null,null,null,null,null,null,null,null,null,null,null,null,null,null,null,null,null,null,null,0]
[null,null,null,null,null,null,null,null,null,null,null,null,null,null,null,null,null,null,null,null,null,0]
[null,null,null,null,null,null,null,null,null,null,null,null,null,null,null,null,null,null,null,null,null,0]
[null,null,null,null,null,null,null,null,null,null,null,null,null,null,null,null,null,null,null,null,null,0]
[null,null,null,null,null,null,null,null,null,null,null,null,null,null,null,null,null,null,null,null,null,0]
[null,null,null,null,null,null,null,null,null,null,null,null,null,null,null,null,null,null,null,null,null,0]
[null,null,null,null,null,null,null,null,null,null,null,null,null,null,null,null,null,null,null,null,null,0]
[null,null,null,null,null,null,null,null,null,null,null,null,null,null,null,null,null,null,null,null,null,0]
[null,null,null,null,null,null,null,null,null,null,null,null,null,null,null,null,null,null,null,null,null,0]
[null,null,null,null,null,null,null,null,null,null,null,null,null,null,null,null,null,null,null,null,null,0]
[null,null,null,null,null,null,null,null,null,null,null,null,null,null,null,null,null,null,null,null,null,0]
[null,null,null,null,null,null,null,null,null,null,null,null,null,null,null,null,null,null,null,null,null,0]
[null,null,null,null,null,null,null,null,null,null,null,null,null,null,null,null,null,null,null,null,null,0]
[null,null,null,null,null,null,null,null,null,null,null,null,null,null,null,null,null,null,null,null,null,0]
[null,null,null,null,null,null,null,null,null,null,null,null,null,null,null,null,null,null,null,null,null,0]
[null,null,null,null,null,null,null,null,null,null,null,null,null,null,null,null,null,null,null,null,null,0]
[null,null,null,null,null,null,null,null,null,null,null,null,null,null,null,null,null,null,null,null,null,0]
[null,null,null,null,null,null,null,null,null,null,null,null,null,null,null,null,null,null,null,null,null,0]
[null,null,null,null,null,null,null,null,null,null,null,null,null,null,null,null,null,null,null,null,null,0]
[null,null,null,null,null,null,null,null,null,null,null,null,null,null,null,null,null,null,null,null,null,0]
[null,null,null,null,null,null,null,null,null,null,null,null,null,null,null,null,null,null,null,null,null,0]
[null,null,null,null,null,null,null,null,null,null,null,null,null,null,null,null,null,null,null,null,null,0]
[null,null,null,null,null,null,null,null,null,null,null,null,null,null,null,null,null,null,null,null,null,0]
[null,null,null,null,null,null,null,null,null,null,null,null,null,null,null,null,null,null,null,null,null,0]
[null,null,null,null,null,null,null,null,null,null,null,null,null,null,null,null,null,null,null,null,null,0]
[null,null,null,null,null,null,null,null,null,null,null,null,null,null,null,null,null,null,null,null,null,0]
[null,null,null,null,null,null,null,null,null,null,null,null,null,null,null,null,null,null,null,null,null,0]
[null,null,null,null,null,null,null,null,null,null,null,null,null,null,null,null,null,null,null,null,null,0]
[null,null,null,null,null,null,null,null,null,null,null,null,null,null,null,null,null,null,null,null,null,0]
[null,null,null,null,null,null,null,null,null,null,null,null,null,null,null,null,null,null,null,null,null,0]
[null,null,null,null,null,null,null,null,null,null,null,null,null,null,null,null,null,null,null,null,null,0]
[null,null,null,null,null,null,null,null,null,null,null,null,null,null,null,null,null,null,null,null,null,0]
[null,null,null,null,null,null,null,null,null,null,null,null,null,null,null,null,null,null,null,null,null,0]
[null,null,null,null,null,null,null,null,null,null,null,null,null,null,null,null,null,null,null,null,null,0]
[null,null,null,null,null,null,null,null,null,null,null,null,null,null,null,null,null,null,null,null,null,0]
[null,null,null,null,null,null,null,null,null,null,null,null,null,null,null,null,null,null,null,null,null,0]
[null,null,null,null,null,null,null,null,null,null,null,null,null,null,null,null,null,null,null,null,null,0]
[null,null,null,null,null,null,null,null,null,null,null,null,null,null,null,null,null,null,null,null,null,0]
[null,null,null,null,null,null,null,null,null,null,null,null,null,null,null,null,null,null,null,null,null,0]
[null,null,null,null,null,null,null,null,null,null,null,null,null,null,null,null,null,null,null,null,null,0]
[null,null,null,null,null,null,null,null,null,null,null,null,null,null,null,null,null,null,null,null,null,0]
[null,null,null,null,null,null,null,null,null,null,null,null,null,null,null,null,null,null,null,null,null,0]
[null,null,null,null,null,null,null,null,null,null,null,null,null,null,null,null,null,null,null,null,null,0]
[null,null,null,null,null,null,null,null,null,null,null,null,null,null,null,null,null,null,null,null,null,0]
[null,null,null,null,null,null,null,null,null,null,null,null,null,null,null,null,null,null,null,null,null,0]
[null,null,null,null,null,null,null,null,null,null,null,null,null,null,null,null,null,null,null,null,null,0]
[null,null,null,null,null,null,null,null,null,null,null,null,null,null,null,null,null,null,null,null,null,0]
[null,null,null,null,null,null,null,null,null,null,null,null,null,null,null,null,null,null,null,null,null,0]
[null,null,null,null,null,null,null,null,null,null,null,null,null,null,null,null,null,null,null,null,null,0]
[null,null,null,null,null,null,null,null,null,null,null,null,null,null,null,null,null,null,null,null,null,0]
[null,null,null,null,null,null,null,null,null,null,null,null,null,null,null,null,null,null,null,null,null,0]
[null,null,null,null,null,null,null,null,null,null,null,null,null,null,null,null,null,null,null,null,null,0]
[null,null,null,null,null,null,null,null,null,null,null,null,null,null,null,null,null,null,null,null,null,0]
[null,null,null,null,null,null,null,null,null,null,null,null,null,null,null,null,null,null,null,null,null,0]
[null,null,null,null,null,null,null,null,null,null,null,null,null,null,null,null,null,null,null,null,null,0]
[null,null,null,null,null,null,null,null,null,null,null,null,null,null,null,null,null,null,null,null,null,0]
[null,null,null,null,null,null,null,null,null,null,null,null,null,null,null,null,null,null,null,null,null,0]
[null,null,null,null,null,null,null,null,null,null,null,null,null,null,null,null,null,null,null,null,null,0]
[null,null,null,null,null,null,null,null,null,null,null,null,null,null,null,null,null,null,null,null,null,0]
[null,null,null,null,null,null,null,null,null,null,null,null,null,null,null,null,null,null,null,null,null,0]
[null,null,null,null,null,null,null,null,null,null,null,null,null,null,null,null,null,null,null,null,null,0]
[null,null,null,null,null,null,null,null,null,null,null,null,null,null,null,null,null,null,null,null,null,0]
[null,null,null,null,null,null,null,null,null,null,null,null,null,null,null,null,null,null,null,null,null,0]
[null,null,null,null,null,null,null,null,null,null,null,null,null,null,null,null,null,null,null,null,null,0]
[null,null,null,null,null,null,null,null,null,null,null,null,null,null,null,null,null,null,null,null,null,0]
[null,null,null,null,null,null,null,null,null,null,null,null,null,null,null,null,null,null,null,null,null,0]
[null,null,null,null,null,null,null,null,null,null,null,null,null,null,null,null,null,null,null,null,null,0]
[null,null,null,null,null,null,null,null,null,null,null,null,null,null,null,null,null,null,null,null,null,0]
[null,null,null,null,null,null,null,null,null,null,null,null,null,null,null,null,null,null,null,null,null,0]
[null,null,null,null,null,null,null,null,null,null,null,null,null,null,null,null,null,null,null,null,null,0]
[null,null,null,null,null,null,null,null,null,null,null,null,null,null,null,null,null,null,null,null,null,0]
[null,null,null,null,null,null,null,null,null,null,null,null,null,null,null,null,null,null,null,null,null,0]
[null,null,null,null,null,null,null,null,null,null,null,null,null,null,null,null,null,null,null,null,null,0]
[null,null,null,null,null,null,null,null,null,null,null,null,null,null,null,null,null,null,null,null,null,0]
[null,null,null,null,null,null,null,null,null,null,null,null,null,null,null,null,null,null,null,null,null,0]
[null,null,null,null,null,null,null,null,null,null,null,null,null,null,null,null,null,null,null,null,null,0]
[null,null,null,null,null,null,null,null,null,null,null,null,null,null,null,null,null,null,null,null,null,0]
[null,null,null,null,null,null,null,null,null,null,null,null,null,null,null,null,null,null,null,null,null,0]
[null,null,null,null,null,null,null,null,null,null,null,null,null,null,null,null,null,null,null,null,null,0]
[null,null,null,null,null,null,null,null,null,null,null,null,null,null,null,null,null,null,null,null,null,0]
[null,null,null,null,null,null,null,null,null,null,null,null,null,null,null,null,null,null,null,null,null,0]
[null,null,null,null,null,null,null,null,null,null,null,null,null,null,null,null,null,null,null,null,null,0]
[null,null,null,null,null,null,null,null,null,null,null,null,null,null,null,null,null,null,null,null,null,0]
[null,null,null,null,null,null,null,null,null,null,null,null,null,null,null,null,null,null,null,null,null,0]
[null,null,null,null,null,null,null,null,null,null,null,null,null,null,null,null,null,null,null,null,null,0]
[null,null,null,null,null,null,null,null,null,null,null,null,null,null,null,null,null,null,null,null,null,0]
[null,null,null,null,null,null,null,null,null,null,null,null,null,null,null,null,null,null,null,null,null,0]
[null,null,null,null,null,null,null,null,null,null,null,null,null,null,null,null,null,null,null,null,null,0]
[null,null,null,null,null,null,null,null,null,null,null,null,null,null,null,null,null,null,null,null,null,0]
[null,null,null,null,null,null,null,null,null,null,null,null,null,null,null,null,null,null,null,null,null,0]
[null,null,null,null,null,null,null,null,null,null,null,null,null,null,null,null,null,null,null,null,null,0]
[null,null,null,null,null,null,null,null,null,null,null,null,null,null,null,null,null,null,null,null,null,0]
[null,null,null,null,null,null,null,null,null,null,null,null,null,null,null,null,null,null,null,null,null,0]
[null,null,null,null,null,null,null,null,null,null,null,null,null,null,null,null,null,null,null,null,null,0]
[null,null,null,null,null,null,null,null,null,null,null,null,null,null,null,null,null,null,null,null,null,0]
[null,null,null,null,null,null,null,null,null,null,null,null,null,null,null,null,null,null,null,null,null,0]
[null,null,null,null,null,null,null,null,null,null,null,null,null,null,null,null,null,null,null,null,null,0]
[null,null,null,null,null,null,null,null,null,null,null,null,null,null,null,null,null,null,null,null,null,0]
[null,null,null,null,null,null,null,null,null,null,null,null,null,null,null,null,null,null,null,null,null,0]
[null,null,null,null,null,null,null,null,null,null,null,null,null,null,null,null,null,null,null,null,null,0]
[null,null,null,null,null,null,null,null,null,null,null,null,null,null,null,null,null,null,null,null,null,0]
[null,null,null,null,null,null,null,null,null,null,null,null,null,null,null,null,null,null,null,null,null,0]
[null,null,null,null,null,null,null,null,null,null,null,null,null,null,null,null,null,null,null,null,null,0]
[null,null,null,null,null,null,null,null,null,null,null,null,null,null,null,null,null,null,null,null,null,0]
[null,null,null,null,null,null,null,null,null,null,null,null,null,null,null,null,null,null,null,null,null,0]
[null,null,null,null,null,null,null,null,null,null,null,null,null,null,null,null,null,null,null,null,null,0]
[null,null,null,null,null,null,null,null,null,null,null,null,null,null,null,null,null,null,null,null,null,0]
[null,null,null,null,null,null,null,null,null,null,null,null,null,null,null,null,null,null,null,null,null,0]
[null,null,null,null,null,null,null,null,null,null,null,null,null,null,null,null,null,null,null,null,null,0]
[null,null,null,null,null,null,null,null,null,null,null,null,null,null,null,null,null,null,null,null,null,0]
[null,null,null,null,null,null,null,null,null,null,null,null,null,null,null,null,null,null,null,null,null,0]
[null,null,null,null,null,null,null,null,null,null,null,null,null,null,null,null,null,null,null,null,null,0]
[null,null,null,null,null,null,null,null,null,null,null,null,null,null,null,null,null,null,null,null,null,0]
[null,null,null,null,null,null,null,null,null,null,null,null,null,null,null,null,null,null,null,null,null,0]
[null,null,null,null,null,null,null,null,null,null,null,null,null,null,null,null,null,null,null,null,null,0]
[null,null,null,null,null,null,null,null,null,null,null,null,null,null,null,null,null,null,null,null,null,0]
[null,null,null,null,null,null,null,null,null,null,null,null,null,null,null,null,null,null,null,null,null,0]
[null,null,null,null,null,null,null,null,null,null,null,null,null,null,null,null,null,null,null,null,null,0]
[null,null,null,null,null,null,null,null,null,null,null,null,null,null,null,null,null,null,null,null,null,0]
[null,null,null,null,null,null,null,null,null,null,null,null,null,null,null,null,null,null,null,null,null,0]
[null,null,null,null,null,null,null,null,null,null,null,null,null,null,null,null,null,null,null,null,null,0]
[null,null,null,null,null,null,null,null,null,null,null,null,null,null,null,null,null,null,null,null,null,0]
[null,null,null,null,null,null,null,null,null,null,null,null,null,null,null,null,null,null,null,null,null,0]
[null,null,null,null,null,null,null,null,null,null,null,null,null,null,null,null,null,null,null,null,null,0]
[null,null,null,null,null,null,null,null,null,null,null,null,null,null,null,null,null,null,null,null,null,0]
[null,null,null,null,null,null,null,null,null,null,null,null,null,null,null,null,null,null,null,null,null,0]
[null,null,null,null,null,null,null,null,null,null,null,null,null,null,null,null,null,null,null,null,null,0]
[null,null,null,null,null,null,null,null,null,null,null,null,null,null,null,null,null,null,null,null,null,0]
[null,null,null,null,null,null,null,null,null,null,null,null,null,null,null,null,null,null,null,null,null,0]
[null,null,null,null,null,null,null,null,null,null,null,null,null,null,null,null,null,null,null,null,null,0]
[null,null,null,null,null,null,null,null,null,null,null,null,null,null,null,null,null,null,null,null,null,0]
[null,null,null,null,null,null,null,null,null,null,null,null,null,null,null,null,null,null,null,null,null,0]
[null,null,null,null,null,null,null,null,null,null,null,null,null,null,null,null,null,null,null,null,null,0]
[null,null,null,null,null,null,null,null,null,null,null,null,null,null,null,null,null,null,null,null,null,0]
[null,null,null,null,null,null,null,null,null,null,null,null,null,null,null,null,null,null,null,null,null,0]
[null,null,null,null,null,null,null,null,null,null,null,null,null,null,null,null,null,null,null,null,null,0]
[null,null,null,null,null,null,null,null,null,null,null,null,null,null,null,null,null,null,null,null,null,0]
[null,null,null,null,null,null,null,null,null,null,null,null,null,null,null,null,null,null,null,null,null,0]
[null,null,null,null,null,null,null,null,null,null,null,null,null,null,null,null,null,null,null,null,null,0]
[null,null,null,null,null,null,null,null,null,null,null,null,null,null,null,null,null,null,null,null,null,0]
[null,null,null,null,null,null,null,null,null,null,null,null,null,null,null,null,null,null,null,null,null,0]
[null,null,null,null,null,null,null,null,null,null,null,null,null,null,null,null,null,null,null,null,null,0]
[null,null,null,null,null,null,null,null,null,null,null,null,null,null,null,null,null,null,null,null,null,0]
[null,null,null,null,null,null,null,null,null,null,null,null,null,null,null,null,null,null,null,null,null,0]
[null,null,null,null,null,null,null,null,null,null,null,null,null,null,null,null,null,null,null,null,null,0]
[null,null,null,null,null,null,null,null,null,null,null,null,null,null,null,null,null,null,null,null,null,0]
[null,null,null,null,null,null,null,null,null,null,null,null,null,null,null,null,null,null,null,null,null,0]
[null,null,null,null,null,null,null,null,null,null,null,null,null,null,null,null,null,null,null,null,null,0]
[null,null,null,null,null,null,null,null,null,null,null,null,null,null,null,null,null,null,null,null,null,0]
[null,null,null,null,null,null,null,null,null,null,null,null,null,null,null,null,null,null,null,null,null,0]
[null,null,null,null,null,null,null,null,null,null,null,null,null,null,null,null,null,null,null,null,null,0]
[null,null,null,null,null,null,null,null,null,null,null,null,null,null,null,null,null,null,null,null,null,0]
[null,null,null,null,null,null,null,null,null,null,null,null,null,null,null,null,null,null,null,null,null,0]
[null,null,null,null,null,null,null,null,null,null,null,null,null,null,null,null,null,null,null,null,null,0]
[null,null,null,null,null,null,null,null,null,null,null,null,null,null,null,null,null,null,null,null,null,0]
[null,null,null,null,null,null,null,null,null,null,null,null,null,null,null,null,null,null,null,null,null,0]
[null,null,null,null,null,null,null,null,null,null,null,null,null,null,null,null,null,null,null,null,null,0]
[null,null,null,null,null,null,null,null,null,null,null,null,null,null,null,null,null,null,null,null,null,0]
[null,null,null,null,null,null,null,null,null,null,null,null,null,null,null,null,null,null,null,null,null,0]
[null,null,null,null,null,null,null,null,null,null,null,null,null,null,null,null,null,null,null,null,null,0]
[null,null,null,null,null,null,null,null,null,null,null,null,null,null,null,null,null,null,null,null,null,0]
[null,null,null,null,null,null,null,null,null,null,null,null,null,null,null,null,null,null,null,null,null,0]
[null,null,null,null,null,null,null,null,null,null,null,null,null,null,null,null,null,null,null,null,null,0]
[null,null,null,null,null,null,null,null,null,null,null,null,null,null,null,null,null,null,null,null,null,0]
[null,null,null,null,null,null,null,null,null,null,null,null,null,null,null,null,null,null,null,null,null,0]
[null,null,null,null,null,null,null,null,null,null,null,null,null,null,null,null,null,null,null,null,null,0]
[null,null,null,null,null,null,null,null,null,null,null,null,null,null,null,null,null,null,null,null,null,0]
[null,null,null,null,null,null,null,null,null,null,null,null,null,null,null,null,null,null,null,null,null,0]
[null,null,null,null,null,null,null,null,null,null,null,null,null,null,null,null,null,null,null,null,null,0]
[null,null,null,null,null,null,null,null,null,null,null,null,null,null,null,null,null,null,null,null,null,0]
[null,null,null,null,null,null,null,null,null,null,null,null,null,null,null,null,null,null,null,null,null,0]
[null,null,null,null,null,null,null,null,null,null,null,null,null,null,null,null,null,null,null,null,null,0]
[null,null,null,null,null,null,null,null,null,null,null,null,null,null,null,null,null,null,null,null,null,0]
[null,null,null,null,null,null,null,null,null,null,null,null,null,null,null,null,null,null,null,null,null,0]
[null,null,null,null,null,null,null,null,null,null,null,null,null,null,null,null,null,null,null,null,null,0]
[null,null,null,null,null,null,null,null,null,null,null,null,null,null,null,null,null,null,null,null,null,0]
[null,null,null,null,null,null,null,null,null,null,null,null,null,null,null,null,null,null,null,null,null,0]
[null,null,null,null,null,null,null,null,null,null,null,null,null,null,null,null,null,null,null,null,null,0]
[null,null,null,null,null,null,null,null,null,null,null,null,null,null,null,null,null,null,null,null,null,0]
[null,null,null,null,null,null,null,null,null,null,null,null,null,null,null,null,null,null,null,null,null,0]
[null,null,null,null,null,null,null,null,null,null,null,null,null,null,null,null,null,null,null,null,null,0]
[null,null,null,null,null,null,null,null,null,null,null,null,null,null,null,null,null,null,null,null,null,0]
[null,null,null,null,null,null,null,null,null,null,null,null,null,null,null,null,null,null,null,null,null,0]
[null,null,null,null,null,null,null,null,null,null,null,null,null,null,null,null,null,null,null,null,null,0]
[null,null,null,null,null,null,null,null,null,null,null,null,null,null,null,null,null,null,null,null,null,0]
[null,null,null,null,null,null,null,null,null,null,null,null,null,null,null,null,null,null,null,null,null,0]
[null,null,null,null,null,null,null,null,null,null,null,null,null,null,null,null,null,null,null,null,null,0]
[null,null,null,null,null,null,null,null,null,null,null,null,null,null,null,null,null,null,null,null,null,0]
[null,null,null,null,null,null,null,null,null,null,null,null,null,null,null,null,null,null,null,null,null,0]
[null,null,null,null,null,null,null,null,null,null,null,null,null,null,null,null,null,null,null,null,null,0]
[null,null,null,null,null,null,null,null,null,null,null,null,null,null,null,null,null,null,null,null,null,0]
[null,null,null,null,null,null,null,null,null,null,null,null,null,null,null,null,null,null,null,null,null,0]
[null,null,null,null,null,null,null,null,null,null,null,null,null,null,null,null,null,null,null,null,null,0]
[null,null,null,null,null,null,null,null,null,null,null,null,null,null,null,null,null,null,null,null,null,0]
[null,null,null,null,null,null,null,null,null,null,null,null,null,null,null,null,null,null,null,null,null,0]
[null,null,null,null,null,null,null,null,null,null,null,null,null,null,null,null,null,null,null,null,null,0]
[null,null,null,null,null,null,null,null,null,null,null,null,null,null,null,null,null,null,null,null,null,0]
[null,null,null,null,null,null,null,null,null,null,null,null,null,null,null,null,null,null,null,null,null,0]
[null,null,null,null,null,null,null,null,null,null,null,null,null,null,null,null,null,null,null,null,null,0]
[null,null,null,null,null,null,null,null,null,null,null,null,null,null,null,null,null,null,null,null,null,0]
[null,null,null,null,null,null,null,null,null,null,null,null,null,null,null,null,null,null,null,null,null,0]
[null,null,null,null,null,null,null,null,null,null,null,null,null,null,null,null,null,null,null,null,null,0]
[null,null,null,null,null,null,null,null,null,null,null,null,null,null,null,null,null,null,null,null,null,0]
[null,null,null,null,null,null,null,null,null,null,null,null,null,null,null,null,null,null,null,null,null,0]
[null,null,null,null,null,null,null,null,null,null,null,null,null,null,null,null,null,null,null,null,null,0]
[null,null,null,null,null,null,null,null,null,null,null,null,null,null,null,null,null,null,null,null,null,0]
[null,null,null,null,null,null,null,null,null,null,null,null,null,null,null,null,null,null,null,null,null,0]
[null,null,null,null,null,null,null,null,null,null,null,null,null,null,null,null,null,null,null,null,null,0]
[null,null,null,null,null,null,null,null,null,null,null,null,null,null,null,null,null,null,null,null,null,0]
[null,null,null,null,null,null,null,null,null,null,null,null,null,null,null,null,null,null,null,null,null,0]
[null,null,null,null,null,null,null,null,null,null,null,null,null,null,null,null,null,null,null,null,null,0]
[null,null,null,null,null,null,null,null,null,null,null,null,null,null,null,null,null,null,null,null,null,0]
[null,null,null,null,null,null,null,null,null,null,null,null,null,null,null,null,null,null,null,null,null,0]
[null,null,null,null,null,null,null,null,null,null,null,null,null,null,null,null,null,null,null,null,null,0]
[null,null,null,null,null,null,null,null,null,null,null,null,null,null,null,null,null,null,null,null,null,0]
[null,null,null,null,null,null,null,null,null,null,null,null,null,null,null,null,null,null,null,null,null,0]
[null,null,null,null,null,null,null,null,null,null,null,null,null,null,null,null,null,null,null,null,null,0]
[null,null,null,null,null,null,null,null,null,null,null,null,null,null,null,null,null,null,null,null,null,0]
[null,null,null,null,null,null,null,null,null,null,null,null,null,null,null,null,null,null,null,null,null,0]
[null,null,null,null,null,null,null,null,null,null,null,null,null,null,null,null,null,null,null,null,null,0]
[null,null,null,null,null,null,null,null,null,null,null,null,null,null,null,null,null,null,null,null,null,0]
[null,null,null,null,null,null,null,null,null,null,null,null,null,null,null,null,null,null,null,null,null,0]
[null,null,null,null,null,null,null,null,null,null,null,null,null,null,null,null,null,null,null,null,null,0]
[null,null,null,null,null,null,null,null,null,null,null,null,null,null,null,null,null,null,null,null,null,0]
[null,null,null,null,null,null,null,null,null,null,null,null,null,null,null,null,null,null,null,null,null,0]
[null,null,null,null,null,null,null,null,null,null,null,null,null,null,null,null,null,null,null,null,null,0]
[null,null,null,null,null,null,null,null,null,null,null,null,null,null,null,null,null,null,null,null,null,0]
[null,null,null,null,null,null,null,null,null,null,null,null,null,null,null,null,null,null,null,null,null,0]
[null,null,null,null,null,null,null,null,null,null,null,null,null,null,null,null,null,null,null,null,null,0]
[null,null,null,null,null,null,null,null,null,null,null,null,null,null,null,null,null,null,null,null,null,0]
[null,null,null,null,null,null,null,null,null,null,null,null,null,null,null,null,null,null,null,null,null,0]
[null,null,null,null,null,null,null,null,null,null,null,null,null,null,null,null,null,null,null,null,null,0]
[null,null,null,null,null,null,null,null,null,null,null,null,null,null,null,null,null,null,null,null,null,0]
[null,null,null,null,null,null,null,null,null,null,null,null,null,null,null,null,null,null,null,null,null,0]
[null,null,null,null,null,null,null,null,null,null,null,null,null,null,null,null,null,null,null,null,null,0]
[null,null,null,null,null,null,null,null,null,null,null,null,null,null,null,null,null,null,null,null,null,0]
[null,null,null,null,null,null,null,null,null,null,null,null,null,null,null,null,null,null,null,null,null,0]
[null,null,null,null,null,null,null,null,null,null,null,null,null,null,null,null,null,null,null,null,null,0]
[null,null,null,null,null,null,null,null,null,null,null,null,null,null,null,null,null,null,null,null,null,0]
[null,null,null,null,null,null,null,null,null,null,null,null,null,null,null,null,null,null,null,null,null,0]
[null,null,null,null,null,null,null,null,null,null,null,null,null,null,null,null,null,null,null,null,null,0]
[null,null,null,null,null,null,null,null,null,null,null,null,null,null,null,null,null,null,null,null,null,0]
[null,null,null,null,null,null,null,null,null,null,null,null,null,null,null,null,null,null,null,null,null,0]
[null,null,null,null,null,null,null,null,null,null,null,null,null,null,null,null,null,null,null,null,null,0]
[null,null,null,null,null,null,null,null,null,null,null,null,null,null,null,null,null,null,null,null,null,0]
[null,null,null,null,null,null,null,null,null,null,null,null,null,null,null,null,null,null,null,null,null,0]
[null,null,null,null,null,null,null,null,null,null,null,null,null,null,null,null,null,null,null,null,null,0]
[null,null,null,null,null,null,null,null,null,null,null,null,null,null,null,null,null,null,null,null,null,0]
[null,null,null,null,null,null,null,null,null,null,null,null,null,null,null,null,null,null,null,null,null,0]
[null,null,null,null,null,null,null,null,null,null,null,null,null,null,null,null,null,null,null,null,null,0]
[null,null,null,null,null,null,null,null,null,null,null,null,null,null,null,null,null,null,null,null,null,0]
[null,null,null,null,null,null,null,null,null,null,null,null,null,null,null,null,null,null,null,null,null,0]
[null,null,null,null,null,null,null,null,null,null,null,null,null,null,null,null,null,null,null,null,null,0]
[null,null,null,null,null,null,null,null,null,null,null,null,null,null,null,null,null,null,null,null,null,0]
[null,null,null,null,null,null,null,null,null,null,null,null,null,null,null,null,null,null,null,null,null,0]
[null,null,null,null,null,null,null,null,null,null,null,null,null,null,null,null,null,null,null,null,null,0]
[null,null,null,null,null,null,null,null,null,null,null,null,null,null,null,null,null,null,null,null,null,0]
[null,null,null,null,null,null,null,null,null,null,null,null,null,null,null,null,null,null,null,null,null,0]
[null,null,null,null,null,null,null,null,null,null,null,null,null,null,null,null,null,null,null,null,null,0]
[null,null,null,null,null,null,null,null,null,null,null,null,null,null,null,null,null,null,null,null,null,0]
[null,null,null,null,null,null,null,null,null,null,null,null,null,null,null,null,null,null,null,null,null,0]
[null,null,null,null,null,null,null,null,null,null,null,null,null,null,null,null,null,null,null,null,null,0]
[null,null,null,null,null,null,null,null,null,null,null,null,null,null,null,null,null,null,null,null,null,0]
[null,null,null,null,null,null,null,null,null,null,null,null,null,null,null,null,null,null,null,null,null,0]
[null,null,null,null,null,null,null,null,null,null,null,null,null,null,null,null,null,null,null,null,null,0]
[null,null,null,null,null,null,null,null,null,null,null,null,null,null,null,null,null,null,null,null,null,0]
[null,null,null,null,null,null,null,null,null,null,null,null,null,null,null,null,null,null,null,null,null,0]
[null,null,null,null,null,null,null,null,null,null,null,null,null,null,null,null,null,null,null,null,null,0]
[null,null,null,null,null,null,null,null,null,null,null,null,null,null,null,null,null,null,null,null,null,0]
[null,null,null,null,null,null,null,null,null,null,null,null,null,null,null,null,null,null,null,null,null,0]
[null,null,null,null,null,null,null,null,null,null,null,null,null,null,null,null,null,null,null,null,null,0]
[null,null,null,null,null,null,null,null,null,null,null,null,null,null,null,null,null,null,null,null,null,0]
[null,null,null,null,null,null,null,null,null,null,null,null,null,null,null,null,null,null,null,null,null,0]
[null,null,null,null,null,null,null,null,null,null,null,null,null,null,null,null,null,null,null,null,null,0]
[null,null,null,null,null,null,null,null,null,null,null,null,null,null,null,null,null,null,null,null,null,0]
[null,null,null,null,null,null,null,null,null,null,null,null,null,null,null,null,null,null,null,null,null,0]
[null,null,null,null,null,null,null,null,null,null,null,null,null,null,null,null,null,null,null,null,null,0]
[null,null,null,null,null,null,null,null,null,null,null,null,null,null,null,null,null,null,null,null,null,0]
[null,null,null,null,null,null,null,null,null,null,null,null,null,null,null,null,null,null,null,null,null,0]
[null,null,null,null,null,null,null,null,null,null,null,null,null,null,null,null,null,null,null,null,null,0]
[null,null,null,null,null,null,null,null,null,null,null,null,null,null,null,null,null,null,null,null,null,0]
[null,null,null,null,null,null,null,null,null,null,null,null,null,null,null,null,null,null,null,null,null,0]
[null,null,null,null,null,null,null,null,null,null,null,null,null,null,null,null,null,null,null,null,null,0]
[null,null,null,null,null,null,null,null,null,null,null,null,null,null,null,null,null,null,null,null,null,0]
[null,null,null,null,null,null,null,null,null,null,null,null,null,null,null,null,null,null,null,null,null,0]
[null,null,null,null,null,null,null,null,null,null,null,null,null,null,null,null,null,null,null,null,null,0]
[null,null,null,null,null,null,null,null,null,null,null,null,null,null,null,null,null,null,null,null,null,0]
[null,null,null,null,null,null,null,null,null,null,null,null,null,null,null,null,null,null,null,null,null,0]
[null,null,null,null,null,null,null,null,null,null,null,null,null,null,null,null,null,null,null,null,null,0]
[null,null,null,null,null,null,null,null,null,null,null,null,null,null,null,null,null,null,null,null,null,0]
[null,null,null,null,null,null,null,null,null,null,null,null,null,null,null,null,null,null,null,null,null,0]
[null,null,null,null,null,null,null,null,null,null,null,null,null,null,null,null,null,null,null,null,null,0]
[null,null,null,null,null,null,null,null,null,null,null,null,null,null,null,null,null,null,null,null,null,0]
[null,null,null,null,null,null,null,null,null,null,null,null,null,null,null,null,null,null,null,null,null,0]
[null,null,null,null,null,null,null,null,null,null,null,null,null,null,null,null,null,null,null,null,null,0]
[null,null,null,null,null,null,null,null,null,null,null,null,null,null,null,null,null,null,null,null,null,0]
[null,null,null,null,null,null,null,null,null,null,null,null,null,null,null,null,null,null,null,null,null,0]
[null,null,null,null,null,null,null,null,null,null,null,null,null,null,null,null,null,null,null,null,null,0]
[null,null,null,null,null,null,null,null,null,null,null,null,null,null,null,null,null,null,null,null,null,0]
[null,null,null,null,null,null,null,null,null,null,null,null,null,null,null,null,null,null,null,null,null,0]
[null,null,null,null,null,null,null,null,null,null,null,null,null,null,null,null,null,null,null,null,null,0]
[null,null,null,null,null,null,null,null,null,null,null,null,null,null,null,null,null,null,null,null,null,0]
[null,null,null,null,null,null,null,null,null,null,null,null,null,null,null,null,null,null,null,null,null,0]
[null,null,null,null,null,null,null,null,null,null,null,null,null,null,null,null,null,null,null,null,null,0]
[null,null,null,null,null,null,null,null,null,null,null,null,null,null,null,null,null,null,null,null,null,0]
[null,null,null,null,null,null,null,null,null,null,null,null,null,null,null,null,null,null,null,null,null,0]
[null,null,null,null,null,null,null,null,null,null,null,null,null,null,null,null,null,null,null,null,null,0]
[null,null,null,null,null,null,null,null,null,null,null,null,null,null,null,null,null,null,null,null,null,0]
[null,null,null,null,null,null,null,null,null,null,null,null,null,null,null,null,null,null,null,null,null,0]
[null,null,null,null,null,null,null,null,null,null,null,null,null,null,null,null,null,null,null,null,null,0]
[null,null,null,null,null,null,null,null,null,null,null,null,null,null,null,null,null,null,null,null,null,0]
[null,null,null,null,null,null,null,null,null,null,null,null,null,null,null,null,null,null,null,null,null,0]
[null,null,null,null,null,null,null,null,null,null,null,null,null,null,null,null,null,null,null,null,null,0]
[null,null,null,null,null,null,null,null,null,null,null,null,null,null,null,null,null,null,null,null,null,0]
[null,null,null,null,null,null,null,null,null,null,null,null,null,null,null,null,null,null,null,null,null,0]
[null,null,null,null,null,null,null,null,null,null,null,null,null,null,null,null,null,null,null,null,null,0]
[null,null,null,null,null,null,null,null,null,null,null,null,null,null,null,null,null,null,null,null,null,0]
[null,null,null,null,null,null,null,null,null,null,null,null,null,null,null,null,null,null,null,null,null,0]
[null,null,null,null,null,null,null,null,null,null,null,null,null,null,null,null,null,null,null,null,null,0]
[null,null,null,null,null,null,null,null,null,null,null,null,null,null,null,null,null,null,null,null,null,0]
[null,null,null,null,null,null,null,null,null,null,null,null,null,null,null,null,null,null,null,null,null,0]
[null,null,null,null,null,null,null,null,null,null,null,null,null,null,null,null,null,null,null,null,null,0]
[null,null,null,null,null,null,null,null,null,null,null,null,null,null,null,null,null,null,null,null,null,0]
[null,null,null,null,null,null,null,null,null,null,null,null,null,null,null,null,null,null,null,null,null,0]
[null,null,null,null,null,null,null,null,null,null,null,null,null,null,null,null,null,null,null,null,null,0]
[null,null,null,null,null,null,null,null,null,null,null,null,null,null,null,null,null,null,null,null,null,0]
[null,null,null,null,null,null,null,null,null,null,null,null,null,null,null,null,null,null,null,null,null,0]
[null,null,null,null,null,null,null,null,null,null,null,null,null,null,null,null,null,null,null,null,null,0]
[null,null,null,null,null,null,null,null,null,null,null,null,null,null,null,null,null,null,null,null,null,0]
[null,null,null,null,null,null,null,null,null,null,null,null,null,null,null,null,null,null,null,null,null,0]
[null,null,null,null,null,null,null,null,null,null,null,null,null,null,null,null,null,null,null,null,null,0]
[null,null,null,null,null,null,null,null,null,null,null,null,null,null,null,null,null,null,null,null,null,0]
[null,null,null,null,null,null,null,null,null,null,null,null,null,null,null,null,null,null,null,null,null,0]
[null,null,null,null,null,null,null,null,null,null,null,null,null,null,null,null,null,null,null,null,null,0]
[null,null,null,null,null,null,null,null,null,null,null,null,null,null,null,null,null,null,null,null,null,0]
[null,null,null,null,null,null,null,null,null,null,null,null,null,null,null,null,null,null,null,null,null,0]
[null,null,null,null,null,null,null,null,null,null,null,null,null,null,null,null,null,null,null,null,null,0]
[null,null,null,null,null,null,null,null,null,null,null,null,null,null,null,null,null,null,null,null,null,0]
[null,null,null,null,null,null,null,null,null,null,null,null,null,null,null,null,null,null,null,null,null,0]
[null,null,null,null,null,null,null,null,null,null,null,null,null,null,null,null,null,null,null,null,null,0]
[null,null,null,null,null,null,null,null,null,null,null,null,null,null,null,null,null,null,null,null,null,0]
[null,null,null,null,null,null,null,null,null,null,null,null,null,null,null,null,null,null,null,null,null,0]
[null,null,null,null,null,null,null,null,null,null,null,null,null,null,null,null,null,null,null,null,null,0]
[null,null,null,null,null,null,null,null,null,null,null,null,null,null,null,null,null,null,null,null,null,0]
[null,null,null,null,null,null,null,null,null,null,null,null,null,null,null,null,null,null,null,null,null,0]
[null,null,null,null,null,null,null,null,null,null,null,null,null,null,null,null,null,null,null,null,null,0]
[null,null,null,null,null,null,null,null,null,null,null,null,null,null,null,null,null,null,null,null,null,0]
[null,null,null,null,null,null,null,null,null,null,null,null,null,null,null,null,null,null,null,null,null,0]
[null,null,null,null,null,null,null,null,null,null,null,null,null,null,null,null,null,null,null,null,null,0]
[null,null,null,null,null,null,null,null,null,null,null,null,null,null,null,null,null,null,null,null,null,0]
[null,null,null,null,null,null,null,null,null,null,null,null,null,null,null,null,null,null,null,null,null,0]
[null,null,null,null,null,null,null,null,null,null,null,null,null,null,null,null,null,null,null,null,null,0]
[null,null,null,null,null,null,null,null,null,null,null,null,null,null,null,null,null,null,null,null,null,0]
[null,null,null,null,null,null,null,null,null,null,null,null,null,null,null,null,null,null,null,null,null,0]
[null,null,null,null,null,null,null,null,null,null,null,null,null,null,null,null,null,null,null,null,null,0]
[null,null,null,null,null,null,null,null,null,null,null,null,null,null,null,null,null,null,null,null,null,0]
[null,null,null,null,null,null,null,null,null,null,null,null,null,null,null,null,null,null,null,null,null,0]
[null,null,null,null,null,null,null,null,null,null,null,null,null,null,null,null,null,null,null,null,null,0]
[null,null,null,null,null,null,null,null,null,null,null,null,null,null,null,null,null,null,null,null,null,0]
[null,null,null,null,null,null,null,null,null,null,null,null,null,null,null,null,null,null,null,null,null,0]
[null,null,null,null,null,null,null,null,null,null,null,null,null,null,null,null,null,null,null,null,null,0]
[null,null,null,null,null,null,null,null,null,null,null,null,null,null,null,null,null,null,null,null,null,0]
[null,null,null,null,null,null,null,null,null,null,null,null,null,null,null,null,null,null,null,null,null,0]
[null,null,null,null,null,null,null,null,null,null,null,null,null,null,null,null,null,null,null,null,null,0]
[null,null,null,null,null,null,null,null,null,null,null,null,null,null,null,null,null,null,null,null,null,0]
[null,null,null,null,null,null,null,null,null,null,null,null,null,null,null,null,null,null,null,null,null,0]
[null,null,null,null,null,null,null,null,null,null,null,null,null,null,null,null,null,null,null,null,null,0]
[null,null,null,null,null,null,null,null,null,null,null,null,null,null,null,null,null,null,null,null,null,0]
[null,null,null,null,null,null,null,null,null,null,null,null,null,null,null,null,null,null,null,null,null,0]
[null,null,null,null,null,null,null,null,null,null,null,null,null,null,null,null,null,null,null,null,null,0]
[null,null,null,null,null,null,null,null,null,null,null,null,null,null,null,null,null,null,null,null,null,0]
[null,null,null,null,null,null,null,null,null,null,null,null,null,null,null,null,null,null,null,null,null,0]
[null,null,null,null,null,null,null,null,null,null,null,null,null,null,null,null,null,null,null,null,null,0]
[null,null,null,null,null,null,null,null,null,null,null,null,null,null,null,null,null,null,null,null,null,0]
[null,null,null,null,null,null,null,null,null,null,null,null,null,null,null,null,null,null,null,null,null,0]
[null,null,null,null,null,null,null,null,null,null,null,null,null,null,null,null,null,null,null,null,null,0]
[null,null,null,null,null,null,null,null,null,null,null,null,null,null,null,null,null,null,null,null,null,0]
[null,null,null,null,null,null,null,null,null,null,null,null,null,null,null,null,null,null,null,null,null,0]
[null,null,null,null,null,null,null,null,null,null,null,null,null,null,null,null,null,null,null,null,null,0]
[null,null,null,null,null,null,null,null,null,null,null,null,null,null,null,null,null,null,null,null,null,0]
[null,null,null,null,null,null,null,null,null,null,null,null,null,null,null,null,null,null,null,null,null,0]
[null,null,null,null,null,null,null,null,null,null,null,null,null,null,null,null,null,null,null,null,null,0]
[null,null,null,null,null,null,null,null,null,null,null,null,null,null,null,null,null,null,null,null,null,0]
[null,null,null,null,null,null,null,null,null,null,null,null,null,null,null,null,null,null,null,null,null,0]
[null,null,null,null,null,null,null,null,null,null,null,null,null,null,null,null,null,null,null,null,null,0]
[null,null,null,null,null,null,null,null,null,null,null,null,null,null,null,null,null,null,null,null,null,0]
[null,null,null,null,null,null,null,null,null,null,null,null,null,null,null,null,null,null,null,null,null,0]
[null,null,null,null,null,null,null,null,null,null,null,null,null,null,null,null,null,null,null,null,null,0]
[null,null,null,null,null,null,null,null,null,null,null,null,null,null,null,null,null,null,null,null,null,0]
[null,null,null,null,null,null,null,null,null,null,null,null,null,null,null,null,null,null,null,null,null,0]
[null,null,null,null,null,null,null,null,null,null,null,null,null,null,null,null,null,null,null,null,null,0]
[null,null,null,null,null,null,null,null,null,null,null,null,null,null,null,null,null,null,null,null,null,0]
[null,null,null,null,null,null,null,null,null,null,null,null,null,null,null,null,null,null,null,null,null,0]
[null,null,null,null,null,null,null,null,null,null,null,null,null,null,null,null,null,null,null,null,null,0]
[null,null,null,null,null,null,null,null,null,null,null,null,null,null,null,null,null,null,null,null,null,0]
[null,null,null,null,null,null,null,null,null,null,null,null,null,null,null,null,null,null,null,null,null,0]
[null,null,null,null,null,null,null,null,null,null,null,null,null,null,null,null,null,null,null,null,null,0]
[null,null,null,null,null,null,null,null,null,null,null,null,null,null,null,null,null,null,null,null,null,0]
[null,null,null,null,null,null,null,null,null,null,null,null,null,null,null,null,null,null,null,null,null,0]
[null,null,null,null,null,null,null,null,null,null,null,null,null,null,null,null,null,null,null,null,null,0]
[null,null,null,null,null,null,null,null,null,null,null,null,null,null,null,null,null,null,null,null,null,0]
[null,null,null,null,null,null,null,null,null,null,null,null,null,null,null,null,null,null,null,null,null,0]
[null,null,null,null,null,null,null,null,null,null,null,null,null,null,null,null,null,null,null,null,null,0]
[null,null,null,null,null,null,null,null,null,null,null,null,null,null,null,null,null,null,null,null,null,0]
[null,null,null,null,null,null,null,null,null,null,null,null,null,null,null,null,null,null,null,null,null,0]
[null,null,null,null,null,null,null,null,null,null,null,null,null,null,null,null,null,null,null,null,null,0]
[null,null,null,null,null,null,null,null,null,null,null,null,null,null,null,null,null,null,null,null,null,0]
[null,null,null,null,null,null,null,null,null,null,null,null,null,null,null,null,null,null,null,null,null,0]
[null,null,null,null,null,null,null,null,null,null,null,null,null,null,null,null,null,null,null,null,null,0]
[null,null,null,null,null,null,null,null,null,null,null,null,null,null,null,null,null,null,null,null,null,0]
[null,null,null,null,null,null,null,null,null,null,null,null,null,null,null,null,null,null,null,null,null,0]
[null,null,null,null,null,null,null,null,null,null,null,null,null,null,null,null,null,null,null,null,null,0]
[null,null,null,null,null,null,null,null,null,null,null,null,null,null,null,null,null,null,null,null,null,0]
[null,null,null,null,null,null,null,null,null,null,null,null,null,null,null,null,null,null,null,null,null,0]
[null,null,null,null,null,null,null,null,null,null,null,null,null,null,null,null,null,null,null,null,null,0]
[null,null,null,null,null,null,null,null,null,null,null,null,null,null,null,null,null,null,null,null,null,0]
[null,null,null,null,null,null,null,null,null,null,null,null,null,null,null,null,null,null,null,null,null,0]
[null,null,null,null,null,null,null,null,null,null,null,null,null,null,null,null,null,null,null,null,null,0]
[null,null,null,null,null,null,null,null,null,null,null,null,null,null,null,null,null,null,null,null,null,0]
[null,null,null,null,null,null,null,null,null,null,null,null,null,null,null,null,null,null,null,null,null,0]
[null,null,null,null,null,null,null,null,null,null,null,null,null,null,null,null,null,null,null,null,null,0]
[null,null,null,null,null,null,null,null,null,null,null,null,null,null,null,null,null,null,null,null,null,0]
[null,null,null,null,null,null,null,null,null,null,null,null,null,null,null,null,null,null,null,null,null,0]
[null,null,null,null,null,null,null,null,null,null,null,null,null,null,null,null,null,null,null,null,null,0]
[null,null,null,null,null,null,null,null,null,null,null,null,null,null,null,null,null,null,null,null,null,0]
[null,null,null,null,null,null,null,null,null,null,null,null,null,null,null,null,null,null,null,null,null,0]
[null,null,null,null,null,null,null,null,null,null,null,null,null,null,null,null,null,null,null,null,null,0]
[null,null,null,null,null,null,null,null,null,null,null,null,null,null,null,null,null,null,null,null,null,0]
[null,null,null,null,null,null,null,null,null,null,null,null,null,null,null,null,null,null,null,null,null,0]
[null,null,null,null,null,null,null,null,null,null,null,null,null,null,null,null,null,null,null,null,null,0]
[null,null,null,null,null,null,null,null,null,null,null,null,null,null,null,null,null,null,null,null,null,0]
[null,null,null,null,null,null,null,null,null,null,null,null,null,null,null,null,null,null,null,null,null,0]
[null,null,null,null,null,null,null,null,null,null,null,null,null,null,null,null,null,null,null,null,null,0]
[null,null,null,null,null,null,null,null,null,null,null,null,null,null,null,null,null,null,null,null,null,0]
[null,null,null,null,null,null,null,null,null,null,null,null,null,null,null,null,null,null,null,null,null,0]
[null,null,null,null,null,null,null,null,null,null,null,null,null,null,null,null,null,null,null,null,null,0]
[null,null,null,null,null,null,null,null,null,null,null,null,null,null,null,null,null,null,null,null,null,0]
[null,null,null,null,null,null,null,null,null,null,null,null,null,null,null,null,null,null,null,null,null,0]
[null,null,null,null,null,null,null,null,null,null,null,null,null,null,null,null,null,null,null,null,null,0]
[null,null,null,null,null,null,null,null,null,null,null,null,null,null,null,null,null,null,null,null,null,0]
[null,null,null,null,null,null,null,null,null,null,null,null,null,null,null,null,null,null,null,null,null,0]
[null,null,null,null,null,null,null,null,null,null,null,null,null,null,null,null,null,null,null,null,null,0]
[null,null,null,null,null,null,null,null,null,null,null,null,null,null,null,null,null,null,null,null,null,0]
[null,null,null,null,null,null,null,null,null,null,null,null,null,null,null,null,null,null,null,null,null,0]
[null,null,null,null,null,null,null,null,null,null,null,null,null,null,null,null,null,null,null,null,null,0]
[null,null,null,null,null,null,null,null,null,null,null,null,null,null,null,null,null,null,null,null,null,0]
[null,null,null,null,null,null,null,null,null,null,null,null,null,null,null,null,null,null,null,null,null,0]
[null,null,null,null,null,null,null,null,null,null,null,null,null,null,null,null,null,null,null,null,null,0]
[null,null,null,null,null,null,null,null,null,null,null,null,null,null,null,null,null,null,null,null,null,0]
[null,null,null,null,null,null,null,null,null,null,null,null,null,null,null,null,null,null,null,null,null,0]
[null,null,null,null,null,null,null,null,null,null,null,null,null,null,null,null,null,null,null,null,null,0]
[null,null,null,null,null,null,null,null,null,null,null,null,null,null,null,null,null,null,null,null,null,0]
[null,null,null,null,null,null,null,null,null,null,null,null,null,null,null,null,null,null,null,null,null,0]
[null,null,null,null,null,null,null,null,null,null,null,null,null,null,null,null,null,null,null,null,null,0]
[null,null,null,null,null,null,null,null,null,null,null,null,null,null,null,null,null,null,null,null,null,0]
[null,null,null,null,null,null,null,null,null,null,null,null,null,null,null,null,null,null,null,null,null,0]
[null,null,null,null,null,null,null,null,null,null,null,null,null,null,null,null,null,null,null,null,null,0]
[null,null,null,null,null,null,null,null,null,null,null,null,null,null,null,null,null,null,null,null,null,0]
[null,null,null,null,null,null,null,null,null,null,null,null,null,null,null,null,null,null,null,null,null,0]
[null,null,null,null,null,null,null,null,null,null,null,null,null,null,null,null,null,null,null,null,null,0]
[null,null,null,null,null,null,null,null,null,null,null,null,null,null,null,null,null,null,null,null,null,0]
[null,null,null,null,null,null,null,null,null,null,null,null,null,null,null,null,null,null,null,null,null,0]
[null,null,null,null,null,null,null,null,null,null,null,null,null,null,null,null,null,null,null,null,null,0]
[null,null,null,null,null,null,null,null,null,null,null,null,null,null,null,null,null,null,null,null,null,0]
[null,null,null,null,null,null,null,null,null,null,null,null,null,null,null,null,null,null,null,null,null,0]
[null,null,null,null,null,null,null,null,null,null,null,null,null,null,null,null,null,null,null,null,null,0]
[null,null,null,null,null,null,null,null,null,null,null,null,null,null,null,null,null,null,null,null,null,0]
[null,null,null,null,null,null,null,null,null,null,null,null,null,null,null,null,null,null,null,null,null,0]
[null,null,null,null,null,null,null,null,null,null,null,null,null,null,null,null,null,null,null,null,null,0]
[null,null,null,null,null,null,null,null,null,null,null,null,null,null,null,null,null,null,null,null,null,0]
[null,null,null,null,null,null,null,null,null,null,null,null,null,null,null,null,null,null,null,null,null,0]
[null,null,null,null,null,null,null,null,null,null,null,null,null,null,null,null,null,null,null,null,null,0]
[null,null,null,null,null,null,null,null,null,null,null,null,null,null,null,null,null,null,null,null,null,0]
[null,null,null,null,null,null,null,null,null,null,null,null,null,null,null,null,null,null,null,null,null,0]
[null,null,null,null,null,null,null,null,null,null,null,null,null,null,null,null,null,null,null,null,null,0]
[null,null,null,null,null,null,null,null,null,null,null,null,null,null,null,null,null,null,null,null,null,0]
[null,null,null,null,null,null,null,null,null,null,null,null,null,null,null,null,null,null,null,null,null,0]
[null,null,null,null,null,null,null,null,null,null,null,null,null,null,null,null,null,null,null,null,null,0]
[null,null,null,null,null,null,null,null,null,null,null,null,null,null,null,null,null,null,null,null,null,0]
[null,null,null,null,null,null,null,null,null,null,null,null,null,null,null,null,null,null,null,null,null,0]
[null,null,null,null,null,null,null,null,null,null,null,null,null,null,null,null,null,null,null,null,null,0]
[null,null,null,null,null,null,null,null,null,null,null,null,null,null,null,null,null,null,null,null,null,0]
[null,null,null,null,null,null,null,null,null,null,null,null,null,null,null,null,null,null,null,null,null,0]
[null,null,null,null,null,null,null,null,null,null,null,null,null,null,null,null,null,null,null,null,null,0]
[null,null,null,null,null,null,null,null,null,null,null,null,null,null,null,null,null,null,null,null,null,0]
[null,null,null,null,null,null,null,null,null,null,null,null,null,null,null,null,null,null,null,null,null,0]
[null,null,null,null,null,null,null,null,null,null,null,null,null,null,null,null,null,null,null,null,null,0]
[null,null,null,null,null,null,null,null,null,null,null,null,null,null,null,null,null,null,null,null,null,0]
[null,null,null,null,null,null,null,null,null,null,null,null,null,null,null,null,null,null,null,null,null,0]
[null,null,null,null,null,null,null,null,null,null,null,null,null,null,null,null,null,null,null,null,null,0]
[null,null,null,null,null,null,null,null,null,null,null,null,null,null,null,null,null,null,null,null,null,0]
[null,null,null,null,null,null,null,null,null,null,null,null,null,null,null,null,null,null,null,null,null,0]
[null,null,null,null,null,null,null,null,null,null,null,null,null,null,null,null,null,null,null,null,null,0]
[null,null,null,null,null,null,null,null,null,null,null,null,null,null,null,null,null,null,null,null,null,0]
[null,null,null,null,null,null,null,null,null,null,null,null,null,null,null,null,null,null,null,null,null,0]
[null,null,null,null,null,null,null,null,null,null,null,null,null,null,null,null,null,null,null,null,null,0]
[null,null,null,null,null,null,null,null,null,null,null,null,null,null,null,null,null,null,null,null,null,0]
[null,null,null,null,null,null,null,null,null,null,null,null,null,null,null,null,null,null,null,null,null,0]
[null,null,null,null,null,null,null,null,null,null,null,null,null,null,null,null,null,null,null,null,null,0]
[null,null,null,null,null,null,null,null,null,null,null,null,null,null,null,null,null,null,null,null,null,0]
[null,null,null,null,null,null,null,null,null,null,null,null,null,null,null,null,null,null,null,null,null,0]
[null,null,null,null,null,null,null,null,null,null,null,null,null,null,null,null,null,null,null,null,null,0]
[null,null,null,null,null,null,null,null,null,null,null,null,null,null,null,null,null,null,null,null,null,0]
[null,null,null,null,null,null,null,null,null,null,null,null,null,null,null,null,null,null,null,null,null,0]
[null,null,null,null,null,null,null,null,null,null,null,null,null,null,null,null,null,null,null,null,null,0]
[null,null,null,null,null,null,null,null,null,null,null,null,null,null,null,null,null,null,null,null,null,0]
[null,null,null,null,null,null,null,null,null,null,null,null,null,null,null,null,null,null,null,null,null,0]
[null,null,null,null,null,null,null,null,null,null,null,null,null,null,null,null,null,null,null,null,null,0]
[null,null,null,null,null,null,null,null,null,null,null,null,null,null,null,null,null,null,null,null,null,0]
[null,null,null,null,null,null,null,null,null,null,null,null,null,null,null,null,null,null,null,null,null,0]
[null,null,null,null,null,null,null,null,null,null,null,null,null,null,null,null,null,null,null,null,null,0]
[null,null,null,null,null,null,null,null,null,null,null,null,null,null,null,null,null,null,null,null,null,0]
[null,null,null,null,null,null,null,null,null,null,null,null,null,null,null,null,null,null,null,null,null,0]
[null,null,null,null,null,null,null,null,null,null,null,null,null,null,null,null,null,null,null,null,null,0]
[null,null,null,null,null,null,null,null,null,null,null,null,null,null,null,null,null,null,null,null,null,0]
[null,null,null,null,null,null,null,null,null,null,null,null,null,null,null,null,null,null,null,null,null,0]
[null,null,null,null,null,null,null,null,null,null,null,null,null,null,null,null,null,null,null,null,null,0]
[null,null,null,null,null,null,null,null,null,null,null,null,null,null,null,null,null,null,null,null,null,0]
[null,null,null,null,null,null,null,null,null,null,null,null,null,null,null,null,null,null,null,null,null,0]
[null,null,null,null,null,null,null,null,null,null,null,null,null,null,null,null,null,null,null,null,null,0]
[null,null,null,null,null,null,null,null,null,null,null,null,null,null,null,null,null,null,null,null,null,0]
[null,null,null,null,null,null,null,null,null,null,null,null,null,null,null,null,null,null,null,null,null,0]
[null,null,null,null,null,null,null,null,null,null,null,null,null,null,null,null,null,null,null,null,null,0]
[null,null,null,null,null,null,null,null,null,null,null,null,null,null,null,null,null,null,null,null,null,0]
[null,null,null,null,null,null,null,null,null,null,null,null,null,null,null,null,null,null,null,null,null,0]
[null,null,null,null,null,null,null,null,null,null,null,null,null,null,null,null,null,null,null,null,null,0]
[null,null,null,null,null,null,null,null,null,null,null,null,null,null,null,null,null,null,null,null,null,0]
[null,null,null,null,null,null,null,null,null,null,null,null,null,null,null,null,null,null,null,null,null,0]
[null,null,null,null,null,null,null,null,null,null,null,null,null,null,null,null,null,null,null,null,null,0]
[null,null,null,null,null,null,null,null,null,null,null,null,null,null,null,null,null,null,null,null,null,0]
[null,null,null,null,null,null,null,null,null,null,null,null,null,null,null,null,null,null,null,null,null,0]
[null,null,null,null,null,null,null,null,null,null,null,null,null,null,null,null,null,null,null,null,null,0]
[null,null,null,null,null,null,null,null,null,null,null,null,null,null,null,null,null,null,null,null,null,0]
[null,null,null,null,null,null,null,null,null,null,null,null,null,null,null,null,null,null,null,null,null,0]
[null,null,null,null,null,null,null,null,null,null,null,null,null,null,null,null,null,null,null,null,null,0]
[null,null,null,null,null,null,null,null,null,null,null,null,null,null,null,null,null,null,null,null,null,0]
[null,null,null,null,null,null,null,null,null,null,null,null,null,null,null,null,null,null,null,null,null,0]
[null,null,null,null,null,null,null,null,null,null,null,null,null,null,null,null,null,null,null,null,null,0]
[null,null,null,null,null,null,null,null,null,null,null,null,null,null,null,null,null,null,null,null,null,0]
[null,null,null,null,null,null,null,null,null,null,null,null,null,null,null,null,null,null,null,null,null,0]
[null,null,null,null,null,null,null,null,null,null,null,null,null,null,null,null,null,null,null,null,null,0]
[null,null,null,null,null,null,null,null,null,null,null,null,null,null,null,null,null,null,null,null,null,0]
[null,null,null,null,null,null,null,null,null,null,null,null,null,null,null,null,null,null,null,null,null,0]
[null,null,null,null,null,null,null,null,null,null,null,null,null,null,null,null,null,null,null,null,null,0]
[null,null,null,null,null,null,null,null,null,null,null,null,null,null,null,null,null,null,null,null,null,0]
[null,null,null,null,null,null,null,null,null,null,null,null,null,null,null,null,null,null,null,null,null,0]
[null,null,null,null,null,null,null,null,null,null,null,null,null,null,null,null,null,null,null,null,null,0]
[null,null,null,null,null,null,null,null,null,null,null,null,null,null,null,null,null,null,null,null,null,0]
[null,null,null,null,null,null,null,null,null,null,null,null,null,null,null,null,null,null,null,null,null,0]
[null,null,null,null,null,null,null,null,null,null,null,null,null,null,null,null,null,null,null,null,null,0]
[null,null,null,null,null,null,null,null,null,null,null,null,null,null,null,null,null,null,null,null,null,0]
[null,null,null,null,null,null,null,null,null,null,null,null,null,null,null,null,null,null,null,null,null,0]
[null,null,null,null,null,null,null,null,null,null,null,null,null,null,null,null,null,null,null,null,null,0]
[null,null,null,null,null,null,null,null,null,null,null,null,null,null,null,null,null,null,null,null,null,0]
[null,null,null,null,null,null,null,null,null,null,null,null,null,null,null,null,null,null,null,null,null,0]
[null,null,null,null,null,null,null,null,null,null,null,null,null,null,null,null,null,null,null,null,null,0]
[null,null,null,null,null,null,null,null,null,null,null,null,null,null,null,null,null,null,null,null,null,0]
[null,null,null,null,null,null,null,null,null,null,null,null,null,null,null,null,null,null,null,null,null,0]
[null,null,null,null,null,null,null,null,null,null,null,null,null,null,null,null,null,null,null,null,null,0]
[null,null,null,null,null,null,null,null,null,null,null,null,null,null,null,null,null,null,null,null,null,0]
[null,null,null,null,null,null,null,null,null,null,null,null,null,null,null,null,null,null,null,null,null,0]
[null,null,null,null,null,null,null,null,null,null,null,null,null,null,null,null,null,null,null,null,null,0]
[null,null,null,null,null,null,null,null,null,null,null,null,null,null,null,null,null,null,null,null,null,0]
[null,null,null,null,null,null,null,null,null,null,null,null,null,null,null,null,null,null,null,null,null,0]
[null,null,null,null,null,null,null,null,null,null,null,null,null,null,null,null,null,null,null,null,null,0]
[null,null,null,null,null,null,null,null,null,null,null,null,null,null,null,null,null,null,null,null,null,0]
[null,null,null,null,null,null,null,null,null,null,null,null,null,null,null,null,null,null,null,null,null,0]
[null,null,null,null,null,null,null,null,null,null,null,null,null,null,null,null,null,null,null,null,null,0]
[null,null,null,null,null,null,null,null,null,null,null,null,null,null,null,null,null,null,null,null,null,0]
[null,null,null,null,null,null,null,null,null,null,null,null,null,null,null,null,null,null,null,null,null,0]
[null,null,null,null,null,null,null,null,null,null,null,null,null,null,null,null,null,null,null,null,null,0]
[null,null,null,null,null,null,null,null,null,null,null,null,null,null,null,null,null,null,null,null,null,0]
[null,null,null,null,null,null,null,null,null,null,null,null,null,null,null,null,null,null,null,null,null,0]
[null,null,null,null,null,null,null,null,null,null,null,null,null,null,null,null,null,null,null,null,null,0]
[null,null,null,null,null,null,null,null,null,null,null,null,null,null,null,null,null,null,null,null,null,0]
[null,null,null,null,null,null,null,null,null,null,null,null,null,null,null,null,null,null,null,null,null,0]
[null,null,null,null,null,null,null,null,null,null,null,null,null,null,null,null,null,null,null,null,null,0]
[null,null,null,null,null,null,null,null,null,null,null,null,null,null,null,null,null,null,null,null,null,0]
[null,null,null,null,null,null,null,null,null,null,null,null,null,null,null,null,null,null,null,null,null,0]
[null,null,null,null,null,null,null,null,null,null,null,null,null,null,null,null,null,null,null,null,null,0]
[null,null,null,null,null,null,null,null,null,null,null,null,null,null,null,null,null,null,null,null,null,0]
[null,null,null,null,null,null,null,null,null,null,null,null,null,null,null,null,null,null,null,null,null,0]
[null,null,null,null,null,null,null,null,null,null,null,null,null,null,null,null,null,null,null,null,null,0]
[null,null,null,null,null,null,null,null,null,null,null,null,null,null,null,null,null,null,null,null,null,0]
[null,null,null,null,null,null,null,null,null,null,null,null,null,null,null,null,null,null,null,null,null,0]
[null,null,null,null,null,null,null,null,null,null,null,null,null,null,null,null,null,null,null,null,null,0]
[null,null,null,null,null,null,null,null,null,null,null,null,null,null,null,null,null,null,null,null,null,0]
[null,null,null,null,null,null,null,null,null,null,null,null,null,null,null,null,null,null,null,null,null,0]
[null,null,null,null,null,null,null,null,null,null,null,null,null,null,null,null,null,null,null,null,null,0]
[null,null,null,null,null,null,null,null,null,null,null,null,null,null,null,null,null,null,null,null,null,0]
[null,null,null,null,null,null,null,null,null,null,null,null,null,null,null,null,null,null,null,null,null,0]
[null,null,null,null,null,null,null,null,null,null,null,null,null,null,null,null,null,null,null,null,null,0]
[null,null,null,null,null,null,null,null,null,null,null,null,null,null,null,null,null,null,null,null,null,0]
[null,null,null,null,null,null,null,null,null,null,null,null,null,null,null,null,null,null,null,null,null,0]
[null,null,null,null,null,null,null,null,null,null,null,null,null,null,null,null,null,null,null,null,null,0]
[null,null,null,null,null,null,null,null,null,null,null,null,null,null,null,null,null,null,null,null,null,0]
[null,null,null,null,null,null,null,null,null,null,null,null,null,null,null,null,null,null,null,null,null,0]
[null,null,null,null,null,null,null,null,null,null,null,null,null,null,null,null,null,null,null,null,null,0]
[null,null,null,null,null,null,null,null,null,null,null,null,null,null,null,null,null,null,null,null,null,0]
[null,null,null,null,null,null,null,null,null,null,null,null,null,null,null,null,null,null,null,null,null,0]
[null,null,null,null,null,null,null,null,null,null,null,null,null,null,null,null,null,null,null,null,null,0]
[null,null,null,null,null,null,null,null,null,null,null,null,null,null,null,null,null,null,null,null,null,0]
[null,null,null,null,null,null,null,null,null,null,null,null,null,null,null,null,null,null,null,null,null,0]
[null,null,null,null,null,null,null,null,null,null,null,null,null,null,null,null,null,null,null,null,null,0]
[null,null,null,null,null,null,null,null,null,null,null,null,null,null,null,null,null,null,null,null,null,0]
[null,null,null,null,null,null,null,null,null,null,null,null,null,null,null,null,null,null,null,null,null,0]
[null,null,null,null,null,null,null,null,null,null,null,null,null,null,null,null,null,null,null,null,null,0]
[null,null,null,null,null,null,null,null,null,null,null,null,null,null,null,null,null,null,null,null,null,0]
[null,null,null,null,null,null,null,null,null,null,null,null,null,null,null,null,null,null,null,null,null,0]
[null,null,null,null,null,null,null,null,null,null,null,null,null,null,null,null,null,null,null,null,null,0]
[null,null,null,null,null,null,null,null,null,null,null,null,null,null,null,null,null,null,null,null,null,0]
[null,null,null,null,null,null,null,null,null,null,null,null,null,null,null,null,null,null,null,null,null,0]
[null,null,null,null,null,null,null,null,null,null,null,null,null,null,null,null,null,null,null,null,null,0]
[null,null,null,null,null,null,null,null,null,null,null,null,null,null,null,null,null,null,null,null,null,0]
[null,null,null,null,null,null,null,null,null,null,null,null,null,null,null,null,null,null,null,null,null,0]
[null,null,null,null,null,null,null,null,null,null,null,null,null,null,null,null,null,null,null,null,null,0]
[null,null,null,null,null,null,null,null,null,null,null,null,null,null,null,null,null,null,null,null,null,0]
[null,null,null,null,null,null,null,null,null,null,null,null,null,null,null,null,null,null,null,null,null,0]
[null,null,null,null,null,null,null,null,null,null,null,null,null,null,null,null,null,null,null,null,null,0]
[null,null,null,null,null,null,null,null,null,null,null,null,null,null,null,null,null,null,null,null,null,0]
[null,null,null,null,null,null,null,null,null,null,null,null,null,null,null,null,null,null,null,null,null,0]
[null,null,null,null,null,null,null,null,null,null,null,null,null,null,null,null,null,null,null,null,null,0]
[null,null,null,null,null,null,null,null,null,null,null,null,null,null,null,null,null,null,null,null,null,0]
[null,null,null,null,null,null,null,null,null,null,null,null,null,null,null,null,null,null,null,null,null,0]
[null,null,null,null,null,null,null,null,null,null,null,null,null,null,null,null,null,null,null,null,null,0]
[null,null,null,null,null,null,null,null,null,null,null,null,null,null,null,null,null,null,null,null,null,0]
[null,null,null,null,null,null,null,null,null,null,null,null,null,null,null,null,null,null,null,null,null,0]
[null,null,null,null,null,null,null,null,null,null,null,null,null,null,null,null,null,null,null,null,null,0]
[null,null,null,null,null,null,null,null,null,null,null,null,null,null,null,null,null,null,null,null,null,0]
[null,null,null,null,null,null,null,null,null,null,null,null,null,null,null,null,null,null,null,null,null,0]
[null,null,null,null,null,null,null,null,null,null,null,null,null,null,null,null,null,null,null,null,null,0]
[null,null,null,null,null,null,null,null,null,null,null,null,null,null,null,null,null,null,null,null,null,0]
[null,null,null,null,null,null,null,null,null,null,null,null,null,null,null,null,null,null,null,null,null,0]
[null,null,null,null,null,null,null,null,null,null,null,null,null,null,null,null,null,null,null,null,null,0]
[null,null,null,null,null,null,null,null,null,null,null,null,null,null,null,null,null,null,null,null,null,0]
[null,null,null,null,null,null,null,null,null,null,null,null,null,null,null,null,null,null,null,null,null,0]
[null,null,null,null,null,null,null,null,null,null,null,null,null,null,null,null,null,null,null,null,null,0]
[null,null,null,null,null,null,null,null,null,null,null,null,null,null,null,null,null,null,null,null,null,0]
[null,null,null,null,null,null,null,null,null,null,null,null,null,null,null,null,null,null,null,null,null,0]
[null,null,null,null,null,null,null,null,null,null,null,null,null,null,null,null,null,null,null,null,null,0]
[null,null,null,null,null,null,null,null,null,null,null,null,null,null,null,null,null,null,null,null,null,0]
[null,null,null,null,null,null,null,null,null,null,null,null,null,null,null,null,null,null,null,null,null,0]
[null,null,null,null,null,null,null,null,null,null,null,null,null,null,null,null,null,null,null,null,null,0]
[null,null,null,null,null,null,null,null,null,null,null,null,null,null,null,null,null,null,null,null,null,0]
[null,null,null,null,null,null,null,null,null,null,null,null,null,null,null,null,null,null,null,null,null,0]
[null,null,null,null,null,null,null,null,null,null,null,null,null,null,null,null,null,null,null,null,null,0]
[null,null,null,null,null,null,null,null,null,null,null,null,null,null,null,null,null,null,null,null,null,0]
[null,null,null,null,null,null,null,null,null,null,null,null,null,null,null,null,null,null,null,null,null,0]
[null,null,null,null,null,null,null,null,null,null,null,null,null,null,null,null,null,null,null,null,null,0]
[null,null,null,null,null,null,null,null,null,null,null,null,null,null,null,null,null,null,null,null,null,0]
[null,null,null,null,null,null,null,null,null,null,null,null,null,null,null,null,null,null,null,null,null,0]
[null,null,null,null,null,null,null,null,null,null,null,null,null,null,null,null,null,null,null,null,null,0]
[null,null,null,null,null,null,null,null,null,null,null,null,null,null,null,null,null,null,null,null,null,0]
[null,null,null,null,null,null,null,null,null,null,null,null,null,null,null,null,null,null,null,null,null,0]
[null,null,null,null,null,null,null,null,null,null,null,null,null,null,null,null,null,null,null,null,null,0]
[null,null,null,null,null,null,null,null,null,null,null,null,null,null,null,null,null,null,null,null,null,0]
[null,null,null,null,null,null,null,null,null,null,null,null,null,null,null,null,null,null,null,null,null,0]
[null,null,null,null,null,null,null,null,null,null,null,null,null,null,null,null,null,null,null,null,null,0]
[null,null,null,null,null,null,null,null,null,null,null,null,null,null,null,null,null,null,null,null,null,0]
[null,null,null,null,null,null,null,null,null,null,null,null,null,null,null,null,null,null,null,null,null,0]
[null,null,null,null,null,null,null,null,null,null,null,null,null,null,null,null,null,null,null,null,null,0]
[null,null,null,null,null,null,null,null,null,null,null,null,null,null,null,null,null,null,null,null,null,0]
[null,null,null,null,null,null,null,null,null,null,null,null,null,null,null,null,null,null,null,null,null,0]
[null,null,null,null,null,null,null,null,null,null,null,null,null,null,null,null,null,null,null,null,null,0]
[null,null,null,null,null,null,null,null,null,null,null,null,null,null,null,null,null,null,null,null,null,0]
[null,null,null,null,null,null,null,null,null,null,null,null,null,null,null,null,null,null,null,null,null,0]
[null,null,null,null,null,null,null,null,null,null,null,null,null,null,null,null,null,null,null,null,null,0]
[null,null,null,null,null,null,null,null,null,null,null,null,null,null,null,null,null,null,null,null,null,0]
[null,null,null,null,null,null,null,null,null,null,null,null,null,null,null,null,null,null,null,null,null,0]
[null,null,null,null,null,null,null,null,null,null,null,null,null,null,null,null,null,null,null,null,null,0]
[null,null,null,null,null,null,null,null,null,null,null,null,null,null,null,null,null,null,null,null,null,0]
[null,null,null,null,null,null,null,null,null,null,null,null,null,null,null,null,null,null,null,null,null,0]
[null,null,null,null,null,null,null,null,null,null,null,null,null,null,null,null,null,null,null,null,null,0]
[null,null,null,null,null,null,null,null,null,null,null,null,null,null,null,null,null,null,null,null,null,0]
[null,null,null,null,null,null,null,null,null,null,null,null,null,null,null,null,null,null,null,null,null,0]
[null,null,null,null,null,null,null,null,null,null,null,null,null,null,null,null,null,null,null,null,null,0]
[null,null,null,null,null,null,null,null,null,null,null,null,null,null,null,null,null,null,null,null,null,0]
[null,null,null,null,null,null,null,null,null,null,null,null,null,null,null,null,null,null,null,null,null,0]
[null,null,null,null,null,null,null,null,null,null,null,null,null,null,null,null,null,null,null,null,null,0]
[null,null,null,null,null,null,null,null,null,null,null,null,null,null,null,null,null,null,null,null,null,0]
[null,null,null,null,null,null,null,null,null,null,null,null,null,null,null,null,null,null,null,null,null,0]
[null,null,null,null,null,null,null,null,null,null,null,null,null,null,null,null,null,null,null,null,null,0]
[null,null,null,null,null,null,null,null,null,null,null,null,null,null,null,null,null,null,null,null,null,0]
[null,null,null,null,null,null,null,null,null,null,null,null,null,null,null,null,null,null,null,null,null,0]
[null,null,null,null,null,null,null,null,null,null,null,null,null,null,null,null,null,null,null,null,null,0]
[null,null,null,null,null,null,null,null,null,null,null,null,null,null,null,null,null,null,null,null,null,0]
[null,null,null,null,null,null,null,null,null,null,null,null,null,null,null,null,null,null,null,null,null,0]
[null,null,null,null,null,null,null,null,null,null,null,null,null,null,null,null,null,null,null,null,null,0]
[null,null,null,null,null,null,null,null,null,null,null,null,null,null,null,null,null,null,null,null,null,0]
[null,null,null,null,null,null,null,null,null,null,null,null,null,null,null,null,null,null,null,null,null,0]
[null,null,null,null,null,null,null,null,null,null,null,null,null,null,null,null,null,null,null,null,null,0]
[null,null,null,null,null,null,null,null,null,null,null,null,null,null,null,null,null,null,null,null,null,0]
[null,null,null,null,null,null,null,null,null,null,null,null,null,null,null,null,null,null,null,null,null,0]
[null,null,null,null,null,null,null,null,null,null,null,null,null,null,null,null,null,null,null,null,null,0]
[null,null,null,null,null,null,null,null,null,null,null,null,null,null,null,null,null,null,null,null,null,0]
[null,null,null,null,null,null,null,null,null,null,null,null,null,null,null,null,null,null,null,null,null,0]
[null,null,null,null,null,null,null,null,null,null,null,null,null,null,null,null,null,null,null,null,null,0]
[null,null,null,null,null,null,null,null,null,null,null,null,null,null,null,null,null,null,null,null,null,0]
[null,null,null,null,null,null,null,null,null,null,null,null,null,null,null,null,null,null,null,null,null,0]
[null,null,null,null,null,null,null,null,null,null,null,null,null,null,null,null,null,null,null,null,null,0]
[null,null,null,null,null,null,null,null,null,null,null,null,null,null,null,null,null,null,null,null,null,0]
[null,null,null,null,null,null,null,null,null,null,null,null,null,null,null,null,null,null,null,null,null,0]
[null,null,null,null,null,null,null,null,null,null,null,null,null,null,null,null,null,null,null,null,null,0]
[null,null,null,null,null,null,null,null,null,null,null,null,null,null,null,null,null,null,null,null,null,0]
[null,null,null,null,null,null,null,null,null,null,null,null,null,null,null,null,null,null,null,null,null,0]
[null,null,null,null,null,null,null,null,null,null,null,null,null,null,null,null,null,null,null,null,null,0]
[null,null,null,null,null,null,null,null,null,null,null,null,null,null,null,null,null,null,null,null,null,0]
[null,null,null,null,null,null,null,null,null,null,null,null,null,null,null,null,null,null,null,null,null,0]
[null,null,null,null,null,null,null,null,null,null,null,null,null,null,null,null,null,null,null,null,null,0]
[null,null,null,null,null,null,null,null,null,null,null,null,null,null,null,null,null,null,null,null,null,0]
[null,null,null,null,null,null,null,null,null,null,null,null,null,null,null,null,null,null,null,null,null,0]
[null,null,null,null,null,null,null,null,null,null,null,null,null,null,null,null,null,null,null,null,null,0]
[null,null,null,null,null,null,null,null,null,null,null,null,null,null,null,null,null,null,null,null,null,0]
[null,null,null,null,null,null,null,null,null,null,null,null,null,null,null,null,null,null,null,null,null,0]
[null,null,null,null,null,null,null,null,null,null,null,null,null,null,null,null,null,null,null,null,null,0]
[null,null,null,null,null,null,null,null,null,null,null,null,null,null,null,null,null,null,null,null,null,0]
[null,null,null,null,null,null,null,null,null,null,null,null,null,null,null,null,null,null,null,null,null,0]
[null,null,null,null,null,null,null,null,null,null,null,null,null,null,null,null,null,null,null,null,null,0]
[null,null,null,null,null,null,null,null,null,null,null,null,null,null,null,null,null,null,null,null,null,0]
[null,null,null,null,null,null,null,null,null,null,null,null,null,null,null,null,null,null,null,null,null,0]
[null,null,null,null,null,null,null,null,null,null,null,null,null,null,null,null,null,null,null,null,null,0]
[null,null,null,null,null,null,null,null,null,null,null,null,null,null,null,null,null,null,null,null,null,0]
[null,null,null,null,null,null,null,null,null,null,null,null,null,null,null,null,null,null,null,null,null,0]
[null,null,null,null,null,null,null,null,null,null,null,null,null,null,null,null,null,null,null,null,null,0]
[null,null,null,null,null,null,null,null,null,null,null,null,null,null,null,null,null,null,null,null,null,0]
[null,null,null,null,null,null,null,null,null,null,null,null,null,null,null,null,null,null,null,null,null,0]
[null,null,null,null,null,null,null,null,null,null,null,null,null,null,null,null,null,null,null,null,null,0]
[null,null,null,null,null,null,null,null,null,null,null,null,null,null,null,null,null,null,null,null,null,0]
[null,null,null,null,null,null,null,null,null,null,null,null,null,null,null,null,null,null,null,null,null,0]
[null,null,null,null,null,null,null,null,null,null,null,null,null,null,null,null,null,null,null,null,null,0]
[null,null,null,null,null,null,null,null,null,null,null,null,null,null,null,null,null,null,null,null,null,0]
[null,null,null,null,null,null,null,null,null,null,null,null,null,null,null,null,null,null,null,null,null,0]
[null,null,null,null,null,null,null,null,null,null,null,null,null,null,null,null,null,null,null,null,null,0]
[null,null,null,null,null,null,null,null,null,null,null,null,null,null,null,null,null,null,null,null,null,0]
[null,null,null,null,null,null,null,null,null,null,null,null,null,null,null,null,null,null,null,null,null,0]
[null,null,null,null,null,null,null,null,null,null,null,null,null,null,null,null,null,null,null,null,null,0]
[null,null,null,null,null,null,null,null,null,null,null,null,null,null,null,null,null,null,null,null,null,0]
[null,null,null,null,null,null,null,null,null,null,null,null,null,null,null,null,null,null,null,null,null,0]
[null,null,null,null,null,null,null,null,null,null,null,null,null,null,null,null,null,null,null,null,null,0]
[null,null,null,null,null,null,null,null,null,null,null,null,null,null,null,null,null,null,null,null,null,0]
[null,null,null,null,null,null,null,null,null,null,null,null,null,null,null,null,null,null,null,null,null,0]
[null,null,null,null,null,null,null,null,null,null,null,null,null,null,null,null,null,null,null,null,null,0]
[null,null,null,null,null,null,null,null,null,null,null,null,null,null,null,null,null,null,null,null,null,0]
[null,null,null,null,null,null,null,null,null,null,null,null,null,null,null,null,null,null,null,null,null,0]
[null,null,null,null,null,null,null,null,null,null,null,null,null,null,null,null,null,null,null,null,null,0]
[null,null,null,null,null,null,null,null,null,null,null,null,null,null,null,null,null,null,null,null,null,0]
[null,null,null,null,null,null,null,null,null,null,null,null,null,null,null,null,null,null,null,null,null,0]
[null,null,null,null,null,null,null,null,null,null,null,null,null,null,null,null,null,null,null,null,null,0]
[null,null,null,null,null,null,null,null,null,null,null,null,null,null,null,null,null,null,null,null,null,0]
[null,null,null,null,null,null,null,null,null,null,null,null,null,null,null,null,null,null,null,null,null,0]
[null,null,null,null,null,null,null,null,null,null,null,null,null,null,null,null,null,null,null,null,null,0]
[null,null,null,null,null,null,null,null,null,null,null,null,null,null,null,null,null,null,null,null,null,0]
[null,null,null,null,null,null,null,null,null,null,null,null,null,null,null,null,null,null,null,null,null,0]
[null,null,null,null,null,null,null,null,null,null,null,null,null,null,null,null,null,null,null,null,null,0]
[null,null,null,null,null,null,null,null,null,null,null,null,null,null,null,null,null,null,null,null,null,0]
[null,null,null,null,null,null,null,null,null,null,null,null,null,null,null,null,null,null,null,null,null,0]
[null,null,null,null,null,null,null,null,null,null,null,null,null,null,null,null,null,null,null,null,null,0]
[null,null,null,null,null,null,null,null,null,null,null,null,null,null,null,null,null,null,null,null,null,0]
[null,null,null,null,null,null,null,null,null,null,null,null,null,null,null,null,null,null,null,null,null,0]
[null,null,null,null,null,null,null,null,null,null,null,null,null,null,null,null,null,null,null,null,null,0]
[null,null,null,null,null,null,null,null,null,null,null,null,null,null,null,null,null,null,null,null,null,0]
[null,null,null,null,null,null,null,null,null,null,null,null,null,null,null,null,null,null,null,null,null,0]
[null,null,null,null,null,null,null,null,null,null,null,null,null,null,null,null,null,null,null,null,null,0]
[null,null,null,null,null,null,null,null,null,null,null,null,null,null,null,null,null,null,null,null,null,0]
[null,null,null,null,null,null,null,null,null,null,null,null,null,null,null,null,null,null,null,null,null,0]
[null,null,null,null,null,null,null,null,null,null,null,null,null,null,null,null,null,null,null,null,null,0]
[null,null,null,null,null,null,null,null,null,null,null,null,null,null,null,null,null,null,null,null,null,0]
[null,null,null,null,null,null,null,null,null,null,null,null,null,null,null,null,null,null,null,null,null,0]
[null,null,null,null,null,null,null,null,null,null,null,null,null,null,null,null,null,null,null,null,null,0]
[null,null,null,null,null,null,null,null,null,null,null,null,null,null,null,null,null,null,null,null,null,0]
[null,null,null,null,null,null,null,null,null,null,null,null,null,null,null,null,null,null,null,null,null,0]
[null,null,null,null,null,null,null,null,null,null,null,null,null,null,null,null,null,null,null,null,null,0]
[null,null,null,null,null,null,null,null,null,null,null,null,null,null,null,null,null,null,null,null,null,0]
[null,null,null,null,null,null,null,null,null,null,null,null,null,null,null,null,null,null,null,null,null,0]
[null,null,null,null,null,null,null,null,null,null,null,null,null,null,null,null,null,null,null,null,null,0]
[null,null,null,null,null,null,null,null,null,null,null,null,null,null,null,null,null,null,null,null,null,0]
[null,null,null,null,null,null,null,null,null,null,null,null,null,null,null,null,null,null,null,null,null,0]
[null,null,null,null,null,null,null,null,null,null,null,null,null,null,null,null,null,null,null,null,null,0]
[null,null,null,null,null,null,null,null,null,null,null,null,null,null,null,null,null,null,null,null,null,0]
[null,null,null,null,null,null,null,null,null,null,null,null,null,null,null,null,null,null,null,null,null,0]
[null,null,null,null,null,null,null,null,null,null,null,null,null,null,null,null,null,null,null,null,null,0]
[null,null,null,null,null,null,null,null,null,null,null,null,null,null,null,null,null,null,null,null,null,0]
[null,null,null,null,null,null,null,null,null,null,null,null,null,null,null,null,null,null,null,null,null,0]
[null,null,null,null,null,null,null,null,null,null,null,null,null,null,null,null,null,null,null,null,null,0]
[null,null,null,null,null,null,null,null,null,null,null,null,null,null,null,null,null,null,null,null,null,0]
[null,null,null,null,null,null,null,null,null,null,null,null,null,null,null,null,null,null,null,null,null,0]
[null,null,null,null,null,null,null,null,null,null,null,null,null,null,null,null,null,null,null,null,null,0]
[null,null,null,null,null,null,null,null,null,null,null,null,null,null,null,null,null,null,null,null,null,0]
[null,null,null,null,null,null,null,null,null,null,null,null,null,null,null,null,null,null,null,null,null,0]
[null,null,null,null,null,null,null,null,null,null,null,null,null,null,null,null,null,null,null,null,null,0]
[null,null,null,null,null,null,null,null,null,null,null,null,null,null,null,null,null,null,null,null,null,0]
[null,null,null,null,null,null,null,null,null,null,null,null,null,null,null,null,null,null,null,null,null,0]
[null,null,null,null,null,null,null,null,null,null,null,null,null,null,null,null,null,null,null,null,null,0]
[null,null,null,null,null,null,null,null,null,null,null,null,null,null,null,null,null,null,null,null,null,0]
[null,null,null,null,null,null,null,null,null,null,null,null,null,null,null,null,null,null,null,null,null,0]
[null,null,null,null,null,null,null,null,null,null,null,null,null,null,null,null,null,null,null,null,null,0]
[null,null,null,null,null,null,null,null,null,null,null,null,null,null,null,null,null,null,null,null,null,0]
[null,null,null,null,null,null,null,null,null,null,null,null,null,null,null,null,null,null,null,null,null,0]
[null,null,null,null,null,null,null,null,null,null,null,null,null,null,null,null,null,null,null,null,null,0]
[null,null,null,null,null,null,null,null,null,null,null,null,null,null,null,null,null,null,null,null,null,0]
[null,null,null,null,null,null,null,null,null,null,null,null,null,null,null,null,null,null,null,null,null,0]
[null,null,null,null,null,null,null,null,null,null,null,null,null,null,null,null,null,null,null,null,null,0]
[null,null,null,null,null,null,null,null,null,null,null,null,null,null,null,null,null,null,null,null,null,0]
[null,null,null,null,null,null,null,null,null,null,null,null,null,null,null,null,null,null,null,null,null,0]
[null,null,null,null,null,null,null,null,null,null,null,null,null,null,null,null,null,null,null,null,null,0]
[null,null,null,null,null,null,null,null,null,null,null,null,null,null,null,null,null,null,null,null,null,0]
[null,null,null,null,null,null,null,null,null,null,null,null,null,null,null,null,null,null,null,null,null,0]
[null,null,null,null,null,null,null,null,null,null,null,null,null,null,null,null,null,null,null,null,null,0]
[null,null,null,null,null,null,null,null,null,null,null,null,null,null,null,null,null,null,null,null,null,0]
[null,null,null,null,null,null,null,null,null,null,null,null,null,null,null,null,null,null,null,null,null,0]
[null,null,null,null,null,null,null,null,null,null,null,null,null,null,null,null,null,null,null,null,null,0]
[null,null,null,null,null,null,null,null,null,null,null,null,null,null,null,null,null,null,null,null,null,0]
[null,null,null,null,null,null,null,null,null,null,null,null,null,null,null,null,null,null,null,null,null,0]
[null,null,null,null,null,null,null,null,null,null,null,null,null,null,null,null,null,null,null,null,null,0]
[null,null,null,null,null,null,null,null,null,null,null,null,null,null,null,null,null,null,null,null,null,0]
[null,null,null,null,null,null,null,null,null,null,null,null,null,null,null,null,null,null,null,null,null,0]
[null,null,null,null,null,null,null,null,null,null,null,null,null,null,null,null,null,null,null,null,null,0]
[null,null,null,null,null,null,null,null,null,null,null,null,null,null,null,null,null,null,null,null,null,0]
[null,null,null,null,null,null,null,null,null,null,null,null,null,null,null,null,null,null,null,null,null,0]
[null,null,null,null,null,null,null,null,null,null,null,null,null,null,null,null,null,null,null,null,null,0]
[null,null,null,null,null,null,null,null,null,null,null,null,null,null,null,null,null,null,null,null,null,0]
[null,null,null,null,null,null,null,null,null,null,null,null,null,null,null,null,null,null,null,null,null,0]
[null,null,null,null,null,null,null,null,null,null,null,null,null,null,null,null,null,null,null,null,null,0]
[null,null,null,null,null,null,null,null,null,null,null,null,null,null,null,null,null,null,null,null,null,0]
[null,null,null,null,null,null,null,null,null,null,null,null,null,null,null,null,null,null,null,null,null,0]
[null,null,null,null,null,null,null,null,null,null,null,null,null,null,null,null,null,null,null,null,null,0]
[null,null,null,null,null,null,null,null,null,null,null,null,null,null,null,null,null,null,null,null,null,0]
[null,null,null,null,null,null,null,null,null,null,null,null,null,null,null,null,null,null,null,null,null,0]
[null,null,null,null,null,null,null,null,null,null,null,null,null,null,null,null,null,null,null,null,null,0]
[null,null,null,null,null,null,null,null,null,null,null,null,null,null,null,null,null,null,null,null,null,0]
[null,null,null,null,null,null,null,null,null,null,null,null,null,null,null,null,null,null,null,null,null,0]
[null,null,null,null,null,null,null,null,null,null,null,null,null,null,null,null,null,null,null,null,null,0]
[null,null,null,null,null,null,null,null,null,null,null,null,null,null,null,null,null,null,null,null,null,0]
[null,null,null,null,null,null,null,null,null,null,null,null,null,null,null,null,null,null,null,null,null,0]
[null,null,null,null,null,null,null,null,null,null,null,null,null,null,null,null,null,null,null,null,null,0]
[null,null,null,null,null,null,null,null,null,null,null,null,null,null,null,null,null,null,null,null,null,0]
[null,null,null,null,null,null,null,null,null,null,null,null,null,null,null,null,null,null,null,null,null,0]
[null,null,null,null,null,null,null,null,null,null,null,null,null,null,null,null,null,null,null,null,null,0]
[null,null,null,null,null,null,null,null,null,null,null,null,null,null,null,null,null,null,null,null,null,0]
[null,null,null,null,null,null,null,null,null,null,null,null,null,null,null,null,null,null,null,null,null,0]
[null,null,null,null,null,null,null,null,null,null,null,null,null,null,null,null,null,null,null,null,null,0]
[null,null,null,null,null,null,null,null,null,null,null,null,null,null,null,null,null,null,null,null,null,0]
[null,null,null,null,null,null,null,null,null,null,null,null,null,null,null,null,null,null,null,null,null,0]
[null,null,null,null,null,null,null,null,null,null,null,null,null,null,null,null,null,null,null,null,null,0]
[null,null,null,null,null,null,null,null,null,null,null,null,null,null,null,null,null,null,null,null,null,0]
[null,null,null,null,null,null,null,null,null,null,null,null,null,null,null,null,null,null,null,null,null,0]
[null,null,null,null,null,null,null,null,null,null,null,null,null,null,null,null,null,null,null,null,null,0]
[null,null,null,null,null,null,null,null,null,null,null,null,null,null,null,null,null,null,null,null,null,0]
[null,null,null,null,null,null,null,null,null,null,null,null,null,null,null,null,null,null,null,null,null,0]
[null,null,null,null,null,null,null,null,null,null,null,null,null,null,null,null,null,null,null,null,null,0]
[null,null,null,null,null,null,null,null,null,null,null,null,null,null,null,null,null,null,null,null,null,0]
[null,null,null,null,null,null,null,null,null,null,null,null,null,null,null,null,null,null,null,null,null,0]
[null,null,null,null,null,null,null,null,null,null,null,null,null,null,null,null,null,null,null,null,null,0]
[null,null,null,null,null,null,null,null,null,null,null,null,null,null,null,null,null,null,null,null,null,0]
[null,null,null,null,null,null,null,null,null,null,null,null,null,null,null,null,null,null,null,null,null,0]
[null,null,null,null,null,null,null,null,null,null,null,null,null,null,null,null,null,null,null,null,null,0]
[null,null,null,null,null,null,null,null,null,null,null,null,null,null,null,null,null,null,null,null,null,0]
[null,null,null,null,null,null,null,null,null,null,null,null,null,null,null,null,null,null,null,null,null,0]
[null,null,null,null,null,null,null,null,null,null,null,null,null,null,null,null,null,null,null,null,null,0]
[null,null,null,null,null,null,null,null,null,null,null,null,null,null,null,null,null,null,null,null,null,0]
[null,null,null,null,null,null,null,null,null,null,null,null,null,null,null,null,null,null,null,null,null,0]
[null,null,null,null,null,null,null,null,null,null,null,null,null,null,null,null,null,null,null,null,null,0]
[null,null,null,null,null,null,null,null,null,null,null,null,null,null,null,null,null,null,null,null,null,0]
[null,null,null,null,null,null,null,null,null,null,null,null,null,null,null,null,null,null,null,null,null,0]
[null,null,null,null,null,null,null,null,null,null,null,null,null,null,null,null,null,null,null,null,null,0]
[null,null,null,null,null,null,null,null,null,null,null,null,null,null,null,null,null,null,null,null,null,0]
[null,null,null,null,null,null,null,null,null,null,null,null,null,null,null,null,null,null,null,null,null,0]
[null,null,null,null,null,null,null,null,null,null,null,null,null,null,null,null,null,null,null,null,null,0]
[null,null,null,null,null,null,null,null,null,null,null,null,null,null,null,null,null,null,null,null,null,0]
[null,null,null,null,null,null,null,null,null,null,null,null,null,null,null,null,null,null,null,null,null,0]
[null,null,null,null,null,null,null,null,null,null,null,null,null,null,null,null,null,null,null,null,null,0]
[null,null,null,null,null,null,null,null,null,null,null,null,null,null,null,null,null,null,null,null,null,0]
[null,null,null,null,null,null,null,null,null,null,null,null,null,null,null,null,null,null,null,null,null,0]
[null,null,null,null,null,null,null,null,null,null,null,null,null,null,null,null,null,null,null,null,null,0]
[null,null,null,null,null,null,null,null,null,null,null,null,null,null,null,null,null,null,null,null,null,0]
[null,null,null,null,null,null,null,null,null,null,null,null,null,null,null,null,null,null,null,null,null,0]
[null,null,null,null,null,null,null,null,null,null,null,null,null,null,null,null,null,null,null,null,null,0]
[null,null,null,null,null,null,null,null,null,null,null,null,null,null,null,null,null,null,null,null,null,0]
[null,null,null,null,null,null,null,null,null,null,null,null,null,null,null,null,null,null,null,null,null,0]
[null,null,null,null,null,null,null,null,null,null,null,null,null,null,null,null,null,null,null,null,null,0]
[null,null,null,null,null,null,null,null,null,null,null,null,null,null,null,null,null,null,null,null,null,0]
[null,null,null,null,null,null,null,null,null,null,null,null,null,null,null,null,null,null,null,null,null,0]
[null,null,null,null,null,null,null,null,null,null,null,null,null,null,null,null,null,null,null,null,null,0]
[null,null,null,null,null,null,null,null,null,null,null,null,null,null,null,null,null,null,null,null,null,0]
[null,null,null,null,null,null,null,null,null,null,null,null,null,null,null,null,null,null,null,null,null,0]
[null,null,null,null,null,null,null,null,null,null,null,null,null,null,null,null,null,null,null,null,null,0]
[null,null,null,null,null,null,null,null,null,null,null,null,null,null,null,null,null,null,null,null,null,0]
[null,null,null,null,null,null,null,null,null,null,null,null,null,null,null,null,null,null,null,null,null,0]
[null,null,null,null,null,null,null,null,null,null,null,null,null,null,null,null,null,null,null,null,null,0]
[null,null,null,null,null,null,null,null,null,null,null,null,null,null,null,null,null,null,null,null,null,0]
[null,null,null,null,null,null,null,null,null,null,null,null,null,null,null,null,null,null,null,null,null,0]
[null,null,null,null,null,null,null,null,null,null,null,null,null,null,null,null,null,null,null,null,null,0]
[null,null,null,null,null,null,null,null,null,null,null,null,null,null,null,null,null,null,null,null,null,0]
[null,null,null,null,null,null,null,null,null,null,null,null,null,null,null,null,null,null,null,null,null,0]
[null,null,null,null,null,null,null,null,null,null,null,null,null,null,null,null,null,null,null,null,null,0]
[null,null,null,null,null,null,null,null,null,null,null,null,null,null,null,null,null,null,null,null,null,0]
[null,null,null,null,null,null,null,null,null,null,null,null,null,null,null,null,null,null,null,null,null,0]
[null,null,null,null,null,null,null,null,null,null,null,null,null,null,null,null,null,null,null,null,null,0]
[null,null,null,null,null,null,null,null,null,null,null,null,null,null,null,null,null,null,null,null,null,0]
[null,null,null,null,null,null,null,null,null,null,null,null,null,null,null,null,null,null,null,null,null,0]
[null,null,null,null,null,null,null,null,null,null,null,null,null,null,null,null,null,null,null,null,null,0]
[null,null,null,null,null,null,null,null,null,null,null,null,null,null,null,null,null,null,null,null,null,0]
[null,null,null,null,null,null,null,null,null,null,null,null,null,null,null,null,null,null,null,null,null,0]
[null,null,null,null,null,null,null,null,null,null,null,null,null,null,null,null,null,null,null,null,null,0]
[null,null,null,null,null,null,null,null,null,null,null,null,null,null,null,null,null,null,null,null,null,0]
[null,null,null,null,null,null,null,null,null,null,null,null,null,null,null,null,null,null,null,null,null,0]
[null,null,null,null,null,null,null,null,null,null,null,null,null,null,null,null,null,null,null,null,null,0]
[null,null,null,null,null,null,null,null,null,null,null,null,null,null,null,null,null,null,null,null,null,0]
[null,null,null,null,null,null,null,null,null,null,null,null,null,null,null,null,null,null,null,null,null,0]
[null,null,null,null,null,null,null,null,null,null,null,null,null,null,null,null,null,null,null,null,null,0]
[null,null,null,null,null,null,null,null,null,null,null,null,null,null,null,null,null,null,null,null,null,0]
[null,null,null,null,null,null,null,null,null,null,null,null,null,null,null,null,null,null,null,null,null,0]
[null,null,null,null,null,null,null,null,null,null,null,null,null,null,null,null,null,null,null,null,null,0]
[null,null,null,null,null,null,null,null,null,null,null,null,null,null,null,null,null,null,null,null,null,0]
[null,null,null,null,null,null,null,null,null,null,null,null,null,null,null,null,null,null,null,null,null,0]
[null,null,null,null,null,null,null,null,null,null,null,null,null,null,null,null,null,null,null,null,null,0]
[null,null,null,null,null,null,null,null,null,null,null,null,null,null,null,null,null,null,null,null,null,0]
[null,null,null,null,null,null,null,null,null,null,null,null,null,null,null,null,null,null,null,null,null,0]
[null,null,null,null,null,null,null,null,null,null,null,null,null,null,null,null,null,null,null,null,null,0]
[null,null,null,null,null,null,null,null,null,null,null,null,null,null,null,null,null,null,null,null,null,0]
[null,null,null,null,null,null,null,null,null,null,null,null,null,null,null,null,null,null,null,null,null,0]
[null,null,null,null,null,null,null,null,null,null,null,null,null,null,null,null,null,null,null,null,null,0]
[null,null,null,null,null,null,null,null,null,null,null,null,null,null,null,null,null,null,null,null,null,0]
[null,null,null,null,null,null,null,null,null,null,null,null,null,null,null,null,null,null,null,null,null,0]
[null,null,null,null,null,null,null,null,null,null,null,null,null,null,null,null,null,null,null,null,null,0]
[null,null,null,null,null,null,null,null,null,null,null,null,null,null,null,null,null,null,null,null,null,0]
[null,null,null,null,null,null,null,null,null,null,null,null,null,null,null,null,null,null,null,null,null,0]
[null,null,null,null,null,null,null,null,null,null,null,null,null,null,null,null,null,null,null,null,null,0]
[null,null,null,null,null,null,null,null,null,null,null,null,null,null,null,null,null,null,null,null,null,0]
[null,null,null,null,null,null,null,null,null,null,null,null,null,null,null,null,null,null,null,null,null,0]
[null,null,null,null,null,null,null,null,null,null,null,null,null,null,null,null,null,null,null,null,null,0]
[null,null,null,null,null,null,null,null,null,null,null,null,null,null,null,null,null,null,null,null,null,0]
[null,null,null,null,null,null,null,null,null,null,null,null,null,null,null,null,null,null,null,null,null,0]
[null,null,null,null,null,null,null,null,null,null,null,null,null,null,null,null,null,null,null,null,null,0]
[null,null,null,null,null,null,null,null,null,null,null,null,null,null,null,null,null,null,null,null,null,0]
[null,null,null,null,null,null,null,null,null,null,null,null,null,null,null,null,null,null,null,null,null,0]
[null,null,null,null,null,null,null,null,null,null,null,null,null,null,null,null,null,null,null,null,null,0]
[null,null,null,null,null,null,null,null,null,null,null,null,null,null,null,null,null,null,null,null,null,0]
[null,null,null,null,null,null,null,null,null,null,null,null,null,null,null,null,null,null,null,null,null,0]
[null,null,null,null,null,null,null,null,null,null,null,null,null,null,null,null,null,null,null,null,null,0]
[null,null,null,null,null,null,null,null,null,null,null,null,null,null,null,null,null,null,null,null,null,0]
[null,null,null,null,null,null,null,null,null,null,null,null,null,null,null,null,null,null,null,null,null,0]
[null,null,null,null,null,null,null,null,null,null,null,null,null,null,null,null,null,null,null,null,null,0]
[null,null,null,null,null,null,null,null,null,null,null,null,null,null,null,null,null,null,null,null,null,0]
[null,null,null,null,null,null,null,null,null,null,null,null,null,null,null,null,null,null,null,null,null,0]
[null,null,null,null,null,null,null,null,null,null,null,null,null,null,null,null,null,null,null,null,null,0]
[null,null,null,null,null,null,null,null,null,null,null,null,null,null,null,null,null,null,null,null,null,0]
[null,null,null,null,null,null,null,null,null,null,null,null,null,null,null,null,null,null,null,null,null,0]
[null,null,null,null,null,null,null,null,null,null,null,null,null,null,null,null,null,null,null,null,null,0]
[null,null,null,null,null,null,null,null,null,null,null,null,null,null,null,null,null,null,null,null,null,0]
[null,null,null,null,null,null,null,null,null,null,null,null,null,null,null,null,null,null,null,null,null,0]
[null,null,null,null,null,null,null,null,null,null,null,null,null,null,null,null,null,null,null,null,null,0]
[null,null,null,null,null,null,null,null,null,null,null,null,null,null,null,null,null,null,null,null,null,0]
[null,null,null,null,null,null,null,null,null,null,null,null,null,null,null,null,null,null,null,null,null,0]
[null,null,null,null,null,null,null,null,null,null,null,null,null,null,null,null,null,null,null,null,null,0]
[null,null,null,null,null,null,null,null,null,null,null,null,null,null,null,null,null,null,null,null,null,0]
[null,null,null,null,null,null,null,null,null,null,null,null,null,null,null,null,null,null,null,null,null,0]
[null,null,null,null,null,null,null,null,null,null,null,null,null,null,null,null,null,null,null,null,null,0]
[null,null,null,null,null,null,null,null,null,null,null,null,null,null,null,null,null,null,null,null,null,0]
[null,null,null,null,null,null,null,null,null,null,null,null,null,null,null,null,null,null,null,null,null,0]
[null,null,null,null,null,null,null,null,null,null,null,null,null,null,null,null,null,null,null,null,null,0]
[null,null,null,null,null,null,null,null,null,null,null,null,null,null,null,null,null,null,null,null,null,0]
[null,null,null,null,null,null,null,null,null,null,null,null,null,null,null,null,null,null,null,null,null,0]
[null,null,null,null,null,null,null,null,null,null,null,null,null,null,null,null,null,null,null,null,null,0]
[null,null,null,null,null,null,null,null,null,null,null,null,null,null,null,null,null,null,null,null,null,0]
[null,null,null,null,null,null,null,null,null,null,null,null,null,null,null,null,null,null,null,null,null,0]
[null,null,null,null,null,null,null,null,null,null,null,null,null,null,null,null,null,null,null,null,null,0]
[null,null,null,null,null,null,null,null,null,null,null,null,null,null,null,null,null,null,null,null,null,0]
[null,null,null,null,null,null,null,null,null,null,null,null,null,null,null,null,null,null,null,null,null,0]
[null,null,null,null,null,null,null,null,null,null,null,null,null,null,null,null,null,null,null,null,null,0]
[null,null,null,null,null,null,null,null,null,null,null,null,null,null,null,null,null,null,null,null,null,0]
[null,null,null,null,null,null,null,null,null,null,null,null,null,null,null,null,null,null,null,null,null,0]
[null,null,null,null,null,null,null,null,null,null,null,null,null,null,null,null,null,null,null,null,null,0]
[null,null,null,null,null,null,null,null,null,null,null,null,null,null,null,null,null,null,null,null,null,0]
[null,null,null,null,null,null,null,null,null,null,null,null,null,null,null,null,null,null,null,null,null,0]
[null,null,null,null,null,null,null,null,null,null,null,null,null,null,null,null,null,null,null,null,null,0]
[null,null,null,null,null,null,null,null,null,null,null,null,null,null,null,null,null,null,null,null,null,0]
[null,null,null,null,null,null,null,null,null,null,null,null,null,null,null,null,null,null,null,null,null,0]
[null,null,null,null,null,null,null,null,null,null,null,null,null,null,null,null,null,null,null,null,null,0]
[null,null,null,null,null,null,null,null,null,null,null,null,null,null,null,null,null,null,null,null,null,0]
[null,null,null,null,null,null,null,null,null,null,null,null,null,null,null,null,null,null,null,null,null,0]
[null,null,null,null,null,null,null,null,null,null,null,null,null,null,null,null,null,null,null,null,null,0]
[null,null,null,null,null,null,null,null,null,null,null,null,null,null,null,null,null,null,null,null,null,0]
[null,null,null,null,null,null,null,null,null,null,null,null,null,null,null,null,null,null,null,null,null,0]
[null,null,null,null,null,null,null,null,null,null,null,null,null,null,null,null,null,null,null,null,null,0]
[null,null,null,null,null,null,null,null,null,null,null,null,null,null,null,null,null,null,null,null,null,0]
[null,null,null,null,null,null,null,null,null,null,null,null,null,null,null,null,null,null,null,null,null,0]
[null,null,null,null,null,null,null,null,null,null,null,null,null,null,null,null,null,null,null,null,null,0]
[null,null,null,null,null,null,null,null,null,null,null,null,null,null,null,null,null,null,null,null,null,0]
[null,null,null,null,null,null,null,null,null,null,null,null,null,null,null,null,null,null,null,null,null,0]
[null,null,null,null,null,null,null,null,null,null,null,null,null,null,null,null,null,null,null,null,null,0]
[null,null,null,null,null,null,null,null,null,null,null,null,null,null,null,null,null,null,null,null,null,0]
[null,null,null,null,null,null,null,null,null,null,null,null,null,null,null,null,null,null,null,null,null,0]
[null,null,null,null,null,null,null,null,null,null,null,null,null,null,null,null,null,null,null,null,null,0]
[null,null,null,null,null,null,null,null,null,null,null,null,null,null,null,null,null,null,null,null,null,0]
[null,null,null,null,null,null,null,null,null,null,null,null,null,null,null,null,null,null,null,null,null,0]
[null,null,null,null,null,null,null,null,null,null,null,null,null,null,null,null,null,null,null,null,null,0]
[null,null,null,null,null,null,null,null,null,null,null,null,null,null,null,null,null,null,null,null,null,0]
[null,null,null,null,null,null,null,null,null,null,null,null,null,null,null,null,null,null,null,null,null,0]
[null,null,null,null,null,null,null,null,null,null,null,null,null,null,null,null,null,null,null,null,null,0]
[null,null,null,null,null,null,null,null,null,null,null,null,null,null,null,null,null,null,null,null,null,0]
[null,null,null,null,null,null,null,null,null,null,null,null,null,null,null,null,null,null,null,null,null,0]
[null,null,null,null,null,null,null,null,null,null,null,null,null,null,null,null,null,null,null,null,null,0]
[null,null,null,null,null,null,null,null,null,null,null,null,null,null,null,null,null,null,null,null,null,0]
[null,null,null,null,null,null,null,null,null,null,null,null,null,null,null,null,null,null,null,null,null,0]
[null,null,null,null,null,null,null,null,null,null,null,null,null,null,null,null,null,null,null,null,null,0]
[null,null,null,null,null,null,null,null,null,null,null,null,null,null,null,null,null,null,null,null,null,0]
[null,null,null,null,null,null,null,null,null,null,null,null,null,null,null,null,null,null,null,null,null,0]
[null,null,null,null,null,null,null,null,null,null,null,null,null,null,null,null,null,null,null,null,null,0]
[null,null,null,null,null,null,null,null,null,null,null,null,null,null,null,null,null,null,null,null,null,0]
[null,null,null,null,null,null,null,null,null,null,null,null,null,null,null,null,null,null,null,null,null,0]
[null,null,null,null,null,null,null,null,null,null,null,null,null,null,null,null,null,null,null,null,null,0]
[null,null,null,null,null,null,null,null,null,null,null,null,null,null,null,null,null,null,null,null,null,0]
[null,null,null,null,null,null,null,null,null,null,null,null,null,null,null,null,null,null,null,null,null,0]
[null,null,null,null,null,null,null,null,null,null,null,null,null,null,null,null,null,null,null,null,null,0]
[null,null,null,null,null,null,null,null,null,null,null,null,null,null,null,null,null,null,null,null,null,0]
[null,null,null,null,null,null,null,null,null,null,null,null,null,null,null,null,null,null,null,null,null,0]
[null,null,null,null,null,null,null,null,null,null,null,null,null,null,null,null,null,null,null,null,null,0]
[null,null,null,null,null,null,null,null,null,null,null,null,null,null,null,null,null,null,null,null,null,0]
[null,null,null,null,null,null,null,null,null,null,null,null,null,null,null,null,null,null,null,null,null,0]
[null,null,null,null,null,null,null,null,null,null,null,null,null,null,null,null,null,null,null,null,null,0]
[null,null,null,null,null,null,null,null,null,null,null,null,null,null,null,null,null,null,null,null,null,0]
[null,null,null,null,null,null,null,null,null,null,null,null,null,null,null,null,null,null,null,null,null,0]
[null,null,null,null,null,null,null,null,null,null,null,null,null,null,null,null,null,null,null,null,null,0]
[null,null,null,null,null,null,null,null,null,null,null,null,null,null,null,null,null,null,null,null,null,0]
[null,null,null,null,null,null,null,null,null,null,null,null,null,null,null,null,null,null,null,null,null,0]
[null,null,null,null,null,null,null,null,null,null,null,null,null,null,null,null,null,null,null,null,null,0]
[null,null,null,null,null,null,null,null,null,null,null,null,null,null,null,null,null,null,null,null,null,0]
[null,null,null,null,null,null,null,null,null,null,null,null,null,null,null,null,null,null,null,null,null,0]
[null,null,null,null,null,null,null,null,null,null,null,null,null,null,null,null,null,null,null,null,null,0]
[null,null,null,null,null,null,null,null,null,null,null,null,null,null,null,null,null,null,null,null,null,0]
[null,null,null,null,null,null,null,null,null,null,null,null,null,null,null,null,null,null,null,null,null,0]
[null,null,null,null,null,null,null,null,null,null,null,null,null,null,null,null,null,null,null,null,null,0]
[null,null,null,null,null,null,null,null,null,null,null,null,null,null,null,null,null,null,null,null,null,0]
[null,null,null,null,null,null,null,null,null,null,null,null,null,null,null,null,null,null,null,null,null,0]
[null,null,null,null,null,null,null,null,null,null,null,null,null,null,null,null,null,null,null,null,null,0]
[null,null,null,null,null,null,null,null,null,null,null,null,null,null,null,null,null,null,null,null,null,0]
[null,null,null,null,null,null,null,null,null,null,null,null,null,null,null,null,null,null,null,null,null,0]
[null,null,null,null,null,null,null,null,null,null,null,null,null,null,null,null,null,null,null,null,null,0]
[null,null,null,null,null,null,null,null,null,null,null,null,null,null,null,null,null,null,null,null,null,0]
[null,null,null,null,null,null,null,null,null,null,null,null,null,null,null,null,null,null,null,null,null,0]
[null,null,null,null,null,null,null,null,null,null,null,null,null,null,null,null,null,null,null,null,null,0]
[null,null,null,null,null,null,null,null,null,null,null,null,null,null,null,null,null,null,null,null,null,0]
[null,null,null,null,null,null,null,null,null,null,null,null,null,null,null,null,null,null,null,null,null,0]
[null,null,null,null,null,null,null,null,null,null,null,null,null,null,null,null,null,null,null,null,null,0]
[null,null,null,null,null,null,null,null,null,null,null,null,null,null,null,null,null,null,null,null,null,0]
[null,null,null,null,null,null,null,null,null,null,null,null,null,null,null,null,null,null,null,null,null,0]
[null,null,null,null,null,null,null,null,null,null,null,null,null,null,null,null,null,null,null,null,null,0]
[null,null,null,null,null,null,null,null,null,null,null,null,null,null,null,null,null,null,null,null,null,0]
[null,null,null,null,null,null,null,null,null,null,null,null,null,null,null,null,null,null,null,null,null,0]
[null,null,null,null,null,null,null,null,null,null,null,null,null,null,null,null,null,null,null,null,null,0]
[null,null,null,null,null,null,null,null,null,null,null,null,null,null,null,null,null,null,null,null,null,0]
[null,null,null,null,null,null,null,null,null,null,null,null,null,null,null,null,null,null,null,null,null,0]
[null,null,null,null,null,null,null,null,null,null,null,null,null,null,null,null,null,null,null,null,null,0]
[null,null,null,null,null,null,null,null,null,null,null,null,null,null,null,null,null,null,null,null,null,0]
[null,null,null,null,null,null,null,null,null,null,null,null,null,null,null,null,null,null,null,null,null,0]
[null,null,null,null,null,null,null,null,null,null,null,null,null,null,null,null,null,null,null,null,null,0]
[null,null,null,null,null,null,null,null,null,null,null,null,null,null,null,null,null,null,null,null,null,0]
[null,null,null,null,null,null,null,null,null,null,null,null,null,null,null,null,null,null,null,null,null,0]
[null,null,null,null,null,null,null,null,null,null,null,null,null,null,null,null,null,null,null,null,null,0]
[null,null,null,null,null,null,null,null,null,null,null,null,null,null,null,null,null,null,null,null,null,0]
[null,null,null,null,null,null,null,null,null,null,null,null,null,null,null,null,null,null,null,null,null,0]
[null,null,null,null,null,null,null,null,null,null,null,null,null,null,null,null,null,null,null,null,null,0]
[null,null,null,null,null,null,null,null,null,null,null,null,null,null,null,null,null,null,null,null,null,0]
[null,null,null,null,null,null,null,null,null,null,null,null,null,null,null,null,null,null,null,null,null,0]
[null,null,null,null,null,null,null,null,null,null,null,null,null,null,null,null,null,null,null,null,null,0]
[null,null,null,null,null,null,null,null,null,null,null,null,null,null,null,null,null,null,null,null,null,0]
[null,null,null,null,null,null,null,null,null,null,null,null,null,null,null,null,null,null,null,null,null,0]
[null,null,null,null,null,null,null,null,null,null,null,null,null,null,null,null,null,null,null,null,null,0]
[null,null,null,null,null,null,null,null,null,null,null,null,null,null,null,null,null,null,null,null,null,0]
[null,null,null,null,null,null,null,null,null,null,null,null,null,null,null,null,null,null,null,null,null,0]
[null,null,null,null,null,null,null,null,null,null,null,null,null,null,null,null,null,null,null,null,null,0]
[null,null,null,null,null,null,null,null,null,null,null,null,null,null,null,null,null,null,null,null,null,0]
[null,null,null,null,null,null,null,null,null,null,null,null,null,null,null,null,null,null,null,null,null,0]
[null,null,null,null,null,null,null,null,null,null,null,null,null,null,null,null,null,null,null,null,null,0]
[null,null,null,null,null,null,null,null,null,null,null,null,null,null,null,null,null,null,null,null,null,0]
[null,null,null,null,null,null,null,null,null,null,null,null,null,null,null,null,null,null,null,null,null,0]
[null,null,null,null,null,null,null,null,null,null,null,null,null,null,null,null,null,null,null,null,null,0]
[null,null,null,null,null,null,null,null,null,null,null,null,null,null,null,null,null,null,null,null,null,0]
[null,null,null,null,null,null,null,null,null,null,null,null,null,null,null,null,null,null,null,null,null,0]
[null,null,null,null,null,null,null,null,null,null,null,null,null,null,null,null,null,null,null,null,null,0]
[null,null,null,null,null,null,null,null,null,null,null,null,null,null,null,null,null,null,null,null,null,0]
[null,null,null,null,null,null,null,null,null,null,null,null,null,null,null,null,null,null,null,null,null,0]
[null,null,null,null,null,null,null,null,null,null,null,null,null,null,null,null,null,null,null,null,null,0]
[null,null,null,null,null,null,null,null,null,null,null,null,null,null,null,null,null,null,null,null,null,0]
[null,null,null,null,null,null,null,null,null,null,null,null,null,null,null,null,null,null,null,null,null,0]
[null,null,null,null,null,null,null,null,null,null,null,null,null,null,null,null,null,null,null,null,null,0]
[null,null,null,null,null,null,null,null,null,null,null,null,null,null,null,null,null,null,null,null,null,0]
[null,null,null,null,null,null,null,null,null,null,null,null,null,null,null,null,null,null,null,null,null,0]
[null,null,null,null,null,null,null,null,null,null,null,null,null,null,null,null,null,null,null,null,null,0]
[null,null,null,null,null,null,null,null,null,null,null,null,null,null,null,null,null,null,null,null,null,0]
[null,null,null,null,null,null,null,null,null,null,null,null,null,null,null,null,null,null,null,null,null,0]
[null,null,null,null,null,null,null,null,null,null,null,null,null,null,null,null,null,null,null,null,null,0]
[null,null,null,null,null,null,null,null,null,null,null,null,null,null,null,null,null,null,null,null,null,0]
[null,null,null,null,null,null,null,null,null,null,null,null,null,null,null,null,null,null,null,null,null,0]
[null,null,null,null,null,null,null,null,null,null,null,null,null,null,null,null,null,null,null,null,null,0]
[null,null,null,null,null,null,null,null,null,null,null,null,null,null,null,null,null,null,null,null,null,0]
[null,null,null,null,null,null,null,null,null,null,null,null,null,null,null,null,null,null,null,null,null,0]
[null,null,null,null,null,null,null,null,null,null,null,null,null,null,null,null,null,null,null,null,null,0]
[null,null,null,null,null,null,null,null,null,null,null,null,null,null,null,null,null,null,null,null,null,0]
[null,null,null,null,null,null,null,null,null,null,null,null,null,null,null,null,null,null,null,null,null,0]
[null,null,null,null,null,null,null,null,null,null,null,null,null,null,null,null,null,null,null,null,null,0]
[null,null,null,null,null,null,null,null,null,null,null,null,null,null,null,null,null,null,null,null,null,0]
[null,null,null,null,null,null,null,null,null,null,null,null,null,null,null,null,null,null,null,null,null,0]
[null,null,null,null,null,null,null,null,null,null,null,null,null,null,null,null,null,null,null,null,null,0]
[null,null,null,null,null,null,null,null,null,null,null,null,null,null,null,null,null,null,null,null,null,0]
[null,null,null,null,null,null,null,null,null,null,null,null,null,null,null,null,null,null,null,null,null,0]
[null,null,null,null,null,null,null,null,null,null,null,null,null,null,null,null,null,null,null,null,null,0]
[null,null,null,null,null,null,null,null,null,null,null,null,null,null,null,null,null,null,null,null,null,0]
[null,null,null,null,null,null,null,null,null,null,null,null,null,null,null,null,null,null,null,null,null,0]
[null,null,null,null,null,null,null,null,null,null,null,null,null,null,null,null,null,null,null,null,null,0]
[null,null,null,null,null,null,null,null,null,null,null,null,null,null,null,null,null,null,null,null,null,0]
[null,null,null,null,null,null,null,null,null,null,null,null,null,null,null,null,null,null,null,null,null,0]
[null,null,null,null,null,null,null,null,null,null,null,null,null,null,null,null,null,null,null,null,null,0]
[null,null,null,null,null,null,null,null,null,null,null,null,null,null,null,null,null,null,null,null,null,0]
[null,null,null,null,null,null,null,null,null,null,null,null,null,null,null,null,null,null,null,null,null,0]
[null,null,null,null,null,null,null,null,null,null,null,null,null,null,null,null,null,null,null,null,null,0]
[null,null,null,null,null,null,null,null,null,null,null,null,null,null,null,null,null,null,null,null,null,0]
[null,null,null,null,null,null,null,null,null,null,null,null,null,null,null,null,null,null,null,null,null,0]
[null,null,null,null,null,null,null,null,null,null,null,null,null,null,null,null,null,null,null,null,null,0]
[null,null,null,null,null,null,null,null,null,null,null,null,null,null,null,null,null,null,null,null,null,0]
[null,null,null,null,null,null,null,null,null,null,null,null,null,null,null,null,null,null,null,null,null,0]
[null,null,null,null,null,null,null,null,null,null,null,null,null,null,null,null,null,null,null,null,null,0]
[null,null,null,null,null,null,null,null,null,null,null,null,null,null,null,null,null,null,null,null,null,0]
[null,null,null,null,null,null,null,null,null,null,null,null,null,null,null,null,null,null,null,null,null,0]
[null,null,null,null,null,null,null,null,null,null,null,null,null,null,null,null,null,null,null,null,null,0]
[null,null,null,null,null,null,null,null,null,null,null,null,null,null,null,null,null,null,null,null,null,0]
[null,null,null,null,null,null,null,null,null,null,null,null,null,null,null,null,null,null,null,null,null,0]
[null,null,null,null,null,null,null,null,null,null,null,null,null,null,null,null,null,null,null,null,null,0]
[null,null,null,null,null,null,null,null,null,null,null,null,null,null,null,null,null,null,null,null,null,0]
[null,null,null,null,null,null,null,null,null,null,null,null,null,null,null,null,null,null,null,null,null,0]
[null,null,null,null,null,null,null,null,null,null,null,null,null,null,null,null,null,null,null,null,null,0]
[null,null,null,null,null,null,null,null,null,null,null,null,null,null,null,null,null,null,null,null,null,0]
[null,null,null,null,null,null,null,null,null,null,null,null,null,null,null,null,null,null,null,null,null,0]
[null,null,null,null,null,null,null,null,null,null,null,null,null,null,null,null,null,null,null,null,null,0]
[null,null,null,null,null,null,null,null,null,null,null,null,null,null,null,null,null,null,null,null,null,0]
[null,null,null,null,null,null,null,null,null,null,null,null,null,null,null,null,null,null,null,null,null,0]
[null,null,null,null,null,null,null,null,null,null,null,null,null,null,null,null,null,null,null,null,null,0]
[null,null,null,null,null,null,null,null,null,null,null,null,null,null,null,null,null,null,null,null,null,0]
[null,null,null,null,null,null,null,null,null,null,null,null,null,null,null,null,null,null,null,null,null,0]
[null,null,null,null,null,null,null,null,null,null,null,null,null,null,null,null,null,null,null,null,null,0]
[null,null,null,null,null,null,null,null,null,null,null,null,null,null,null,null,null,null,null,null,null,0]
[null,null,null,null,null,null,null,null,null,null,null,null,null,null,null,null,null,null,null,null,null,0]
[null,null,null,null,null,null,null,null,null,null,null,null,null,null,null,null,null,null,null,null,null,0]
[null,null,null,null,null,null,null,null,null,null,null,null,null,null,null,null,null,null,null,null,null,0]
[null,null,null,null,null,null,null,null,null,null,null,null,null,null,null,null,null,null,null,null,null,0]
[null,null,null,null,null,null,null,null,null,null,null,null,null,null,null,null,null,null,null,null,null,0]
[null,null,null,null,null,null,null,null,null,null,null,null,null,null,null,null,null,null,null,null,null,0]
[null,null,null,null,null,null,null,null,null,null,null,null,null,null,null,null,null,null,null,null,null,0]
[null,null,null,null,null,null,null,null,null,null,null,null,null,null,null,null,null,null,null,null,null,0]
[null,null,null,null,null,null,null,null,null,null,null,null,null,null,null,null,null,null,null,null,null,0]
[null,null,null,null,null,null,null,null,null,null,null,null,null,null,null,null,null,null,null,null,null,0]
[null,null,null,null,null,null,null,null,null,null,null,null,null,null,null,null,null,null,null,null,null,0]
[null,null,null,null,null,null,null,null,null,null,null,null,null,null,null,null,null,null,null,null,null,0]
[null,null,null,null,null,null,null,null,null,null,null,null,null,null,null,null,null,null,null,null,null,0]
[null,null,null,null,null,null,null,null,null,null,null,null,null,null,null,null,null,null,null,null,null,0]
[null,null,null,null,null,null,null,null,null,null,null,null,null,null,null,null,null,null,null,null,null,0]
[null,null,null,null,null,null,null,null,null,null,null,null,null,null,null,null,null,null,null,null,null,0]
[null,null,null,null,null,null,null,null,null,null,null,null,null,null,null,null,null,null,null,null,null,0]
[null,null,null,null,null,null,null,null,null,null,null,null,null,null,null,null,null,null,null,null,null,0]
[null,null,null,null,null,null,null,null,null,null,null,null,null,null,null,null,null,null,null,null,null,0]
[null,null,null,null,null,null,null,null,null,null,null,null,null,null,null,null,null,null,null,null,null,0]
[null,null,null,null,null,null,null,null,null,null,null,null,null,null,null,null,null,null,null,null,null,0]
[null,null,null,null,null,null,null,null,null,null,null,null,null,null,null,null,null,null,null,null,null,0]
[null,null,null,null,null,null,null,null,null,null,null,null,null,null,null,null,null,null,null,null,null,0]
[null,null,null,null,null,null,null,null,null,null,null,null,null,null,null,null,null,null,null,null,null,0]
[null,null,null,null,null,null,null,null,null,null,null,null,null,null,null,null,null,null,null,null,null,0]
[null,null,null,null,null,null,null,null,null,null,null,null,null,null,null,null,null,null,null,null,null,0]
[null,null,null,null,null,null,null,null,null,null,null,null,null,null,null,null,null,null,null,null,null,0]
[null,null,null,null,null,null,null,null,null,null,null,null,null,null,null,null,null,null,null,null,null,0]
[null,null,null,null,null,null,null,null,null,null,null,null,null,null,null,null,null,null,null,null,null,0]
[null,null,null,null,null,null,null,null,null,null,null,null,null,null,null,null,null,null,null,null,null,0]
[null,null,null,null,null,null,null,null,null,null,null,null,null,null,null,null,null,null,null,null,null,0]
[null,null,null,null,null,null,null,null,null,null,null,null,null,null,null,null,null,null,null,null,null,0]
[null,null,null,null,null,null,null,null,null,null,null,null,null,null,null,null,null,null,null,null,null,0]
[null,null,null,null,null,null,null,null,null,null,null,null,null,null,null,null,null,null,null,null,null,0]
[null,null,null,null,null,null,null,null,null,null,null,null,null,null,null,null,null,null,null,null,null,0]
[null,null,null,null,null,null,null,null,null,null,null,null,null,null,null,null,null,null,null,null,null,0]
[null,null,null,null,null,null,null,null,null,null,null,null,null,null,null,null,null,null,null,null,null,0]
[null,null,null,null,null,null,null,null,null,null,null,null,null,null,null,null,null,null,null,null,null,0]
[null,null,null,null,null,null,null,null,null,null,null,null,null,null,null,null,null,null,null,null,null,0]
[null,null,null,null,null,null,null,null,null,null,null,null,null,null,null,null,null,null,null,null,null,0]
[null,null,null,null,null,null,null,null,null,null,null,null,null,null,null,null,null,null,null,null,null,0]
[null,null,null,null,null,null,null,null,null,null,null,null,null,null,null,null,null,null,null,null,null,0]
[null,null,null,null,null,null,null,null,null,null,null,null,null,null,null,null,null,null,null,null,null,0]
[null,null,null,null,null,null,null,null,null,null,null,null,null,null,null,null,null,null,null,null,null,0]
[null,null,null,null,null,null,null,null,null,null,null,null,null,null,null,null,null,null,null,null,null,0]
[null,null,null,null,null,null,null,null,null,null,null,null,null,null,null,null,null,null,null,null,null,0]
[null,null,null,null,null,null,null,null,null,null,null,null,null,null,null,null,null,null,null,null,null,0]
[null,null,null,null,null,null,null,null,null,null,null,null,null,null,null,null,null,null,null,null,null,0]
[null,null,null,null,null,null,null,null,null,null,null,null,null,null,null,null,null,null,null,null,null,0]
[null,null,null,null,null,null,null,null,null,null,null,null,null,null,null,null,null,null,null,null,null,0]
[null,null,null,null,null,null,null,null,null,null,null,null,null,null,null,null,null,null,null,null,null,0]
[null,null,null,null,null,null,null,null,null,null,null,null,null,null,null,null,null,null,null,null,null,0]
[null,null,null,null,null,null,null,null,null,null,null,null,null,null,null,null,null,null,null,null,null,0]
[null,null,null,null,null,null,null,null,null,null,null,null,null,null,null,null,null,null,null,null,null,0]
[null,null,null,null,null,null,null,null,null,null,null,null,null,null,null,null,null,null,null,null,null,0]
[null,null,null,null,null,null,null,null,null,null,null,null,null,null,null,null,null,null,null,null,null,0]
[null,null,null,null,null,null,null,null,null,null,null,null,null,null,null,null,null,null,null,null,null,0]
[null,null,null,null,null,null,null,null,null,null,null,null,null,null,null,null,null,null,null,null,null,0]
[null,null,null,null,null,null,null,null,null,null,null,null,null,null,null,null,null,null,null,null,null,0]
[null,null,null,null,null,null,null,null,null,null,null,null,null,null,null,null,null,null,null,null,null,0]
[null,null,null,null,null,null,null,null,null,null,null,null,null,null,null,null,null,null,null,null,null,0]
[null,null,null,null,null,null,null,null,null,null,null,null,null,null,null,null,null,null,null,null,null,0]
[null,null,null,null,null,null,null,null,null,null,null,null,null,null,null,null,null,null,null,null,null,0]
[null,null,null,null,null,null,null,null,null,null,null,null,null,null,null,null,null,null,null,null,null,0]
[null,null,null,null,null,null,null,null,null,null,null,null,null,null,null,null,null,null,null,null,null,0]
[null,null,null,null,null,null,null,null,null,null,null,null,null,null,null,null,null,null,null,null,null,0]
[null,null,null,null,null,null,null,null,null,null,null,null,null,null,null,null,null,null,null,null,null,0]
[null,null,null,null,null,null,null,null,null,null,null,null,null,null,null,null,null,null,null,null,null,0]
[null,null,null,null,null,null,null,null,null,null,null,null,null,null,null,null,null,null,null,null,null,0]
[null,null,null,null,null,null,null,null,null,null,null,null,null,null,null,null,null,null,null,null,null,0]
[null,null,null,null,null,null,null,null,null,null,null,null,null,null,null,null,null,null,null,null,null,0]
[null,null,null,null,null,null,null,null,null,null,null,null,null,null,null,null,null,null,null,null,null,0]
[null,null,null,null,null,null,null,null,null,null,null,null,null,null,null,null,null,null,null,null,null,0]
[null,null,null,null,null,null,null,null,null,null,null,null,null,null,null,null,null,null,null,null,null,0]
[null,null,null,null,null,null,null,null,null,null,null,null,null,null,null,null,null,null,null,null,null,0]
[null,null,null,null,null,null,null,null,null,null,null,null,null,null,null,null,null,null,null,null,null,0]
[null,null,null,null,null,null,null,null,null,null,null,null,null,null,null,null,null,null,null,null,null,0]
[null,null,null,null,null,null,null,null,null,null,null,null,null,null,null,null,null,null,null,null,null,0]
[null,null,null,null,null,null,null,null,null,null,null,null,null,null,null,null,null,null,null,null,null,0]
[null,null,null,null,null,null,null,null,null,null,null,null,null,null,null,null,null,null,null,null,null,0]
[null,null,null,null,null,null,null,null,null,null,null,null,null,null,null,null,null,null,null,null,null,0]
[null,null,null,null,null,null,null,null,null,null,null,null,null,null,null,null,null,null,null,null,null,0]
[null,null,null,null,null,null,null,null,null,null,null,null,null,null,null,null,null,null,null,null,null,0]
[null,null,null,null,null,null,null,null,null,null,null,null,null,null,null,null,null,null,null,null,null,0]
[null,null,null,null,null,null,null,null,null,null,null,null,null,null,null,null,null,null,null,null,null,0]
[null,null,null,null,null,null,null,null,null,null,null,null,null,null,null,null,null,null,null,null,null,0]
[null,null,null,null,null,null,null,null,null,null,null,null,null,null,null,null,null,null,null,null,null,0]
[null,null,null,null,null,null,null,null,null,null,null,null,null,null,null,null,null,null,null,null,null,0]
[null,null,null,null,null,null,null,null,null,null,null,null,null,null,null,null,null,null,null,null,null,0]
[null,null,null,null,null,null,null,null,null,null,null,null,null,null,null,null,null,null,null,null,null,0]
[null,null,null,null,null,null,null,null,null,null,null,null,null,null,null,null,null,null,null,null,null,0]
[null,null,null,null,null,null,null,null,null,null,null,null,null,null,null,null,null,null,null,null,null,0]
[null,null,null,null,null,null,null,null,null,null,null,null,null,null,null,null,null,null,null,null,null,0]
[null,null,null,null,null,null,null,null,null,null,null,null,null,null,null,null,null,null,null,null,null,0]
[null,null,null,null,null,null,null,null,null,null,null,null,null,null,null,null,null,null,null,null,null,0]
[null,null,null,null,null,null,null,null,null,null,null,null,null,null,null,null,null,null,null,null,null,0]
[null,null,null,null,null,null,null,null,null,null,null,null,null,null,null,null,null,null,null,null,null,0]
[null,null,null,null,null,null,null,null,null,null,null,null,null,null,null,null,null,null,null,null,null,0]
[null,null,null,null,null,null,null,null,null,null,null,null,null,null,null,null,null,null,null,null,null,0]
[null,null,null,null,null,null,null,null,null,null,null,null,null,null,null,null,null,null,null,null,null,0]
[null,null,null,null,null,null,null,null,null,null,null,null,null,null,null,null,null,null,null,null,null,0]
[null,null,null,null,null,null,null,null,null,null,null,null,null,null,null,null,null,null,null,null,null,0]
[null,null,null,null,null,null,null,null,null,null,null,null,null,null,null,null,null,null,null,null,null,0]
[null,null,null,null,null,null,null,null,null,null,null,null,null,null,null,null,null,null,null,null,null,0]
[null,null,null,null,null,null,null,null,null,null,null,null,null,null,null,null,null,null,null,null,null,0]
[null,null,null,null,null,null,null,null,null,null,null,null,null,null,null,null,null,null,null,null,null,0]
[null,null,null,null,null,null,null,null,null,null,null,null,null,null,null,null,null,null,null,null,null,0]
[null,null,null,null,null,null,null,null,null,null,null,null,null,null,null,null,null,null,null,null,null,0]
[null,null,null,null,null,null,null,null,null,null,null,null,null,null,null,null,null,null,null,null,null,0]
[null,null,null,null,null,null,null,null,null,null,null,null,null,null,null,null,null,null,null,null,null,0]
[null,null,null,null,null,null,null,null,null,null,null,null,null,null,null,null,null,null,null,null,null,0]
[null,null,null,null,null,null,null,null,null,null,null,null,null,null,null,null,null,null,null,null,null,0]
[null,null,null,null,null,null,null,null,null,null,null,null,null,null,null,null,null,null,null,null,null,0]
[null,null,null,null,null,null,null,null,null,null,null,null,null,null,null,null,null,null,null,null,null,0]
[null,null,null,null,null,null,null,null,null,null,null,null,null,null,null,null,null,null,null,null,null,0]
[null,null,null,null,null,null,null,null,null,null,null,null,null,null,null,null,null,null,null,null,null,0]
[null,null,null,null,null,null,null,null,null,null,null,null,null,null,null,null,null,null,null,null,null,0]
[null,null,null,null,null,null,null,null,null,null,null,null,null,null,null,null,null,null,null,null,null,0]
[null,null,null,null,null,null,null,null,null,null,null,null,null,null,null,null,null,null,null,null,null,0]
[null,null,null,null,null,null,null,null,null,null,null,null,null,null,null,null,null,null,null,null,null,0]
[null,null,null,null,null,null,null,null,null,null,null,null,null,null,null,null,null,null,null,null,null,0]
[null,null,null,null,null,null,null,null,null,null,null,null,null,null,null,null,null,null,null,null,null,0]
[null,null,null,null,null,null,null,null,null,null,null,null,null,null,null,null,null,null,null,null,null,0]
[null,null,null,null,null,null,null,null,null,null,null,null,null,null,null,null,null,null,null,null,null,0]
[null,null,null,null,null,null,null,null,null,null,null,null,null,null,null,null,null,null,null,null,null,0]
[null,null,null,null,null,null,null,null,null,null,null,null,null,null,null,null,null,null,null,null,null,0]
[null,null,null,null,null,null,null,null,null,null,null,null,null,null,null,null,null,null,null,null,null,0]
[null,null,null,null,null,null,null,null,null,null,null,null,null,null,null,null,null,null,null,null,null,0]
[null,null,null,null,null,null,null,null,null,null,null,null,null,null,null,null,null,null,null,null,null,0]
[null,null,null,null,null,null,null,null,null,null,null,null,null,null,null,null,null,null,null,null,null,0]
[null,null,null,null,null,null,null,null,null,null,null,null,null,null,null,null,null,null,null,null,null,0]
[null,null,null,null,null,null,null,null,null,null,null,null,null,null,null,null,null,null,null,null,null,0]
[null,null,null,null,null,null,null,null,null,null,null,null,null,null,null,null,null,null,null,null,null,0]
[null,null,null,null,null,null,null,null,null,null,null,null,null,null,null,null,null,null,null,null,null,0]
[null,null,null,null,null,null,null,null,null,null,null,null,null,null,null,null,null,null,null,null,null,0]
[null,null,null,null,null,null,null,null,null,null,null,null,null,null,null,null,null,null,null,null,null,0]
[null,null,null,null,null,null,null,null,null,null,null,null,null,null,null,null,null,null,null,null,null,0]
[null,null,null,null,null,null,null,null,null,null,null,null,null,null,null,null,null,null,null,null,null,0]
[null,null,null,null,null,null,null,null,null,null,null,null,null,null,null,null,null,null,null,null,null,0]
[null,null,null,null,null,null,null,null,null,null,null,null,null,null,null,null,null,null,null,null,null,0]
[null,null,null,null,null,null,null,null,null,null,null,null,null,null,null,null,null,null,null,null,null,0]
[null,null,null,null,null,null,null,null,null,null,null,null,null,null,null,null,null,null,null,null,null,0]
[null,null,null,null,null,null,null,null,null,null,null,null,null,null,null,null,null,null,null,null,null,0]
[null,null,null,null,null,null,null,null,null,null,null,null,null,null,null,null,null,null,null,null,null,0]
[null,null,null,null,null,null,null,null,null,null,null,null,null,null,null,null,null,null,null,null,null,0]
[null,null,null,null,null,null,null,null,null,null,null,null,null,null,null,null,null,null,null,null,null,0]
[null,null,null,null,null,null,null,null,null,null,null,null,null,null,null,null,null,null,null,null,null,0]
[null,null,null,null,null,null,null,null,null,null,null,null,null,null,null,null,null,null,null,null,null,0]
[null,null,null,null,null,null,null,null,null,null,null,null,null,null,null,null,null,null,null,null,null,0]
[null,null,null,null,null,null,null,null,null,null,null,null,null,null,null,null,null,null,null,null,null,0]
[null,null,null,null,null,null,null,null,null,null,null,null,null,null,null,null,null,null,null,null,null,0]
[null,null,null,null,null,null,null,null,null,null,null,null,null,null,null,null,null,null,null,null,null,0]
[null,null,null,null,null,null,null,null,null,null,null,null,null,null,null,null,null,null,null,null,null,0]
[null,null,null,null,null,null,null,null,null,null,null,null,null,null,null,null,null,null,null,null,null,0]
[null,null,null,null,null,null,null,null,null,null,null,null,null,null,null,null,null,null,null,null,null,0]
[null,null,null,null,null,null,null,null,null,null,null,null,null,null,null,null,null,null,null,null,null,0]
[null,null,null,null,null,null,null,null,null,null,null,null,null,null,null,null,null,null,null,null,null,0]
[null,null,null,null,null,null,null,null,null,null,null,null,null,null,null,null,null,null,null,null,null,0]
[null,null,null,null,null,null,null,null,null,null,null,null,null,null,null,null,null,null,null,null,null,0]
[null,null,null,null,null,null,null,null,null,null,null,null,null,null,null,null,null,null,null,null,null,0]
[null,null,null,null,null,null,null,null,null,null,null,null,null,null,null,null,null,null,null,null,null,0]
[null,null,null,null,null,null,null,null,null,null,null,null,null,null,null,null,null,null,null,null,null,0]
[null,null,null,null,null,null,null,null,null,null,null,null,null,null,null,null,null,null,null,null,null,0]
[null,null,null,null,null,null,null,null,null,null,null,null,null,null,null,null,null,null,null,null,null,0]
[null,null,null,null,null,null,null,null,null,null,null,null,null,null,null,null,null,null,null,null,null,0]
[null,null,null,null,null,null,null,null,null,null,null,null,null,null,null,null,null,null,null,null,null,0]
[null,null,null,null,null,null,null,null,null,null,null,null,null,null,null,null,null,null,null,null,null,0]
[null,null,null,null,null,null,null,null,null,null,null,null,null,null,null,null,null,null,null,null,null,0]
[null,null,null,null,null,null,null,null,null,null,null,null,null,null,null,null,null,null,null,null,null,0]
[null,null,null,null,null,null,null,null,null,null,null,null,null,null,null,null,null,null,null,null,null,0]
[null,null,null,null,null,null,null,null,null,null,null,null,null,null,null,null,null,null,null,null,null,0]
[null,null,null,null,null,null,null,null,null,null,null,null,null,null,null,null,null,null,null,null,null,0]
[null,null,null,null,null,null,null,null,null,null,null,null,null,null,null,null,null,null,null,null,null,0]
[null,null,null,null,null,null,null,null,null,null,null,null,null,null,null,null,null,null,null,null,null,0]
[null,null,null,null,null,null,null,null,null,null,null,null,null,null,null,null,null,null,null,null,null,0]
[null,null,null,null,null,null,null,null,null,null,null,null,null,null,null,null,null,null,null,null,null,0]
[null,null,null,null,null,null,null,null,null,null,null,null,null,null,null,null,null,null,null,null,null,0]
[null,null,null,null,null,null,null,null,null,null,null,null,null,null,null,null,null,null,null,null,null,0]
[null,null,null,null,null,null,null,null,null,null,null,null,null,null,null,null,null,null,null,null,null,0]
[null,null,null,null,null,null,null,null,null,null,null,null,null,null,null,null,null,null,null,null,null,0]
[null,null,null,null,null,null,null,null,null,null,null,null,null,null,null,null,null,null,null,null,null,0]
[null,null,null,null,null,null,null,null,null,null,null,null,null,null,null,null,null,null,null,null,null,0]
[null,null,null,null,null,null,null,null,null,null,null,null,null,null,null,null,null,null,null,null,null,0]
[null,null,null,null,null,null,null,null,null,null,null,null,null,null,null,null,null,null,null,null,null,0]
[null,null,null,null,null,null,null,null,null,null,null,null,null,null,null,null,null,null,null,null,null,0]
[null,null,null,null,null,null,null,null,null,null,null,null,null,null,null,null,null,null,null,null,null,0]
[null,null,null,null,null,null,null,null,null,null,null,null,null,null,null,null,null,null,null,null,null,0]
[null,null,null,null,null,null,null,null,null,null,null,null,null,null,null,null,null,null,null,null,null,0]
[null,null,null,null,null,null,null,null,null,null,null,null,null,null,null,null,null,null,null,null,null,0]
[null,null,null,null,null,null,null,null,null,null,null,null,null,null,null,null,null,null,null,null,null,0]
[null,null,null,null,null,null,null,null,null,null,null,null,null,null,null,null,null,null,null,null,null,0]
[null,null,null,null,null,null,null,null,null,null,null,null,null,null,null,null,null,null,null,null,null,0]
[null,null,null,null,null,null,null,null,null,null,null,null,null,null,null,null,null,null,null,null,null,0]
[null,null,null,null,null,null,null,null,null,null,null,null,null,null,null,null,null,null,null,null,null,0]
[null,null,null,null,null,null,null,null,null,null,null,null,null,null,null,null,null,null,null,null,null,0]
[null,null,null,null,null,null,null,null,null,null,null,null,null,null,null,null,null,null,null,null,null,0]
[null,null,null,null,null,null,null,null,null,null,null,null,null,null,null,null,null,null,null,null,null,0]
[null,null,null,null,null,null,null,null,null,null,null,null,null,null,null,null,null,null,null,null,null,0]
[null,null,null,null,null,null,null,null,null,null,null,null,null,null,null,null,null,null,null,null,null,0]
[null,null,null,null,null,null,null,null,null,null,null,null,null,null,null,null,null,null,null,null,null,0]
[null,null,null,null,null,null,null,null,null,null,null,null,null,null,null,null,null,null,null,null,null,0]
[null,null,null,null,null,null,null,null,null,null,null,null,null,null,null,null,null,null,null,null,null,0]
[null,null,null,null,null,null,null,null,null,null,null,null,null,null,null,null,null,null,null,null,null,0]
[null,null,null,null,null,null,null,null,null,null,null,null,null,null,null,null,null,null,null,null,null,0]
[null,null,null,null,null,null,null,null,null,null,null,null,null,null,null,null,null,null,null,null,null,0]
[null,null,null,null,null,null,null,null,null,null,null,null,null,null,null,null,null,null,null,null,null,0]
[null,null,null,null,null,null,null,null,null,null,null,null,null,null,null,null,null,null,null,null,null,0]
[null,null,null,null,null,null,null,null,null,null,null,null,null,null,null,null,null,null,null,null,null,0]
[null,null,null,null,null,null,null,null,null,null,null,null,null,null,null,null,null,null,null,null,null,0]
[null,null,null,null,null,null,null,null,null,null,null,null,null,null,null,null,null,null,null,null,null,0]
[null,null,null,null,null,null,null,null,null,null,null,null,null,null,null,null,null,null,null,null,null,0]
[null,null,null,null,null,null,null,null,null,null,null,null,null,null,null,null,null,null,null,null,null,0]
[null,null,null,null,null,null,null,null,null,null,null,null,null,null,null,null,null,null,null,null,null,0]
[null,null,null,null,null,null,null,null,null,null,null,null,null,null,null,null,null,null,null,null,null,0]
[null,null,null,null,null,null,null,null,null,null,null,null,null,null,null,null,null,null,null,null,null,0]
[null,null,null,null,null,null,null,null,null,null,null,null,null,null,null,null,null,null,null,null,null,0]
[null,null,null,null,null,null,null,null,null,null,null,null,null,null,null,null,null,null,null,null,null,0]
[null,null,null,null,null,null,null,null,null,null,null,null,null,null,null,null,null,null,null,null,null,0]
[null,null,null,null,null,null,null,null,null,null,null,null,null,null,null,null,null,null,null,null,null,0]
[null,null,null,null,null,null,null,null,null,null,null,null,null,null,null,null,null,null,null,null,null,0]
[null,null,null,null,null,null,null,null,null,null,null,null,null,null,null,null,null,null,null,null,null,0]
[null,null,null,null,null,null,null,null,null,null,null,null,null,null,null,null,null,null,null,null,null,0]
[null,null,null,null,null,null,null,null,null,null,null,null,null,null,null,null,null,null,null,null,null,0]
[null,null,null,null,null,null,null,null,null,null,null,null,null,null,null,null,null,null,null,null,null,0]
[null,null,null,null,null,null,null,null,null,null,null,null,null,null,null,null,null,null,null,null,null,0]
[null,null,null,null,null,null,null,null,null,null,null,null,null,null,null,null,null,null,null,null,null,0]
[null,null,null,null,null,null,null,null,null,null,null,null,null,null,null,null,null,null,null,null,null,0]
[null,null,null,null,null,null,null,null,null,null,null,null,null,null,null,null,null,null,null,null,null,0]
[null,null,null,null,null,null,null,null,null,null,null,null,null,null,null,null,null,null,null,null,null,0]
[null,null,null,null,null,null,null,null,null,null,null,null,null,null,null,null,null,null,null,null,null,0]
[null,null,null,null,null,null,null,null,null,null,null,null,null,null,null,null,null,null,null,null,null,0]
[null,null,null,null,null,null,null,null,null,null,null,null,null,null,null,null,null,null,null,null,null,0]
[null,null,null,null,null,null,null,null,null,null,null,null,null,null,null,null,null,null,null,null,null,0]
[null,null,null,null,null,null,null,null,null,null,null,null,null,null,null,null,null,null,null,null,null,0]
[null,null,null,null,null,null,null,null,null,null,null,null,null,null,null,null,null,null,null,null,null,0]
[null,null,null,null,null,null,null,null,null,null,null,null,null,null,null,null,null,null,null,null,null,0]
[null,null,null,null,null,null,null,null,null,null,null,null,null,null,null,null,null,null,null,null,null,0]
[null,null,null,null,null,null,null,null,null,null,null,null,null,null,null,null,null,null,null,null,null,0]
[null,null,null,null,null,null,null,null,null,null,null,null,null,null,null,null,null,null,null,null,null,0]
[null,null,null,null,null,null,null,null,null,null,null,null,null,null,null,null,null,null,null,null,null,0]
[null,null,null,null,null,null,null,null,null,null,null,null,null,null,null,null,null,null,null,null,null,0]
[null,null,null,null,null,null,null,null,null,null,null,null,null,null,null,null,null,null,null,null,null,0]
[null,null,null,null,null,null,null,null,null,null,null,null,null,null,null,null,null,null,null,null,null,0]
[null,null,null,null,null,null,null,null,null,null,null,null,null,null,null,null,null,null,null,null,null,0]
[null,null,null,null,null,null,null,null,null,null,null,null,null,null,null,null,null,null,null,null,null,0]
[null,null,null,null,null,null,null,null,null,null,null,null,null,null,null,null,null,null,null,null,null,0]
[null,null,null,null,null,null,null,null,null,null,null,null,null,null,null,null,null,null,null,null,null,0]
[null,null,null,null,null,null,null,null,null,null,null,null,null,null,null,null,null,null,null,null,null,0]
[null,null,null,null,null,null,null,null,null,null,null,null,null,null,null,null,null,null,null,null,null,0]
[null,null,null,null,null,null,null,null,null,null,null,null,null,null,null,null,null,null,null,null,null,0]
[null,null,null,null,null,null,null,null,null,null,null,null,null,null,null,null,null,null,null,null,null,0]
[null,null,null,null,null,null,null,null,null,null,null,null,null,null,null,null,null,null,null,null,null,0]
[null,null,null,null,null,null,null,null,null,null,null,null,null,null,null,null,null,null,null,null,null,0]
[null,null,null,null,null,null,null,null,null,null,null,null,null,null,null,null,null,null,null,null,null,0]
[null,null,null,null,null,null,null,null,null,null,null,null,null,null,null,null,null,null,null,null,null,0]
[null,null,null,null,null,null,null,null,null,null,null,null,null,null,null,null,null,null,null,null,null,0]
[null,null,null,null,null,null,null,null,null,null,null,null,null,null,null,null,null,null,null,null,null,0]
[null,null,null,null,null,null,null,null,null,null,null,null,null,null,null,null,null,null,null,null,null,0]
[null,null,null,null,null,null,null,null,null,null,null,null,null,null,null,null,null,null,null,null,null,0]
[null,null,null,null,null,null,null,null,null,null,null,null,null,null,null,null,null,null,null,null,null,0]
[null,null,null,null,null,null,null,null,null,null,null,null,null,null,null,null,null,null,null,null,null,0]
[null,null,null,null,null,null,null,null,null,null,null,null,null,null,null,null,null,null,null,null,null,0]
[null,null,null,null,null,null,null,null,null,null,null,null,null,null,null,null,null,null,null,null,null,0]
[null,null,null,null,null,null,null,null,null,null,null,null,null,null,null,null,null,null,null,null,null,0]
[null,null,null,null,null,null,null,null,null,null,null,null,null,null,null,null,null,null,null,null,null,0]
[null,null,null,null,null,null,null,null,null,null,null,null,null,null,null,null,null,null,null,null,null,0]
[null,null,null,null,null,null,null,null,null,null,null,null,null,null,null,null,null,null,null,null,null,0]
[null,null,null,null,null,null,null,null,null,null,null,null,null,null,null,null,null,null,null,null,null,0]
[null,null,null,null,null,null,null,null,null,null,null,null,null,null,null,null,null,null,null,null,null,0]
[null,null,null,null,null,null,null,null,null,null,null,null,null,null,null,null,null,null,null,null,null,0]
[null,null,null,null,null,null,null,null,null,null,null,null,null,null,null,null,null,null,null,null,null,0]
[null,null,null,null,null,null,null,null,null,null,null,null,null,null,null,null,null,null,null,null,null,0]
[null,null,null,null,null,null,null,null,null,null,null,null,null,null,null,null,null,null,null,null,null,0]
[null,null,null,null,null,null,null,null,null,null,null,null,null,null,null,null,null,null,null,null,null,0]
[null,null,null,null,null,null,null,null,null,null,null,null,null,null,null,null,null,null,null,null,null,0]
[null,null,null,null,null,null,null,null,null,null,null,null,null,null,null,null,null,null,null,null,null,0]
[null,null,null,null,null,null,null,null,null,null,null,null,null,null,null,null,null,null,null,null,null,0]
[null,null,null,null,null,null,null,null,null,null,null,null,null,null,null,null,null,null,null,null,null,0]
[null,null,null,null,null,null,null,null,null,null,null,null,null,null,null,null,null,null,null,null,null,0]
[null,null,null,null,null,null,null,null,null,null,null,null,null,null,null,null,null,null,null,null,null,0]
[null,null,null,null,null,null,null,null,null,null,null,null,null,null,null,null,null,null,null,null,null,0]
[null,null,null,null,null,null,null,null,null,null,null,null,null,null,null,null,null,null,null,null,null,0]
[null,null,null,null,null,null,null,null,null,null,null,null,null,null,null,null,null,null,null,null,null,0]
[null,null,null,null,null,null,null,null,null,null,null,null,null,null,null,null,null,null,null,null,null,0]
[null,null,null,null,null,null,null,null,null,null,null,null,null,null,null,null,null,null,null,null,null,0]
[null,null,null,null,null,null,null,null,null,null,null,null,null,null,null,null,null,null,null,null,null,0]
[null,null,null,null,null,null,null,null,null,null,null,null,null,null,null,null,null,null,null,null,null,0]
[null,null,null,null,null,null,null,null,null,null,null,null,null,null,null,null,null,null,null,null,null,0]
[null,null,null,null,null,null,null,null,null,null,null,null,null,null,null,null,null,null,null,null,null,0]
[null,null,null,null,null,null,null,null,null,null,null,null,null,null,null,null,null,null,null,null,null,0]
[null,null,null,null,null,null,null,null,null,null,null,null,null,null,null,null,null,null,null,null,null,0]
[null,null,null,null,null,null,null,null,null,null,null,null,null,null,null,null,null,null,null,null,null,0]
[null,null,null,null,null,null,null,null,null,null,null,null,null,null,null,null,null,null,null,null,null,0]
[null,null,null,null,null,null,null,null,null,null,null,null,null,null,null,null,null,null,null,null,null,0]
[null,null,null,null,null,null,null,null,null,null,null,null,null,null,null,null,null,null,null,null,null,0]
[null,null,null,null,null,null,null,null,null,null,null,null,null,null,null,null,null,null,null,null,null,0]
[null,null,null,null,null,null,null,null,null,null,null,null,null,null,null,null,null,null,null,null,null,0]
[null,null,null,null,null,null,null,null,null,null,null,null,null,null,null,null,null,null,null,null,null,0]
[null,null,null,null,null,null,null,null,null,null,null,null,null,null,null,null,null,null,null,null,null,0]
[null,null,null,null,null,null,null,null,null,null,null,null,null,null,null,null,null,null,null,null,null,0]
[null,null,null,null,null,null,null,null,null,null,null,null,null,null,null,null,null,null,null,null,null,0]
[null,null,null,null,null,null,null,null,null,null,null,null,null,null,null,null,null,null,null,null,null,0]
[null,null,null,null,null,null,null,null,null,null,null,null,null,null,null,null,null,null,null,null,null,0]
[null,null,null,null,null,null,null,null,null,null,null,null,null,null,null,null,null,null,null,null,null,0]
[null,null,null,null,null,null,null,null,null,null,null,null,null,null,null,null,null,null,null,null,null,0]
[null,null,null,null,null,null,null,null,null,null,null,null,null,null,null,null,null,null,null,null,null,0]
[null,null,null,null,null,null,null,null,null,null,null,null,null,null,null,null,null,null,null,null,null,0]
[null,null,null,null,null,null,null,null,null,null,null,null,null,null,null,null,null,null,null,null,null,0]
[null,null,null,null,null,null,null,null,null,null,null,null,null,null,null,null,null,null,null,null,null,0]
[null,null,null,null,null,null,null,null,null,null,null,null,null,null,null,null,null,null,null,null,null,0]
[null,null,null,null,null,null,null,null,null,null,null,null,null,null,null,null,null,null,null,null,null,0]
[null,null,null,null,null,null,null,null,null,null,null,null,null,null,null,null,null,null,null,null,null,0]
[null,null,null,null,null,null,null,null,null,null,null,null,null,null,null,null,null,null,null,null,null,0]
[null,null,null,null,null,null,null,null,null,null,null,null,null,null,null,null,null,null,null,null,null,0]
[null,null,null,null,null,null,null,null,null,null,null,null,null,null,null,null,null,null,null,null,null,0]
[null,null,null,null,null,null,null,null,null,null,null,null,null,null,null,null,null,null,null,null,null,0]
[null,null,null,null,null,null,null,null,null,null,null,null,null,null,null,null,null,null,null,null,null,0]
[null,null,null,null,null,null,null,null,null,null,null,null,null,null,null,null,null,null,null,null,null,0]
[null,null,null,null,null,null,null,null,null,null,null,null,null,null,null,null,null,null,null,null,null,0]
[null,null,null,null,null,null,null,null,null,null,null,null,null,null,null,null,null,null,null,null,null,0]
[null,null,null,null,null,null,null,null,null,null,null,null,null,null,null,null,null,null,null,null,null,0]
[null,null,null,null,null,null,null,null,null,null,null,null,null,null,null,null,null,null,null,null,null,0]
[null,null,null,null,null,null,null,null,null,null,null,null,null,null,null,null,null,null,null,null,null,0]
[null,null,null,null,null,null,null,null,null,null,null,null,null,null,null,null,null,null,null,null,null,0]
[null,null,null,null,null,null,null,null,null,null,null,null,null,null,null,null,null,null,null,null,null,0]
[null,null,null,null,null,null,null,null,null,null,null,null,null,null,null,null,null,null,null,null,null,0]
[null,null,null,null,null,null,null,null,null,null,null,null,null,null,null,null,null,null,null,null,null,0]
[null,null,null,null,null,null,null,null,null,null,null,null,null,null,null,null,null,null,null,null,null,0]
[null,null,null,null,null,null,null,null,null,null,null,null,null,null,null,null,null,null,null,null,null,0]
[null,null,null,null,null,null,null,null,null,null,null,null,null,null,null,null,null,null,null,null,null,0]
[null,null,null,null,null,null,null,null,null,null,null,null,null,null,null,null,null,null,null,null,null,0]
[null,null,null,null,null,null,null,null,null,null,null,null,null,null,null,null,null,null,null,null,null,0]
[null,null,null,null,null,null,null,null,null,null,null,null,null,null,null,null,null,null,null,null,null,0]
[null,null,null,null,null,null,null,null,null,null,null,null,null,null,null,null,null,null,null,null,null,0]
[null,null,null,null,null,null,null,null,null,null,null,null,null,null,null,null,null,null,null,null,null,0]
[null,null,null,null,null,null,null,null,null,null,null,null,null,null,null,null,null,null,null,null,null,0]
[null,null,null,null,null,null,null,null,null,null,null,null,null,null,null,null,null,null,null,null,null,0]
[null,null,null,null,null,null,null,null,null,null,null,null,null,null,null,null,null,null,null,null,null,0]
[null,null,null,null,null,null,null,null,null,null,null,null,null,null,null,null,null,null,null,null,null,0]
[null,null,null,null,null,null,null,null,null,null,null,null,null,null,null,null,null,null,null,null,null,0]
[null,null,null,null,null,null,null,null,null,null,null,null,null,null,null,null,null,null,null,null,null,0]
[null,null,null,null,null,null,null,null,null,null,null,null,null,null,null,null,null,null,null,null,null,0]
[null,null,null,null,null,null,null,null,null,null,null,null,null,null,null,null,null,null,null,null,null,0]
[null,null,null,null,null,null,null,null,null,null,null,null,null,null,null,null,null,null,null,null,null,0]
[null,null,null,null,null,null,null,null,null,null,null,null,null,null,null,null,null,null,null,null,null,0]
[null,null,null,null,null,null,null,null,null,null,null,null,null,null,null,null,null,null,null,null,null,0]
[null,null,null,null,null,null,null,null,null,null,null,null,null,null,null,null,null,null,null,null,null,0]
[null,null,null,null,null,null,null,null,null,null,null,null,null,null,null,null,null,null,null,null,null,0]
[null,null,null,null,null,null,null,null,null,null,null,null,null,null,null,null,null,null,null,null,null,0]
[null,null,null,null,null,null,null,null,null,null,null,null,null,null,null,null,null,null,null,null,null,0]
[null,null,null,null,null,null,null,null,null,null,null,null,null,null,null,null,null,null,null,null,null,0]
[null,null,null,null,null,null,null,null,null,null,null,null,null,null,null,null,null,null,null,null,null,0]
[null,null,null,null,null,null,null,null,null,null,null,null,null,null,null,null,null,null,null,null,null,0]
[null,null,null,null,null,null,null,null,null,null,null,null,null,null,null,null,null,null,null,null,null,0]
[null,null,null,null,null,null,null,null,null,null,null,null,null,null,null,null,null,null,null,null,null,0]
[null,null,null,null,null,null,null,null,null,null,null,null,null,null,null,null,null,null,null,null,null,0]
[null,null,null,null,null,null,null,null,null,null,null,null,null,null,null,null,null,null,null,null,null,0]
[null,null,null,null,null,null,null,null,null,null,null,null,null,null,null,null,null,null,null,null,null,0]
[null,null,null,null,null,null,null,null,null,null,null,null,null,null,null,null,null,null,null,null,null,0]
[null,null,null,null,null,null,null,null,null,null,null,null,null,null,null,null,null,null,null,null,null,0]
[null,null,null,null,null,null,null,null,null,null,null,null,null,null,null,null,null,null,null,null,null,0]
[null,null,null,null,null,null,null,null,null,null,null,null,null,null,null,null,null,null,null,null,null,0]
[null,null,null,null,null,null,null,null,null,null,null,null,null,null,null,null,null,null,null,null,null,0]
[null,null,null,null,null,null,null,null,null,null,null,null,null,null,null,null,null,null,null,null,null,0]
[null,null,null,null,null,null,null,null,null,null,null,null,null,null,null,null,null,null,null,null,null,0]
[null,null,null,null,null,null,null,null,null,null,null,null,null,null,null,null,null,null,null,null,null,0]
[null,null,null,null,null,null,null,null,null,null,null,null,null,null,null,null,null,null,null,null,null,0]
[null,null,null,null,null,null,null,null,null,null,null,null,null,null,null,null,null,null,null,null,null,0]
[null,null,null,null,null,null,null,null,null,null,null,null,null,null,null,null,null,null,null,null,null,0]
[null,null,null,null,null,null,null,null,null,null,null,null,null,null,null,null,null,null,null,null,null,0]
[null,null,null,null,null,null,null,null,null,null,null,null,null,null,null,null,null,null,null,null,null,0]
[null,null,null,null,null,null,null,null,null,null,null,null,null,null,null,null,null,null,null,null,null,0]
[null,null,null,null,null,null,null,null,null,null,null,null,null,null,null,null,null,null,null,null,null,0]
[null,null,null,null,null,null,null,null,null,null,null,null,null,null,null,null,null,null,null,null,null,0]
[null,null,null,null,null,null,null,null,null,null,null,null,null,null,null,null,null,null,null,null,null,0]
[null,null,null,null,null,null,null,null,null,null,null,null,null,null,null,null,null,null,null,null,null,0]
[null,null,null,null,null,null,null,null,null,null,null,null,null,null,null,null,null,null,null,null,null,0]
[null,null,null,null,null,null,null,null,null,null,null,null,null,null,null,null,null,null,null,null,null,0]
[null,null,null,null,null,null,null,null,null,null,null,null,null,null,null,null,null,null,null,null,null,0]
[null,null,null,null,null,null,null,null,null,null,null,null,null,null,null,null,null,null,null,null,null,0]
[null,null,null,null,null,null,null,null,null,null,null,null,null,null,null,null,null,null,null,null,null,0]
[null,null,null,null,null,null,null,null,null,null,null,null,null,null,null,null,null,null,null,null,null,0]
[null,null,null,null,null,null,null,null,null,null,null,null,null,null,null,null,null,null,null,null,null,0]
[null,null,null,null,null,null,null,null,null,null,null,null,null,null,null,null,null,null,null,null,null,0]
[null,null,null,null,null,null,null,null,null,null,null,null,null,null,null,null,null,null,null,null,null,0]
[null,null,null,null,null,null,null,null,null,null,null,null,null,null,null,null,null,null,null,null,null,0]
[null,null,null,null,null,null,null,null,null,null,null,null,null,null,null,null,null,null,null,null,null,0]
[null,null,null,null,null,null,null,null,null,null,null,null,null,null,null,null,null,null,null,null,null,0]
[null,null,null,null,null,null,null,null,null,null,null,null,null,null,null,null,null,null,null,null,null,0]
[null,null,null,null,null,null,null,null,null,null,null,null,null,null,null,null,null,null,null,null,null,0]
[null,null,null,null,null,null,null,null,null,null,null,null,null,null,null,null,null,null,null,null,null,0]
[null,null,null,null,null,null,null,null,null,null,null,null,null,null,null,null,null,null,null,null,null,0]
[null,null,null,null,null,null,null,null,null,null,null,null,null,null,null,null,null,null,null,null,null,0]
[null,null,null,null,null,null,null,null,null,null,null,null,null,null,null,null,null,null,null,null,null,0]
[null,null,null,null,null,null,null,null,null,null,null,null,null,null,null,null,null,null,null,null,null,0]
[null,null,null,null,null,null,null,null,null,null,null,null,null,null,null,null,null,null,null,null,null,0]
[null,null,null,null,null,null,null,null,null,null,null,null,null,null,null,null,null,null,null,null,null,0]
[null,null,null,null,null,null,null,null,null,null,null,null,null,null,null,null,null,null,null,null,null,0]
[null,null,null,null,null,null,null,null,null,null,null,null,null,null,null,null,null,null,null,null,null,0]
[null,null,null,null,null,null,null,null,null,null,null,null,null,null,null,null,null,null,null,null,null,0]
[null,null,null,null,null,null,null,null,null,null,null,null,null,null,null,null,null,null,null,null,null,0]
[null,null,null,null,null,null,null,null,null,null,null,null,null,null,null,null,null,null,null,null,null,0]
[null,null,null,null,null,null,null,null,null,null,null,null,null,null,null,null,null,null,null,null,null,0]
[null,null,null,null,null,null,null,null,null,null,null,null,null,null,null,null,null,null,null,null,null,0]
[null,null,null,null,null,null,null,null,null,null,null,null,null,null,null,null,null,null,null,null,null,0]
[null,null,null,null,null,null,null,null,null,null,null,null,null,null,null,null,null,null,null,null,null,0]
[null,null,null,null,null,null,null,null,null,null,null,null,null,null,null,null,null,null,null,null,null,0]
[null,null,null,null,null,null,null,null,null,null,null,null,null,null,null,null,null,null,null,null,null,0]
[null,null,null,null,null,null,null,null,null,null,null,null,null,null,null,null,null,null,null,null,null,0]
[null,null,null,null,null,null,null,null,null,null,null,null,null,null,null,null,null,null,null,null,null,0]
[null,null,null,null,null,null,null,null,null,null,null,null,null,null,null,null,null,null,null,null,null,0]
[null,null,null,null,null,null,null,null,null,null,null,null,null,null,null,null,null,null,null,null,null,0]
[null,null,null,null,null,null,null,null,null,null,null,null,null,null,null,null,null,null,null,null,null,0]
[null,null,null,null,null,null,null,null,null,null,null,null,null,null,null,null,null,null,null,null,null,0]
[null,null,null,null,null,null,null,null,null,null,null,null,null,null,null,null,null,null,null,null,null,0]
[null,null,null,null,null,null,null,null,null,null,null,null,null,null,null,null,null,null,null,null,null,0]
[null,null,null,null,null,null,null,null,null,null,null,null,null,null,null,null,null,null,null,null,null,0]
[null,null,null,null,null,null,null,null,null,null,null,null,null,null,null,null,null,null,null,null,null,0]
[null,null,null,null,null,null,null,null,null,null,null,null,null,null,null,null,null,null,null,null,null,0]
[null,null,null,null,null,null,null,null,null,null,null,null,null,null,null,null,null,null,null,null,null,0]
[null,null,null,null,null,null,null,null,null,null,null,null,null,null,null,null,null,null,null,null,null,0]
[null,null,null,null,null,null,null,null,null,null,null,null,null,null,null,null,null,null,null,null,null,0]
[null,null,null,null,null,null,null,null,null,null,null,null,null,null,null,null,null,null,null,null,null,0]
[null,null,null,null,null,null,null,null,null,null,null,null,null,null,null,null,null,null,null,null,null,0]
[null,null,null,null,null,null,null,null,null,null,null,null,null,null,null,null,null,null,null,null,null,0]
[null,null,null,null,null,null,null,null,null,null,null,null,null,null,null,null,null,null,null,null,null,0]
[null,null,null,null,null,null,null,null,null,null,null,null,null,null,null,null,null,null,null,null,null,0]
[null,null,null,null,null,null,null,null,null,null,null,null,null,null,null,null,null,null,null,null,null,0]
[null,null,null,null,null,null,null,null,null,null,null,null,null,null,null,null,null,null,null,null,null,0]
[null,null,null,null,null,null,null,null,null,null,null,null,null,null,null,null,null,null,null,null,null,0]
[null,null,null,null,null,null,null,null,null,null,null,null,null,null,null,null,null,null,null,null,null,0]
[null,null,null,null,null,null,null,null,null,null,null,null,null,null,null,null,null,null,null,null,null,0]
[null,null,null,null,null,null,null,null,null,null,null,null,null,null,null,null,null,null,null,null,null,0]
[null,null,null,null,null,null,null,null,null,null,null,null,null,null,null,null,null,null,null,null,null,0]
[null,null,null,null,null,null,null,null,null,null,null,null,null,null,null,null,null,null,null,null,null,0]
[null,null,null,null,null,null,null,null,null,null,null,null,null,null,null,null,null,null,null,null,null,0]
[null,null,null,null,null,null,null,null,null,null,null,null,null,null,null,null,null,null,null,null,null,0]
[null,null,null,null,null,null,null,null,null,null,null,null,null,null,null,null,null,null,null,null,null,0]
[null,null,null,null,null,null,null,null,null,null,null,null,null,null,null,null,null,null,null,null,null,0]
[null,null,null,null,null,null,null,null,null,null,null,null,null,null,null,null,null,null,null,null,null,0]
[null,null,null,null,null,null,null,null,null,null,null,null,null,null,null,null,null,null,null,null,null,0]
[null,null,null,null,null,null,null,null,null,null,null,null,null,null,null,null,null,null,null,null,null,0]
[null,null,null,null,null,null,null,null,null,null,null,null,null,null,null,null,null,null,null,null,null,0]
[null,null,null,null,null,null,null,null,null,null,null,null,null,null,null,null,null,null,null,null,null,0]
[null,null,null,null,null,null,null,null,null,null,null,null,null,null,null,null,null,null,null,null,null,0]
[null,null,null,null,null,null,null,null,null,null,null,null,null,null,null,null,null,null,null,null,null,0]
[null,null,null,null,null,null,null,null,null,null,null,null,null,null,null,null,null,null,null,null,null,0]
[null,null,null,null,null,null,null,null,null,null,null,null,null,null,null,null,null,null,null,null,null,0]
[null,null,null,null,null,null,null,null,null,null,null,null,null,null,null,null,null,null,null,null,null,0]
[null,null,null,null,null,null,null,null,null,null,null,null,null,null,null,null,null,null,null,null,null,0]
[null,null,null,null,null,null,null,null,null,null,null,null,null,null,null,null,null,null,null,null,null,0]
[null,null,null,null,null,null,null,null,null,null,null,null,null,null,null,null,null,null,null,null,null,0]
[null,null,null,null,null,null,null,null,null,null,null,null,null,null,null,null,null,null,null,null,null,0]
[null,null,null,null,null,null,null,null,null,null,null,null,null,null,null,null,null,null,null,null,null,0]
[null,null,null,null,null,null,null,null,null,null,null,null,null,null,null,null,null,null,null,null,null,0]
[null,null,null,null,null,null,null,null,null,null,null,null,null,null,null,null,null,null,null,null,null,0]
[null,null,null,null,null,null,null,null,null,null,null,null,null,null,null,null,null,null,null,null,null,0]
[null,null,null,null,null,null,null,null,null,null,null,null,null,null,null,null,null,null,null,null,null,0]
[null,null,null,null,null,null,null,null,null,null,null,null,null,null,null,null,null,null,null,null,null,0]
[null,null,null,null,null,null,null,null,null,null,null,null,null,null,null,null,null,null,null,null,null,0]
[null,null,null,null,null,null,null,null,null,null,null,null,null,null,null,null,null,null,null,null,null,0]
[null,null,null,null,null,null,null,null,null,null,null,null,null,null,null,null,null,null,null,null,null,0]
[null,null,null,null,null,null,null,null,null,null,null,null,null,null,null,null,null,null,null,null,null,0]
[null,null,null,null,null,null,null,null,null,null,null,null,null,null,null,null,null,null,null,null,null,0]
[null,null,null,null,null,null,null,null,null,null,null,null,null,null,null,null,null,null,null,null,null,0]
[null,null,null,null,null,null,null,null,null,null,null,null,null,null,null,null,null,null,null,null,null,0]
[null,null,null,null,null,null,null,null,null,null,null,null,null,null,null,null,null,null,null,null,null,0]
[null,null,null,null,null,null,null,null,null,null,null,null,null,null,null,null,null,null,null,null,null,0]
[null,null,null,null,null,null,null,null,null,null,null,null,null,null,null,null,null,null,null,null,null,0]
[null,null,null,null,null,null,null,null,null,null,null,null,null,null,null,null,null,null,null,null,null,0]
[null,null,null,null,null,null,null,null,null,null,null,null,null,null,null,null,null,null,null,null,null,0]
[null,null,null,null,null,null,null,null,null,null,null,null,null,null,null,null,null,null,null,null,null,0]
[null,null,null,null,null,null,null,null,null,null,null,null,null,null,null,null,null,null,null,null,null,0]
[null,null,null,null,null,null,null,null,null,null,null,null,null,null,null,null,null,null,null,null,null,0]
[null,null,null,null,null,null,null,null,null,null,null,null,null,null,null,null,null,null,null,null,null,0]
[null,null,null,null,null,null,null,null,null,null,null,null,null,null,null,null,null,null,null,null,null,0]
[null,null,null,null,null,null,null,null,null,null,null,null,null,null,null,null,null,null,null,null,null,0]
[null,null,null,null,null,null,null,null,null,null,null,null,null,null,null,null,null,null,null,null,null,0]
[null,null,null,null,null,null,null,null,null,null,null,null,null,null,null,null,null,null,null,null,null,0]
[null,null,null,null,null,null,null,null,null,null,null,null,null,null,null,null,null,null,null,null,null,0]
[null,null,null,null,null,null,null,null,null,null,null,null,null,null,null,null,null,null,null,null,null,0]
[null,null,null,null,null,null,null,null,null,null,null,null,null,null,null,null,null,null,null,null,null,0]
[null,null,null,null,null,null,null,null,null,null,null,null,null,null,null,null,null,null,null,null,null,0]
[null,null,null,null,null,null,null,null,null,null,null,null,null,null,null,null,null,null,null,null,null,0]
[null,null,null,null,null,null,null,null,null,null,null,null,null,null,null,null,null,null,null,null,null,0]
[null,null,null,null,null,null,null,null,null,null,null,null,null,null,null,null,null,null,null,null,null,0]
[null,null,null,null,null,null,null,null,null,null,null,null,null,null,null,null,null,null,null,null,null,0]
[null,null,null,null,null,null,null,null,null,null,null,null,null,null,null,null,null,null,null,null,null,0]
[null,null,null,null,null,null,null,null,null,null,null,null,null,null,null,null,null,null,null,null,null,0]
[null,null,null,null,null,null,null,null,null,null,null,null,null,null,null,null,null,null,null,null,null,0]
[null,null,null,null,null,null,null,null,null,null,null,null,null,null,null,null,null,null,null,null,null,0]
[null,null,null,null,null,null,null,null,null,null,null,null,null,null,null,null,null,null,null,null,null,0]
[null,null,null,null,null,null,null,null,null,null,null,null,null,null,null,null,null,null,null,null,null,0]
[null,null,null,null,null,null,null,null,null,null,null,null,null,null,null,null,null,null,null,null,null,0]
[null,null,null,null,null,null,null,null,null,null,null,null,null,null,null,null,null,null,null,null,null,0]
[null,null,null,null,null,null,null,null,null,null,null,null,null,null,null,null,null,null,null,null,null,0]
[null,null,null,null,null,null,null,null,null,null,null,null,null,null,null,null,null,null,null,null,null,0]
[null,null,null,null,null,null,null,null,null,null,null,null,null,null,null,null,null,null,null,null,null,0]
[null,null,null,null,null,null,null,null,null,null,null,null,null,null,null,null,null,null,null,null,null,0]
[null,null,null,null,null,null,null,null,null,null,null,null,null,null,null,null,null,null,null,null,null,0]
[null,null,null,null,null,null,null,null,null,null,null,null,null,null,null,null,null,null,null,null,null,0]
[null,null,null,null,null,null,null,null,null,null,null,null,null,null,null,null,null,null,null,null,null,0]
[null,null,null,null,null,null,null,null,null,null,null,null,null,null,null,null,null,null,null,null,null,0]
[null,null,null,null,null,null,null,null,null,null,null,null,null,null,null,null,null,null,null,null,null,0]
[null,null,null,null,null,null,null,null,null,null,null,null,null,null,null,null,null,null,null,null,null,0]
[null,null,null,null,null,null,null,null,null,null,null,null,null,null,null,null,null,null,null,null,null,0]
[null,null,null,null,null,null,null,null,null,null,null,null,null,null,null,null,null,null,null,null,null,0]
[null,null,null,null,null,null,null,null,null,null,null,null,null,null,null,null,null,null,null,null,null,0]
[null,null,null,null,null,null,null,null,null,null,null,null,null,null,null,null,null,null,null,null,null,0]
[null,null,null,null,null,null,null,null,null,null,null,null,null,null,null,null,null,null,null,null,null,0]
[null,null,null,null,null,null,null,null,null,null,null,null,null,null,null,null,null,null,null,null,null,0]
[null,null,null,null,null,null,null,null,null,null,null,null,null,null,null,null,null,null,null,null,null,0]
[null,null,null,null,null,null,null,null,null,null,null,null,null,null,null,null,null,null,null,null,null,0]
[null,null,null,null,null,null,null,null,null,null,null,null,null,null,null,null,null,null,null,null,null,0]
[null,null,null,null,null,null,null,null,null,null,null,null,null,null,null,null,null,null,null,null,null,0]
[null,null,null,null,null,null,null,null,null,null,null,null,null,null,null,null,null,null,null,null,null,0]
[null,null,null,null,null,null,null,null,null,null,null,null,null,null,null,null,null,null,null,null,null,0]
[null,null,null,null,null,null,null,null,null,null,null,null,null,null,null,null,null,null,null,null,null,0]
[null,null,null,null,null,null,null,null,null,null,null,null,null,null,null,null,null,null,null,null,null,0]
[null,null,null,null,null,null,null,null,null,null,null,null,null,null,null,null,null,null,null,null,null,0]
[null,null,null,null,null,null,null,null,null,null,null,null,null,null,null,null,null,null,null,null,null,0]
[null,null,null,null,null,null,null,null,null,null,null,null,null,null,null,null,null,null,null,null,null,0]
[null,null,null,null,null,null,null,null,null,null,null,null,null,null,null,null,null,null,null,null,null,0]
[null,null,null,null,null,null,null,null,null,null,null,null,null,null,null,null,null,null,null,null,null,0]
[null,null,null,null,null,null,null,null,null,null,null,null,null,null,null,null,null,null,null,null,null,0]
[null,null,null,null,null,null,null,null,null,null,null,null,null,null,null,null,null,null,null,null,null,0]
[null,null,null,null,null,null,null,null,null,null,null,null,null,null,null,null,null,null,null,null,null,0]
[null,null,null,null,null,null,null,null,null,null,null,null,null,null,null,null,null,null,null,null,null,0]
[null,null,null,null,null,null,null,null,null,null,null,null,null,null,null,null,null,null,null,null,null,0]
[null,null,null,null,null,null,null,null,null,null,null,null,null,null,null,null,null,null,null,null,null,0]
[null,null,null,null,null,null,null,null,null,null,null,null,null,null,null,null,null,null,null,null,null,0]
[null,null,null,null,null,null,null,null,null,null,null,null,null,null,null,null,null,null,null,null,null,0]
[null,null,null,null,null,null,null,null,null,null,null,null,null,null,null,null,null,null,null,null,null,0]
[null,null,null,null,null,null,null,null,null,null,null,null,null,null,null,null,null,null,null,null,null,0]
[null,null,null,null,null,null,null,null,null,null,null,null,null,null,null,null,null,null,null,null,null,0]
[null,null,null,null,null,null,null,null,null,null,null,null,null,null,null,null,null,null,null,null,null,0]
[null,null,null,null,null,null,null,null,null,null,null,null,null,null,null,null,null,null,null,null,null,0]
[null,null,null,null,null,null,null,null,null,null,null,null,null,null,null,null,null,null,null,null,null,0]
[null,null,null,null,null,null,null,null,null,null,null,null,null,null,null,null,null,null,null,null,null,0]
[null,null,null,null,null,null,null,null,null,null,null,null,null,null,null,null,null,null,null,null,null,0]
[null,null,null,null,null,null,null,null,null,null,null,null,null,null,null,null,null,null,null,null,null,0]
[null,null,null,null,null,null,null,null,null,null,null,null,null,null,null,null,null,null,null,null,null,0]
[null,null,null,null,null,null,null,null,null,null,null,null,null,null,null,null,null,null,null,null,null,0]
[null,null,null,null,null,null,null,null,null,null,null,null,null,null,null,null,null,null,null,null,null,0]
[null,null,null,null,null,null,null,null,null,null,null,null,null,null,null,null,null,null,null,null,null,0]
[null,null,null,null,null,null,null,null,null,null,null,null,null,null,null,null,null,null,null,null,null,0]
[null,null,null,null,null,null,null,null,null,null,null,null,null,null,null,null,null,null,null,null,null,0]
[null,null,null,null,null,null,null,null,null,null,null,null,null,null,null,null,null,null,null,null,null,0]
[null,null,null,null,null,null,null,null,null,null,null,null,null,null,null,null,null,null,null,null,null,0]
[null,null,null,null,null,null,null,null,null,null,null,null,null,null,null,null,null,null,null,null,null,0]
[null,null,null,null,null,null,null,null,null,null,null,null,null,null,null,null,null,null,null,null,null,0]
[null,null,null,null,null,null,null,null,null,null,null,null,null,null,null,null,null,null,null,null,null,0]
[null,null,null,null,null,null,null,null,null,null,null,null,null,null,null,null,null,null,null,null,null,0]
[null,null,null,null,null,null,null,null,null,null,null,null,null,null,null,null,null,null,null,null,null,0]
[null,null,null,null,null,null,null,null,null,null,null,null,null,null,null,null,null,null,null,null,null,0]
[null,null,null,null,null,null,null,null,null,null,null,null,null,null,null,null,null,null,null,null,null,0]
[null,null,null,null,null,null,null,null,null,null,null,null,null,null,null,null,null,null,null,null,null,0]
[null,null,null,null,null,null,null,null,null,null,null,null,null,null,null,null,null,null,null,null,null,0]
[null,null,null,null,null,null,null,null,null,null,null,null,null,null,null,null,null,null,null,null,null,0]
[null,null,null,null,null,null,null,null,null,null,null,null,null,null,null,null,null,null,null,null,null,0]
[null,null,null,null,null,null,null,null,null,null,null,null,null,null,null,null,null,null,null,null,null,0]
[null,null,null,null,null,null,null,null,null,null,null,null,null,null,null,null,null,null,null,null,null,0]
[null,null,null,null,null,null,null,null,null,null,null,null,null,null,null,null,null,null,null,null,null,0]
[null,null,null,null,null,null,null,null,null,null,null,null,null,null,null,null,null,null,null,null,null,0]
[null,null,null,null,null,null,null,null,null,null,null,null,null,null,null,null,null,null,null,null,null,0]
[null,null,null,null,null,null,null,null,null,null,null,null,null,null,null,null,null,null,null,null,null,0]
[null,null,null,null,null,null,null,null,null,null,null,null,null,null,null,null,null,null,null,null,null,0]
[null,null,null,null,null,null,null,null,null,null,null,null,null,null,null,null,null,null,null,null,null,0]
[null,null,null,null,null,null,null,null,null,null,null,null,null,null,null,null,null,null,null,null,null,0]
[null,null,null,null,null,null,null,null,null,null,null,null,null,null,null,null,null,null,null,null,null,0]
[null,null,null,null,null,null,null,null,null,null,null,null,null,null,null,null,null,null,null,null,null,0]
[null,null,null,null,null,null,null,null,null,null,null,null,null,null,null,null,null,null,null,null,null,0]
[null,null,null,null,null,null,null,null,null,null,null,null,null,null,null,null,null,null,null,null,null,0]
[null,null,null,null,null,null,null,null,null,null,null,null,null,null,null,null,null,null,null,null,null,0]
[null,null,null,null,null,null,null,null,null,null,null,null,null,null,null,null,null,null,null,null,null,0]
[null,null,null,null,null,null,null,null,null,null,null,null,null,null,null,null,null,null,null,null,null,0]
[null,null,null,null,null,null,null,null,null,null,null,null,null,null,null,null,null,null,null,null,null,0]
[null,null,null,null,null,null,null,null,null,null,null,null,null,null,null,null,null,null,null,null,null,0]
[null,null,null,null,null,null,null,null,null,null,null,null,null,null,null,null,null,null,null,null,null,0]
[null,null,null,null,null,null,null,null,null,null,null,null,null,null,null,null,null,null,null,null,null,0]
[null,null,null,null,null,null,null,null,null,null,null,null,null,null,null,null,null,null,null,null,null,0]
[null,null,null,null,null,null,null,null,null,null,null,null,null,null,null,null,null,null,null,null,null,0]
[null,null,null,null,null,null,null,null,null,null,null,null,null,null,null,null,null,null,null,null,null,0]
[null,null,null,null,null,null,null,null,null,null,null,null,null,null,null,null,null,null,null,null,null,0]
[null,null,null,null,null,null,null,null,null,null,null,null,null,null,null,null,null,null,null,null,null,0]
[null,null,null,null,null,null,null,null,null,null,null,null,null,null,null,null,null,null,null,null,null,0]
[null,null,null,null,null,null,null,null,null,null,null,null,null,null,null,null,null,null,null,null,null,0]
[null,null,null,null,null,null,null,null,null,null,null,null,null,null,null,null,null,null,null,null,null,0]
[null,null,null,null,null,null,null,null,null,null,null,null,null,null,null,null,null,null,null,null,null,0]
[null,null,null,null,null,null,null,null,null,null,null,null,null,null,null,null,null,null,null,null,null,0]
[null,null,null,null,null,null,null,null,null,null,null,null,null,null,null,null,null,null,null,null,null,0]
[null,null,null,null,null,null,null,null,null,null,null,null,null,null,null,null,null,null,null,null,null,0]
[null,null,null,null,null,null,null,null,null,null,null,null,null,null,null,null,null,null,null,null,null,0]
[null,null,null,null,null,null,null,null,null,null,null,null,null,null,null,null,null,null,null,null,null,0]
[null,null,null,null,null,null,null,null,null,null,null,null,null,null,null,null,null,null,null,null,null,0]
[null,null,null,null,null,null,null,null,null,null,null,null,null,null,null,null,null,null,null,null,null,0]
[null,null,null,null,null,null,null,null,null,null,null,null,null,null,null,null,null,null,null,null,null,0]
[null,null,null,null,null,null,null,null,null,null,null,null,null,null,null,null,null,null,null,null,null,0]
[null,null,null,null,null,null,null,null,null,null,null,null,null,null,null,null,null,null,null,null,null,0]
[null,null,null,null,null,null,null,null,null,null,null,null,null,null,null,null,null,null,null,null,null,0]
[null,null,null,null,null,null,null,null,null,null,null,null,null,null,null,null,null,null,null,null,null,0]
[null,null,null,null,null,null,null,null,null,null,null,null,null,null,null,null,null,null,null,null,null,0]
[null,null,null,null,null,null,null,null,null,null,null,null,null,null,null,null,null,null,null,null,null,0]
[null,null,null,null,null,null,null,null,null,null,null,null,null,null,null,null,null,null,null,null,null,0]
[null,null,null,null,null,null,null,null,null,null,null,null,null,null,null,null,null,null,null,null,null,0]
[null,null,null,null,null,null,null,null,null,null,null,null,null,null,null,null,null,null,null,null,null,0]
[null,null,null,null,null,null,null,null,null,null,null,null,null,null,null,null,null,null,null,null,null,0]
[null,null,null,null,null,null,null,null,null,null,null,null,null,null,null,null,null,null,null,null,null,0]
[null,null,null,null,null,null,null,null,null,null,null,null,null,null,null,null,null,null,null,null,null,0]
[null,null,null,null,null,null,null,null,null,null,null,null,null,null,null,null,null,null,null,null,null,0]
[null,null,null,null,null,null,null,null,null,null,null,null,null,null,null,null,null,null,null,null,null,0]
[null,null,null,null,null,null,null,null,null,null,null,null,null,null,null,null,null,null,null,null,null,0]
[null,null,null,null,null,null,null,null,null,null,null,null,null,null,null,null,null,null,null,null,null,0]
[null,null,null,null,null,null,null,null,null,null,null,null,null,null,null,null,null,null,null,null,null,0]
[null,null,null,null,null,null,null,null,null,null,null,null,null,null,null,null,null,null,null,null,null,0]
[null,null,null,null,null,null,null,null,null,null,null,null,null,null,null,null,null,null,null,null,null,0]
[null,null,null,null,null,null,null,null,null,null,null,null,null,null,null,null,null,null,null,null,null,0]
[null,null,null,null,null,null,null,null,null,null,null,null,null,null,null,null,null,null,null,null,null,0]
[null,null,null,null,null,null,null,null,null,null,null,null,null,null,null,null,null,null,null,null,null,0]
[null,null,null,null,null,null,null,null,null,null,null,null,null,null,null,null,null,null,null,null,null,0]
[null,null,null,null,null,null,null,null,null,null,null,null,null,null,null,null,null,null,null,null,null,0]
[null,null,null,null,null,null,null,null,null,null,null,null,null,null,null,null,null,null,null,null,null,0]
[null,null,null,null,null,null,null,null,null,null,null,null,null,null,null,null,null,null,null,null,null,0]
[null,null,null,null,null,null,null,null,null,null,null,null,null,null,null,null,null,null,null,null,null,0]
[null,null,null,null,null,null,null,null,null,null,null,null,null,null,null,null,null,null,null,null,null,0]
[null,null,null,null,null,null,null,null,null,null,null,null,null,null,null,null,null,null,null,null,null,0]
[null,null,null,null,null,null,null,null,null,null,null,null,null,null,null,null,null,null,null,null,null,0]
[null,null,null,null,null,null,null,null,null,null,null,null,null,null,null,null,null,null,null,null,null,0]
[null,null,null,null,null,null,null,null,null,null,null,null,null,null,null,null,null,null,null,null,null,0]
[null,null,null,null,null,null,null,null,null,null,null,null,null,null,null,null,null,null,null,null,null,0]
[null,null,null,null,null,null,null,null,null,null,null,null,null,null,null,null,null,null,null,null,null,0]
[null,null,null,null,null,null,null,null,null,null,null,null,null,null,null,null,null,null,null,null,null,0]
[null,null,null,null,null,null,null,null,null,null,null,null,null,null,null,null,null,null,null,null,null,0]
[null,null,null,null,null,null,null,null,null,null,null,null,null,null,null,null,null,null,null,null,null,0]
[null,null,null,null,null,null,null,null,null,null,null,null,null,null,null,null,null,null,null,null,null,0]
[null,null,null,null,null,null,null,null,null,null,null,null,null,null,null,null,null,null,null,null,null,0]
[null,null,null,null,null,null,null,null,null,null,null,null,null,null,null,null,null,null,null,null,null,0]
[null,null,null,null,null,null,null,null,null,null,null,null,null,null,null,null,null,null,null,null,null,0]
[null,null,null,null,null,null,null,null,null,null,null,null,null,null,null,null,null,null,null,null,null,0]
[null,null,null,null,null,null,null,null,null,null,null,null,null,null,null,null,null,null,null,null,null,0]
[null,null,null,null,null,null,null,null,null,null,null,null,null,null,null,null,null,null,null,null,null,0]
[null,null,null,null,null,null,null,null,null,null,null,null,null,null,null,null,null,null,null,null,null,0]
[null,null,null,null,null,null,null,null,null,null,null,null,null,null,null,null,null,null,null,null,null,0]
[null,null,null,null,null,null,null,null,null,null,null,null,null,null,null,null,null,null,null,null,null,0]
[null,null,null,null,null,null,null,null,null,null,null,null,null,null,null,null,null,null,null,null,null,0]
[null,null,null,null,null,null,null,null,null,null,null,null,null,null,null,null,null,null,null,null,null,0]
[null,null,null,null,null,null,null,null,null,null,null,null,null,null,null,null,null,null,null,null,null,0]
[null,null,null,null,null,null,null,null,null,null,null,null,null,null,null,null,null,null,null,null,null,0]
[null,null,null,null,null,null,null,null,null,null,null,null,null,null,null,null,null,null,null,null,null,0]
[null,null,null,null,null,null,null,null,null,null,null,null,null,null,null,null,null,null,null,null,null,0]
[null,null,null,null,null,null,null,null,null,null,null,null,null,null,null,null,null,null,null,null,null,0]
[null,null,null,null,null,null,null,null,null,null,null,null,null,null,null,null,null,null,null,null,null,0]
[null,null,null,null,null,null,null,null,null,null,null,null,null,null,null,null,null,null,null,null,null,0]
[null,null,null,null,null,null,null,null,null,null,null,null,null,null,null,null,null,null,null,null,null,0]
[null,null,null,null,null,null,null,null,null,null,null,null,null,null,null,null,null,null,null,null,null,0]
[null,null,null,null,null,null,null,null,null,null,null,null,null,null,null,null,null,null,null,null,null,0]
[null,null,null,null,null,null,null,null,null,null,null,null,null,null,null,null,null,null,null,null,null,0]
[null,null,null,null,null,null,null,null,null,null,null,null,null,null,null,null,null,null,null,null,null,0]
[null,null,null,null,null,null,null,null,null,null,null,null,null,null,null,null,null,null,null,null,null,0]
[null,null,null,null,null,null,null,null,null,null,null,null,null,null,null,null,null,null,null,null,null,0]
[null,null,null,null,null,null,null,null,null,null,null,null,null,null,null,null,null,null,null,null,null,0]
[null,null,null,null,null,null,null,null,null,null,null,null,null,null,null,null,null,null,null,null,null,0]
[null,null,null,null,null,null,null,null,null,null,null,null,null,null,null,null,null,null,null,null,null,0]
[null,null,null,null,null,null,null,null,null,null,null,null,null,null,null,null,null,null,null,null,null,0]
[null,null,null,null,null,null,null,null,null,null,null,null,null,null,null,null,null,null,null,null,null,0]
[null,null,null,null,null,null,null,null,null,null,null,null,null,null,null,null,null,null,null,null,null,0]
[null,null,null,null,null,null,null,null,null,null,null,null,null,null,null,null,null,null,null,null,null,0]
[null,null,null,null,null,null,null,null,null,null,null,null,null,null,null,null,null,null,null,null,null,0]
[null,null,null,null,null,null,null,null,null,null,null,null,null,null,null,null,null,null,null,null,null,0]
[null,null,null,null,null,null,null,null,null,null,null,null,null,null,null,null,null,null,null,null,null,0]
[null,null,null,null,null,null,null,null,null,null,null,null,null,null,null,null,null,null,null,null,null,0]
[null,null,null,null,null,null,null,null,null,null,null,null,null,null,null,null,null,null,null,null,null,0]
[null,null,null,null,null,null,null,null,null,null,null,null,null,null,null,null,null,null,null,null,null,0]
[null,null,null,null,null,null,null,null,null,null,null,null,null,null,null,null,null,null,null,null,null,0]
[null,null,null,null,null,null,null,null,null,null,null,null,null,null,null,null,null,null,null,null,null,0]
[null,null,null,null,null,null,null,null,null,null,null,null,null,null,null,null,null,null,null,null,null,0]
[null,null,null,null,null,null,null,null,null,null,null,null,null,null,null,null,null,null,null,null,null,0]
[null,null,null,null,null,null,null,null,null,null,null,null,null,null,null,null,null,null,null,null,null,0]
[null,null,null,null,null,null,null,null,null,null,null,null,null,null,null,null,null,null,null,null,null,0]
[null,null,null,null,null,null,null,null,null,null,null,null,null,null,null,null,null,null,null,null,null,0]
[null,null,null,null,null,null,null,null,null,null,null,null,null,null,null,null,null,null,null,null,null,0]
[null,null,null,null,null,null,null,null,null,null,null,null,null,null,null,null,null,null,null,null,null,0]
[null,null,null,null,null,null,null,null,null,null,null,null,null,null,null,null,null,null,null,null,null,0]
[null,null,null,null,null,null,null,null,null,null,null,null,null,null,null,null,null,null,null,null,null,0]
[null,null,null,null,null,null,null,null,null,null,null,null,null,null,null,null,null,null,null,null,null,0]
[null,null,null,null,null,null,null,null,null,null,null,null,null,null,null,null,null,null,null,null,null,0]
[null,null,null,null,null,null,null,null,null,null,null,null,null,null,null,null,null,null,null,null,null,0]
[null,null,null,null,null,null,null,null,null,null,null,null,null,null,null,null,null,null,null,null,null,0]
[null,null,null,null,null,null,null,null,null,null,null,null,null,null,null,null,null,null,null,null,null,0]
[null,null,null,null,null,null,null,null,null,null,null,null,null,null,null,null,null,null,null,null,null,0]
[null,null,null,null,null,null,null,null,null,null,null,null,null,null,null,null,null,null,null,null,null,0]
[null,null,null,null,null,null,null,null,null,null,null,null,null,null,null,null,null,null,null,null,null,0]
[null,null,null,null,null,null,null,null,null,null,null,null,null,null,null,null,null,null,null,null,null,0]
[null,null,null,null,null,null,null,null,null,null,null,null,null,null,null,null,null,null,null,null,null,0]
[null,null,null,null,null,null,null,null,null,null,null,null,null,null,null,null,null,null,null,null,null,0]
[null,null,null,null,null,null,null,null,null,null,null,null,null,null,null,null,null,null,null,null,null,0]
[null,null,null,null,null,null,null,null,null,null,null,null,null,null,null,null,null,null,null,null,null,0]
[null,null,null,null,null,null,null,null,null,null,null,null,null,null,null,null,null,null,null,null,null,0]
[null,null,null,null,null,null,null,null,null,null,null,null,null,null,null,null,null,null,null,null,null,0]
[null,null,null,null,null,null,null,null,null,null,null,null,null,null,null,null,null,null,null,null,null,0]
[null,null,null,null,null,null,null,null,null,null,null,null,null,null,null,null,null,null,null,null,null,0]
[null,null,null,null,null,null,null,null,null,null,null,null,null,null,null,null,null,null,null,null,null,0]
[null,null,null,null,null,null,null,null,null,null,null,null,null,null,null,null,null,null,null,null,null,0]
[null,null,null,null,null,null,null,null,null,null,null,null,null,null,null,null,null,null,null,null,null,0]
[null,null,null,null,null,null,null,null,null,null,null,null,null,null,null,null,null,null,null,null,null,0]
[null,null,null,null,null,null,null,null,null,null,null,null,null,null,null,null,null,null,null,null,null,0]
[null,null,null,null,null,null,null,null,null,null,null,null,null,null,null,null,null,null,null,null,null,0]
[null,null,null,null,null,null,null,null,null,null,null,null,null,null,null,null,null,null,null,null,null,0]
[null,null,null,null,null,null,null,null,null,null,null,null,null,null,null,null,null,null,null,null,null,0]
[null,null,null,null,null,null,null,null,null,null,null,null,null,null,null,null,null,null,null,null,null,0]
[null,null,null,null,null,null,null,null,null,null,null,null,null,null,null,null,null,null,null,null,null,0]
[null,null,null,null,null,null,null,null,null,null,null,null,null,null,null,null,null,null,null,null,null,0]
[null,null,null,null,null,null,null,null,null,null,null,null,null,null,null,null,null,null,null,null,null,0]
[null,null,null,null,null,null,null,null,null,null,null,null,null,null,null,null,null,null,null,null,null,0]
[null,null,null,null,null,null,null,null,null,null,null,null,null,null,null,null,null,null,null,null,null,0]
[null,null,null,null,null,null,null,null,null,null,null,null,null,null,null,null,null,null,null,null,null,0]
[null,null,null,null,null,null,null,null,null,null,null,null,null,null,null,null,null,null,null,null,null,0]
[null,null,null,null,null,null,null,null,null,null,null,null,null,null,null,null,null,null,null,null,null,0]
[null,null,null,null,null,null,null,null,null,null,null,null,null,null,null,null,null,null,null,null,null,0]
[null,null,null,null,null,null,null,null,null,null,null,null,null,null,null,null,null,null,null,null,null,0]
[null,null,null,null,null,null,null,null,null,null,null,null,null,null,null,null,null,null,null,null,null,0]
[null,null,null,null,null,null,null,null,null,null,null,null,null,null,null,null,null,null,null,null,null,0]
[null,null,null,null,null,null,null,null,null,null,null,null,null,null,null,null,null,null,null,null,null,0]
[null,null,null,null,null,null,null,null,null,null,null,null,null,null,null,null,null,null,null,null,null,0]
[null,null,null,null,null,null,null,null,null,null,null,null,null,null,null,null,null,null,null,null,null,0]
[null,null,null,null,null,null,null,null,null,null,null,null,null,null,null,null,null,null,null,null,null,0]
[null,null,null,null,null,null,null,null,null,null,null,null,null,null,null,null,null,null,null,null,null,0]
[null,null,null,null,null,null,null,null,null,null,null,null,null,null,null,null,null,null,null,null,null,0]
[null,null,null,null,null,null,null,null,null,null,null,null,null,null,null,null,null,null,null,null,null,0]
[null,null,null,null,null,null,null,null,null,null,null,null,null,null,null,null,null,null,null,null,null,0]
[null,null,null,null,null,null,null,null,null,null,null,null,null,null,null,null,null,null,null,null,null,0]
[null,null,null,null,null,null,null,null,null,null,null,null,null,null,null,null,null,null,null,null,null,0]
[null,null,null,null,null,null,null,null,null,null,null,null,null,null,null,null,null,null,null,null,null,0]
[null,null,null,null,null,null,null,null,null,null,null,null,null,null,null,null,null,null,null,null,null,0]
[null,null,null,null,null,null,null,null,null,null,null,null,null,null,null,null,null,null,null,null,null,0]
[null,null,null,null,null,null,null,null,null,null,null,null,null,null,null,null,null,null,null,null,null,0]
[null,null,null,null,null,null,null,null,null,null,null,null,null,null,null,null,null,null,null,null,null,0]
[null,null,null,null,null,null,null,null,null,null,null,null,null,null,null,null,null,null,null,null,null,0]
[null,null,null,null,null,null,null,null,null,null,null,null,null,null,null,null,null,null,null,null,null,0]
[null,null,null,null,null,null,null,null,null,null,null,null,null,null,null,null,null,null,null,null,null,0]
[null,null,null,null,null,null,null,null,null,null,null,null,null,null,null,null,null,null,null,null,null,0]
[null,null,null,null,null,null,null,null,null,null,null,null,null,null,null,null,null,null,null,null,null,0]
[null,null,null,null,null,null,null,null,null,null,null,null,null,null,null,null,null,null,null,null,null,0]
[null,null,null,null,null,null,null,null,null,null,null,null,null,null,null,null,null,null,null,null,null,0]
[null,null,null,null,null,null,null,null,null,null,null,null,null,null,null,null,null,null,null,null,null,0]
[null,null,null,null,null,null,null,null,null,null,null,null,null,null,null,null,null,null,null,null,null,0]
[null,null,null,null,null,null,null,null,null,null,null,null,null,null,null,null,null,null,null,null,null,0]
[null,null,null,null,null,null,null,null,null,null,null,null,null,null,null,null,null,null,null,null,null,0]
[null,null,null,null,null,null,null,null,null,null,null,null,null,null,null,null,null,null,null,null,null,0]
[null,null,null,null,null,null,null,null,null,null,null,null,null,null,null,null,null,null,null,null,null,0]
[null,null,null,null,null,null,null,null,null,null,null,null,null,null,null,null,null,null,null,null,null,0]
[null,null,null,null,null,null,null,null,null,null,null,null,null,null,null,null,null,null,null,null,null,0]
[null,null,null,null,null,null,null,null,null,null,null,null,null,null,null,null,null,null,null,null,null,0]
[null,null,null,null,null,null,null,null,null,null,null,null,null,null,null,null,null,null,null,null,null,0]
[null,null,null,null,null,null,null,null,null,null,null,null,null,null,null,null,null,null,null,null,null,0]
[null,null,null,null,null,null,null,null,null,null,null,null,null,null,null,null,null,null,null,null,null,0]
[null,null,null,null,null,null,null,null,null,null,null,null,null,null,null,null,null,null,null,null,null,0]
[null,null,null,null,null,null,null,null,null,null,null,null,null,null,null,null,null,null,null,null,null,0]
[null,null,null,null,null,null,null,null,null,null,null,null,null,null,null,null,null,null,null,null,null,0]
[null,null,null,null,null,null,null,null,null,null,null,null,null,null,null,null,null,null,null,null,null,0]
[null,null,null,null,null,null,null,null,null,null,null,null,null,null,null,null,null,null,null,null,null,0]
[null,null,null,null,null,null,null,null,null,null,null,null,null,null,null,null,null,null,null,null,null,0]
[null,null,null,null,null,null,null,null,null,null,null,null,null,null,null,null,null,null,null,null,null,0]
[null,null,null,null,null,null,null,null,null,null,null,null,null,null,null,null,null,null,null,null,null,0]
[null,null,null,null,null,null,null,null,null,null,null,null,null,null,null,null,null,null,null,null,null,0]
[null,null,null,null,null,null,null,null,null,null,null,null,null,null,null,null,null,null,null,null,null,0]
[null,null,null,null,null,null,null,null,null,null,null,null,null,null,null,null,null,null,null,null,null,0]
[null,null,null,null,null,null,null,null,null,null,null,null,null,null,null,null,null,null,null,null,null,0]
[null,null,null,null,null,null,null,null,null,null,null,null,null,null,null,null,null,null,null,null,null,0]
[null,null,null,null,null,null,null,null,null,null,null,null,null,null,null,null,null,null,null,null,null,0]
[null,null,null,null,null,null,null,null,null,null,null,null,null,null,null,null,null,null,null,null,null,0]
[null,null,null,null,null,null,null,null,null,null,null,null,null,null,null,null,null,null,null,null,null,0]
[null,null,null,null,null,null,null,null,null,null,null,null,null,null,null,null,null,null,null,null,null,0]
[null,null,null,null,null,null,null,null,null,null,null,null,null,null,null,null,null,null,null,null,null,0]
[null,null,null,null,null,null,null,null,null,null,null,null,null,null,null,null,null,null,null,null,null,0]
[null,null,null,null,null,null,null,null,null,null,null,null,null,null,null,null,null,null,null,null,null,0]
[null,null,null,null,null,null,null,null,null,null,null,null,null,null,null,null,null,null,null,null,null,0]
[null,null,null,null,null,null,null,null,null,null,null,null,null,null,null,null,null,null,null,null,null,0]
[null,null,null,null,null,null,null,null,null,null,null,null,null,null,null,null,null,null,null,null,null,0]
[null,null,null,null,null,null,null,null,null,null,null,null,null,null,null,null,null,null,null,null,null,0]
[null,null,null,null,null,null,null,null,null,null,null,null,null,null,null,null,null,null,null,null,null,0]
[null,null,null,null,null,null,null,null,null,null,null,null,null,null,null,null,null,null,null,null,null,0]
[null,null,null,null,null,null,null,null,null,null,null,null,null,null,null,null,null,null,null,null,null,0]
[null,null,null,null,null,null,null,null,null,null,null,null,null,null,null,null,null,null,null,null,null,0]
[null,null,null,null,null,null,null,null,null,null,null,null,null,null,null,null,null,null,null,null,null,0]
[null,null,null,null,null,null,null,null,null,null,null,null,null,null,null,null,null,null,null,null,null,0]
[null,null,null,null,null,null,null,null,null,null,null,null,null,null,null,null,null,null,null,null,null,0]
[null,null,null,null,null,null,null,null,null,null,null,null,null,null,null,null,null,null,null,null,null,0]
[null,null,null,null,null,null,null,null,null,null,null,null,null,null,null,null,null,null,null,null,null,0]
[null,null,null,null,null,null,null,null,null,null,null,null,null,null,null,null,null,null,null,null,null,0]
[null,null,null,null,null,null,null,null,null,null,null,null,null,null,null,null,null,null,null,null,null,0]
[null,null,null,null,null,null,null,null,null,null,null,null,null,null,null,null,null,null,null,null,null,0]
[null,null,null,null,null,null,null,null,null,null,null,null,null,null,null,null,null,null,null,null,null,0]
[null,null,null,null,null,null,null,null,null,null,null,null,null,null,null,null,null,null,null,null,null,0]
[null,null,null,null,null,null,null,null,null,null,null,null,null,null,null,null,null,null,null,null,null,0]
[null,null,null,null,null,null,null,null,null,null,null,null,null,null,null,null,null,null,null,null,null,0]
[null,null,null,null,null,null,null,null,null,null,null,null,null,null,null,null,null,null,null,null,null,0]
[null,null,null,null,null,null,null,null,null,null,null,null,null,null,null,null,null,null,null,null,null,0]
[null,null,null,null,null,null,null,null,null,null,null,null,null,null,null,null,null,null,null,null,null,0]
[null,null,null,null,null,null,null,null,null,null,null,null,null,null,null,null,null,null,null,null,null,0]
[null,null,null,null,null,null,null,null,null,null,null,null,null,null,null,null,null,null,null,null,null,0]
[null,null,null,null,null,null,null,null,null,null,null,null,null,null,null,null,null,null,null,null,null,0]
[null,null,null,null,null,null,null,null,null,null,null,null,null,null,null,null,null,null,null,null,null,0]
[null,null,null,null,null,null,null,null,null,null,null,null,null,null,null,null,null,null,null,null,null,0]
[null,null,null,null,null,null,null,null,null,null,null,null,null,null,null,null,null,null,null,null,null,0]
[null,null,null,null,null,null,null,null,null,null,null,null,null,null,null,null,null,null,null,null,null,0]
[null,null,null,null,null,null,null,null,null,null,null,null,null,null,null,null,null,null,null,null,null,0]
[null,null,null,null,null,null,null,null,null,null,null,null,null,null,null,null,null,null,null,null,null,0]
[null,null,null,null,null,null,null,null,null,null,null,null,null,null,null,null,null,null,null,null,null,0]
[null,null,null,null,null,null,null,null,null,null,null,null,null,null,null,null,null,null,null,null,null,0]
[null,null,null,null,null,null,null,null,null,null,null,null,null,null,null,null,null,null,null,null,null,0]
[null,null,null,null,null,null,null,null,null,null,null,null,null,null,null,null,null,null,null,null,null,0]
[null,null,null,null,null,null,null,null,null,null,null,null,null,null,null,null,null,null,null,null,null,0]
[null,null,null,null,null,null,null,null,null,null,null,null,null,null,null,null,null,null,null,null,null,0]
[null,null,null,null,null,null,null,null,null,null,null,null,null,null,null,null,null,null,null,null,null,0]
[null,null,null,null,null,null,null,null,null,null,null,null,null,null,null,null,null,null,null,null,null,0]
[null,null,null,null,null,null,null,null,null,null,null,null,null,null,null,null,null,null,null,null,null,0]
[null,null,null,null,null,null,null,null,null,null,null,null,null,null,null,null,null,null,null,null,null,0]
[null,null,null,null,null,null,null,null,null,null,null,null,null,null,null,null,null,null,null,null,null,0]
[null,null,null,null,null,null,null,null,null,null,null,null,null,null,null,null,null,null,null,null,null,0]
[null,null,null,null,null,null,null,null,null,null,null,null,null,null,null,null,null,null,null,null,null,0]
[null,null,null,null,null,null,null,null,null,null,null,null,null,null,null,null,null,null,null,null,null,0]
[null,null,null,null,null,null,null,null,null,null,null,null,null,null,null,null,null,null,null,null,null,0]
[null,null,null,null,null,null,null,null,null,null,null,null,null,null,null,null,null,null,null,null,null,0]
[null,null,null,null,null,null,null,null,null,null,null,null,null,null,null,null,null,null,null,null,null,0]
[null,null,null,null,null,null,null,null,null,null,null,null,null,null,null,null,null,null,null,null,null,0]
[null,null,null,null,null,null,null,null,null,null,null,null,null,null,null,null,null,null,null,null,null,0]
[null,null,null,null,null,null,null,null,null,null,null,null,null,null,null,null,null,null,null,null,null,0]
[null,null,null,null,null,null,null,null,null,null,null,null,null,null,null,null,null,null,null,null,null,0]
[null,null,null,null,null,null,null,null,null,null,null,null,null,null,null,null,null,null,null,null,null,0]
[null,null,null,null,null,null,null,null,null,null,null,null,null,null,null,null,null,null,null,null,null,0]
[null,null,null,null,null,null,null,null,null,null,null,null,null,null,null,null,null,null,null,null,null,0]
[null,null,null,null,null,null,null,null,null,null,null,null,null,null,null,null,null,null,null,null,null,0]
[null,null,null,null,null,null,null,null,null,null,null,null,null,null,null,null,null,null,null,null,null,0]
[null,null,null,null,null,null,null,null,null,null,null,null,null,null,null,null,null,null,null,null,null,0]
[null,null,null,null,null,null,null,null,null,null,null,null,null,null,null,null,null,null,null,null,null,0]
[null,null,null,null,null,null,null,null,null,null,null,null,null,null,null,null,null,null,null,null,null,0]
[null,null,null,null,null,null,null,null,null,null,null,null,null,null,null,null,null,null,null,null,null,0]
[null,null,null,null,null,null,null,null,null,null,null,null,null,null,null,null,null,null,null,null,null,0]
[null,null,null,null,null,null,null,null,null,null,null,null,null,null,null,null,null,null,null,null,null,0]
[null,null,null,null,null,null,null,null,null,null,null,null,null,null,null,null,null,null,null,null,null,0]
[null,null,null,null,null,null,null,null,null,null,null,null,null,null,null,null,null,null,null,null,null,0]
[null,null,null,null,null,null,null,null,null,null,null,null,null,null,null,null,null,null,null,null,null,0]
[null,null,null,null,null,null,null,null,null,null,null,null,null,null,null,null,null,null,null,null,null,0]
[null,null,null,null,null,null,null,null,null,null,null,null,null,null,null,null,null,null,null,null,null,0]
[null,null,null,null,null,null,null,null,null,null,null,null,null,null,null,null,null,null,null,null,null,0]
[null,null,null,null,null,null,null,null,null,null,null,null,null,null,null,null,null,null,null,null,null,0]
[null,null,null,null,null,null,null,null,null,null,null,null,null,null,null,null,null,null,null,null,null,0]
[null,null,null,null,null,null,null,null,null,null,null,null,null,null,null,null,null,null,null,null,null,0]
[null,null,null,null,null,null,null,null,null,null,null,null,null,null,null,null,null,null,null,null,null,0]
[null,null,null,null,null,null,null,null,null,null,null,null,null,null,null,null,null,null,null,null,null,0]
[null,null,null,null,null,null,null,null,null,null,null,null,null,null,null,null,null,null,null,null,null,0]
[null,null,null,null,null,null,null,null,null,null,null,null,null,null,null,null,null,null,null,null,null,0]
[null,null,null,null,null,null,null,null,null,null,null,null,null,null,null,null,null,null,null,null,null,0]
[null,null,null,null,null,null,null,null,null,null,null,null,null,null,null,null,null,null,null,null,null,0]
[null,null,null,null,null,null,null,null,null,null,null,null,null,null,null,null,null,null,null,null,null,0]
[null,null,null,null,null,null,null,null,null,null,null,null,null,null,null,null,null,null,null,null,null,0]
[null,null,null,null,null,null,null,null,null,null,null,null,null,null,null,null,null,null,null,null,null,0]
[null,null,null,null,null,null,null,null,null,null,null,null,null,null,null,null,null,null,null,null,null,0]
[null,null,null,null,null,null,null,null,null,null,null,null,null,null,null,null,null,null,null,null,null,0]
[null,null,null,null,null,null,null,null,null,null,null,null,null,null,null,null,null,null,null,null,null,0]
[null,null,null,null,null,null,null,null,null,null,null,null,null,null,null,null,null,null,null,null,null,0]
[null,null,null,null,null,null,null,null,null,null,null,null,null,null,null,null,null,null,null,null,null,0]
[null,null,null,null,null,null,null,null,null,null,null,null,null,null,null,null,null,null,null,null,null,0]
[null,null,null,null,null,null,null,null,null,null,null,null,null,null,null,null,null,null,null,null,null,0]
[null,null,null,null,null,null,null,null,null,null,null,null,null,null,null,null,null,null,null,null,null,0]
[null,null,null,null,null,null,null,null,null,null,null,null,null,null,null,null,null,null,null,null,null,0]
[null,null,null,null,null,null,null,null,null,null,null,null,null,null,null,null,null,null,null,null,null,0]
[null,null,null,null,null,null,null,null,null,null,null,null,null,null,null,null,null,null,null,null,null,0]
[null,null,null,null,null,null,null,null,null,null,null,null,null,null,null,null,null,null,null,null,null,0]
[null,null,null,null,null,null,null,null,null,null,null,null,null,null,null,null,null,null,null,null,null,0]
[null,null,null,null,null,null,null,null,null,null,null,null,null,null,null,null,null,null,null,null,null,0]
[null,null,null,null,null,null,null,null,null,null,null,null,null,null,null,null,null,null,null,null,null,0]
[null,null,null,null,null,null,null,null,null,null,null,null,null,null,null,null,null,null,null,null,null,0]
[null,null,null,null,null,null,null,null,null,null,null,null,null,null,null,null,null,null,null,null,null,0]
[null,null,null,null,null,null,null,null,null,null,null,null,null,null,null,null,null,null,null,null,null,0]
[null,null,null,null,null,null,null,null,null,null,null,null,null,null,null,null,null,null,null,null,null,0]
[null,null,null,null,null,null,null,null,null,null,null,null,null,null,null,null,null,null,null,null,null,0]
[null,null,null,null,null,null,null,null,null,null,null,null,null,null,null,null,null,null,null,null,null,0]
[null,null,null,null,null,null,null,null,null,null,null,null,null,null,null,null,null,null,null,null,null,0]
[null,null,null,null,null,null,null,null,null,null,null,null,null,null,null,null,null,null,null,null,null,0]
[null,null,null,null,null,null,null,null,null,null,null,null,null,null,null,null,null,null,null,null,null,0]
[null,null,null,null,null,null,null,null,null,null,null,null,null,null,null,null,null,null,null,null,null,0]
[null,null,null,null,null,null,null,null,null,null,null,null,null,null,null,null,null,null,null,null,null,0]
[null,null,null,null,null,null,null,null,null,null,null,null,null,null,null,null,null,null,null,null,null,0]
[null,null,null,null,null,null,null,null,null,null,null,null,null,null,null,null,null,null,null,null,null,0]
[null,null,null,null,null,null,null,null,null,null,null,null,null,null,null,null,null,null,null,null,null,0]
[null,null,null,null,null,null,null,null,null,null,null,null,null,null,null,null,null,null,null,null,null,0]
[null,null,null,null,null,null,null,null,null,null,null,null,null,null,null,null,null,null,null,null,null,0]
[null,null,null,null,null,null,null,null,null,null,null,null,null,null,null,null,null,null,null,null,null,0]
[null,null,null,null,null,null,null,null,null,null,null,null,null,null,null,null,null,null,null,null,null,0]
[null,null,null,null,null,null,null,null,null,null,null,null,null,null,null,null,null,null,null,null,null,0]
[null,null,null,null,null,null,null,null,null,null,null,null,null,null,null,null,null,null,null,null,null,0]
[null,null,null,null,null,null,null,null,null,null,null,null,null,null,null,null,null,null,null,null,null,0]
[null,null,null,null,null,null,null,null,null,null,null,null,null,null,null,null,null,null,null,null,null,0]
[null,null,null,null,null,null,null,null,null,null,null,null,null,null,null,null,null,null,null,null,null,0]
[null,null,null,null,null,null,null,null,null,null,null,null,null,null,null,null,null,null,null,null,null,0]
[null,null,null,null,null,null,null,null,null,null,null,null,null,null,null,null,null,null,null,null,null,0]
[null,null,null,null,null,null,null,null,null,null,null,null,null,null,null,null,null,null,null,null,null,0]
[null,null,null,null,null,null,null,null,null,null,null,null,null,null,null,null,null,null,null,null,null,0]
[null,null,null,null,null,null,null,null,null,null,null,null,null,null,null,null,null,null,null,null,null,0]

{"sheet":"MILK MASTER","index":1,"n_rows":12,"n_cols":22,"rows_kept":12,"cut":false,"hidden":false,"merged":[[4,13,5,13],[4,14,5,14],[4,15,5,15],[4,16,5,16],[4,11,5,11],[4,12,5,12],[4,22,5,22],[4,19,5,19],[4,20,5,20],[4,21,5,21],[4,17,5,17],[4,0,5,0],[4,1,5,1],[4,2,5,2],[4,3,5,3],[4,5,5,5],[13,3,13,8],[13,9,13,10],[4,10,5,10],[4,4,5,4],[3,8,3,10],[4,6,5,6],[4,7,5,7],[4,8,5,9],[3,11,3,14],[2,1,2,6],[0,11,0,14],[1,11,1,14],[2,11,2,14],[0,1,0,5],[1,1,1,4],[0,8,0,10],[2,8,2,10],[1,8,1,10]]}
[null,"ROSWELL INDEPENDENT SCHOOL DISTRICT",null,null,null,null,null,null,"Vendor Name:",null,null,"RISD"]
[null,"CAFETERIA MILK BID 20-13  FOR SCHOOL YEAR 2020-21",null,null,null,null,null,null,"Vendor Contact"]
[null,"MUST BE RECEIVED BY MAY 7, 2020 ON CD-R or FLASHDRIVE SEALED\nWITH SUPPORTING DOCUMENTS",null,null,null,null,null,null,"Date",null,null,"2020-05-20"]
[null,null,null,null,null,null,null,null,"IN STATE PREFERENCE          YES OR NO"]
["LOCATION","ITEM","STOCK ID","ITEM","DESCRIPTION","Approved Brand","Product Code or UPC","BID UNIT","CASE PACK",null,"EST USAGE","BID UNIT PRICE","Extended Total","per UNIT price","VENDOR STOCK NO","BRAND NAME","Bid unit if Different","BIDDERS NOTES",null,"Awarded To","GH Dairy","Price's"]
[]
[null,1,null,"MILK, 1%","1% LOW FAT WHITE",null,null,1,"CARTON",50,11000,1.754E-2,{"$f":"(J7*K7)*L7","v":9647},{"$f":"L7/J7","v":3.5080000000000002E-4},5189,null,null,null,null,"Price's",0.2,0.02]
[null,2,null,"MILK, 2% ","2% LOW FAT WHITE",null,null,1,"CARTON",50,2500,1.821E-2,{"$f":"(J8*K8)*L8","v":2276.25},3.6420000000000002E-4,51987,null,null,null,null,"Price's",0.2,0.02]
[null,3,null,"MILK, CHOCOLATE, 1%","1% LOW FAT CHOCOLATE",null,null,1,"CARTON",50,11000,0.17449999999999999,95975,3.4899999999999996E-3,null,null,null,"Fat Free",null,"Price's",0.2,0.17]
[null,4,null,"MILK, STRAWBERRY, 1%","1% LOW FAT STRAWBERRY",null,null,1,"CARTON",50,11000,0.183,100650,3.6600000000000001E-3,null,null,null,"Fat Free",null,"Price's",0.2,0.18]
[null,5,null,"MILK, WHOLE","WHOLE MILK",null,null,1,"CARTON",50,11000,1.9019999999999999E-2,10461,3.8039999999999998E-4,51989,null,null,null,null,"Price's",0.2,0.02]
[null,6,null,"MILK, WHOLE","WHOLE MILK",null,null,1,"GALLON",1,100,2.7,270,2.7,null,"Sarah Farms",null,"Lowest only had this one awarded and we do not order enough",null,"Price's",2.7,2.89]

{"sheet":"NON-FOOD MASTER","index":2,"n_rows":124,"n_cols":27,"rows_kept":124,"cut":false,"hidden":false,"merged":[[3,19,4,19],[3,24,4,24],[3,25,4,25],[3,26,4,26],[3,27,4,27],[3,21,4,21],[3,22,4,22],[3,23,4,23],[3,20,4,20],[3,0,4,0],[3,1,4,1],[3,2,4,2],[3,3,4,3],[3,7,4,7],[3,5,4,5],[3,18,4,18],[3,13,4,13],[3,14,4,14],[3,15,4,15],[3,16,4,16],[3,17,4,17],[1,2,1,5],[1,8,1,10],[0,11,0,14],[1,11,1,14],[2,11,2,14],[0,2,0,5],[0,8,0,10],[3,11,4,11],[2,2,2,5],[3,12,4,12],[2,8,2,10],[3,4,4,4],[3,8,4,9],[3,6,4,6],[3,10,4,10]]}
[null,null,"ROSWELL INDEPENDENT SCHOOL DISTRICT",null,null,null,null,null,"Vendor Name:",null,null,"RISD"]
[null,null,"CAFETERIA NON-FOOD BID 20-11  FOR 2020-21",null,null,null,null,null,"Vendor Contact"]
[null,null,"MUST BE RECEIVED BY MAY 7, 2020 ON CD-R  OR FLASH DRIVE\nSEALED WITH SUPPORTING DOCUMENTS",null,null,null,null,null,"Date",null,null,"2020-05-22"]
["LOCATION","ITEM","STOCK ID","ITEM","DESCRIPTION","Approved Brand","Product Code or UPC","BID UNIT","CASE PACK",null,"EST USAGE","BID UNIT PRICE","Extended Total","per UNIT price","VENDOR STOCK NO","BRAND NAME","PACK SIZE","SPECIAL ORDER\nYES  NO","BIDDERS NOTES","Awarded To","BEK","Labatt","Shamrock","Starr","Sysco","Interboro","Unipak"]
[null,null,null,null,null,null,null,null,null,null,null,null,null,null,null,null,null,null,null,null,"BEK"]
[null,1,5142,"APRON BLACK CLOTH","APRON, BLACK, POLY/COTTON BLEND, 1 EXTRA DEEP PATCH POCKET, ADJUSTABLE NECK STRAP, ONE SIZE FITS ALL, 24” L X 28” W","SPECIFY",null,"EA",1,"EA",350,6.2,{"$f":"SUM(L6*K6)","v":2170},{"$f":"IFERROR(SUM(L6/I6),0)","v":6.2},9300026,"INTEDGE","1 / 1 EA",null,"INT339BLK / BIB APRON, BLACK, NO POCKET","Labatt",null,6.2,null,0,28.02,0,0]
[null,2,5043,"APRON DISPOSABLE","APRON, DISPOSABLE BIB, WHITE PLASTIC","SPECIFY","","CS",100,"CT",175,3.74,654.5,3.7400000000000003E-2,6780050,"ROYAL","1 / 100 CT",null,"DA2442 / APRON,FULL LENGTH MEDWT24X42","Labatt",9.84,3.74,87.93,3.83,43.53,19.8,0]
[null,3,5016,"BAG BUN 27X37","BAG, BUN, 27X37","SPECIFY","","CS",225,"CT",200,9.9578947368421069,1991.5789473684213,4.4257309941520474E-2,4358958,"SYS CLS","200/27X37\"","N",null,"Sysco",11.68,13.78,31.1,0,9.9600000000000009,0,0]
[null,4,5017,"BAG BUN RACK COVER","BAG, BUN RACK COVER","SPECIFY","","CS",50,"CT",150,9.9,1485,0.19800000000000001,"A4990013","Bunzl",50,null,"HDR5286C50 BUN RACK COVER / HMWHDPE 52X86 TRANSLUCENT","Starr",11.25,11.48,25.09,9.9,10.89,10.92,0]
[null,5,5096,"BAG HOT DOG","BAG, HOT DOG, 3x2x9, PLAIN WHITE PAPER","SPECIALITY PACKING OR ELKAY OR APPROVED EQUIVALENT",875010,"CS",1000,"CT",450,11.16,5022,1.116E-2,875010,"Specialty Packing",1000,"No",null,"BEK",11.16,40.04,30.87,125.4,30.03,0,0]
[null,6,5062,"BAG LUNCH SACK PAPER","BAG, LUNCH SACK, BROWN,  6LB CRAFT","SPECIFY","","CS",500,"CT",50,8.3578947368421055,417.89473684210526,1.6715789473684212E-2,1594060,"ERTHPLS","1/500 CT","N",null,"Sysco",12.9,12.18,12.09,10.61,8.36,0,0]
[null,7,5099,"BAG SADDLE 10.5X8.5","BAG, SADDLE DELI FRESH, 10.5X8.5","HANDGUARDS OR APPROVED EQUIVALENT",303679606,"CS",2000,"CT",100,13.26,1326,6.6299999999999996E-3,875049,"Handgards",2000,"No",null,"BEK",13.26,8.76,40.24,0,18.68,0,0]
[null,8,5098,"BAG SADDLE 6.5X7","CLEAR POLYETHYLENE, FOOD GRADE, 6.5X7","SPECIFY","","CS",2000,"CT",100,6.21,621,3.1050000000000001E-3,7035629,"FOODHANDLR","2000 / 6.5\" X 7\"",null,"21-6709 / PORTION BAGCLR FLIPLOCK SDLE","Labatt",8.9700000000000006,6.21,20.29,0,11.89,0,0]
[null,9,5046,"BAG T-SAK","PLAIN WHITE T-SHIRT BAG 12X7X23","SPECIFY","","CS",1000,"CT",75,15.97,1197.75,1.5970000000000002E-2,75001311,"Bunzl",1000,null,null,"Starr",26.17,17.190000000000001,34.57,15.97,20.68,0,0]
[null,10,5047,"BAG ZIPPER STYLE FREEZER GAL","RECLOSABLE, DOUBLE-ZIPPER FOOD STORAGE BAG WITH TWO LAYER SEAL, WRITE ON LABEL, SELF DISPENSING COMMERCIAL BULK PACK, 10.5X11","SPECIFY","","CS",250,"CT",120,12.07,1448.4,4.8280000000000003E-2,129394,"Handgards",200,"No",null,"BEK",12.07,12.3,34.36,0,53.44,0,0]
[null,11,5048,"BAG ZIPPER STYLE FREEZER QT","RECLOSABLE, DOUBLE-ZIPPER FOOD STORAGE BAG WITH TWO LAYER SEAL, WRITE ON LABEL, SELF DISPENSING COMMERCIAL BULK PACK","SPECIFY","","CS",500,"CT",75,10.936842105263155,820.26315789473665,2.1873684210526309E-2,7863540,"SYS CLS","1/500CT","N",null,"Sysco",16.3,12.29,null,0,10.94,0,0]
[null,12,null,"BAGGING SYSTEM","BAG, MICRO-PERF OVEN ABLE,  7X9 ","Ekon-O-Pac OR APPROVED EQUIVALENT",null,"CS",5000,"CT",35,null,0,0,null,null,null,null,null,null,null,0,null,0,0,0,0]
[null,13,null,"BAGGING SYSTEM","BAG, NON VENT COLD, 4595, 4.5X9.5","Ekon-O-Pac OR APPROVED EQUIVALENT",null,"CS",5000,"CT",5,null,0,0,null,null,null,null,null,null,null,0,null,0,0,0,0]
[null,14,null,"BAGGING SYSTEM","BAG, NON VENT LUNCH, 1015, 10X15","Ekon-O-Pac OR APPROVED EQUIVALENT",null,"CS",3000,"CT",5,null,0,0,null,null,null,null,null,null,null,0,null,0,0,0,0]
[null,15,null,"BAGGING SYSTEM","BAG, VENT OVEN ABLE HOT, 49, 4.25X9","Ekon-O-Pac OR APPROVED EQUIVALENT",null,"CS",5000,"CT",10,null,0,0,null,null,null,null,null,null,null,0,null,0,0,0,0]
[null,16,null,"BAGGING SYSTEM","BAG, VENT OVEN ABLE HOT, 68, 6X9","Ekon-O-Pac OR APPROVED EQUIVALENT",null,"CS",5000,"CT",10,null,0,0,null,null,null,null,null,null,null,0,null,0,0,0,0]
[null,17,null,"BAGGING SYSTEM","TAPE, HOT, SEALING FOR BAGGING SYSTEM (EPAC 4 SYSTEM), .375X180 YD","Ekon-O-Pac OR APPROVED EQUIVALENT",null,"CS",96,"CT",15,null,0,0,null,null,null,null,null,null,null,0,null,0,0,0,0]
[null,18,null,"BAGGING SYSTEM","TAPE, SEALING FOR BAGGING SYSTEM (EPAC 4 SYSTEM), .375X180 YD","Ekon-O-Pac OR APPROVED EQUIVALENT",null,"CS",96,"CT",15,null,0,0,null,null,null,null,null,null,null,0,null,0,0,0,0]
[null,19,null,"BAKING PROCECTION SLEEVE","ARM PROTECTION SLEEVE IS KNIT CUT AT THE WRIST. WHITE. 100% COTTON LOOP TERRY FABRIC. PROTECTS UP TO 350°F. 17\"L. MACHINE WASHABLE","SPECIFY",null,"CS",12,"EA",5,5.84,29.2,0.48666666666666664,3568541,"San Jamar","1 Each","Yes S/O",null,"Shamrock",null,0,5.84,0,0,0,0]
[null,20,5003,"BLEACH","CLEANERS, BLEACH","SPECIFY","","CS",6,"BTL",125,10.357894736842105,1294.7368421052631,1.7263157894736842,1933074,"SYS CLS","6/128OZ","N",null,"Sysco",14.68,14.59,13.5,15.02,10.36,0,0]
[null,21,5063,"BOAT FOOD 1 LB","1 LB VINTAGE VFT100 6 1/4 X 4 11/6 X 1 19/32 RED PLAID NO.100 FOOD TRAY 250 PER BOX -- 4 BOXES PER CASE. (PRODUCT ID: UFVFT100)","SPECIFY","","CS",1000,"EA",75,18.48,1386,1.848E-2,872438,"GP",1000,"No",null,"BEK",18.48,19.64,19.510000000000002,19.170000000000002,27.6,0,0]
[null,22,5018,"BOAT FOOD 1/2 LB","8 OZ VINTAGE VFT50 5 9/32 X 3 3/4 X 1 3/8 RED PLAID NO.50 FOOD TRAY 250 PER BOX -- 4 BOXES PER CASE.","SPECIFY","","CS",1000,"EA",20,15.59,311.8,1.559E-2,64728708,"SQP",1000,null,null,"Starr",17.989999999999998,16.18,17.59,15.59,24.58,0,0]
[null,23,5064,"BOAT FOOD 2 LB","2 LB VINTAGE VFT200 6 11/16 X 5 X1 3/5 RED PLAID NO.200 FOOD TRAY 250 PER BOX -- 4 BOXES PER CASE. (PRODUCT ID: UFVFT200)","SPECIFY","","CS",1000,"EA",110,20.38,2241.7999999999997,2.0379999999999999E-2,872442,"GP",1000,"No",null,"BEK",20.38,21.9,23.43,21.5,27.42,0,0]
[null,24,5065,"BOAT PAPER 3 LB","VINTAGE VFT300 8 1/8 X 5 7/8 X 2 1/8 RED PLAID NO300 FOOD TRAY 125 PER BOX -- 4 BOXES PER CASE.","SPECIFY","","CS",1000,"EA",25,16.52,413,1.652E-2,64728702,"SQP",500,null,"Pleae Note 500 Per Case","Starr",16.96,17.329999999999998,18.16,16.52,24.42,0,0]
[null,25,5004,"BROOM ANGLE","BROOM, ANGLE, DELUXE 5.5\" BRISTLES, 55.37\" METAL HANDLE","SPECIFY",null,"EA",1,"EA",40,3.76,150.39999999999998,3.76,8524100,"ACS","1 / 1 CT",null,"B410A / BROOM LOBBY SYNTH ANGLE 55\"","Labatt",17.170000000000002,3.76,5.16,4.26,22,0,0]
[null,26,5112,"BROOM BRUSH DUAL SURFACE","DUAL SURFACE SCRUB BROOM, SIDE AND BOTTOM BRISTLES FOR FLOOR AND BASEBOARD SCRUBBING.  CRIMPED YELLOW POLYPROPYLENE BRISTLES, 10 IN FOAM PLASTIC BLOCK WITH THREADED HANDLE HOLE.","BROADWALK OR APPROVED EQUIVALENT","BWK3410","CS",1,"EA",10,3.19,31.9,3.19,8804271,"Carlisle","1 each",null,"Stocked Item","Shamrock",null,6.2,3.19,8.0500000000000007,13.53,0,0]
[null,27,5005,"BRUSH 3IN PASTRY","BRUSH, 3 IN PASTRY","SPECIFY","","CS",1,"EA",11,8.0500000000000007,88.550000000000011,8.0500000000000007,2632921,"Carlisle","1 Each",null,"Stocked Item","Shamrock",11.94,12.04,8.0500000000000007,0,29.47,0,0]
[null,28,5006,"BRUSH POT CLEANER","BRUSH, POT CLEANER","SPECIFY","","CS",1,"EA",5,1,5,1,300,"Magnolia Brush",1,null,null,"Starr",null,4.4400000000000004,6.62,1,13.16,0,0]
[null,29,5147,"BUCKET COMBO","BUCKET, 26 QT, MOP/WRINGER SP","SPECIFY",null,"EA",1,"CT",10,35.909999999999997,359.09999999999997,35.909999999999997,5663031,"ACS","1 / 1 EA",null,"M8000 / BUCKET, MOP W/ WRINGER 26QT","Labatt",97.75,35.909999999999997,62.53,37.76,80.05,0,0]
[null,30,null,"CLEANER GLASS",null,"SPRAYWAY OR APPROVED EQUIVALENT",null,"CS",12,"19 OZ",10,30.69,306.90000000000003,2.5575000000000001,2603541,"Sprayway ","12/19oz",null,"Lowest bid wrong product","Sysco",42.88,37.11,30.69,23.65,17.440000000000001,0,0]
[null,31,null,"CLEANER TOILET",null,"CLOROX OR APPROVED EQUIVALENT",null,"CS",12,"24 CT",50,23.41,1170.5,1.9508333333333334,"CLO00031CT","Clorox",12,null,null,"Starr",null,23.8,null,23.41,137.63999999999999,0,0]
[null,32,5066,"CNTNR BOWL 12 OZ FOAM LAM BLK","BOWL, 12 OZ, FOAM LAM BLK","SPECIFY","","CS",1000,"CT",35,6.7999999999999972,237.99999999999989,6.799999999999997E-3,7932785,"SYS REL","8/125 CT","N",null,"Sysco",45.27,23.54,46.51,30.43,6.8,0,0]
[null,33,5110,"CNTNR HINGED 3 CMPT W/LID FOAM","CONTAINER, FOAM, HINGED 3 COMPARTMENT, 9.25X9.25X3","SPECIFY",null,"CS",200,"CT",35,15.92,{"$f":"SUM(L38*K38)","v":557.20000000000005},{"$f":"IFERROR(SUM(L38/I38),0)","v":7.9600000000000004E-2},null,"Dart",200,"No","We stock this brand, but not this item. We will bring into stock if awarded. ","BEK",15.92,21.04,20.11,20.7,16.22,0,0]
[null,34,5113,"CNTNR HINGED 3 CMPT W/LID PLASTIC","CULINARY CLASSIC 9.5X10.5X1.5 3-CMP. BASE/3-CMP. LID, HINGED CLAMSHELL CODE CC91033B","ANCHOR PKG OR APPROVED EQUIVALENT",4659633,"CS",100,"CT",34,9.5473684210526315,324.61052631578946,9.5473684210526322E-2,7551324,"SYS CLS","150/9X9X3","N",null,"Sysco",null,69.069999999999993,null,85.21,9.5500000000000007,0,0]
[null,35,5107,"CNTNR HINGED 7.5x3\" OCTOGANAL","7.5X3 OCTOGANAL CONTAINER BLACK BASE WITH HINGED CLEAR DOME.","ANCHOR PKG OR APPROVED EQUIVALENT",4777502,"CS",100,"CT",1200,40.92,49104,0.40920000000000001,10800162,"Anchor",100,null,null,"Starr",null,0,83.05,40.92,78.16,0,0]
[null,36,5081,"CNTNR HINGED 8x3 SQUARE CLEAR","8x3 INCH SQUARE CONTAINER CLEAR BASE AND BOTTOM, HINGED","SPECIFY",null,"CS",200,"CT",10,26.58,265.79999999999995,0.13289999999999999,9659533,"CLEARVIEW","1 / 200 CT",null,"YCI811200000 / CONT, 1COMP HNG CLR 8x8x2.9","Labatt",28.32,26.58,null,38.04,31.02,0,0]
[null,37,5109,"CUP CLEAR PLASTIC 16 OZ","CUP, CLEAR PLASTIC 16 OZ","SPECIFY",null,"CS",1000,"CT",50,37.88421052631579,1894.2105263157896,3.7884210526315791E-2,7762026,"SYS IMP","10/70 CT","N",null,"Sysco",42.85,59.14,77.88,56.55,37.880000000000003,0,0]
[null,38,5153,"CUP CLEAR PLASTIC 16 OZ FOR COFFE BAR","CUP ULTRA CLEAR PLASTIC HEAVY DUTY 16 OZ CLEAR PRACTICAL-FILL PET CUP. DIAMETER OF TOP (IN):. 3.9. DIAMETER OF BASE (IN):. 2.4. HEIGHT (IN):. 4.7 ","DART OR APPROVED EQUIVALENT","TP16D","CS",1000,"CT",1200,59.14,70968,5.9139999999999998E-2,7000136,"ULTRACLEAR","20 / 50 CT",null,"TP16D / CUP, 16 OZ PET CLEAR","Labatt",60.38,59.14,null,70.650000000000006,85,0,0]
[null,39,5154,"CUP CLEAR PLASTIC 20 OZ FOR COFFEE BAR","CUP ULTRA CLEAR PLASTIC HEAVY DUTY 16 OZ CLEAR PRACTICAL-FILL PET CUP","DART OR APPROVED EQUIVALENT","TP20D","CS",600,"CT",1200,49.526315789473685,59431.57894736842,8.2543859649122808E-2,2665285,"DART","600/20 OZ","Y","Will stock if awarded","Sysco",51.14,49.93,null,59.78,49.53,0,0]
[null,40,null,"CUP COFFEE 10 OZ","CUP, 10 OZ, HOT, STYROFOAM","SPECIFY","","CS",1000,"CT",20,25.621052631578948,512.42105263157896,2.5621052631578947E-2,5842653,"DART","40/25 CT","N",null,"Sysco",26.71,31.53,null,27.77,25.62,0,0]
[null,41,null,"CUP COFFEE 12 OZ","CUP 12 OZ HOT STYROFOAM","SPECIFY",null,"CS",1000,"CT",20,23.221052631578949,464.42105263157896,2.3221052631578948E-2,4088837,"SYSCO","40/25CT","N",null,"Sysco",29.76,35.409999999999997,30.01,30.99,23.22,0,0]
[null,42,null,"CUP COFFEE 8 OZ","CUP, 8 OZ, HOT, STYROFOAM","SPECIFY","","CS",1000,"CT",25,16.10526315789474,402.6315789473685,1.6105263157894741E-2,4088829,"SYSCO","40/25 CT","N",null,"Sysco",20.98,25.41,21.69,16.71,16.11,0,0]
[null,43,5069,"CUP COLD DRINK 12 OZ","CUP, PLASTIC CLEAR 12 OZ","SPECIFY","","CS",1000,"CT",5,30.28,151.4,3.0280000000000001E-2,147168,"Pactiv",1000,"No",null,"BEK",30.28,51.25,96.19,0,67.599999999999994,0,0]
[null,44,5152,"CUP LID DOME BLACK","LID DOME BLACK FITS 12/14/16/24 OZ CUPS","SOLO/SYMPHONY OR APPROVED EQUIVALENT",null,"CS",1000,"CT",600,24.56,14736,2.4559999999999998E-2,2833961,"Solo","10/100ct",null,"Stocked Item","Shamrock",24.95,25.04,24.56,0,0,0,0]
[null,45,5155,"CUP LID PLASTIC CLEAR w/STRAW SLOT","LID UNIVERSAL 16-24 OZ CLEAR PLASTIC w/STRAW  SLOT","DART OR APPROVED EQUIVALENT","626TS","CS",1000,"CT",1000,25.46,25460,2.546E-2,3464671,"Solo","10/100ct",null,"Stocked Item","Shamrock",25.92,26.83,25.46,25.53,26.49,0,0]
[null,46,5072,"CUP PORTION 1 OZ","CUP, PORTION, 1 OZ","SPECIFY",null,"CS",2500,"CT",10,23.17,231.70000000000002,9.2680000000000002E-3,7140011,"SOLO","10 / 250 CT",null,"P100N / SOUFFLE CUP, 1OZ TRANSLUCENT","Labatt",23.97,23.17,32.57,24.15,33.29,0,0]
[null,47,5073,"CUP PORTION 1 OZ LID","CUP, LID, PORTION, 1 OZ","SPECIFY",null,"CS",2500,"CT",10,18.73,187.3,7.4920000000000004E-3,7653000,"PACTIV","1 / 2500 CT",null,"YLS1FR / LID, SOUFFLE CLEAR 0.75-1 OZ","Labatt",21.68,18.73,28.46,19.93,24.46,0,0]
[null,48,5071,"CUP PORTION 2 OZ W/LID","CUP, PORTION, 2 OZ W/LID","LIDDLES OR APPROVED EQUIVALENT","","CS",900,"CT",25,56.27,1406.75,6.2522222222222229E-2,7415230,"LIDDLES","900 / 2 OZ",null,"87242 / CUP, SOUFFLE HNG 2 OZ TRANS","Labatt",58.15,56.27,null,0,0,0,0]
[null,49,5051,"CUP PORTION 4 OZ W/LID","CUP, PORTION, 4 OZ W/LID","LIDDLES OR APPROVED EQUIVALENT","","CS",900,"CT",25,87.47,2186.75,9.7188888888888894E-2,7415231,"LIDDLES","900 / 4 OZ",null,"87220 / CUP, SOUFFLE HNG 4OZ TRANS","Labatt",90.65,87.47,null,0,0,0,0]
[null,50,5051,"CUP THERMAL 12 OZ","CUP THERMAL DUO SHIELD INSULATED PAPER, DIAMETER OF TOP (IN):. 3.5. DIAMETER OF BASE (IN):. 2.4. HEIGHT (IN):. 4.3. PRACTICAL FILL (OZ.): 12. FLUSH FILL (OZ.): 13.4.","SOLO/SYMPHONY OR APPROVED EQUIVALENT","IC12-J8000","CS",600,"CT",600,70.094736842105263,42056.84210526316,0.11682456140350878,8076287,"SOLO","15/40CT","N",null,"Sysco",84.34,81.36,null,98.91,70.09,0,0]
[null,51,5052,"CUTLERY COMBO PACK","FORK, SPOON, KNIFE, SALT, PEPPER, NAPKIN KIT","SPECIFY","","CS",250,"CT",100,11.63,1163,4.6520000000000006E-2,8523722,"WALLACE","1 / 250 CT",null,"3822 / KIT-MD PP WHT F,K,S,S&P,NAP","Labatt",16.13,11.63,17.34,17.149999999999999,48.58,0,0]
[null,52,5053,"CUTLERY FORK","CUTLERY, FORK, HD, WHITE","SPECIFY","","CS",1000,"CT",500,7.54,3770,7.5399999999999998E-3,7815411,"WALLACE","1 / 1000 CT",null,"3540/3640 / FORK, MD PP WHITE","Labatt",16.3,7.54,null,11.96,18.760000000000002,0,0]
[null,53,5054,"CUTLERY FORK SILVER","CUTLERY, FORK, PLASTIC, SILVERR","RELFECTIONS OR APPROVED EQUIVALENT","","CS",600,"CT",25,34.020000000000003,850.50000000000011,5.6700000000000007E-2,871043,"WNA",600,"No",null,"BEK",34.020000000000003,43.82,47.08,61.3,47,0,0]
[null,54,5076,"CUTLERY KNIFE","CUTLERY, KNIFE, HD, WHITE","SPECIFY","","CS",1000,"CT",50,7.39,369.5,7.3899999999999999E-3,7815413,"WALLACE","1 / 1000 CT",null,"3641/3541 / KNIFE, MD PP WHITE 3641/MWPK","Labatt",16.3,7.39,null,11.87,59.73,0,0]
[null,55,5077,"CUTLERY KNIFE SILVER","CUTLERY, KNIFE, PLASTIC, SILVER","RELFECTIONS OR APPROVED EQUIVALENT","","CS",600,"CT",25,34.020000000000003,850.50000000000011,5.6700000000000007E-2,871042,"WNA",600,"No",null,"BEK",34.020000000000003,43.64,46.58,62.1,47,0,0]
[null,56,5078,"CUTLERY SPOON","CUTLERY, SPOON, HD, WHITE","SPECIFY","","CS",1000,"CT",500,7.66,3830,7.6600000000000001E-3,8915412,"WALLACE","1 / 1000 CT",null,"3542/3642 / SPOON, MD PP WHITE","Labatt",15.16,7.66,null,22,54,0,0]
[null,57,5079,"CUTLERY SPOON SILVER","CUTLERY, SPOON, PLASTIC, SILVER","RELFECTIONS OR APPROVED EQUIVALENT","","CS",600,"CT",25,34.020000000000003,850.50000000000011,5.6700000000000007E-2,871041,"WNA",600,"No",null,"BEK",34.020000000000003,52.53,46.85,62.1,47,0,0]
[null,58,5080,"CUTLERY SPORK KIT","SPORK AND NAPKIN ONLY","SPECIFY","","CS",1000,"CT",2300,12.98,29854,1.298E-2,"BWKSPRKMWPPWIW ","Boardwalk",1000,null,null,"Starr",43.47,15.39,27.27,12.98,22.55,0,0]
[null,59,5020,"DOILY 12IN","PREMIUM PAPER DOILLY, WHITE LACE, 12 INCH ROUND","SPECIFY",null,"BOX",500,"CT",10,13.65,136.5,2.7300000000000001E-2,7436132,"ROYAL","1 / 500 CY",null,"LD12 / DOILIES, ROUND LACE 12\"","Labatt",21.16,13.65,null,0,28.37,0,0]
[null,60,5019,"DOILY 16IN","PREMIUM PAPER DOILLY, WHITE LACE, 16 INCH ROUND","SPECIFY",null,"BOX",500,"CT",10,114.8,1148,0.2296,9394071,"ROYAL","1 / 2500 CT",null,"LD16 / DOILIE , 16\" LACE","Labatt",null,114.8,null,0,202.26,0,0]
[null,61,5021,"DOILY 18IN","PREMIUM PAPER DOILLY, WHITE LACE, 18 INCH ROUND","SPECIFY",null,"BOX",500,"CT",10,109.25,1092.5,0.2185,2811511,"Hoffmaster","500pk","Yes S/O",null,"Shamrock",null,0,109.25,0,150.74,0,0]
[null,62,5007,"DUST PAN","HEAVY DUTY UPRIGHT DUST PAN, OPEN STYLE, 12.5 WIDE X 37 IN HIGH","SPECIFY","","CS",1,"EA",12,3.19,38.28,3.19,8804271,"Rubbermaid","1 each",null,"Stocked","Shamrock",5.93,6.41,3.19,0,14.62,0,0]
[null,63,5100,"FOIL ROLL .0007 GAUGE 24IN","HEAVY DUTY ALUMINUM FOIL - SIZE 24X2000","SPECIFY","","CS",1,"EA",125,57.07,7133.75,57.07,876100,"Pactiv","24X1000","No",null,"BEK",57.07,65.56,null,0,100.24,0,0]
[null,64,5102,"FOIL SHEET PAPER LINED","FOIL, SHEET, PAPER LINED 10.5X14","SPECIFY","","CS",2500,"CT",250,56.842105263157897,14210.526315789475,2.2736842105263159E-2,6997456,"SYSCO","1/1000CT","N",null,"Sysco",82.8,63.27,null,100,56.84,0,0]
[null,65,5101,"FOILSHEET","HEAVY DUTY ALUMINUM FOIL - SIZE 12X10","SPECIFY","","CS",1,"EA",100,10.71,{"$f":"SUM(L70*K70)","v":1071},{"$f":"IFERROR(SUM(L70/I70),0)","v":10.71},6834009,"HFA","1 / 500 CT",null,"51210 / FOIL SHEETS, 12X10-3/4","Labatt",61.57,10.71,null,49.04,70.77,0,0]
[null,66,5035,"GLOVE POT & SINK LG","GLOVE, POT & SINK LG HD 19\" LENGTH, 25 MIL THICKNESS,HEAVY DUTY ","SPECIFY","","CS",12,"PR",15,10.02,150.29999999999998,0.83499999999999996,6794127,"JOBSELECT","1 / 12 CT",null,"1005-03-CP / GLOVES YELLOW RUBBER LG","Labatt",null,10.02,null,0,0,0,0]
[null,67,5124,"GLOVE POT & SINK MED","GLOVE, POT & SINK MED HD 19\" LENGTH, 25 MIL THICKNESS,HEAVY DUTY ","SPECIFY",null,"CS",12,"PR",15,10.199999999999999,153,0.85,6790018,"JOBSELECT","1 / 12 CT",null,"1005-02-CP / GLOVES YELLOW RUBBER MED","Labatt",null,10.199999999999999,null,0,78.489999999999995,0,0]
[null,68,5123,"GLOVE POT & SINK SM","GLOVE, POT & SINK SMALL HD 19\" LENGTH, 25 MIL THICKNESS,HEAVY DUTY ","SPECIFY",null,"CS",12,"PR",12,8.98,107.76,0.74833333333333341,6794128,"JOBSELECT","1 / 12 CT",null,"1005-01 / GLOVES, YELLOW RUBBER SML","Labatt",null,8.98,null,0,0,0,0]
[null,69,5144,"GLOVE POT & SINK X-LARGE","GLOVE, POT & SINK X-LARGE HD 19\" LENGTH, 25 MIL THICKNESS,HEAVY DUTY ","SPECIFY",null,"CS",12,"PR",20,8.98,179.60000000000002,0.74833333333333341,6795803,"JOBSELECT","1 / 12 CT",null,"1005-04 / GLOVES, YELLOW RUBBER XLARGE","Labatt",null,8.98,null,0,0,0,0]
[null,70,5057,"GLOVE VINYL LARGE","GLOVE, VINYL, LARGE, FOOD GRADE, POWDER FREE","SPECIFY","","CS",1000,"CT",300,17.39,5217,1.7389999999999999E-2,"GVP9-LG-HH","The Safety Zone",1000,null,null,"Starr",20.92,27.73,24.16,17.39,27.95,48.8,0]
[null,71,5059,"GLOVE VINYL MED","GLOVE, VINYL,MED, FOOD GRADE, POWDER FREE","SPECIFY","","CS",1000,"CT",350,17.39,6086.5,1.7389999999999999E-2,"GVP9-MD-HH","The Safety Zone",1000,null,null,"Starr",20.92,27.73,24.09,17.39,27.83,48.8,0]
[null,72,5058,"GLOVE VINYL SMALL","GLOVE, VINYL SMALL, FOOD GRADE, POWDER FREE","SPECIFY","","CS",1000,"CT",7,12.757894736842106,89.305263157894743,1.2757894736842105E-2,5989864,"SYS CLS","4/100 CT","N",null,"Sysco",20.92,27.73,23.53,17.39,12.76,48.8,0]
[null,73,5135,"GLOVE VINYL X-LARGE","GLOVE, VINYL, X-LARGE, FOOD GRADE, POWDER FREE ","SPECIFY",null,"CS",1000,"CT",100,17.39,1739,1.7389999999999999E-2,"GVP9-XL-HH","The Safety Zone",1000,null,null,"Starr",20.92,27.73,24.29,17.39,27.93,48.8,0]
[null,74,5008,"GREASTRIP PLS","CLEANER, GREASTRIP PLS, 32 OZ","ECO-LABS OR APPROVED EQUIVALENT","","CS",6,"BTL",5,42.47,212.35,7.0783333333333331,8428401,"ECOLAB","6 / 32 OZ",null,"6129777 / GREASTRIP PLUS","Labatt",null,42.47,99.19,0,94.68,0,0]
[null,75,5009,"GRILL BRICK","GRILL, BRICK","SPECIFY","","CS",12,"CT",5,10.452631578947368,52.263157894736842,0.87105263157894741,5793963,"SYSCO","12/8X4IN","N",null,"Sysco",17.559999999999999,12.39,16.59,19.420000000000002,10.45,0,0]
[null,76,5022,"HAIR NET X-LARGE BLACK","NYLON, 1/16 IN HONEYCOMB, BLACK, FDA ACCEPTED, EXTRA LARGE","SPECIFY","","CS",144,"CT",120,8.6999999999999993,1044,6.041666666666666E-2,"DPLW-28-BK","The Safety Zone",144,null,null,"Starr",10.14,10.7,null,8.6999999999999993,0,0,0]
[null,77,5137,"HAIR NET X-LARGE LIGHT BROWN","NYLON, 1/16 IN HONEYCOMB, BROWN, FDA ACCEPTED, EXTRA LARGE","SPECIFY",null,"CS",144,"CT",200,8.6999999999999993,1739.9999999999998,6.041666666666666E-2,"DPLW-28-BR","The Safety Zone",144,null,null,"Starr",10.14,9.85,12.85,8.6999999999999993,86.98,10.94,0]
[null,78,5000,"LAUNDRY DETERGENT LIQUID","LIQUID, HE, GALLON","TIDE/ALL OR APPROVED EQUIVALENT","","CS",4,"GAL",325,24,7800,6,"PGC40367","Proctor & Gamble",4,null,"138 oz Container","Starr",null,52.53,null,24,27.51,0,0]
[null,79,5060,"LINER HALF 6IN DEEP 23X14","NSF CERIFIED, OVENABLE PLASTIC PAN LINER TO 400 F, PREFORMED CONTOUR FIT.  SIZE 23X14","SPECIFY","","CS",50,"CT",315,4.5684210526315825,1439.0526315789484,9.1368421052631654E-2,6239552,"SYSCO","1/250CT","N",null,"Sysco",23.28,23.42,47.93,0,4.57,0,0]
[null,80,5023,"LINER HOTEL PAN DEEP 34X18","NSF CERIFIED, OVENABLE PLASTIC PAN LINER TO 400 F, PREFORMED CONTOUR FIT.  SIZE 34x18","SPECIFY","","CS",50,"CT",500,21.526315789473685,10763.157894736842,0.4305263157894737,9719816,"HANGARD","100/34X16","N",null,"Sysco",22.26,25.21,27.93,0,21.53,0,0]
[null,81,5104,"LINER PAN 4IN 34x12","NSF CERIFIED, OVENABLE PAN LINER TO 400 F, 4 IN 34x12","SPECIFY","","CS",100,"CT",25,35.79,894.75,0.3579,null,"PanSaver",100,"No","We stock this brand, but not this item. We will bring into stock if awarded. ","BEK",35.79,38.119999999999997,58.79,0,0,0,0]
[null,82,5024,"LINER SHEET PAN 16 3/8 X 24","NSF CERIFIED, OVENABLE PAN LINER TO 400 F, 16 3/8 X 25","SPECIFY","","CS",1000,"CT",200,31.71,6342,3.1710000000000002E-2,7145551,"PRIME SOUR","1 / 1000 CT",null,"75003991 / PAN LINER, 16 3/8 X 24","Labatt",42.5,31.71,37.61,0,32.42,0,0]
[null,83,5049,"LINER TRASH CAN 33 GAL","LOW-DENSITY CAN LINERS, 33X39, WHITE, FLAT PACKED, .7 MIL, FITS 33 GALLON","SPECIFY","","CS",150,"CT",50,11.631578947368423,581.57894736842115,7.7543859649122818E-2,1763192,"SYS REL","100/33 GAL",null,"Lowest bid sample was not approved by staff and other had a minimum order","Sysco",29.36,14.76,18.5,0,11.63,11.32,11.5]
[null,84,5050,"LINER TRASH CAN 60 GAL","LOW-DENSITY CAN LINERS, 38X58, BLACK, FLAT PACK, 1.5 MIL, FITS 60 GALLON","SPECIFY","","CS",100,"CT",300,19.873684210526317,5962.105263157895,0.19873684210526318,1763846,"SYS REL","100/60 GAL","N",null,"Sysco",39.450000000000003,27.54,51.34,0,19.87,19.98,21.5]
[null,85,5010,"MOP HANDLE","JAW STYLE HANDLE, RECOMMENDED FOR WIDE HEADBANDS, MADE OF FIBERGLASS MEASURES 1\" DIAMETER BY 60\" LENGTH","SPECIFY",null,"EA",1,"CT",24,8.14,195.36,8.14,4180279,"SYSCO","1/60\"","N",null,"Sysco",13.53,8.26,12.1,0,8.14,0,0]
[null,86,5011,"MOP HEAD MEDIUM BLUE","MOP HEAD, MEDIUM, BLUE, WIDE BAND ATOMIC LOOP","SPECIFY",null,"EA",1,"EA",50,6.68,334,6.68,"A02602",null,"1ea.",null,"Lowest had wrong item","Starr",11.19,3.26,11.43,6.68,11.41,0,0]
[null,87,5146,"MOP HEAD SMALL BLUE","MOP HEAD, SMALL, BLUE, WIDE BAND ATOMIC LOOP","SPECIFY",null,"EA",1,"EA",50,4.62,231,4.62,"A02601",null,"1ea.",null,"Lowest had wrong item","Starr",null,2.56,null,4.62,0,0,0]
[null,88,5106,"NAPKIN EXPRESS","TORK ADVANCED XPRESSNAP DISPENSER NAPKIN, INTERFOLD, WHITE 13X8.5 (OPEN) 6.5X4.25 (FOLDED)  500 1 PLY","TORK OR APPROVED EQUIVALENT","","CS",6000,"CT",275,28.68,7887,4.7799999999999995E-3,672801,"SELECT","12 / 250 CT",null,"N050 / NAPKIN, DINNER 1PLY 1/8 FOLD","Labatt",null,28.68,null,44.29,46.74,0,0]
[null,89,null,"OVEN MITT NEOPRENE","OVEN MITT, 17\", HEAT RESISTANT UP TO 500, NON-SLIP, STAIN AND WATER RESISTANT, DISHWASHER SAFE, TEXTURED NEOPRENE","SPECIFY",null,"CS",24,"1 CT",10,21.65,216.5,0.90208333333333324,918943,"San Jamar",1,"Yes",null,"BEK",21.65,25.18,109.38,0,44.58,0,0]
[null,90,5028,"PAN FOIL STEAM TABLE","FULL SIZE FOIL STEAM TABLE PAN, 50/20X12X2","SPECIFY","","CS",40,"CT",20,20.54,410.79999999999995,0.51349999999999996,6953435,"HFA","1 / 50 CT",null,"2050-45-50 / LID, FOIL FULL SZ STEAM PAN","Labatt",null,20.54,51.23,0,28.74,0,0]
[null,91,5061,"PAPER BATHROOM TISSUE 2 PLY","2PLY - UNIVERSAL ROLL TISSUE -- 96 PER CASE ","SPECIFY","","CS",96,"CT",55,32.49,1786.95,0.3384375,59344215,"Roses",96,null,null,"Starr",null,41.99,41.6,32.49,39.43,0,0]
[null,92,5140,"PAPER NAPKINS COCKTAIL","1 PLY, 8.7x12, DAINTY, FOLDED, WHITE","TORK OR APPROVED EQUIVALENT",null,"CS",4000,"CT",10,13.378947368421054,133.78947368421055,3.3447368421052636E-3,4458574,"SYS CLS","8/500CT","N",null,"Sysco",null,13.45,17.329999999999998,0,13.38,0,0]
[null,93,5134,"PAPER NAPKINS DINNER","2 PLY, WHITE, 1/8 FOLD, 15x17","SPECIFY",null,"CS",3000,"CT",10,38.5,385,1.2833333333333334E-2,59340040,"Roses",3000,null,null,"Starr",40.79,39.159999999999997,null,38.5,43.47,0,0]
[null,94,5125,"PAPER TABLE COVERS","LINEN LIKE WITH PLASTIC BACKING, WHITE, 50x108","SPECIFY",null,"CS",24,"CT",55,44.179999999999993,2429.8999999999996,1.8408333333333331,5875323,"SYSCO","25/54X108","N",null,"Sysco",null,66.48,60.94,0,44.18,0,0]
[null,95,5086,"PLATE 3 CMPT BLACK FOAM ","PLATE, 3 CMPT, LAMIINAETED BLACK FOAM 10.25 IN","SPECIFY","","CS",500,"CT",5,33.11,165.55,6.6220000000000001E-2,7295501,"PACTIV","1 / 540 CT",null,"TKB044D0000Y / PLATE, 10.25\" BLK 3CMP LAM","Labatt",43.68,33.11,null,0,0,0,0]
[null,96,5085,"PLATE BLACK FOAM 10.25\"","PLATE, 10.25 IN, LAMINATED BLACK FOAM","SPECIFY","","CS",500,"CT",2,23.31,46.62,4.6619999999999995E-2,2969031,"Propak","200ct.",null,"Stocked, but ours is a 9.25 x 9.25 x 3","Shamrock",43.68,33.11,23.31,0,29.4,0,0]
[null,97,5082,"PLATE BLACK FOAM 6\"","PLATE, 6 IN, BLACK, LAMINATED FOAM","SPECIFY","","CS",1000,"CT",15,14.45,{"$f":"SUM(L102*K102)","v":216.75},{"$f":"IFERROR(SUM(L102/I102),0)","v":1.4449999999999999E-2},7295514,"PACTIV","1 / 1000 CT",null,"0TKB0006000Y / PLATE, BLK 6\" LAMINATED","Labatt",15.39,14.45,46.28,0,26.13,0,0]
[null,98,5128,"PLATTER OVAL","OVAL, WHITE LAMINATED FOAM, 9 INCH","SPECIFY",null,"CS",500,"CT",15,20.170000000000002,302.55,4.0340000000000001E-2,7661465,"PLACESETTR","800 / 7 X 9",null,"0TH10045000Y / PLATTER, WHITE NON-LAMINATED","Labatt",37.159999999999997,20.170000000000002,24.65,0,43.49,0,0]
[null,99,5108,"POT HOLDERS","POT HOLDER 8x11 TERRY CLOTH","SPECIFY",null,"CS",1,"EA",150,2.85,427.5,2.85,115582,"John Ritz",1,"No",null,"BEK",2.85,3.94,17.04,0,5.59,0,0]
[null,100,5014,"SCOURING PAD HVY NYLON 6X9 GR","SCOURING PAD, HVY NYLON, 6X9, GREEN","SPECIFY","","CS",20,"CT",75,3.4736842105263159,260.5263157894737,0.1736842105263158,1376805,"SYSCO","1/20CT","N",null,"Sysco",7.8,4.28,5.29,0,3.47,0,0]
[null,101,5015,"SCOURING PADS STAINLESS STEAL","SCOURING PADS, STAINLESS STEAL, 50 GR 1.75 OZ","SPECIFY","","CS",12,"CT",45,3.81,171.45,0.3175,5663006,"ACS","1 / 12 CT",null,"434PP / SCRUBBER, SS, 50GR","Labatt",15.12,3.81,4.92,0,15.57,0,0]
[null,102,5012,"SCOURING POWDER","CLEANER, SCOURING POWDER, 21 OZ","SPECIFY","","CS",24,"BTL",2,25.6,51.2,1.0666666666666667,5499041,"COLGATE","24 / 21 OZ",null,"11904278 / ALL PURPOSE, PWD BLE AJAX","Labatt",null,25.6,26.6,0,27.91,0,0]
[null,103,5129,"STERNO","STERNO, GEL, NO WICK, 2 HOUR BURN","STERNO OR APPROVED EQUIVALENT",null,"CS",72,"EA",15,41.3,619.5,0.57361111111111107,6561208,"STERNO","72 / 6.7 OZ",null,"20660 / FUEL, METHANOL DISH 2 HR","Labatt",61.57,41.3,44.2,0,57.29,0,0]
[null,104,5119,"STIRRER","STIRRER BEVERAGE","SPECIFY",null,"CS",1000,"CT",10,15.03,150.29999999999998,1.503E-2,7905126,"JRMI","10 / 1000 CT",null,"STNST1270501 / STIRRER, 5\"-5.5\"  BLK UW","Labatt",17.93,15.03,21.06,0,17.190000000000001,0,0]
[null,105,null,"STRAWS","7.75\" PLASTIC","SPECIFY",null,"CS",24,"500 CT",75,37.520000000000003,2814.0000000000005,1.5633333333333335,7905130,"JRMI","24 / 500 CT",null,"Lowest not lowest by case count","Labatt",13.86,37.520000000000003,47.33,0,56.71,0,0]
[null,106,5036,"THERMOMETER DIAL","THERMOMETER, DIAL,  DURABLE STAINLESS STEEL STEM. TEMPERATURE RANGE OF 0°F - 220°F","SPECIFY","","CS",1,"CT",25,2.36,59,2.36,3321231,"Componet","1ct.",null,"Stocked","Shamrock",null,5.8,2.36,0,6.79,0,0]
[null,107,5037,"THERMOMETER DIGITAL FAHRENHEIT","EASY-TO-READ DIGITAL DISPLAY. ON/OFF SWITCH FOR LONG BATTERY LIFE. DURABLE STAINLESS STEEL STEM. POCKET CASE AND EXTRA BATTERY INCLUDED. TEMPERATURE RANGE OF 0°F - 220°F","SPECIFY","","CS",1,"CT",150,6.48,972.00000000000011,6.48,3513501,"Componet","1ct.",null,"Stocked","Shamrock",19.89,30.38,6.48,0,6.79,0,0]
[null,108,5038,"THERMOMETER FREEZER","FREEZER GUIDE THERMOMETER, 4.875 INCH -- 1 EACH TEMPERATURE RANGE OF -40°F - 100°F","SPECIFY","","CS",1,"CT",20,2.74,54.800000000000004,2.74,3513481,"Componet","1ct.",null,"Stocked - Dual Freezer & Refrigerator","Shamrock",null,4.37,2.74,0,8.15,0,0]
[null,109,5039,"THERMOMETER OVEN","EASY-TO-READ 2 1/4\" DIAL. RANGE 100 F TO 600 F. DURABLE STAINLESS STEEL. HANGS OR STANDS. NSF LISTED. MADE TO GO INSIDE OVEN","SPECIFY","","CS",1,"CT",5,3.27,16.350000000000001,3.27,3985941,"Componet","1ct.",null,"Stocked","Shamrock",null,4.71,3.27,0,7.37,0,0]
[null,110,5040,"THERMOMETER REFRIGERATOR","REFRIGERATOR THERMOMETER- DUAL, STAINLESS STEEL, 20/80-TEMPERATURE RANGE OF -40°F - 100°F","SPECIFY","","CS",1,"CT",40,2.74,109.60000000000001,2.74,3513481,"Componet","1ct.",null,"Stocked - Dual Refrigerator & Freezer","Shamrock",null,3.18,2.74,0,17.95,0,0]
[null,111,5145,"TOWEL MICROFIBER","TOWEL, BAR MOP, MICROFIBER CLOTH 16X16, ALL WHITE BUT WILL ACCEPT ASSORTED COLORS","SPECIFY","","CS",12,"CT",200,5.88,1176,0.49,"794504B","Members Mak",12,null,"36 Per Package","Starr",null,20.5,14.63,5.88,17.68,0,0]
[null,112,5105,"TOWEL PAPER MULTIFOLD","TOWEL PAPER, C FOLD TO FIT ADVANCE TABCO 3.25X11.25","SPECIFY",null,"CS",4000,"CT",20,17.04,340.79999999999995,4.2599999999999999E-3,"GEN1510B ","General",4000,null,null,"Starr",null,19.52,null,17.04,19.78,0,0]
[null,113,5150,"TOWEL PAPER ROLL","TOWEL PAPER ROLL 8”X950’ WHITE HARD ROLL TOWEL 6/CS","SCOTT OR APPROVED EQUIVALENT",2000,"CS",6,"ROLL",20,17.75,355,2.9583333333333335,6819105,"SELECT","12 / 8\"X350FT",null,"H235 / TOWEL ROLL BROWN 8'' X 350FT","Labatt",null,17.75,null,0,51.02,0,0]
[null,114,5030,"TOWEL PAPER SINGLE FOLD NATURAL","TOWEL, PAPER, SINGLE FOLD, NATURAL 10.25X9.25","SPECIFY","","CS",4000,"CT",350,18.821052631578951,6587.3684210526326,4.7052631578947375E-3,4458671,"ERTHPLS","16/250CT","N",null,"Sysco",null,19.12,19.940000000000001,19.22,18.82,0,0]
[null,115,5002,"TRAY 5 CMPT BLACK","TRAY, 5 COMPARTMENT, BLACK FOAM, HEAVY DUTY","SPECIFY",null,"CS",500,"CT",5000,19.7,98500,3.9399999999999998E-2,0,"SATINWARE","4 / 125 CT",null,"71443B / 5 COMPARTMENT TRAY BLK","Labatt",19.75,19.7,null,25,0,0,0]
[null,116,null,"TRAY BOWL & LID COMBO","DURABLE AND CRACK RESISTANT, SECURE TAB LOCKING SYSTEM, INTERLOCKING LIDS, 16\" SQUARE 4 COMPARTMENT TRAY w/CLEAR LID AND AN INSIDE 12\" ROUND BOWL w/CLEAR LID COMBO SET","SYSCO IMP OR APPROVED EQUIVALENT","5077534   5077526","CS",null,"CT",10,null,0,0,null,null,null,null,null,null,null,0,null,0,0,0,0]
[null,117,5120,"TRAY CATERING 18IN ","DURABLE AND CRACK RESISTANT, SECURE TAB LOCKING SYSTEM, INTERLOCKING LIDS - 16 IN ROUND, BLACK HARD PLASTIC","SYSCO OR APPROVED EQUIVALENT",5948948,"CS",36,"CT",10,36.299999999999997,363,1.0083333333333333,6963016,"HFA","1 / 25 CT",null,"4019-120-25 / TRAY, RND 18' EMBOSSED FOIL","Labatt",null,36.299999999999997,56.98,0,0,0,0]
[null,118,5094,"TRAY CATERING 18IN LID","DURABLE AND CRACK RESISTANT, SECURE TAB LOCKING SYSTEM, INTERLOCKING LIDS - 18 IN ROUND DOME LID, CLEAR","SYSCO OR APPROVED EQUIVALENT",7432834,"CS",36,"CT",10,26.29,262.89999999999998,0.7302777777777778,6963017,"HFA","1 / 25 CT",null,"4018DL-25 / LID,DOME FOR 18\" ROUND TRAY","Labatt",null,26.29,35.200000000000003,0,0,0,0]
[null,119,5103,"WRAP PLASTIC PVC FILM CUTTER","CONTINUOUS LENGTH ROLLS WITH CUTTER, SIZE 24\" X 2000","SPECIFY","","CS",1,"CT",120,17.03,2043.6000000000001,17.03,877031,"Pactiv","24x2000","No",null,"BEK",17.03,20.84,22.86,0,17.61,0,0]

{"sheet":"FRESH PRODUCE MASTER","index":3,"n_rows":91,"n_cols":12,"rows_kept":91,"cut":false,"hidden":false,"merged":[[4,3,4,4],[4,5,4,6],[2,1,3,6],[0,1,0,6],[1,1,1,6]]}
[null,"ROSWELL INDEPENDENT SCHOOL DISTRICT"]
[null,"CAFETERIA FRESH PRODUCE BID 20-12 FOR 2020-21"]
[null,"MUST BE RECEIVED BY MAY 7, 2020 ON CD-R  OR FLASH DRIVE SEALED WITH SUPPORTING DOCUMENTS"]
[]
["STOCK ID","ITEM NO","ITEM","BID UNIT",null,"CASE WEIGHT",null,"BIDDERS NOTES","Labatt","Peterson","Shamrock","Sysco"]
[null,1,"APPLES BAGGED SLICED GREEN 1/2 CUP SERVING",200,"CT",null,"LB","Awarded to All Vendors",44.5,25.02,34.04,0]
[null,2,"APPLES BAGGED SLICED RED 1/2 CUP SERVING",200,"CT",null,"LB","Awarded to All Vendors",28.31,0,19.07,33.869999999999997]
[null,3,"APPLES BRAEBURN XF",88,"CT",null,"LB","Awarded to All Vendors",50,0,null,0]
[null,4,"APPLES FUJI",100,"CT",null,"LB","Awarded to All Vendors",26.19,0,38.51,34.96]
[4001,5,"APPLES GALA",100,"CT",null,"LB","Awarded to All Vendors",26.19,0,38.31,29.85]
[null,6,"APPLES GOLDEN DELICIOUS",138,"CT",null,"LB","Awarded to All Vendors",24.94,0,35.700000000000003,78.62]
[null,7,"APPLES GRANNY SMITH",113,"CT",null,"LB","Awarded to All Vendors",26.19,0,34.04,60.3]
[4002,8,"APPLES JONAGOLDS",88,"CT",null,"LB","Awarded to All Vendors",50,0,null,0]
[4032,9,"APPLES PINK LADIES",88,"CT",null,"LB","Awarded to All Vendors",52,0,null,66.95]
[null,10,"APPLES RED DELICIOUS",138,"CT",null,"LB","Awarded to All Vendors",23.69,0,28.57,25.75]
[null,11,"APPLES SLICE BAGGED",100,"2 OZ",null,"LB","Awarded to All Vendors",28.31,22.5,19.07,10.55]
[null,12,"APPLES/GRAPES BAGGED",100,"2 OZ",null,"LB","Awarded to All Vendors",null,0,null,0]
[4003,13,"AVOCADO PULP",6,"2 LB",null,"LB","Awarded to All Vendors",0,0,null,73.2]
[4004,14,"AVOCADOS HASS",32,"CT",null,"LB","Awarded to All Vendors",41.73,0,52.69,56.2]
[null,15,"BANANAS PETITE",150,"CT",null,"LB","Awarded to All Vendors",19.559999999999999,0,null,31.26]
[4005,16,"BLACKBERRIES",12,"LB",null,"LB","Awarded to All Vendors",24.94,0,23.49,19.37]
[null,17,"BLUEBERRIES",null,"LB",null,"LB","Awarded to All Vendors",25.81,0,29.97,33.979999999999997]
[null,18,"BROCCOLI FLORETS",6,"3 LB",null,"LB","Awarded to All Vendors",25.04,0,21.22,37.31]
[4006,19,"CANTALOUPE",15,"CT",null,"LB","Awarded to All Vendors",18.809999999999999,0,23.06,36.35]
[4007,20,"CANTALOUPE CUBES",5,"LB",null,"LB","Awarded to All Vendors",20.5,0,36.07,19.72]
[null,21,"CARROT BABY",4,"5 LB",null,"LB","Awarded to All Vendors",19.89,0,12.2,29.54]
[4008,22,"CARROT BABY BAGGED 2 OZ",100,"CT",null,"LB","Awarded to All Vendors",23.44,0,null,19.28]
[null,23,"CARROTEENIE 2 OZ",100,"CT",null,"LB","Awarded to All Vendors",23.44,0,15.07,0]
[null,24,"CAULIFLOWER FLORETS",4,"3 LB",null,"LB","Awarded to All Vendors",18,0,19.260000000000002,21.7]
[4009,25,"CELERY STICKS",4,"5 LB",null,"LB","Awarded to All Vendors",30.81,0,25.39,38.56]
[4010,26,"CHERRIES RED TART DEHYDRATED WHOLE WITH OUT PITS",null,"LB",null,"LB","Awarded to All Vendors",17,0,null,57.67]
[null,27,"CHILE ANAHEIM",null,"LB",null,"LB","Awarded to All Vendors",26.1,0,25.27,0]
[null,28,"CILANTRO",4,"LB",null,"LB","Awarded to All Vendors",16.25,0,15.85,18.77]
[4031,29,"CLEMENTINE",null,null,null,"LB","Awarded to All Vendors",55,0,null,37.25]
[null,30,"CORN YELLOW",48,"CT",null,"LB","Awarded to All Vendors",26.19,0,40.659999999999997,30.41]
[null,31,"CRANBERRIES DEHYDRATED WHOLE",1,"LB",null,"LB","Awarded to All Vendors",19.559999999999999,0,24.94,17.29]
[null,32,"CUCUMBERS LG",5,"LB",null,"LB","Awarded to All Vendors",2.88,0,9.2899999999999991,9.66]
[4011,33,"GRAPE BAGGED",100,"2 OZ",null,"LB","Awarded to All Vendors",52.34,0,null,0]
[null,34,"GRAPE BLACK SEEDLESS",5,"LB",null,"LB","Awarded to All Vendors",0,0,null,0]
[null,35,"GRAPE GREEN SEEDLESS",5,"LB",null,"LB","Awarded to All Vendors",15.61,0,44.71,11.74]
[4013,36,"GRAPE RED SEEDLESS",5,"LB",null,"LB","Awarded to All Vendors",8.94,0,31.75,12.75]
[4012,37,"GRAPE WHITE SEEDLESS",5,"LB",null,"LB","Awarded to All Vendors",15.61,0,null,0]
[null,38,"GREENS BABY SPRING MIX",5,"LB",null,"LB","Awarded to All Vendors",7.89,0,null,0]
[null,39,"GREENS SPRING MIX",5,"LB",null,"LB","Awarded to All Vendors",24.72,0,9.5299999999999994,25.29]
[null,40,"HONEYDEW CUBES",5,"LB",null,"LB","Awarded to All Vendors",19.25,0,17.03,18.559999999999999]
[null,41,"HONEYDEWS",5,"CT",null,"LB","Awarded to All Vendors",17.690000000000001,0,20.57,32.06]
[4014,42,"JALAPEÑO",5,"LB",null,"LB","Awarded to All Vendors",4.6500000000000004,0,12.27,16.600000000000001]
[4015,43,"JICAMA CUBED",12,"LB",null,"LB","Awarded to All Vendors",null,0,23.62,0]
[null,44,"JICAMA STICKS",5,"LB",null,"LB","Awarded to All Vendors",18,0,null,0]
[null,45,"KIWI FRUIT",33,"CT",null,"LB","Awarded to All Vendors",11.14,0,18.05,23.76]
[4016,46,"LETTUCE ICEBERG SHRED",4,"5 LB",null,"LB","Awarded to All Vendors",22.25,0,15.48,18.399999999999999]
[4018,47,"LETTUCE ROMAINE CHOPPED",6,"2 LB",null,"LB","Awarded to All Vendors",24.16,0,18.010000000000002,24.59]
[null,48,"LETTUCE ROMAINE SHRED",6,"2 LB",null,"LB","Awarded to All Vendors",22.93,0,15.48,18.350000000000001]
[null,49,"MUSHROOM MEDIUM",10,"LB",null,"LB","Awarded to All Vendors",19.53,0,20.09,19.690000000000001]
[4020,50,"NECTARINES",72,"CT",null,"LB","Awarded to All Vendors",25,0,null,47.44]
[null,51,"ONION RED",25,"LB",null,"LB","Awarded to All Vendors",11.88,0,12.59,12.72]
[4019,52,"ONION WHITE",25,"LB",null,"LB","Awarded to All Vendors",20.63,0,16.25,35.049999999999997]
[null,53,"ONION YELLOW",25,"LB",null,"LB","Awarded to All Vendors",16.25,0,11.89,8.7899999999999991]
[null,54,"ORANGE WEDGES BAGGED",50,"4.7 OZ",null,"LB","Awarded to All Vendors",null,0,null,0]
[null,55,"ORANGES",125,"CT",null,"LB","Awarded to All Vendors",28.31,0,23.11,37.01]
[4021,56,"ORANGES BAGGED SLICED 1/2 CUP SERVING",200,"CT",null,"LB","Awarded to All Vendors",null,0,null,0]
[null,57,"ORANGES BLOOD",138,"CT",null,"LB","Awarded to All Vendors",40.5,0,null,19.45]
[null,58,"ORANGES NAVEL",138,"CT",null,"LB","Awarded to All Vendors",40.5,0,null,42.37]
[null,59,"ORANGES VALENCIA",138,"CT",null,"LB","Awarded to All Vendors",28.31,0,null,68.39]
[null,60,"PAPAYAS",8,"CT",null,"LB","Awarded to All Vendors",41.25,0,null,53.57]
[null,61,"PEACH",80,"CT",null,"LB","Awarded to All Vendors",31.25,0,null,30.88]
[null,62,"PEARS ANJOU",100,"CT",null,"LB","Awarded to All Vendors",56.25,0,35.96,21.34]
[null,63,"PEARS BARTLETT",120,"CT",null,"LB","Awarded to All Vendors",57.14,0,null,0]
[4022,64,"PEARS COMICE",120,"CT",null,"LB","Awarded to All Vendors",57.5,0,null,0]
[null,65,"PEARS RED",120,"CT",null,"LB","Awarded to All Vendors",45,0,null,40.82]
[null,66,"PEAS BAGGED SNOW PEAS & CARROTS 1/2CUP SERVING",200,"CT",null,"LB","Awarded to All Vendors",null,0,null,0]
[null,67,"PEPPERS BELL GREEN",null,"LB",null,"LB","Awarded to All Vendors",23.75,0,23.38,31.57]
[null,68,"PEPPERS BELL ORANGE",null,"LB",null,"LB","Awarded to All Vendors",0,0,null,47.66]
[null,69,"PEPPERS BELL RED",null,"LB",null,"LB","Awarded to All Vendors",23.75,0,22.79,31.72]
[null,70,"PINEAPPLE CUBES",5,"LB",null,"LB","Awarded to All Vendors",21.75,0,43.96,32.72]
[null,71,"PINEAPPLE GOLDEN RIPE",8,"CT",null,"LB","Awarded to All Vendors",11.25,0,18.09,24.79]
[null,72,"PINEAPPLE SPEAR BAGGED",50,"2.7 OZ",null,"LB","Awarded to All Vendors",0,0,null,50.04]
[4024,73,"PLUM BLACK  45 - 50",50,"CT",null,"LB","Awarded to All Vendors",40,0,null,22.9]
[4025,74,"PLUM PURPLE 45 - 50",50,"CT",null,"LB","Awarded to All Vendors",0,0,null,0]
[4026,75,"PLUM RED  45 - 50",50,"CT",null,"LB","Awarded to All Vendors",40,0,null,45.61]
[null,76,"POTATOES  WHITE BAKING",80,"CT",null,"LB","Awarded to All Vendors",23.94,0,39.85,14.64]
[4027,77,"POTATOES  WHITE BAKING",10,"LB",null,"LB","Awarded to All Vendors",5.95,0,null,0]
[4028,78,"RADISH LOOSE",25,"LB",null,"LB","Awarded to All Vendors",36.44,0,34.5,58.63]
[4030,79,"SALAD MIX  50/50 BABY SPINACH SPRING MIX",4,"5 LB",null,"LB","Awarded to All Vendors",24.5,0,null,0]
[null,80,"SALAD MIX 4 WAY BUTTER ROMAINE GREEN AND RED LEAF",4,"5 LB",null,"LB","Awarded to All Vendors",24.5,0,null,23.1]
[null,81,"SPINACH BABY",4,"2.5 LB",null,"LB","Awarded to All Vendors",13.09,0,13.42,23.14]
[null,82,"STRAWBERRIES",8,"LB",null,"LB","Awarded to All Vendors",17.38,0,15.98,39.89]
[null,83,"TANGERINES",120,"CT",null,"LB","Awarded to All Vendors",58.75,0,null,61.43]
[null,84,"TOMATOES CHERRY",10,"LB",null,"LB","Awarded to All Vendors",16.440000000000001,0,19.28,42.83]
[null,85,"WATERMELON SEEDLESS",4,"EA",null,"LB","Awarded to All Vendors",9.56,0,26.89,34.19]
[null,null,null,null,null,null,null,null,0,0,0,0]

{"sheet":"TALLY","index":4,"n_rows":61,"n_cols":26,"rows_kept":61,"cut":false,"hidden":true,"merged":[]}
["CAFETERIA FOOD BID 20-10 FOR SCHOOL YEAR 2020-21"]
[]
[]
[]
["CAFETERIA NON-FOOD BID 20-11  FOR 2020-21"]
[]
["BEK",29210.46]
["ITEM #",5,7,10,21,23,33,43,53,55,57,63,81,89,99,119]
[]
[]
[]
["CAFETERIA FRESH PRODUCE BID 20-12 FOR 2020-21"]
[]
["Labatt",462483.99999999994]
["ITEM #",1,2,3,4,5,6,7,8,9,10,11,13,14,15,16,17,18,19,20,21,22,23,24,25,26]
[null,27,28,29,30,31,32,33,34,35,36,37,38,39,40,41,42,44,45,46,47,48,49,50,51,52]
[null,53,55,57,58,59,60,61,62,63,64,65,67,68,69,70,71,72,73,74,75,76,77,78,79,80]
[null,81,82,83,84,85]
[]
[]
[]
[]
[]
["Peterson",10929.599999999999]
["ITEM #",1,2,3,4,5,6,7,8,9,10,11,12,13,14,15,16,17,18,19,20,21,22,23,24,25]
[null,26,27,28,29,30,31,32,33,34,35,36,37,38,39,40,41,42,43,44,45,46,47,48,49,50]
[null,51,52,53,54,55,56,57,58,59,60,61,62,63,64,65,66,67,68,69,70,71,72,73,74,75]
[null,76,77,78,79,80,81,82,83,84,85]
[]
[]
[]
[]
[]
["Shamrock",282042.09999999998]
["ITEM #",1,2,4,5,6,7,10,11,14,16,17,18,19,20,21,23,24,25,27,28,30,31,32,35,36]
[null,39,40,41,42,43,45,46,47,48,49,51,52,53,55,62,67,69,70,71,76,78,81,82,84,85]
[]
[]
[]
[]
[]
[]
["Sysco",495155.49999999994]
["ITEM #",1,2,3,4,5,6,7,8,9,10,11,12,13,14,15,16,17,18,19,20,21,22,23,24,25]
[null,26,27,28,29,30,31,32,33,34,35,36,37,38,39,40,41,42,43,44,45,46,47,48,49,50]
[null,51,52,53,54,55,56,57,58,59,60,61,62,63,64,65,66,67,68,69,70,71,72,73,74,75]
[null,76,77,78,79,80,81,82,83,84,85]
[]
[]
[]
[]
[]
[]
[]
["CAFETERIA MILK BID 20-13  FOR SCHOOL YEAR 2020-21"]
[]
["GH Dairy",310.5]
["ITEM #",6]
[]
["Price's",5037.2184999999999]
["ITEM #",1,2,3,4,5]